{"text_format":"3","workbook":"xlsx","n_sheets":1,"sheets":["Rocken et al Suppl Table 5"],"read":"whole","date_system":"1900"}

{"sheet":"Rocken et al Suppl Table 5","index":0,"n_rows":8012,"n_cols":25,"rows_kept":2250,"cut":true,"bounds":{"rows_first":1000,"rows_last":250,"rows_between":1000,"halvings":1}}
["sample","gene","variant_class","chr","pos","ref","alt","amino_acid_change","AF","DP","VD","status","COSMIC","COSMICN","ICGC","ICGCN","CADD","geno.x..GT...1.","SSF","ls","rs","COSMIC_FILTER","CANCER_CENSUS","hgvs","GDP"]
["G04240","MEGF6","sense",1,3413831,"A","G","p.C1149C",0.08,25,2,"unknown","NA",0,"NA",0,"NA","het",0.27752,"GAGCCAGTGAAGCCAGGGGG","CAGCGGCAGGCCCCAGTGAC",1,0,"chr1:g.3413831A>G",23]
["G04240","PRAMEF12","sense",1,12837370,"C","T","p.I360I",0.1946,149,29,"known","COSM3472558",6,"MU4477922",2,"NA","het",0,"GACTTAGAGGACTGTGGGAT","GTGGATTCCCAACTCAGCGC",0,0,"chr1:g.2837370C>T",269]
["G04240","CROCC","sense",1,17256491,"C","A","p.R168R",0.0952,21,2,"unknown","NA",0,"NA",0,"NA","het",0.10096,"CCTACCAGGAGGGCCAGCAG","GGCAGGCCCAGCTTGTGCAG",1,0,"chr1:g.7256491C>A",46]
["G04240","ARHGEF10L","sense",1,17982382,"C","A","p.G533G",0.0526,38,2,"unknown","NA",0,"NA",0,"NA","het",0.13383,"CTCTGCTCCCAGGTCGGGGG","GGACAGGAAGGCGCAGGGGG",1,1,"chr1:g.7982382C>A",81]
["G04240","KIF17","sense",1,21013983,"C","A","p.L612L",0.0556,36,2,"unknown","NA",0,"NA",0,"NA","het",0.22702,"ACCTCGGCAAACGGGTCCTG","AGGCCTAGTAACCCCTGCAG",1,0,"chr1:g.1013983C>A",90]
["G04240","CRYBG2","sense",1,26671556,"G","A","p.V531V",0.1053,57,6,"known","NA",0,"MU849145",2,"NA","het",0.13817,"GGAGCACCGGGGCCCTTCAC","ACCTCTTTCCAGGTGGGGAA",0,0,"chr1:g.6671556G>A",151]
["G04240","CRYBG2","sense",1,26671658,"G","A","p.V497V",0.1603,131,21,"known","NA",0,"MU1134035",5,"NA","het",0.00037,"GGAGCACCAGGGCCCTTCAC","ACCTCTTTCCAGGTGGGGGA",0,0,"chr1:g.6671658G>A",277]
["G04240","ADGRL4","sense",1,79403812,"C","T","p.K183K",0.1233,146,18,"unknown","NA",0,"NA",0,"NA","het",1e-05,"GTTGAGTTAGAAAGGGTGTC","TTGGCTGAGATAGTGTTGTT",1,0,"chr1:g.9403812C>T",299]
["G04240","HIST2H2BF","sense",1,149783822,"A","G","p.V19V",0.4286,175,75,"unknown","NA",0,"NA",0,"NA","het",0,"TCCTTCTTCTGCACTTTCGT","ACAGCCTTTTTGGAGCCCTT",1,0,"chr1:g.149783822A>G",277]
["G04240","MINDY1","sense",1,150971860,"G","C","p.T180T",0.2,70,14,"unknown","NA",0,"NA",0,"NA","het",4e-05,"ATTACCTTATGCTTAGTCAT","GTGCTAAAGTGGTTGTTTCG",1,0,"chr1:g.150971860G>C",103]
["G04240","DENND4B","sense",1,153909060,"C","A","p.V799V",0.0545,55,3,"unknown","NA",0,"NA",0,"NA","het",0.13218,"CCGCTCTCCATCTGGCGCAG","ACATGGTAGGCTGTGTGCAG",1,0,"chr1:g.153909060C>A",77]
["G04240","ZBTB37","sense",1,173854806,"C","A","p.G352G",0.0909,22,2,"unknown","NA",0,"NA",0,"NA","het",0.054,"GCAATGATGGGAGTAAGTGG","TATGTGGAGTATCTCCGAGA",1,0,"chr1:g.173854806C>A",83]
["G04240","SLC41A1","sense",1,205767924,"G","T","p.V239V",0.0808,198,16,"unknown","NA",0,"NA",0,"NA","het",0,"ATCTTGCGAGAGCCAATGAT","ACTCCAATCATGATCATACC",1,0,"chr1:g.205767924G>T",329]
["G04240","NID1","sense",1,236187494,"A","G","p.L668L",0.2381,105,25,"unknown","NA",0,"NA",0,"NA","het",0,"CCGATGTAGCAGGGATTCTG","AGAGCATCAGGGGAGCCTTC",1,0,"chr1:g.236187494A>G",131]
["G04240","ZNF672","sense",1,249141981,"C","A","p.R170R",0.0571,35,2,"unknown","NA",0,"NA",0,"NA","het",0.21441,"ACCGCTGCGCGCAGTGCCCG","GAGCCTTCCGAAGCGGCGCC",1,0,"chr1:g.249141981C>A",45]
["G04240","CPSF3","sense",2,9582027,"A","G","p.E302E",0.3504,117,41,"unknown","NA",0,"NA",0,"NA","het",0,"CAAAGTGGCTTATCCAGAGA","TTATTTGAAAGCTGGTGTAC",1,0,"chr2:g.9582027A>G",175]
["G04240","ARHGEF33","sense",2,39187675,"C","A","p.A743A",0.3023,43,13,"unknown","NA",0,"NA",0,1.366,"het",3e-05,"CCCATCAAGGCCGAGCGCGC","GCGCAGGCGCACGGCCCGGC",1,0,"chr2:g.9187675C>A",68]
["G04240","FSHR","sense",2,49210116,"G","A","p.S175S",0.1684,196,33,"unknown","NA",0,"NA",0,"NA","het",0,"TCTTCTAAATTATTATTATC","CTTAGATTCCTGGGGATGGG",1,0,"chr2:g.9210116G>A",366]
["G04240","ANKRD36C","sense",2,96643871,"T","C","p.P266P",0.05,140,7,"known","NA",0,"MU1916315",1,"NA","het",0.18749,"TCACTATCAGAAATCTTACC","GGATTGCTATTTATAGAAAG",1,0,"chr2:g.6643871T>C",289]
["G04240","ANKRD36","sense",2,97909661,"A","C","p.I1488I",0.1127,142,16,"known","COSM1532896",6,"MU4576048",2,"NA","het",0.03467,"GTTAGGGAAAAGTTAAGAAT","ACAGAAGAGCAATATAGGAT",0,0,"chr2:g.7909661A>C",237]
["G04240","ZAP70","sense",2,98340823,"C","A","p.L108L",0.0833,24,2,"unknown","NA",0,"NA",0,"NA","het",0.16697,"TGCAACCGGCCGTCGGGCCT","GAGCCGCAGCCGGGGGTCTT",1,0,"chr2:g.8340823C>A",41]
["G04240","C2orf40","sense",2,106688310,"T","C","p.S30S",0.1869,107,20,"unknown","NA",0,"NA",0,"NA","het",0,"ATTCCTTTAGGTGGCATAAG","GGAAATAAACTCAAGCTGAT",1,0,"chr2:g.106688310T>C",199]
["G04240","FOXD4L1","sense",2,114257617,"C","T","p.L262L",0.0581,155,9,"unknown","NA",0,"NA",0,"NA","het",0.00144,"GGAGACGCCCTTACGCTCTG","TGCACCCGCATCCTCCTCGC",1,0,"chr2:g.114257617C>T",354]
["G04240","HS6ST1","sense",2,129026345,"A","G","p.H209H",0.0849,106,9,"known","NA",0,"MU24565680",1,"NA","het",0.0134,"GGCGTGCGCCCATCACACAT","TGCAACGACGTCTTCCACGT",1,0,"chr2:g.129026345A>G",217]
["G04240","LCT","sense",2,136574953,"C","T","p.Q555Q",0.0526,38,2,"unknown","NA",0,"NA",0,"NA","het",0.18365,"TCAGAGATGCCGGGAGGGTG","TGGCCGGTGCCATAGCCTGC",1,0,"chr2:g.136574953C>T",63]
["G04240","DYNC1I2","sense",2,172585298,"T","C","p.D435D",0.0506,79,4,"known","COSM3379859",6,"MU1690218",2,"NA","het",0.08247,"ATGTCCTTCCCTGTTGGAGA","GTCAACAACTTTGTTGTTGG",0,0,"chr2:g.172585298T>C",223]
["G04240","ITGA4","sense",2,182394273,"C","A","p.I812I",0.0513,39,2,"unknown","NA",0,"NA",0,"NA","het",0.19808,"TTTCCTTCTTATCAGGTTAT","AACACTGGCAATAGTATGGC",1,0,"chr2:g.182394273C>A",61]
["G04240","ZNF804A","sense",2,185800882,"C","A","p.V253V",0.2326,86,20,"unknown","NA",0,"NA",0,"NA","het",0,"AGCAGAAAAAGTAGATTTGT","CCCAGTGCTTGTCATCTTCA",1,0,"chr2:g.185800882C>A",241]
["G04240","FAM171B","sense",2,187559047,"G","A","p.Q49Q",0.036,139,5,"known","NA",0,"MU56654",4,"NA","het",0.01214,"CAACAGCAGCAGCAGCAGCA","CAACAACAACAACAACAGCA",0,0,"chr2:g.187559047G>A",356]
["G04240","TRIP12","sense",2,230642067,"G","C","p.V1486V",0.0746,67,5,"unknown","NA",0,"NA",0,"NA","het",0.01578,"TCAAGTCTTTTCTTCTGTCT","ACAATGTCTTCTAGGTGATA",1,0,"chr2:g.230642067G>C",99]
["G04240","ALPP","sense",2,233244937,"A","G","p.G233G",0.1404,57,8,"known","NA",0,"MU30078938",2,"NA","het",0.04259,"AAGTACATGTTTCGCATGGG","ACCCCAGACCCTGAGTACCC",0,0,"chr2:g.233244937A>G",108]
["G04240","RPL14","sense",3,40503666,"T","C","p.G197G",0.0541,37,2,"unknown","NA",0,"NA",0,"NA","het",0.13455,"GCTCCAAAAGCTCAGAAGGG","CAAAAAGCTCCAGCCCAGAA",1,0,"chr3:g.0503666T>C",93]
["G04240","ACKR2","sense",3,42906948,"C","A","p.R318R",0.0526,57,3,"unknown","NA",0,"NA",0,"NA","het",0.03574,"TATGCCTTCTCCAGTCACCG","TTCCGCCAGTACCTGAAGGC",1,0,"chr3:g.2906948C>A",140]
["G04240","ZNF502","sense",3,44763068,"T","C","p.H253H",0.2381,42,10,"unknown","NA",0,"NA",0,6.746,"het",0,"TCCTTCCGCAATCACTCACA","CTCACTGAACACCAGAGAAT",1,0,"chr3:g.4763068T>C",132]
["G04240","DCAF1","sense",3,51504988,"C","T","p.E48E",0.1412,85,12,"unknown","NA",0,"NA",0,"NA","het",0.0008,"TCTGGATCCCCTTTACGATA","TCTTCAGTTTCTTTTTCAAT",1,0,"chr3:g.1504988C>T",141]
["G04240","PBRM1","sense",3,52712605,"C","A","p.V49V",0.0714,28,2,"unknown","NA",0,"NA",0,"NA","het",0.19355,"GTATTATAGAGTTCATGGCA","ACGGCAATCTACACATTAGC",1,1,"chr3:g.2712605C>A",54]
["G04240","LNP1","sense",3,100170628,"A","G","p.Q74Q",0.1749,183,32,"known","NA",0,"MU766606",4,"NA","het",0,"AGGCATTCTCATGAGGACCA","GAATTTCGATGCCGTAGCCA",0,0,"chr3:g.100170628A>G",277]
["G04240","LNP1","sense",3,100170634,"T","C","p.F76F",0.1593,182,29,"known","NA",0,"MU766609",5,"NA","het",0,"TCTCATGAGGACCAAGAATT","CGATGCCGTAGCCACGTACG",0,0,"chr3:g.100170634T>C",262]
["G04240","DZIP3","sense",3,108326999,"T","C","p.G32G",0.2388,134,32,"unknown","NA",0,"NA",0,"NA","het",0,"AAGCTAGAAAAATCATCTGG","CAACTGGTAAGAGAAAGTTT",1,0,"chr3:g.108326999T>C",181]
["G04240","WDR49","sense",3,167254686,"C","A","p.A631A",0.05,40,2,"unknown","NA",0,"NA",0,0.493,"het",0.2968,"AGAGTTTGTGGAGGTAAAAA","GCAGCACACAAGATGTCATC",1,0,"chr3:g.167254686C>A",38]
["G04240","ATP13A4","sense",3,193201729,"T","C","p.R268R",0.1026,156,16,"unknown","NA",0,"NA",0,"NA","het",0.00016,"AAATAATGGAACTTACCTTT","CTCCCACATACAGAGACCGT",1,0,"chr3:g.193201729T>C",199]
["G04240","HTT","sense",4,3076699,"T","G","p.P49P",0.0597,67,4,"unknown","NA",0,"NA",0,"NA","het",0.24511,"CCGCCGCCGCCGCCGCCTCC","CAGCTTCCTCAGCCGCCGCC",1,0,"chr4:g.3076699T>G",170]
["G04240","PROM1","sense",4,16020066,"C","T","p.V285V",0.1915,141,27,"unknown","NA",0,"NA",0,"NA","het",0,"GATGACCGCAGGCTAGTTTT","ACGCTGGTCAGACTGCTGCT",1,0,"chr4:g.6020066C>T",219]
["G04240","SLIT2","sense",4,20618534,"C","A","p.G1279G",0.0714,28,2,"unknown","NA",0,"NA",0,11.77,"het",0.20656,"ACCTGGTGTTCCTCCCCAGG","ATGCCAGGGAAGAGTAACGT",1,0,"chr4:g.0618534C>A",38]
["G04240","PRKG2","sense",4,82125821,"A","G","p.A127A",0.1263,95,12,"unknown","NA",0,"NA",0,"NA","het",0,"TAGGTCCGGGTTGTTGGCTC","GCAGACACGCCAGCCTTTGC",1,0,"chr4:g.2125821A>G",196]
["G04240","WDFY3","sense",4,85781697,"G","A","p.C16C",0.0571,35,2,"known","COSM6821468",1,"NA",0,"NA","het",0.22029,"AAGGCGTTGTCTTGTGGGCT","CACTCCTCCTGCCTCGGCCG",1,0,"chr4:g.5781697G>A",47]
["G04240","DSPP","sense",4,88536883,"T","C","p.N1023N",0.622,164,102,"known","NA",0,"MU63790996",1,"NA","het",0,"AATAGTAGTGACAGCAGCAA","AGCAGTGACAGCAGCAACAG",1,0,"chr4:g.8536883T>C",477]
["G04240","DSPP","sense",4,88536901,"C","T","p.N1029N",0.2966,145,43,"known","NA",0,"MU34950008",2,"NA","het",0,"AATAGCAGTGACAGCAGCAA","AGCAGTGACAGCAGCGATAG",0,0,"chr4:g.8536901C>T",504]
["G04240","CCSER1","sense",4,91229471,"C","A","p.V12V",0.0513,39,2,"unknown","NA",0,"NA",0,"NA","het",0.30472,"TCAAGACGATCTACCCTGGT","TCCCGGTTGCCAATATTCAG",1,0,"chr4:g.1229471C>A",78]
["G04240","RPL34","sense",4,109543139,"A","T","p.R8R",0.0851,94,8,"known","COSM121768",1,"NA",0,"NA","het",0.08372,"GTCCAGCGTTTGACATACCG","CGTAGGCTTTCCTACAATAC",1,0,"chr4:g.109543139A>T",212]
["G04240","HELT","sense",4,185940097,"C","A","p.L5L",0.0556,36,2,"unknown","NA",0,"NA",0,"NA","het",0.20979,"ACCAGGATGTCAGACAAGCT","AAGGAACGCAAAGTGAGTCG",1,0,"chr4:g.185940097C>A",47]
["G04240","PLEKHG4B","sense",5,156275,"C","A","p.G766G",0.0513,39,2,"unknown","NA",0,"NA",0,"NA","het",0.1559,"TCTCTCAGGCTGGAGGGGGG","ACCGTCCTGGCGCGGCTGAG",1,0,"chr5:g.56275C>A",91]
["G04240","CDH18","sense",5,19591253,"G","T","p.T304T",0.2169,83,18,"unknown","NA",0,"NA",0,"NA","het",0,"TCACCATTTATGATGGAGTA","GTCATGTCAGCATTTGAGCC",1,0,"chr5:g.9591253G>T",151]
["G04240","CDH6","sense",5,31323295,"C","T","p.S751S",0.1761,142,25,"unknown","NA",0,"NA",0,"NA","het",0,"TCCGTGGCGGATTCCCTGAG","TCGCTGGAGTCAGTGACCAC",1,0,"chr5:g.1323295C>T",284]
["G04240","DTWD2","sense",5,118324198,"C","A","p.S3S",0.0556,36,2,"unknown","NA",0,"NA",0,"NA","het",0.1573,"AGTGTTCGTGCCTCTTTCTG","GACTCCATGGCGGACACTCC",1,0,"chr5:g.118324198C>A",61]
["G04240","PCDHA9","sense",5,140229607,"A","G","p.S509S",0.0348,201,7,"unknown","NA",0,"NA",0,"NA","het",0.02715,"TCGCTGTCGAGCTACGTGTC","GTGCACGCGGAGAGCGGCAA",1,0,"chr5:g.140229607A>G",495]
["G04240","PCDHA12","sense",5,140255441,"C","T","p.D128D",0.0531,113,6,"unknown","NA",0,"NA",0,"NA","het",0.08188,"GAGGTGAAGGACATTAACGA","AACCCGCCGGTGTTCAGAGA",1,0,"chr5:g.140255441C>T",270]
["G04240","PCDHGA3","sense",5,140725547,"C","T","p.H649H",0.0879,91,8,"known","COSM4159553",9,"MU621729",2,"NA","het",0.05632,"GTGGTGGCCGTCCAGGACCA","GGCCAGCCCCCTCTCTCCGC",0,0,"chr5:g.140725547C>T",224]
["G04240","PCDH1","sense",5,141248281,"C","A","p.V268V",0.0556,36,2,"unknown","NA",0,"NA",0,"NA","het",0.11321,"GGGGGGCTGCCGCCATCCTG","ACCTTGATGGTGAGGTCATA",1,0,"chr5:g.141248281C>A",87]
["G04240","ARSI","sense",5,149681664,"G","T","p.P91P",0.1429,35,5,"unknown","NA",0,"NA",0,"NA","het",0.03128,"CTCCGCGAAGGCGTGCAGAT","GGCTGGATGTAATAATTCTC",1,0,"chr5:g.149681664G>T",59]
["G04240","RACK1","sense",5,180664687,"C","A","p.L270L",0.1375,80,11,"unknown","NA",0,"NA",0,4.798,"het",8e-05,"GTACTGATAACTTCTTGCTT","AGTTCATCTACAATGATCTT",1,0,"chr5:g.180664687C>A",154]
["G04240","ADTRP","sense",6,11766519,"C","A","p.L126L",0.0536,56,3,"unknown","NA",0,"NA",0,"NA","het",0.07748,"TCACTCACCATTGCATGATT","AGCCACACGGGGATGACAGT",1,0,"chr6:g.1766519C>A",100]
["G04240","JARID2","sense",6,15496434,"C","A","p.R154R",0.0698,43,3,"unknown","NA",0,"NA",0,"NA","het",0.05271,"ACCAGTGCCAAAAAGATGCG","GAGGTCAGACCTTCACCATC",1,0,"chr6:g.5496434C>A",95]
["G04240","HIST1H2AI","sense",6,27776002,"C","T","p.G5G",0.1818,22,4,"known","NA",0,"MU25142601",1,"NA","het",0.00602,"TTTGCCATGTCTGGGCGTGG","AAGCAGGGAGGCAAAGCTCG",1,0,"chr6:g.7776002C>T",70]
["G04240","PSORS1C1","sense",6,31107694,"C","A","p.L148L",0.069,29,2,"unknown","NA",0,"NA",0,"NA","het",0.09915,"TCCCATTCTCCTTTTGGTCT","AGCTCCTTGATCTAAGCCTC",1,0,"chr6:g.1107694C>A",73]
["G04240","VARS","sense",6,31759437,"C","A","p.L350L",0.0577,52,3,"known","COSM373215",1,"NA",0,"NA","het",0.05766,"GTGAGTGCATGGCCCAGGTG","AGGGAGCCTGTCACATTGGG",1,0,"chr6:g.1759437C>A",98]
["G04240","KLHDC3","sense",6,42985432,"C","A","p.V110V",0.1111,18,2,"unknown","NA",0,"NA",0,38,"het",0.19615,"GTGCTCTATGCCTTTGACGT","AGTGAGTATGGATCTCAGAG",1,0,"chr6:g.2985432C>A",23]
["G04240","ZNF292","sense",6,87966134,"A","C","p.L929L",0.2527,91,23,"unknown","NA",0,"NA",0,"NA","het",0,"AACCCTGCTACTACTCCTCT","CTTCAATCCAGTGAAGTAGC",1,0,"chr6:g.7966134A>C",163]
["G04240","ZDHHC14","sense",6,158068296,"A","G","p.K287K",0.1467,75,11,"unknown","NA",0,"NA",0,"NA","het",0.00048,"TTCCTTTTCTTTCAGATTAA","GGATCCTGGTCAAATAAAAG",1,0,"chr6:g.158068296A>G",101]
["G04240","AP5Z1","sense",7,4825276,"C","A","p.R365R",0.0606,33,2,"unknown","NA",0,"NA",0,"NA","het",0.17137,"GCGGGGACCCGGCCTCTGTG","GGGTGCTGCTGCCCCTCGCC",1,0,"chr7:g.4825276C>A",53]
["G04240","FBXL18","sense",7,5540466,"C","A","p.L478L",0.0513,39,2,"unknown","NA",0,"NA",0,6.167,"het",0.14386,"AGGAAGGGCAGGTTCTTCAG","AGAGACCAGAACACGGAGGA",1,0,"chr7:g.5540466C>A",78]
["G04240","USP42","sense",7,6193786,"C","T","p.C867C",0.0714,28,2,"known","COSM6818741",1,"NA",0,"NA","het",0.11382,"GCGCGGTCGGAGGAGCCCTG","GAGCAGCCACTCCTTGTTCA",1,0,"chr7:g.6193786C>T",62]
["G04240","STK17A","sense",7,43664435,"C","A","p.I413I",0.05,40,2,"unknown","NA",0,"NA",0,"NA","het",0.10924,"GAAATTCCAGGAGAATTTAT","TACTGAGCAATATTTCCCTT",1,0,"chr7:g.3664435C>A",108]
["G04240","NACAD","sense",7,45125458,"C","T","p.T107T",0.2179,78,17,"unknown","NA",0,"NA",0,"NA","het",3.5E-4,"GTGGCCGGGAGAGGAGCCTC","GTGGACAGAGCCTGGGAAGA",1,0,"chr7:g.5125458C>T",93]
["G04240","DLD","sense",7,107556055,"C","A","p.R164R",0.0345,116,4,"unknown","NA",0,"NA",0,"NA","het",0.01947,"ATATCTAAAAACTTTCAACG","ATCCTTCAAAAACAGGGGTT",1,0,"chr7:g.107556055C>A",274]
["G04240","LAMB4","sense",7,107739023,"A","G","p.C395C",0.0769,26,2,"unknown","NA",0,"NA",0,"NA","het",0.23585,"GTCCCATCGGGGTCACATTC","CAAGCTGGGGACACAGACAT",1,0,"chr7:g.107739023A>G",30]
["G04240","CCDC136","sense",7,128445566,"C","A","p.G312G",0.0556,36,2,"unknown","NA",0,"NA",0,1.742,"het",0.11538,"GCTGAAGAGCAGATGCATGG","ATGAAGAACAAGGTAGGGCA",1,0,"chr7:g.128445566C>A",84]
["G04240","AGAP3","sense",7,150840621,"C","A","p.R492R",0.05,40,2,"unknown","NA",0,"NA",0,"NA","het",0.14286,"CCTATGGGGACGGGGACGGG","GGACGGCTCTACATCTCTCC",1,0,"chr7:g.150840621C>A",76]
["G04240","KCTD9","sense",8,25290062,"G","A","p.N337N",0.0513,156,8,"unknown","NA",0,"NA",0,"NA","het",0.04665,"GTTGCTCCTCTGAGGTTACA","TTCTTCAACTTTGCATTTTT",1,0,"chr8:g.5290062G>A",261]
["G04240","EBF2","sense",8,25899767,"G","A","p.S44S",0.0541,37,2,"unknown","NA",0,"NA",0,"NA","het",0.18222,"GCCCGGGACAGGGCGACCCC","CTGCACAGGGAGAAAAACGG",1,0,"chr8:g.5899767G>A",58]
["G04240","RBPMS","sense",8,30336893,"T","C","p.N82N",0.2453,159,39,"unknown","NA",0,"NA",0,"NA","het",0,"GCTGCAAAGAATGCTTTGAA","GTAAGTACTAATGATGTAAT",1,0,"chr8:g.0336893T>C",270]
["G04240","TRAM1","sense",8,71499164,"G","A","p.L152L",0.25,116,29,"unknown","NA",0,"NA",0,"NA","het",0,"TTCATTGCTAAAATAAAACA","GCGGGAAATGTGGAAAAGAA",1,0,"chr8:g.1499164G>A",175]
["G04240","WASHC5","sense",8,126094685,"C","A","p.G119G",0.2611,157,41,"unknown","NA",0,"NA",0,"NA","het",0,"AAGGTTTGCTGAATATAAAC","CCTTCATTGAGATCATCTAG",1,0,"chr8:g.126094685C>A",298]
["G04240","GLI4","sense",8,144358968,"C","A","p.R375R",0.0588,34,2,"unknown","NA",0,"NA",0,"NA","het",0.15714,"CACCAGCGGGTGCACTACCG","GAGTAGCCGGGCGGGGGCTC",1,0,"chr8:g.144358968C>A",60]
["G04240","FOXD4","sense",9,117345,"G","A","p.L259L",0.0897,78,7,"unknown","NA",0,"NA",0,"NA","het",0.01012,"GCGAGGAGGATGCGGGTGCA","CAGAGCGTAAGGGCGTCTCC",1,0,"chr9:g.17345G>A",178]
["G04240","TYRP1","sense",9,12698567,"T","G","p.T275T",0.1188,261,31,"known","COSM6814700",1,"NA",0,"NA","het",0,"AGAAGCAACTTTGATTCCAC","CTAATAAGCCCAAACTCTGT",1,0,"chr9:g.2698567T>G",467]
["G04240","TESK1","sense",9,35605706,"C","A","p.G30G",0.0625,32,2,"unknown","NA",0,"NA",0,"NA","het",0.23846,"CCGGGGCCGGGGGGCACGGG","GGAGGCCCGGGCCGGGGCCG",1,0,"chr9:g.5605706C>A",37]
["G04240","ZCCHC6","sense",9,88943273,"C","A","p.T407T",0.0588,34,2,"unknown","NA",0,"NA",0,"NA","het",0.137,"ACCTGTCCCCTTTTAATCGG","GTTTCTCTTGGTGCCTCTTC",1,0,"chr9:g.8943273C>A",81]
["G04240","ZNF618","sense",9,116811472,"C","A","p.G597G",0.0513,39,2,"unknown","NA",0,"NA",0,"NA","het",0.10734,"TCCGCCTTCTCCAAGGCCGG","ATGTGCCTTCGCTGCTCAGC",1,0,"chr9:g.116811472C>A",90]
["G04240","GOLGA1","sense",9,127650637,"A","T","p.L600L",0.1188,101,12,"unknown","NA",0,"NA",0,"NA","het",1.82E-3,"GGTGTTCTTCCTGCAGTTGG","AGCTGGAACACAGGGTCCTG",1,0,"chr9:g.127650637A>T",175]
["G04240","ASB6","sense",9,132400462,"C","A","p.L262L",0.0541,37,2,"unknown","NA",0,"NA",0,"NA","het",0.34901,"GACCAGCAGGACGCACCGTG","AGGGAGCAGTTGTAGGCGGC",1,0,"chr9:g.132400462C>A",95]
["G04240","ANAPC2","sense",9,140079504,"C","A","p.V303V",0.0513,39,2,"unknown","NA",0,"NA",0,"NA","het",0.39947,"GCGGGGCCGTCCTGCAGGAA","ACCTTGCCGAGCCAGCCGAC",1,0,"chr9:g.140079504C>A",62]
["G04240","APBB1IP","sense",10,26856216,"G","C","p.P600P",0.0625,48,3,"unknown","NA",0,"NA",0,"NA","het",0.18824,"GCGGGCTCAGAGCTGCCCCC","CCGCCGCCGCCGCCGCCCGC",1,0,"chr10:g.6856216G>C",42]
["G04240","MAPK8","sense",10,49618209,"C","A","p.R150R",0.1429,14,2,"unknown","NA",0,"NA",0,"NA","het",0.13664,"ATTCTGCTGGAATTATTCAT","GGGTTAGTAGAAGAAACTAT",1,0,"chr10:g.9618209C>A",28]
["G04240","CDH23","sense",10,73545396,"C","A","p.I1907I",0.0741,27,2,"unknown","NA",0,"NA",0,"NA","het",0.0803,"TCCACATCCCAGACAGGGAT","GTCACTGTGAACCGGCCCCT",1,0,"chr10:g.3545396C>A",78]
["G04240","PDE6C","sense",10,95380433,"C","A","p.V175V",0.0234,128,3,"unknown","NA",0,"NA",0,"NA","het",0.04696,"GACAAGCAAACTGGGTATGT","ACTAAGAACCTGCTGGCAAC",1,0,"chr10:g.5380433C>A",308]
["G04240","SORCS3","sense",10,106974350,"T","G","p.T842T",0.2222,27,6,"unknown","NA",0,"NA",0,"NA","het",0.00482,"GAGCAGGGGCACAATGCAAC","TTCATCATCCTCATGGAGGA",1,0,"chr10:g.106974350T>G",41]
["G04240","ADRA2A","sense",10,112839146,"C","A","p.I464I",0.0526,38,2,"unknown","NA",0,"NA",0,"NA","het",0.13648,"CGGGGGGACAGGAAGCGGAT","GTGTGAGGTTTCCGCTGGCG",1,0,"chr10:g.112839146C>A",77]
["G04240","TDRD1","sense",10,115963239,"C","T","p.S298S",0.1284,109,14,"unknown","NA",0,"NA",0,"NA","het",0.00024,"ATGAACCAACTCTCTGCCAG","TTAAAAGAAACATATGCAAA",1,0,"chr10:g.115963239C>T",151]
["G04240","KRTAP5-5","sense",11,1651157,"A","G","p.G29G",0.0688,160,11,"unknown","NA",0,"NA",0,"NA","het",0.13486,"GGCTGTGGCTCCGGCTGTGG","GGCTGTGGCTCTGGCTGTGG",1,0,"chr11:g.1651157A>G",398]
["G04240","KRTAP5-5","sense",11,1651211,"C","A","p.G47G",0.2105,57,12,"known","NA",0,"MU4547277",4,"NA","het",0,"GGCTGTGGAGGCTGTGGGGG","TGTGGCTCCGGCTGTGCGGG",0,0,"chr11:g.1651211C>A",122]
["G04240","OR52E6","sense",11,5862582,"C","T","p.E182E",0.1346,52,7,"unknown","NA",0,"NA",0,"NA","het",0.00083,"AGACGGGCAATGCCCATGTG","TCACAGTAAGTATGAGGGAT",1,0,"chr11:g.5862582C>T",109]
["G04240","TIMM10B","sense",11,6503433,"C","A","p.V98V",0.0571,35,2,"unknown","NA",0,"NA",0,"NA","het",0.18829,"GCTGCTGAACAGCCTGGGGT","TCTCCATCAGGCAGCTAGCC",1,0,"chr11:g.6503433C>A",55]
["G04240","NAV2","sense",11,19955131,"C","A","p.R383R",0.0541,37,2,"unknown","NA",0,"NA",0,"NA","het",0.1034,"GAGCTGGAGGCCGCCAGTCG","ATGCTCACCACCGTGGGCCC",1,0,"chr11:g.9955131C>A",95]
["G04240","DTX4","sense",11,58949681,"C","A","p.V121V",0.0741,27,2,"unknown","NA",0,"NA",0,"NA","het",0.13356,"ATGCCGCCTCCTGGAGTGGT","AAGCTACCCCCACTGCCAGG",1,0,"chr11:g.8949681C>A",59]
["G04240","CCDC87","sense",11,66359902,"C","A","p.L195L",0.05,40,2,"unknown","NA",0,"NA",0,"NA","het",0.15446,"CCAGCGGGGCAGACAGGGTG","AGCTTGTCCACATCCCCAGA",1,0,"chr11:g.6359902C>A",66]
["G04240","RBM4","sense",11,66407431,"C","T","p.G83G",0.2982,171,51,"unknown","NA",0,"NA",0,"NA","het",0,"TCAACAAAGTTGCATGTGGG","AACATCAGTCCCACCTGCAC",1,0,"chr11:g.6407431C>T",305]
["G04240","KRTAP5-10","sense",11,71276681,"T","C","p.G16G",0.1321,53,7,"known","NA",0,"MU638892",5,"NA","het",0.00048,"TGTGGCTCCGGCTGTGGGGG","TGTGGCTCCGGCTGTGGGGG",0,0,"chr11:g.1276681T>C",125]
["G04240","MAML2","sense",11,95825254,"C","T","p.Q647Q",0.0314,159,5,"known","COSM933634",4,"MU137843",2,"NA","het",0.00394,"TGTTGTTGCTGCTGCTGCTG","TGTTGTTGCTGCTGCTGCTG",0,1,"chr11:g.5825254C>T",441]
["G04240","SLC37A4","sense",11,118899077,"G","A","p.L70L",0.0645,31,2,"unknown","NA",0,"NA",0,"NA","het",0.20413,"AGCACTCATCTGGTCAGACA","CACCCCACTGACAAACTTGC",1,0,"chr11:g.118899077G>A",44]
["G04240","ESAM","sense",11,124624214,"A","G","p.A251A",0.4074,54,22,"unknown","NA",0,"NA",0,"NA","het",2e-05,"AGGGTACCCACAACAGCTCC","GCAACCACTGCAGCTCCAGG",1,0,"chr11:g.124624214A>G",57]
["G04240","OPCML","sense",11,132290138,"A","C","p.A229A",0.303,99,30,"known","COSM3415691",2,"MU1787077",2,"NA","het",0,"GTCCCTGATAGCCAGAGACA","GCCAGTGCTCTGGAGGCCGA",0,0,"chr11:g.132290138A>C",139]
["G04240","WNK1","sense",12,974356,"C","A","p.L740L",0.0526,38,2,"unknown","NA",0,"NA",0,"NA","het",0.21698,"CCCGCATCTCTCCCAGTGCT","TTCCACCCCACCGCCAGTAC",1,0,"chr12:g.74356C>A",52]
["G04240","CACNA1C","sense",12,2800278,"C","A","p.G2118G",0.069,29,2,"unknown","NA",0,"NA",0,"NA","het",0.12531,"GGGCAGGACCGAGCCGGGGG","GAAGAGGACGCGGGCTGTGT",1,0,"chr12:g.2800278C>A",63]
["G04240","TM7SF3","sense",12,27128445,"C","A","p.V478V",0.0571,35,2,"unknown","NA",0,"NA",0,"NA","het",0.11551,"TTACCATTAGTTTGAAAAGG","ACATTTGTGAAAGCTCTGTG",1,0,"chr12:g.7128445C>A",89]
["G04240","PRICKLE1","sense",12,42854283,"C","A","p.L608L",0.0435,69,3,"unknown","NA",0,"NA",0,"NA","het",0.02584,"TGTACTGGCTTCTCTTCAGG","AGGATTTTCTCTGGACACAA",1,0,"chr12:g.2854283C>A",212]
["G04240","ANAPC5","sense",12,121756218,"C","A","p.L473L",0.0588,34,2,"unknown","NA",0,"NA",0,"NA","het",0.42028,"CAGTACAGCTCTGCCACGGA","AGTAGGACACTGACCGTAAA",1,0,"chr12:g.121756218C>A",50]
["G04240","KMT5A","sense",12,123875311,"C","T","p.A32A",0.1341,82,11,"unknown","NA",0,"NA",0,"NA","het",0.03958,"TGCCAGGGGAAACCATTAGC","GGAATCTACAGGAAACGAGA",1,0,"chr12:g.123875311C>T",106]
["G04240","UBC","sense",12,125397895,"A","G","p.S141S",0.0635,126,8,"known","NA",0,"MU42876170",1,"NA","het",0.14668,"CGGAGCACCAGGTGCAGGGT","GACTCTTTCTGGATGTTGTA",1,0,"chr12:g.125397895A>G",288]
["G04240","EP400","sense",12,132547093,"A","G","p.Q2727Q",0.163,135,22,"known","NA",0,"MU76938",14,"NA","het",0,"CAGCAGCAGCAGCAGCAACA","CAGCAGCAGCAGCAGCAGCA",0,0,"chr12:g.132547093A>G",288]
["G04240","ITGBL1","sense",13,102220072,"C","A","p.G20G",0.0571,35,2,"unknown","NA",0,"NA",0,"NA","het",0.17068,"CATGGTAAGTGTGACTGTGG","AAGTGCAAGTGTGACCAGGG",1,0,"chr13:g.102220072C>A",57]
["G04240","SLC22A17","sense",14,23821340,"C","T","p.E28E",0.0645,31,2,"unknown","NA",0,"NA",0,"NA","het",0.1161,"CCGCTGGCATTGGGAGGCTG","TCCCAGCCAGAGGCATTAGG",1,0,"chr14:g.3821340C>T",71]
["G04240","ZFHX2","sense",14,23994747,"T","G","p.P1468P",0.0811,74,6,"unknown","NA",0,"NA",0,"NA","het",0.00279,"CCGAGGGCCTCAGGTGGGGG","GGGGTAGGGGGAGGGGGCAC",1,0,"chr14:g.3994747T>G",134]
["G04240","OTX2","sense",14,57272115,"C","T","p.S20S",0.3299,97,32,"unknown","NA",0,"NA",0,"NA","het",0,"GGGTGCAGCAAGTCCATACC","GAAGTGGTCAGACTCAGCCC",1,0,"chr14:g.7272115C>T",165]
["G04240","DACT1","sense",14,59112667,"C","T","p.G405G",0.0976,123,12,"known","COSM2246332",2,"MU1681176",2,"NA","het",1e-05,"CCAGAGGGCTGCCCCTCAGG","GCTGCCTCCGACCTTCAGAG",0,0,"chr14:g.9112667C>T",242]
["G04240","ZBTB1","sense",14,64998597,"T","C","p.S639S",0.0926,108,10,"unknown","NA",0,"NA",0,"NA","het",2.3E-3,"AGTGGTGAAATAGGGCCTTC","AAACCTGTGGAGAAGTGAGA",1,0,"chr14:g.4998597T>C",157]
["G04240","ZNF410","sense",14,74360620,"C","A","p.R52R",0.0556,36,2,"unknown","NA",0,"NA",0,"NA","het",0.08824,"CTGAAGCCTCAGAATGCAGT","GGCTAATGTTACCAGGTAAA",1,0,"chr14:g.4360620C>A",103]
["G04240","VRTN","sense",14,74824203,"T","C","p.P239P",0.0714,28,2,"unknown","NA",0,"NA",0,"NA","het",0.11962,"CGCCACCAGTACTTTGCCCC","GTGGTGGGGCTGGAAGAGGT",1,0,"chr14:g.4824203T>C",59]
["G04240","EVL","sense",14,100594935,"A","C","p.P187P",0.25,32,8,"unknown","NA",0,"NA",0,"NA","het",1.1E-4,"GGGCCTCCACCGCCCCCCCC","CCCCCAGTCCCACCTCCACC",1,0,"chr14:g.100594935A>C",69]
["G04240","GOLGA6L1","sense",15,22743235,"A","G","p.R540R",0.0727,220,16,"unknown","NA",0,"NA",0,"NA","het",0.03453,"GAGCAGGAGGAGAAGATACG","GAGCAGGAGGAGATGATGCA",1,0,"chr15:g.2743235A>G",623]
["G04240","GABRB3","sense",15,26793117,"G","A","p.F330F",0.3667,90,33,"known","COSM4462394",2,"NA",0,"NA","het",0,"GGGAGGCTTCTGTCCCCCAG","AATCGCCCATGCCCTTCTCG",0,0,"chr15:g.6793117G>A",188]
["G04240","ANKRD63","sense",15,40574353,"C","A","p.L145L",0.0536,56,3,"unknown","NA",0,"NA",0,"NA","het",0.0707,"CGGTTGGTGCGGTCGAGGCG","AGGCCTAGGCGGCGGAAGGA",1,0,"chr15:g.0574353C>A",96]
["G04240","TYRO3","sense",15,41854834,"T","C","p.P121P",0.0233,172,4,"unknown","NA",0,"NA",0,"NA","het",0.0484,"TGTGAGGCTGTGGGTCCCCC","GAACCTGTTACCATTGTCTG",1,0,"chr15:g.1854834T>C",264]
["G04240","MAPKBP1","sense",15,42109913,"C","A","p.G628G",0.0548,73,4,"unknown","NA",0,"NA",0,"NA","het",0.03656,"TGGAAGTACACGGCTATCGG","TGCCAGGACCGAAATATTCG",1,0,"chr15:g.2109913C>A",137]
["G04240","DMXL2","sense",15,51773312,"C","A","p.V1361V",0.0508,59,3,"unknown","NA",0,"NA",0,"NA","het",0.03901,"CTGGCATCTGTACTTTTCAT","ACTAAACCAACAGCATCGTC",1,0,"chr15:g.1773312C>A",142]
["G04240","PIF1","sense",15,65107926,"C","A","p.L696L",0.05,40,2,"unknown","NA",0,"NA",0,"NA","het",0.14849,"CTATTTATCCCCTGAAAAAG","AGCTTAAAATATGGGTGCAC",1,0,"chr15:g.5107926C>A",75]
["G04240","WFIKKN1","sense",16,683377,"C","A","p.R323R",0.0588,34,2,"unknown","NA",0,"NA",0,"NA","het",0.11333,"TCTGGCACTACGACCCGCAG","GGGGCGGCTGCATGACCTTC",1,0,"chr16:g.83377C>A",79]
["G04240","CACNA1H","sense",16,1267977,"C","T","p.F1788F",0.1818,99,18,"known","COSM4128668",1,"MU4561529",1,"NA","het",0.00013,"CACGCCACCTTCAGCAACTT","GGCATGGCCTTCCTCACGCT",0,0,"chr16:g.1267977C>T",109]
["G04240","SHISA9","sense",16,12996410,"C","A","p.V163V",0.0492,61,3,"unknown","NA",0,"NA",0,"NA","het",0.04986,"ATCTGCGGGGTGGTGGCCGT","ATGGTGCTCGTGGGCATCTT",1,0,"chr16:g.2996410C>A",138]
["G04240","NPIPB5","sense",16,22545285,"G","C","p.L327L",0.1094,64,7,"unknown","NA",0,"NA",0,"NA","het",0.0757,"AAGACACCTCCTGAGTGTCT","CTCACTCCCCTTCCACCCTC",1,0,"chr16:g.2545285G>C",134]
["G04240","ZNF785","sense",16,30593980,"C","T","p.Q373Q",0.2034,59,12,"unknown","NA",0,"NA",0,"NA","het",0.00052,"TCTGAACGCCCCACCACGGC","TGCTGCCACGCGCGCCTCTC",1,0,"chr16:g.0593980C>T",99]
["G04240","DRC7","sense",16,57732903,"C","A","p.L115L",0.0513,39,2,"unknown","NA",0,"NA",0,"NA","het",0.11504,"TGCCCGGACCGCGTGCCCCT","TTCCTGCACCCCCTGAACGA",1,0,"chr16:g.7732903C>A",96]
["G04240","ATXN1L","sense",16,71884658,"C","A","p.R339R",0.0513,39,2,"unknown","NA",0,"NA",0,"NA","het",0.1784,"ACACTGACCTTGAGGTCCAG","GGGTGGTTGGCGCTTTAGCT",1,0,"chr16:g.1884658C>A",124]
["G04240","JPH3","sense",16,87678447,"C","A","p.G322G",0.04,75,3,"unknown","NA",0,"NA",0,"NA","het",0.03654,"GCCAGCAACCGGCGCCATGG","TACGGCTGCATGACCTTCCC",1,0,"chr16:g.7678447C>A",187]
["G04240","SPIRE2","sense",16,89925725,"C","A","p.G475G",0.0556,36,2,"unknown","NA",0,"NA",0,"NA","het",0.13816,"CCACCACGGCCCCGAGCTGG","AGTGCGCATGTGTGGAGGCC",1,0,"chr16:g.9925725C>A",75]
["G04240","TUSC5","sense",17,1198904,"C","A","p.T169T",0.1111,18,2,"unknown","NA",0,"NA",0,"NA","het",0.09935,"ATTATCATGGTGGCCGTGAC","GTCAACTTCACAGGTGAGAC",1,0,"chr17:g.1198904C>A",51]
["G04240","SLC43A2","sense",17,1519863,"G","A","p.L121L",0.0541,37,2,"unknown","NA",0,"NA",0,"NA","het",0.14916,"GACCCACACTGACCTGCCCA","CAGCCTGAGCTTCCTCGGGC",1,0,"chr17:g.1519863G>A",71]
["G04240","TMEM132E","sense",17,32961861,"C","A","p.R578R",0.0513,39,2,"unknown","NA",0,"NA",0,"NA","het",0.11504,"AGGATGAGGAGGAGGAGGAG","GGCGGCAGAGTGCAAGCCGT",1,0,"chr17:g.2961861C>A",93]
["G04240","HDAC5","sense",17,42169804,"A","G","p.T289T",0.1047,86,9,"unknown","NA",0,"NA",0,"NA","het",0.00742,"TTCTTAAAGGTGCTAATAAC","GTCCCATCCTTGCGACGCAG",1,0,"chr17:g.2169804A>G",118]
["G04240","SPPL2C","sense",17,43922860,"C","A","p.G196G",0.0833,24,2,"unknown","NA",0,"NA",0,"NA","het",0.13269,"ATCTTCATCCTGGCTGTGGG","ACAGTGGCTGCAGGCGGCTA",1,0,"chr17:g.3922860C>A",47]
["G04240","C17orf77","sense",17,72588689,"C","A","p.I168I",0.0645,31,2,"unknown","NA",0,"NA",0,"NA","het",0.06972,"GCATTGAGGAGCTGCGGGAT","TACTGCCTGGAGGAGAGGAC",1,0,"chr17:g.2588689C>A",108]
["G04240","ST6GALNAC2","sense",17,74568731,"C","A","p.V219V",0.0517,58,3,"unknown","NA",0,"NA",0,"NA","het",0.21983,"GGCCTCACCTGTCCTTGTGG","ACGGAGGTGAAGCCCAGATT",1,0,"chr17:g.4568731C>A",98]
["G04240","HGS","sense",17,79662851,"C","T","p.H405H",0.0929,140,13,"unknown","NA",0,"NA",0,"NA","het",0.00014,"GGCGAGTCTGAGGAGAGCCA","GAGCAGTTCCTGAAGGCGCT",1,0,"chr17:g.9662851C>T",191]
["G04240","PTPRM","sense",18,8069970,"C","A","p.L473L",0.0526,38,2,"unknown","NA",0,"NA",0,"NA","het",0.09683,"CGGAAGGAAAGCCAAGAACT","ATAGTGCAGACAGATGAAGA",1,0,"chr18:g.8069970C>A",107]
["G04240","ZNF532","sense",18,56648756,"C","T","p.H1106H",0.0419,167,7,"unknown","NA",0,"NA",0,"NA","het",0.04895,"CGTTTGATGCTGGAGAAGCA","GTCCAGCTGATGCATGGCAT",1,0,"chr18:g.6648756C>T",359]
["G04240","FSTL3","sense",19,680317,"C","A","p.R111R",0.075,40,3,"unknown","NA",0,"NA",0,"NA","het",0.10753,"GGCCCGGGCAAGGCGTGCCG","ATGCTGGGGGGCCGCCCGCG",1,1,"chr19:g.80317C>A",56]
["G04240","TMIGD2","sense",19,4298293,"C","A","p.L32L",0.0714,28,2,"unknown","NA",0,"NA",0,"NA","het",0.1875,"TGACTGCCCTGCCTCACCTG","AGCAAGTTGGGCCCCTGCTG",1,0,"chr19:g.4298293C>A",44]
["G04240","PTPRS","sense",19,5229694,"C","A","p.V706V",0.1538,13,2,"unknown","NA",0,"NA",0,"NA","het",0.06915,"TTCCGCGGCGGCGCGCTGGG","ACTGGCGGGCGGGAGGGGAG",1,0,"chr19:g.5229694C>A",37]
["G04240","IL27RA","sense",19,14157091,"G","A","p.V298V",0.0588,34,2,"unknown","NA",0,"NA",0,"NA","het",0.09709,"GGGGCGGAGTGGGCCAGGGT","TCCGCTGTCAACGCCACAAG",1,0,"chr19:g.4157091G>A",92]
["G04240","ISYNA1","sense",19,18547805,"C","A","p.A3A",0.0625,32,2,"unknown","NA",0,"NA",0,"NA","het",0.15696,"TCGAACACGAGGTCGTTGGG","GCCACCATGGGCAGCACCGC",1,0,"chr19:g.8547805C>A",72]
["G04240","SBSN","sense",19,36018407,"T","C","p.R259R",0.0446,202,9,"known","NA",0,"MU4434365",4,"NA","het",1.23E-3,"TGGTGGACCCCCTGGCCAAA","CTCCCTGCCTCATTTCCGGC",0,0,"chr19:g.6018407T>C",321]
["G04240","ZNF420","sense",19,37618052,"T","C","p.S53S",0.2593,27,7,"unknown","NA",0,"NA",0,"NA","het",0.00015,"TTGCCTTCAAGGTGTGCAAG","AAGGACTTATCTCCAGAAAA",1,0,"chr19:g.7618052T>C",77]
["G04240","RYR1","sense",19,38934895,"C","T","p.R177R",0.1688,237,40,"unknown","NA",0,"NA",0,"NA","het",0,"GTCAGTGTCTCCTCCGAGCG","TACCTGGTGAGCCATTGCGG",1,0,"chr19:g.8934895C>T",367]
["G04240","MAP4K1","sense",19,39079903,"A","G","p.S803S",0.0952,21,2,"unknown","NA",0,"NA",0,"NA","het",0.2439,"CAGTGAGGCGAGATCGTGCC","CTGCACTCCAGCCTGGGGGA",1,0,"chr19:g.9079903A>G",24]
["G04240","SYMPK","sense",19,46347313,"C","A","p.V274V",0.0588,34,2,"unknown","NA",0,"NA",0,"NA","het",0.26971,"AGAGTTTCATAGGCCTGGAT","ACCTCAGACATGAACATGGG",1,0,"chr19:g.6347313C>A",34]
["G04240","PNMA8B","sense",19,46997301,"G","T","p.G474G",0.0374,107,4,"unknown","NA",0,"NA",0,"NA","het",0.04312,"TTGGGGTATTTGTACTTCCC","CCTTCCCAGGCGTTTTCTTT",1,0,"chr19:g.6997301G>T",157]
["G04240","TPRX1","sense",19,48305650,"C","T","p.P206P",0.2619,42,11,"known","NA",0,"MU97200",2,"NA","het",0.00211,"CCTGAGATTGGGCCTGGGAT","GGGCCTGGGATCGGGACTGA",0,0,"chr19:g.8305650C>T",87]
["G04240","FAM71E1","sense",19,50971083,"C","A","p.L181L",0.029,138,4,"unknown","NA",0,"NA",0,"NA","het",0.04201,"TGGACGAACTTCAAGGGGAA","AGCCTGGGTGGGAGGAAGGG",1,0,"chr19:g.0971083C>A",223]
["G04240","SIGLEC12","sense",19,52002861,"C","T","p.T188T",0.4694,49,23,"known","COSM1395681",5,"MU73438",2,"NA","het",0,"GAGGCCCCCATCCAGGTGAT","GTGGGGGGCGTCCCCTGTTC",0,0,"chr19:g.2002861C>T",60]
["G04240","ZNF615","sense",19,52498065,"C","A","p.L93L",0.0556,36,2,"unknown","NA",0,"NA",0,"NA","het",0.11321,"TGATTTTGCAAGTGATGCTG","AGAGGATCATCAATTTTCCT",1,0,"chr19:g.2498065C>A",84]
["G04240","ATRN","sense",20,3451826,"C","A","p.G24G",0.0566,53,3,"unknown","NA",0,"NA",0,"NA","het",0.13362,"GCGACGGCAGCGCTCGCGGG","AGGAGCGGCGGGCCGCACTG",1,0,"chr20:g.3451826C>A",110]
["G04240","MAVS","sense",20,3838386,"G","A","p.A74A",0.1316,76,10,"known","COSM4581806",1,"NA",0,"NA","het",0.00013,"TGGGTGGAGTACTTCATTGC","GCACTGAGGGGCTGTGAGCT",1,0,"chr20:g.3838386G>A",191]
["G04240","KRTAP10-12","sense",21,46117290,"A","G","p.V58V",0.0709,141,10,"unknown","NA",0,"NA",0,"NA","het",0.20033,"TGCACCCCAGTGAGCCGTGT","TCCAGCCCCTGCTGCCGAGT",1,0,"chr21:g.6117290A>G",389]
["G04240","CRYBB3","sense",22,25603110,"G","A","p.P189P",0.3721,86,32,"unknown","NA",0,"NA",0,"NA","het",0,"GAGTGGGACGCCAGCCAGCC","CAGCTGCAGTCTGTGCGCCG",1,0,"chr22:g.5603110G>A",189]
["G04240","APOBEC3D","sense",22,39427740,"C","A","p.L268L",0.0667,30,2,"unknown","NA",0,"NA",0,"NA","het",0.11364,"CATGCAGAAAGGTGCTTCCT","TCTTGGTTCTGTGACGACAT",1,0,"chr22:g.9427740C>A",67]
["G04240","MKL1","sense",22,40814585,"C","A","p.P619P",0.125,16,2,"unknown","NA",0,"NA",0,"NA","het",0.19048,"TCCTGCTTCACCACCACGGA","GGGGGCCCCGGGGCCACAGC",1,1,"chr22:g.0814585C>A",24]
["G04240","BRD1","sense",22,50197876,"C","A","p.L500L",0.0606,33,2,"unknown","NA",0,"NA",0,"NA","het",0.15516,"TGTGAGCTTCGCTGAGACTG","AGGCTGGACTGCAGCCGCCG",1,0,"chr22:g.0197876C>A",65]
["G04240","TYMP","sense",22,50964283,"C","A","p.L455L",0.0505,99,5,"unknown","NA",0,"NA",0,"NA","het",0.00934,"GAGAGTACGAGCGCCTCCTG","AGGGCGCGGCTCTGCGGGCC",1,0,"chr22:g.0964283C>A",192]
["G04240","EIF2S3","sense","X",24086170,"A","T","p.V319V",0.0882,68,6,"known","COSM118616",5,"MU4626074",1,"NA","het",0.14192,"CCAATCTTTTCCAAAATTGT","TCACTTTTTGCGGAGCATAA",0,0,"chrX:g.4086170A>T",81]
["G04240","NOX1","sense","X",100104896,"T","C","p.T350T",0.125,16,2,"unknown","NA",0,"NA",0,8.786,"het",0.07013,"TGGAAAACATCCTCACTGGC","GTGCCAAAGGGACCATCCAC",1,0,"chrX:g.100104896T>C",51]
["G04240","MORC4","sense","X",106219819,"C","T","p.E384E",0.05,40,2,"unknown","NA",0,"NA",0,"NA","het",0.21849,"TTGGGAGTGACTCACCGGTA","TCCTTGGTATACTCAAAGTC",1,0,"chrX:g.106219819C>T",55]
["G04240","IGSF1","sense","X",130420631,"T","C","p.P6P",0.3611,36,13,"unknown","NA",0,"NA",0,"NA","het",6e-05,"AGCATGGTGGCCCCCTCCCC","GGTCTGTCCAGGGTCATGGG",1,0,"chrX:g.130420631T>C",54]
["G04240","HCFC1","sense","X",153220523,"G","A","p.C1109C",0.0667,30,2,"known","COSM4107978",2,"MU6502323",1,"NA","het",0.16553,"GTGCCCGTCTCGTGGGTCTC","CAGGGTGGGTTTGAGCAGCC",0,0,"chrX:g.153220523G>A",51]
["G04240","EMD","sense","X",153608106,"C","A","p.R47R",0.0566,53,3,"unknown","NA",0,"NA",0,"NA","het",0.19607,"AGTACGAGACCCAGAGGCGG","GGCTCTCGCCCCCCAGCTCG",1,0,"chrX:g.153608106C>A",93]
["G04241","CFAP74","sense",1,1875859,"A","G","p.D799D",0.0455,110,5,"unknown","NA",0,"NA",0,"NA","het",0.02139,"TTCGGCACCCAGACCGGCAC","TCGATGGCCACGCCCACGAC",1,0,"chr1:g.1875859A>G",162]
["G04241","PRAMEF12","sense",1,12837370,"C","T","p.I360I",0.2959,196,58,"known","COSM3472558",6,"MU4477922",2,"NA","het",0,"GACTTAGAGGACTGTGGGAT","GTGGATTCCCAACTCAGCGC",0,0,"chr1:g.2837370C>T",269]
["G04241","KIF17","sense",1,21031268,"C","A","p.L265L",0.0556,36,2,"unknown","NA",0,"NA",0,"NA","het",0.1684,"TTGCCCAGTGCCGAGAGCGA","AGGTTGATCTTGGTGGCCTC",1,0,"chr1:g.1031268C>A",63]
["G04241","CRYBG2","sense",1,26671658,"G","A","p.V497V",0.0895,190,17,"known","NA",0,"MU1134035",5,"NA","het",0.05482,"GGAGCACCAGGGCCCTTCAC","ACCTCTTTCCAGGTGGGGGA",0,0,"chr1:g.6671658G>A",277]
["G04241","SLC9A1","sense",1,27427098,"G","T","p.V716V",0.0606,33,2,"unknown","NA",0,"NA",0,"NA","het",0.12894,"GAAGCCGGGTCGATGGTGAT","ACAGGCAGGTCCTCCTTCGG",1,0,"chr1:g.7427098G>T",66]
["G04241","BSDC1","sense",1,32842119,"C","A","p.V205V",0.0625,32,2,"unknown","NA",0,"NA",0,"NA","het",0.19405,"TGGGACAGGTCCTTGGGTAG","ACTCGTGCCTCAGGTGCAGT",1,0,"chr1:g.2842119C>A",51]
["G04241","B4GALT2","sense",1,44447365,"C","A","p.G106G",0.0714,28,2,"unknown","NA",0,"NA",0,"NA","het",0.24545,"ACTGTCCTGTCTGCAGTGGG","AGACTGCTGATCGAGTTCAC",1,0,"chr1:g.4447365C>A",29]
["G04241","ADGRL4","sense",1,79403812,"C","T","p.K183K",0.1033,184,19,"unknown","NA",0,"NA",0,"NA","het",5e-05,"GTTGAGTTAGAAAGGGTGTC","TTGGCTGAGATAGTGTTGTT",1,0,"chr1:g.9403812C>T",299]
["G04241","NBPF26","sense",1,148006233,"G","A","p.D1217D",0.1538,13,2,"known","COSM5762398",1,"MU27616842",1,0.128,"het",0.15726,"GAAAGGTACTCACCTCCCAC","TCAAGAGAAAAGCCAACATG",0,0,"chr1:g.148006233G>A",31]
["G04241","HIST2H2BF","sense",1,149783822,"A","G","p.V19V",0.3459,159,55,"unknown","NA",0,"NA",0,"NA","het",0,"TCCTTCTTCTGCACTTTCGT","ACAGCCTTTTTGGAGCCCTT",1,0,"chr1:g.149783822A>G",277]
["G04241","TCHH","sense",1,152082414,"C","A","p.L1093L",0.0193,207,4,"unknown","NA",0,"NA",0,"NA","het",0.03459,"TTCTCCGGTTCCTCTCTCAG","AGCTGCTCTTCCTCCTGCTG",1,0,"chr1:g.152082414C>A",323]
["G04241","PYGO2","sense",1,154933498,"C","A","p.L36L",0.0857,35,3,"unknown","NA",0,"NA",0,"NA","het",0.0739,"TTTTCTGGACTCTTCATTTG","AGACCTGGAAGAGCGGCAAA",1,0,"chr1:g.154933498C>A",55]
["G04241","SHCBP1L","sense",1,182921087,"C","A","p.S11S",0.0588,34,2,"unknown","NA",0,"NA",0,"NA","het",0.2077,"ATTACCTGAGGTCGGGAGTT","GAGTCCAGCCTGACCAACTG",1,0,"chr1:g.182921087C>A",47]
["G04241","NID1","sense",1,236187494,"A","G","p.L668L",0.2808,146,41,"unknown","NA",0,"NA",0,"NA","het",0,"CCGATGTAGCAGGGATTCTG","AGAGCATCAGGGGAGCCTTC",1,0,"chr1:g.236187494A>G",131]
["G04241","SNTG2","sense",2,946751,"G","A","p.A23A",0.08,25,2,"unknown","NA",0,"NA",0,"NA","het",0.23529,"GGCTGCCTGCTGGTACCTGC","CGGGTGAGTGCGGCCCCTCA",1,0,"chr2:g.46751G>A",33]
["G04241","CPSF3","sense",2,9582027,"A","G","p.E302E",0.2806,139,39,"unknown","NA",0,"NA",0,"NA","het",0,"CAAAGTGGCTTATCCAGAGA","TTATTTGAAAGCTGGTGTAC",1,0,"chr2:g.9582027A>G",175]
["G04241","ARHGEF33","sense",2,39187675,"C","A","p.A743A",0.1455,55,8,"unknown","NA",0,"NA",0,1.366,"het",0.00654,"CCCATCAAGGCCGAGCGCGC","GCGCAGGCGCACGGCCCGGC",1,0,"chr2:g.9187675C>A",68]
["G04241","FSHR","sense",2,49210116,"G","A","p.S175S",0.1762,193,34,"unknown","NA",0,"NA",0,"NA","het",0,"TCTTCTAAATTATTATTATC","CTTAGATTCCTGGGGATGGG",1,0,"chr2:g.9210116G>A",366]
["G04241","C2orf40","sense",2,106688310,"T","C","p.S30S",0.1557,122,19,"unknown","NA",0,"NA",0,"NA","het",3e-05,"ATTCCTTTAGGTGGCATAAG","GGAAATAAACTCAAGCTGAT",1,0,"chr2:g.106688310T>C",199]
["G04241","FOXD4L1","sense",2,114257617,"C","T","p.L262L",0.0563,231,13,"unknown","NA",0,"NA",0,"NA","het",0.00073,"GGAGACGCCCTTACGCTCTG","TGCACCCGCATCCTCCTCGC",1,0,"chr2:g.114257617C>T",354]
["G04241","ACTR3","sense",2,114691954,"C","A","p.V126V",0.0645,31,2,"unknown","NA",0,"NA",0,"NA","het",0.17216,"GGAGATGGTGTCACTCATGT","ATTCCTGTGGTAAGGCTATT",1,0,"chr2:g.114691954C>A",53]
["G04241","HS6ST1","sense",2,129026345,"A","G","p.H209H",0.0629,143,9,"known","NA",0,"MU24565680",1,"NA","het",0.04722,"GGCGTGCGCCCATCACACAT","TGCAACGACGTCTTCCACGT",1,0,"chr2:g.129026345A>G",217]
["G04241","POTEF","sense",2,130832165,"C","T","p.A960A",0.0513,39,2,"known","NA",0,"MU5192270",1,"NA","het",0.63597,"AGGAAGCAAGGCTGGAAGAG","GCCTCGGGGCAGCGGAACCG",1,0,"chr2:g.130832165C>T",58]
["G04241","ZNF804A","sense",2,185800882,"C","A","p.V253V",0.2569,109,28,"unknown","NA",0,"NA",0,"NA","het",0,"AGCAGAAAAAGTAGATTTGT","CCCAGTGCTTGTCATCTTCA",1,0,"chr2:g.185800882C>A",241]
["G04241","C2CD6","sense",2,202400816,"T","G","p.V478V",0.0945,127,12,"unknown","NA",0,"NA",0,"NA","het",1e-05,"TTTACTTCTAATGGAAAAAA","ACATTTTTCATTTTTCTGTC",1,0,"chr2:g.202400816T>G",291]
["G04241","FAM117B","sense",2,203500156,"C","T","p.G82G",0.1333,15,2,"unknown","NA",0,"NA",0,"NA","het",0.17647,"CCCGCAGGCGGCGGCGGCGG","GGTGGCCCGCGCACCGCCTC",1,0,"chr2:g.203500156C>T",27]
["G04241","VIL1","sense",2,219294140,"A","C","p.R234R",0.05,100,5,"unknown","NA",0,"NA",0,"NA","het",0.01922,"ACCACGTGCTGGGCAAGCGC","GGGAGCTGAAGGCGGCCGTG",1,0,"chr2:g.219294140A>C",153]
["G04241","ATG9A","sense",2,220085553,"T","C","p.A810A",0.0866,127,11,"unknown","NA",0,"NA",0,"NA","het",0.00041,"GATGCCGACTGCCCATCTTC","GCCCACCCTCCAAGAGGCAG",1,0,"chr2:g.220085553T>C",198]
["G04241","FBLN2","sense",3,13612527,"C","A","p.G224G",0.0769,39,3,"unknown","NA",0,"NA",0,"NA","het",0.12013,"GCGGGTGCAGTCCAGGCAGG","GCAGGGGGCCCCCCAGCTGC",1,1,"chr3:g.3612527C>A",44]
["G04241","GMPPB","sense",3,49761055,"C","A","p.L35L",0.0513,39,2,"unknown","NA",0,"NA",0,"NA","het",0.18922,"GCTAGCGCCTCCACTTGGTG","AGCAAGATGGGCTTATTGCA",1,0,"chr3:g.9761055C>A",58]
["G04241","DCAF1","sense",3,51504988,"C","T","p.E48E",0.1364,88,12,"unknown","NA",0,"NA",0,"NA","het",1E-3,"TCTGGATCCCCTTTACGATA","TCTTCAGTTTCTTTTTCAAT",1,0,"chr3:g.1504988C>T",141]
["G04241","DZIP3","sense",3,108326999,"T","C","p.G32G",0.1625,160,26,"unknown","NA",0,"NA",0,"NA","het",0,"AAGCTAGAAAAATCATCTGG","CAACTGGTAAGAGAAAGTTT",1,0,"chr3:g.108326999T>C",181]
["G04241","CASR","sense",3,122003342,"C","A","p.G847G",0.0186,269,5,"unknown","NA",0,"NA",0,"NA","het",0.02696,"ATCCTGGCAGCCAGCTTTGG","TTGCTGGCGTGCATCTTCTT",1,0,"chr3:g.122003342C>A",392]
["G04241","PAK2","sense",3,196530022,"C","T","p.S141S",0.1184,76,9,"unknown","NA",0,"NA",0,"NA","het",0.01864,"GTGAAGCAGAAATATCTGAG","TTTACTCCTCCTGGTAAGAG",1,0,"chr3:g.196530022C>T",80]
["G04241","PROM1","sense",4,16020066,"C","T","p.V285V",0.1229,179,22,"unknown","NA",0,"NA",0,"NA","het",2e-05,"GATGACCGCAGGCTAGTTTT","ACGCTGGTCAGACTGCTGCT",1,0,"chr4:g.6020066C>T",219]
["G04241","SLAIN2","sense",4,48384880,"G","A","p.Q386Q",0.0625,32,2,"unknown","NA",0,"NA",0,"NA","het",0.2623,"CCTATGATTAGCCGCTTACA","CAACCTCGCCTTTCACTTCA",1,0,"chr4:g.8384880G>A",42]
["G04241","DSPP","sense",4,88535881,"T","C","p.S689S",0.0407,172,7,"known","NA",0,"MU4548595",1,"NA","het",0.00168,"AGCAGCAACAGCAGTGATAG","AGTGACAGTAGTGACAGCAG",1,0,"chr4:g.8535881T>C",319]
["G04241","DSPP","sense",4,88536883,"T","C","p.N1023N",0.6045,220,133,"known","NA",0,"MU63790996",1,"NA","het",0,"AATAGTAGTGACAGCAGCAA","AGCAGTGACAGCAGCAACAG",1,0,"chr4:g.8536883T>C",477]
["G04241","DSPP","sense",4,88536901,"C","T","p.N1029N",0.3092,207,64,"known","NA",0,"MU34950008",2,"NA","het",0,"AATAGCAGTGACAGCAGCAA","AGCAGTGACAGCAGCGATAG",0,0,"chr4:g.8536901C>T",504]
["G04241","PCDH10","sense",4,134073269,"C","A","p.I658I",0.0625,32,2,"unknown","NA",0,"NA",0,"NA","het",0.13258,"CGGCCTTATGAGCTGGTGAT","GAGGTGCGCGACCATGGGCA",1,0,"chr4:g.134073269C>A",68]
["G04241","PCDH10","sense",4,134073374,"C","A","p.G693G",0.0588,34,2,"unknown","NA",0,"NA",0,"NA","het",0.19684,"GGCGGGGGCGGGAGCGGAGG","GGAGGGTCAGGAGAGCACCA",1,0,"chr4:g.134073374C>A",51]
["G04241","SORBS2","sense",4,186598418,"T","G","p.G75G",0.1125,160,18,"unknown","NA",0,"NA",0,"NA","het",0,"GTACTAATGGGGCTGCTACT","CCTAGATCCTGGTTATGGGT",1,0,"chr4:g.186598418T>G",285]
["G04241","CDH18","sense",5,19591253,"G","T","p.T304T",0.1913,115,22,"unknown","NA",0,"NA",0,"NA","het",0,"TCACCATTTATGATGGAGTA","GTCATGTCAGCATTTGAGCC",1,0,"chr5:g.9591253G>T",151]
["G04241","CDH6","sense",5,31323295,"C","T","p.S751S",0.2256,195,44,"unknown","NA",0,"NA",0,"NA","het",0,"TCCGTGGCGGATTCCCTGAG","TCGCTGGAGTCAGTGACCAC",1,0,"chr5:g.1323295C>T",284]
["G04241","ZCCHC9","sense",5,80600765,"G","A","p.K63K",0.0673,104,7,"unknown","NA",0,"NA",0,"NA","het",0.09832,"AAACATAAAAAGAACAAAAA","AAAAAAGAGTACTTAAATGA",1,0,"chr5:g.0600765G>A",209]
["G04241","PJA2","sense",5,108714330,"T","A","p.A286A",0.0336,119,4,"unknown","NA",0,"NA",0,"NA","het",0.04543,"ATATGCCCTGGACCACAGGC","GCATCTTCAGGTGAATGTTC",1,0,"chr5:g.108714330T>A",191]
["G04241","PCDHGA3","sense",5,140725547,"C","T","p.H649H",0.0556,144,8,"known","COSM4159553",9,"MU621729",2,"NA","het",0.24368,"GTGGTGGCCGTCCAGGACCA","GGCCAGCCCCCTCTCTCCGC",0,0,"chr5:g.140725547C>T",224]
["G04241","FOXQ1","sense",6,1313980,"C","G","p.P347P",0.3846,13,5,"known","NA",0,"MU4550661",2,"NA","het",0.08012,"GTGCCACCGACCGCGCCGCC","CTCCTGCTTGCACCTCTCCC",0,1,"chr6:g.1313980C>G",15]
["G04241","COL12A1","sense",6,75892878,"C","T","p.E593E",0.0224,223,5,"unknown","NA",0,"NA",0,"NA","het",0.02425,"TCCACTGTGAACACATGGGT","TCTGCAGGAGGAGAGGCAAT",1,0,"chr6:g.5892878C>T",342]
["G04241","ZNF292","sense",6,87966134,"A","C","p.L929L",0.2051,117,24,"unknown","NA",0,"NA",0,"NA","het",0,"AACCCTGCTACTACTCCTCT","CTTCAATCCAGTGAAGTAGC",1,0,"chr6:g.7966134A>C",163]
["G04241","AHI1","sense",6,135787302,"C","A","p.V133V",0.0299,134,4,"unknown","NA",0,"NA",0,"NA","het",0.04388,"TCTTGTGTAGTCAACTGGGG","ACCGTCTTTATCACCTTTTT",1,0,"chr6:g.135787302C>A",201]
["G04241","SASH1","sense",6,148711290,"C","A","p.I14I",0.1011,89,9,"unknown","NA",0,"NA",0,"NA","het",0.07665,"GACGGTTCACTGGGAAACAT","GATGACCTGGCGCAGCAGTA",1,0,"chr6:g.148711290C>A",88]
["G04241","NACAD","sense",7,45125458,"C","T","p.T107T",0.2203,118,26,"unknown","NA",0,"NA",0,"NA","het",1.2E-4,"GTGGCCGGGAGAGGAGCCTC","GTGGACAGAGCCTGGGAAGA",1,0,"chr7:g.5125458C>T",93]
["G04241","SPDYE3","sense",7,99906688,"G","A","p.K66K",0.2,15,3,"unknown","NA",0,"NA",0,"NA","het",0.15556,"TCTGATGATGAGCCAGAGAA","GAGCTCGCCCCTGAGCCTGA",1,0,"chr7:g.9906688G>A",13]
["G04241","SPDYE6","sense",7,101992544,"A","G","p.L212L",0.1667,12,2,"known","NA",0,"MU49037500",2,"NA","het",0.18803,"CAGATCTTTGTCCCAGGCCA","GAATCTTTTAATGACAGGAT",0,0,"chr7:g.101992544A>G",17]
["G04241","RBPMS","sense",8,30336893,"T","C","p.N82N",0.213,169,36,"unknown","NA",0,"NA",0,"NA","het",0,"GCTGCAAAGAATGCTTTGAA","GTAAGTACTAATGATGTAAT",1,0,"chr8:g.0336893T>C",270]
["G04241","ADGRA2","sense",8,37687504,"C","A","p.G230G",0.0833,24,2,"unknown","NA",0,"NA",0,"NA","het",0.1369,"CTGCATGCTCAGGCCCTGGG","AGCCTCCAGGAGGCCCAGCT",1,0,"chr8:g.7687504C>A",44]
["G04241","TRAM1","sense",8,71499164,"G","A","p.L152L",0.1901,121,23,"unknown","NA",0,"NA",0,"NA","het",0,"TTCATTGCTAAAATAAAACA","GCGGGAAATGTGGAAAAGAA",1,0,"chr8:g.1499164G>A",175]
["G04241","ZFHX4","sense",8,77765319,"T","C","p.P2054P",0.1233,73,9,"known","NA",0,"MU4555197",2,"NA","het",1.25E-3,"CCTCCTCCTCCTCCTCCTCC","CCCCCCCCACCTCCTCCACC",0,0,"chr8:g.7765319T>C",89]
["G04241","WASHC5","sense",8,126094685,"C","A","p.G119G",0.2487,189,47,"unknown","NA",0,"NA",0,"NA","het",0,"AAGGTTTGCTGAATATAAAC","CCTTCATTGAGATCATCTAG",1,0,"chr8:g.126094685C>A",298]
["G04241","FOXD4","sense",9,117345,"G","A","p.L259L",0.0684,117,8,"unknown","NA",0,"NA",0,"NA","het",0.02365,"GCGAGGAGGATGCGGGTGCA","CAGAGCGTAAGGGCGTCTCC",1,0,"chr9:g.17345G>A",178]
["G04241","TYRP1","sense",9,12698567,"T","G","p.T275T",0.1103,290,32,"known","COSM6814700",1,"NA",0,"NA","het",0,"AGAAGCAACTTTGATTCCAC","CTAATAAGCCCAAACTCTGT",1,0,"chr9:g.2698567T>G",467]
["G04241","MLLT3","sense",9,20414376,"A","G","p.S153S",0.3474,285,99,"known","NA",0,"MU42588399",1,"NA","het",0,"CTGCTGCTGCTGCTGCTGCT","CTGCTGCTGCTGCTGCTGCT",1,1,"chr9:g.0414376A>G",545]
["G04241","DNAI1","sense",9,34485482,"C","T","p.H76H",0.0239,251,6,"known","COSM5512573",1,"MU43995129",1,"NA","het",0.01937,"TTGACAGCCAACAACCCACA","GCACCCCAGAACATTGTCAG",0,0,"chr9:g.4485482C>T",356]
["G04241","C9orf131","sense",9,35043097,"C","A","p.V122V",0.1085,129,14,"unknown","NA",0,"NA",0,"NA","het",1e-05,"GGGATACCAGAGCAAACAGT","ATGCAGCCCGTGAGCCCTTC",1,0,"chr9:g.5043097C>A",194]
["G04241","OGN","sense",9,95165534,"C","A","p.L52L",0.1176,17,2,"unknown","NA",0,"NA",0,"NA","het",0.12581,"ACCTTAATATTTTTTCCATC","AGGTATTTATCCTCATAATC",1,0,"chr9:g.5165534C>A",32]
["G04241","WNK2","sense",9,96021758,"T","C","p.P976P",0.1154,52,6,"unknown","NA",0,"NA",0,2.152,"het",0.10223,"CCGCAACCCACACGGCCCCC","CAACCTGTGCTGCCCCCGCA",1,1,"chr9:g.6021758T>C",45]
["G04241","ZNF462","sense",9,109689499,"A","C","p.P1102P",0.0769,104,8,"unknown","NA",0,"NA",0,"NA","het",0.0013,"ATGGGTTCCCCACCCCCCCC","CAACCCCCGCCACCAGACCT",1,0,"chr9:g.109689499A>C",157]
["G04241","GOLGA1","sense",9,127650637,"A","T","p.L600L",0.1364,110,15,"unknown","NA",0,"NA",0,"NA","het",0.0004,"GGTGTTCTTCCTGCAGTTGG","AGCTGGAACACAGGGTCCTG",1,0,"chr9:g.127650637A>T",175]
["G04241","DOLK","sense",9,131708851,"C","A","p.L244L",0.05,40,2,"unknown","NA",0,"NA",0,"NA","het",0.14286,"CCTGAGTCCATGAAGACAAA","AGAGTGCTGAAGAAAATGCC",1,0,"chr9:g.131708851C>A",73]
["G04241","NUP188","sense",9,131768807,"C","A","p.R1700R",0.0513,39,2,"unknown","NA",0,"NA",0,"NA","het",0.18095,"CTGCTGTCCAGCCTCTCGCG","TACTTCCGCCGGGGAGCCCC",1,0,"chr9:g.131768807C>A",65]
["G04241","GTPBP4","sense",10,1042178,"G","A","p.E152E",0.0667,30,2,"unknown","NA",0,"NA",0,"NA","het",0.17505,"CAGAGTTTGGAGTATTTGGA","CAAGGTGCTTGTCACGCATC",1,0,"chr10:g.1042178G>A",51]
["G04241","CTNNA3","sense",10,67680145,"C","T","p.K877K",0.0526,133,7,"known","COSM5580729",1,"NA",0,"NA","het",0.19013,"TGCAATGGATGGATTTTTTT","TTTGCTGAGCCTCGTCTGAC",1,0,"chr10:g.7680145C>T",177]
["G04241","MFSD13A","sense",10,104230647,"C","A","p.R159R",0.027,148,4,"unknown","NA",0,"NA",0,"NA","het",0.0355,"GCCCTCTCAGCCCACGACCG","ACCCACCTCAACTTCTACTG",1,0,"chr10:g.104230647C>A",249]
["G04241","TDRD1","sense",10,115963239,"C","T","p.S298S",0.2,125,25,"unknown","NA",0,"NA",0,"NA","het",0,"ATGAACCAACTCTCTGCCAG","TTAAAAGAAACATATGCAAA",1,0,"chr10:g.115963239C>T",151]
["G04241","OR52E6","sense",11,5862582,"C","T","p.E182E",0.1368,95,13,"unknown","NA",0,"NA",0,"NA","het",0.00015,"AGACGGGCAATGCCCATGTG","TCACAGTAAGTATGAGGGAT",1,0,"chr11:g.5862582C>T",109]
["G04241","MADD","sense",11,47311709,"C","A","p.R942R",0.0541,37,2,"unknown","NA",0,"NA",0,"NA","het",0.16264,"TATTGTTGCAGGAGATCAGT","GGAAGGTGTACAAGGGAATG",1,0,"chr11:g.7311709C>A",57]
["G04241","SIPA1","sense",11,65414341,"C","A","p.G612G",0.0625,32,2,"unknown","NA",0,"NA",0,"NA","het",0.32208,"GAGGTGCCCTGCCTGCTGGG","ATCTCGGCCGAGGCTCTGGT",1,0,"chr11:g.5414341C>A",26]
["G04241","RBM4","sense",11,66407431,"C","T","p.G83G",0.2539,193,49,"unknown","NA",0,"NA",0,"NA","het",0,"TCAACAAAGTTGCATGTGGG","AACATCAGTCCCACCTGCAC",1,0,"chr11:g.6407431C>T",305]
["G04241","PITPNM1","sense",11,67264730,"C","A","p.L706L",0.0714,28,2,"unknown","NA",0,"NA",0,"NA","het",0.15652,"GCGGGCATCACAGTTTTGCG","AGAGCCAGCACCAGGCCCAG",1,0,"chr11:g.7264730C>A",56]
["G04241","MAML2","sense",11,95825383,"C","T","p.Q604Q",0.4172,290,121,"known","NA",0,"MU66674",5,"NA","het",0,"TGCTGCTGCTGTTGCTGCTG","TGCTGCTGCTGCTGCTGCTG",0,1,"chr11:g.5825383C>T",731]
["G04241","UBASH3B","sense",11,122526790,"C","A","p.G11G",0.0577,52,3,"unknown","NA",0,"NA",0,"NA","het",0.09439,"GGCCACCCCAGTCCGCTCGG","ATGGCTGCGAGAGAGGAGCT",1,0,"chr11:g.122526790C>A",71]
["G04241","ESAM","sense",11,124624214,"A","G","p.A251A",0.2188,64,14,"unknown","NA",0,"NA",0,"NA","het",0.01166,"AGGGTACCCACAACAGCTCC","GCAACCACTGCAGCTCCAGG",1,0,"chr11:g.124624214A>G",57]
["G04241","OPCML","sense",11,132290138,"A","C","p.A229A",0.1681,113,19,"known","COSM3415691",2,"MU1787077",2,"NA","het",0,"GTCCCTGATAGCCAGAGACA","GCCAGTGCTCTGGAGGCCGA",0,0,"chr11:g.132290138A>C",139]
["G04241","WNK1","sense",12,978108,"A","G","p.G1072G",0.08,25,2,"unknown","NA",0,"NA",0,"NA","het",0.13569,"TCACCTCCCCCTACAGGGGG","GCAGCTGCACCTTTTGGCTC",1,0,"chr12:g.78108A>G",50]
["G04241","KCNA5","sense",12,5154675,"C","T","p.F454F",0.02,250,5,"known","COSM4694162",2,"NA",0,"NA","het",0.0392,"TTCTCCAGTGCCGTCTACTT","GCAGAGGCTGACAACCAGGG",0,0,"chr12:g.5154675C>T",314]
["G04241","PLEKHG6","sense",12,6436654,"T","C","p.P603P",0.15,60,9,"unknown","NA",0,"NA",0,"NA","het",0.00378,"ATCCCTCTGCGTCCCCACCC","CCCGACCCCCAAGCTCCTCA",1,0,"chr12:g.6436654T>C",56]
["G04241","KRT18","sense",12,53344132,"C","T","p.D146D",0.0683,161,11,"unknown","NA",0,"NA",0,"NA","het",0.09045,"ATCTTCGCAAATACTGTGGA","AATGCCCGCATCGTTCTGCA",1,0,"chr12:g.3344132C>T",183]
["G04241","KRT18","sense",12,53344168,"T","C","p.R158R",0.0839,143,12,"unknown","NA",0,"NA",0,"NA","het",0.08036,"CTGCAGATTGACAATGCCCG","CTTGCTGCTGATGACTTTAG",1,0,"chr12:g.3344168T>C",176]
["G04241","HECTD4","sense",12,112622234,"C","A","p.L3378L",0.0667,30,2,"unknown","NA",0,"NA",0,"NA","het",0.14119,"GGCAGCTCGAGGCCGGCAGG","AGCGGATCCACAGAGAGGTC",1,0,"chr12:g.112622234C>A",61]
["G04241","DTX1","sense",12,113515698,"C","A","p.G243G",0.0625,32,2,"unknown","NA",0,"NA",0,"NA","het",0.21142,"CCACCTGGAGGGCCTCCAGG","GCGCTTGCCGTGCGCCCCAG",1,0,"chr12:g.113515698C>A",44]
["G04241","KDM2B","sense",12,122016726,"C","T","p.V53V",0.0571,35,2,"unknown","NA",0,"NA",0,"NA","het",0.16667,"CCTTTGCCCTCCATGGCGTG","ACGAAGTCCCCCTGGTACAG",1,0,"chr12:g.122016726C>T",57]
["G04241","ULK1","sense",12,132393196,"C","A","p.R108R",0.087,23,2,"unknown","NA",0,"NA",0,"NA","het",0.25556,"CCTCTCCCCGCAGCCATGCG","ACGCTGAGCGAGGACACCAT",1,0,"chr12:g.132393196C>A",22]
["G04241","GOLGA3","sense",12,133350790,"C","A","p.V1420V",0.06,50,3,"unknown","NA",0,"NA",0,"NA","het",0.09336,"TTCTTGAGGGGCTCCTTGCT","ACGGCGGGCGGTGGTCTCAG",1,0,"chr12:g.133350790C>A",71]
["G04241","PCDH20","sense",13,61988094,"C","A","p.L46L",0.05,40,2,"unknown","NA",0,"NA",0,"NA","het",0.15446,"ACGAAGAGGAAAAACAGAAA","AGATGCTGGAGTTGGGGGAG",1,0,"chr13:g.1988094C>A",70]
["G04241","OTX2","sense",14,57272115,"C","T","p.S20S",0.2432,111,27,"unknown","NA",0,"NA",0,"NA","het",0,"GGGTGCAGCAAGTCCATACC","GAAGTGGTCAGACTCAGCCC",1,0,"chr14:g.7272115C>T",165]
["G04241","ZBTB1","sense",14,64998597,"T","C","p.S639S",0.1118,152,17,"unknown","NA",0,"NA",0,"NA","het",0.00021,"AGTGGTGAAATAGGGCCTTC","AAACCTGTGGAGAAGTGAGA",1,0,"chr14:g.4998597T>C",157]
["G04241","FAM71D","sense",14,67671785,"C","A","p.I297I",0.0566,53,3,"unknown","NA",0,"NA",0,6.673,"het",0.06548,"TTTGAAAACAATGACTTAAT","AGGGCCAAGCAAGAGGAGAA",1,0,"chr14:g.7671785C>A",96]
["G04241","FAM161B","sense",14,74411429,"C","A","p.T241T",0.1053,19,2,"unknown","NA",0,"NA",0,"NA","het",0.11515,"TTCTTCCGGGCCTCGCGCAG","GTCATGCGGAATGGCCGAGG",1,0,"chr14:g.4411429C>A",42]
["G04241","INF2","sense",14,105173879,"A","C","p.P425P",0.0909,99,9,"unknown","NA",0,"NA",0,"NA","het",0.18725,"TCCACCCCACCCCCACCCCC","CCCCCACCCCTGCTCCCTGG",1,0,"chr14:g.105173879A>C",128]
["G04241","GABRB3","sense",15,26793117,"G","A","p.F330F",0.2772,101,28,"known","COSM4462394",2,"NA",0,"NA","het",0,"GGGAGGCTTCTGTCCCCCAG","AATCGCCCATGCCCTTCTCG",0,0,"chr15:g.6793117G>A",188]
["G04241","PLA2G4F","sense",15,42436802,"C","A","p.L607L",0.0645,31,2,"unknown","NA",0,"NA",0,"NA","het",0.18192,"GGGGTGAGGAGCCTCGTTCG","AGCCTCGAGGGGTTGTGCAG",1,0,"chr15:g.2436802C>A",44]
["G04241","SHC4","sense",15,49255174,"C","A","p.V13V",0.05,40,2,"unknown","NA",0,"NA",0,"NA","het",0.25974,"CCGAAGAGTCCTACATACAG","ACGAGTCCTGCCAGGCTGTC",1,0,"chr15:g.9255174C>A",44]
["G04241","ZWILCH","sense",15,66813402,"C","A","p.G88G",0.0526,38,2,"unknown","NA",0,"NA",0,"NA","het",0.2341,"TTTCAGGTAACATCCAAAGG","TTTGCCCAGTATGAGCTCTT",1,0,"chr15:g.6813402C>A",47]
["G04241","CACNA1H","sense",16,1267977,"C","T","p.F1788F",0.1333,105,14,"known","COSM4128668",1,"MU4561529",1,"NA","het",0.0021,"CACGCCACCTTCAGCAACTT","GGCATGGCCTTCCTCACGCT",0,0,"chr16:g.1267977C>T",109]
["G04241","MAPK8IP3","sense",16,1815022,"G","A","p.E756E",0.0536,56,3,"unknown","NA",0,"NA",0,"NA","het",0.15674,"GCCCTGAAACAGGCCAAGGA","CTCCCTGAAATGGACGCCAC",1,0,"chr16:g.1815022G>A",56]
["G04241","SPSB3","sense",16,1827425,"C","T","p.L247L",0.1053,19,2,"unknown","NA",0,"NA",0,"NA","het",0.24324,"GGGTAGAATCTCTTGTTCTG","AGCTTGGTGGCTGCCACACC",1,0,"chr16:g.1827425C>T",23]
["G04241","SMIM22","sense",16,4845849,"C","A","p.L38L",0.0526,57,3,"unknown","NA",0,"NA",0,"NA","het",0.08777,"GTTGCCTTCATTGTTTTCCT","ACCTTCATGGGTAAGTGTGG",1,0,"chr16:g.4845849C>A",95]
["G04241","NPIPB5","sense",16,22545285,"G","C","p.L327L",0.0541,74,4,"unknown","NA",0,"NA",0,"NA","het",0.42324,"AAGACACCTCCTGAGTGTCT","CTCACTCCCCTTCCACCCTC",1,0,"chr16:g.2545285G>C",134]
["G04241","CD2BP2","sense",16,30365119,"C","A","p.V126V",0.0625,48,3,"unknown","NA",0,"NA",0,"NA","het",0.12903,"GGTGGCCGCTCCCGGATCTT","ACCTGTAATGGGAAGATGGA",1,0,"chr16:g.0365119C>A",50]
["G04241","ZNF785","sense",16,30593980,"C","T","p.Q373Q",0.3258,89,29,"unknown","NA",0,"NA",0,"NA","het",0,"TCTGAACGCCCCACCACGGC","TGCTGCCACGCGCGCCTCTC",1,0,"chr16:g.0593980C>T",99]
["G04241","DUS2","sense",16,68090294,"C","G","p.V112V",0.051,98,5,"known","COSM460487",1,"MU28846326",1,"NA","het",0.03865,"GATGTGGCTGGTATTGATGT","AACATGGGCTGTCCAAAACA",0,0,"chr16:g.8090294C>G",115]
["G04241","DBNDD1","sense",16,90086314,"T","G","p.P71P",0.1795,39,7,"unknown","NA",0,"NA",0,"NA","het",0.00704,"GAATTAACGCGGGGGGCGGG","GGGGGCGAGGGCGTGTGCTT",1,0,"chr16:g.0086314T>G",46]
["G04241","PER1","sense",17,8050571,"C","A","p.A542A",0.0571,35,2,"unknown","NA",0,"NA",0,"NA","het",0.17485,"AGGAGCAGGTCACTCACTGG","GCAGGAGGCCCAGGCCCCTC",1,1,"chr17:g.8050571C>A",60]
["G04241","KRTAP4-9","sense",17,39261778,"A","G","p.V46V",0.0452,221,10,"known","NA",0,"MU4553446",4,"NA","het",0.02364,"TGCCGCCCCAGCTGTTGTGT","TCCAGCTGCTGCAGGCCCCA",0,0,"chr17:g.9261778A>G",267]
["G04241","KRTAP4-6","sense",17,39296317,"A","G","p.R141R",0.0255,353,9,"unknown","NA",0,"NA",0,"NA","het",0.03657,"CTGGAGATGCAGCAGCTGGG","CGGCAGCAGGTTGGCTGGCA",1,0,"chr17:g.9296317A>G",565]
["G04241","CNP","sense",17,40125915,"C","A","p.G393G",0.0952,21,2,"unknown","NA",0,"NA",0,"NA","het",0.33333,"CAAGGTAGCCGGAAGGGGGG","GCCTTGCAGTCCTGCACCAT",1,0,"chr17:g.0125915C>A",16]
["G04241","HDAC5","sense",17,42169804,"A","G","p.T289T",0.0808,99,8,"unknown","NA",0,"NA",0,"NA","het",0.02452,"TTCTTAAAGGTGCTAATAAC","GTCCCATCCTTGCGACGCAG",1,0,"chr17:g.2169804A>G",118]
["G04241","KPNA2","sense",17,66039028,"C","A","p.G193G",0.0513,39,2,"unknown","NA",0,"NA",0,"NA","het",0.20274,"CCTTTTTTTTCAGGTGATGG","TCAGTGTTCCGAGACTTGGT",1,0,"chr17:g.6039028C>A",56]
["G04241","CD300E","sense",17,72613327,"A","G","p.I106I",0.1504,133,20,"unknown","NA",0,"NA",0,"NA","het",0,"TCCAGGACCCACACTGTCTG","ATTTTGCACCAGTAAGATCC",1,0,"chr17:g.2613327A>G",186]
["G04241","EIF4A3","sense",17,78112879,"G","A","p.H223H",0.2281,114,26,"known","COSM1387018",1,"MU81461",1,"NA","het",0,"TTGGTCATCTCCAGAATCTC","TGTGGCAGCGTGGCACTGAT",0,0,"chr17:g.8112879G>A",159]
["G04241","CEP192","sense",18,13008461,"C","A","p.I99I",0.0789,38,3,"unknown","NA",0,"NA",0,"NA","het",0.10268,"TCCTAATAAAAAAGTTCTAT","TCTAGGAAAAAGAGCTATGT",1,0,"chr18:g.3008461C>A",50]
["G04241","TXNL4A","sense",18,77733772,"G","A","p.D106D",0.0938,128,12,"unknown","NA",0,"NA",0,"NA","het",0.00053,"CGGTACACCGTCTCGATGAT","TCCACCATCTCCTGCTTGTC",1,0,"chr18:g.7733772G>A",140]
["G04241","POLRMT","sense",19,621727,"C","A","p.S657S",0.06,50,3,"unknown","NA",0,"NA",0,"NA","het",0.11083,"AGGAAAGCACCAGAGTGCGG","GATGTCCAGGGCAGCGGGGG",1,1,"chr19:g.21727C>A",58]
["G04241","PLIN4","sense",19,4511491,"A","G","p.G813G",0.1364,132,18,"known","NA",0,"MU623167",5,"NA","het",0.00161,"CTGCAGACAGTGTCCTTGGT","CCGGTCAGCACGGTCTTGGC",0,0,"chr19:g.4511491A>G",190]
["G04241","PLIN4","sense",19,4511494,"G","A","p.T812T",0.1168,137,16,"known","NA",0,"MU4547411",2,"NA","het",0.00339,"CAGACAGTGTCCTTGGTACC","GTCAGCACGGTCTTGGCCGT",0,0,"chr19:g.4511494G>A",183]
["G04241","DPP9","sense",19,4688812,"C","A","p.L614L",0.125,16,2,"unknown","NA",0,"NA",0,"NA","het",0.11101,"CAGAAGCGGGGCTGCTTGTG","AGGGGGTCGTCGTCGGGGCC",1,0,"chr19:g.4688812C>A",34]
["G04241","IL27RA","sense",19,14160005,"T","C","p.D427D",0.0526,38,2,"unknown","NA",0,"NA",0,"NA","het",0.20658,"ACGCTTTGGCGACTCCAAGA","GCCCCTCCAGGGACCCCCGC",1,0,"chr19:g.4160005T>C",58]
["G04241","SBSN","sense",19,36018407,"T","C","p.R259R",0.0476,210,10,"known","NA",0,"MU4434365",4,"NA","het",0.00069,"TGGTGGACCCCCTGGCCAAA","CTCCCTGCCTCATTTCCGGC",0,0,"chr19:g.6018407T>C",321]
["G04241","ZNF420","sense",19,37618052,"T","C","p.S53S",0.2045,44,9,"unknown","NA",0,"NA",0,"NA","het",0.00026,"TTGCCTTCAAGGTGTGCAAG","AAGGACTTATCTCCAGAAAA",1,0,"chr19:g.7618052T>C",77]
["G04241","SIPA1L3","sense",19,38591715,"C","A","p.G626G",0.0541,37,2,"unknown","NA",0,"NA",0,"NA","het",0.34101,"TGCCGGAAGCACAAGGTGGG","ATCCTCTATTGCAAGGCCGG",1,0,"chr19:g.8591715C>A",29]
["G04241","FAM98C","sense",19,38894122,"C","A","p.G70G",0.0625,32,2,"unknown","NA",0,"NA",0,"NA","het",0.2623,"GCGGAGGTGCTGAGCGCCGG","GACGGTAAACACGGAGCGGG",1,0,"chr19:g.8894122C>A",32]
["G04241","RYR1","sense",19,38934895,"C","T","p.R177R",0.2091,263,55,"unknown","NA",0,"NA",0,"NA","het",0,"GTCAGTGTCTCCTCCGAGCG","TACCTGGTGAGCCATTGCGG",1,0,"chr19:g.8934895C>T",367]
["G04241","MAP4K1","sense",19,39079903,"A","G","p.S803S",0.1739,23,4,"unknown","NA",0,"NA",0,"NA","het",0.06523,"CAGTGAGGCGAGATCGTGCC","CTGCACTCCAGCCTGGGGGA",1,0,"chr19:g.9079903A>G",24]
["G04241","BICRA","sense",19,48182697,"C","T","p.G90G",0.0606,33,2,"unknown","NA",0,"NA",0,"NA","het",0.24615,"TCTCCTGCGACAGGGGGCGG","GGCGGGGGCAGTGGGGGCGC",1,0,"chr19:g.8182697C>T",38]
["G04241","CGB3","sense",19,49526191,"G","A","p.S150S",0.1129,62,7,"known","NA",0,"MU805429",1,"NA","het",0.08263,"GGCCCCGGGAGTCGGGATGG","CTTGGAAGGCTGGGGGGAGG",1,0,"chr19:g.9526191G>A",95]
["G04241","PRRG2","sense",19,50093226,"A","C","p.P169P",0.0915,142,13,"unknown","NA",0,"NA",0,"NA","het",0.00086,"ACGCCCCTGCCTCCACCCCC","CCCCCACCCCCAGGCCTCCC",1,0,"chr19:g.0093226A>C",132]
["G04241","SCAF1","sense",19,50154276,"A","C","p.P210P",0.2059,34,7,"known","COSM6277008",1,"NA",0,0.012,"het",0.04021,"TCCTCCCCTTCCCCTCCCCC","CCCCCACCGCCCCCTGCACC",1,0,"chr19:g.0154276A>C",22]
["G04241","SIGLEC12","sense",19,52002861,"C","T","p.T188T",0.3077,65,20,"known","COSM1395681",5,"MU73438",2,"NA","het",0,"GAGGCCCCCATCCAGGTGAT","GTGGGGGGCGTCCCCTGTTC",0,0,"chr19:g.2002861C>T",60]
["G04241","ZNF468","sense",19,53352461,"T","C","p.L7L",0.0764,144,11,"unknown","NA",0,"NA",0,"NA","het",0.0413,"GCCACGTCCCTGAATGTCAA","AGACCCTGAAATGAAAACAC",1,0,"chr19:g.3352461T>C",200]
["G04241","LILRB2","sense",19,54782737,"T","C","p.R179R",0.0519,154,8,"unknown","NA",0,"NA",0,"NA","het",0.08928,"AGGTTGTGTGCACCGTAGCA","CTGTACTGGCCCCCGTAGGA",1,0,"chr19:g.4782737T>C",158]
["G04241","ZNF865","sense",19,56125179,"G","C","p.P65P",0.1207,58,7,"known","COSN26596582",1,"NA",0,"NA","het",0.0057,"CCCTGCGCCCCCGGCCCCCC","CCGCAGCCCCCGCCGCAGCC",1,0,"chr19:g.6125179G>C",56]
["G04241","MAVS","sense",20,3838386,"G","A","p.A74A",0.1167,120,14,"known","COSM4581806",1,"NA",0,"NA","het",1E-4,"TGGGTGGAGTACTTCATTGC","GCACTGAGGGGCTGTGAGCT",1,0,"chr20:g.3838386G>A",191]
["G04241","DLGAP4","sense",20,35064733,"A","T","p.G407G",0.0536,56,3,"unknown","NA",0,"NA",0,"NA","het",0.10937,"GCCACGCAGCAGTCGCTGGG","GAGCAGAGCAACCCCCGCAG",1,0,"chr20:g.5064733A>T",71]
["G04241","SYCP2","sense",20,58496488,"A","G","p.D15D",0.0863,139,12,"unknown","NA",0,"NA",0,"NA","het",3.46E-3,"TCATTTTTTCTTAAAGCATC","TCAATGCATTTTTCCAACTG",1,0,"chr20:g.8496488A>G",250]
["G04241","SON","sense",21,34925719,"T","G","p.P1394P",0.1319,91,12,"unknown","NA",0,"NA",0,6.065,"het",3.3E-4,"GTTGTGACTGTCCCGGAGCC","CCTGTTGTGGCTGAGCCAGA",1,0,"chr21:g.4925719T>G",144]
["G04241","KRTAP10-6","sense",21,46011553,"A","G","p.C271C",0.017,235,4,"known","COSM3972811",2,"MU4761754",1,"NA","het",0.03782,"GCCCCAGAGCAGACGGGCAC","CAGCAGGCGTGCTGGCAGGG",0,0,"chr21:g.6011553A>G",398]
["G04241","KRTAP10-12","sense",21,46117290,"A","G","p.V58V",0.0522,230,12,"unknown","NA",0,"NA",0,"NA","het",0.45702,"TGCACCCCAGTGAGCCGTGT","TCCAGCCCCTGCTGCCGAGT",1,0,"chr21:g.6117290A>G",389]
["G04241","CRYBB3","sense",22,25603110,"G","A","p.P189P",0.2277,101,23,"unknown","NA",0,"NA",0,"NA","het",0,"GAGTGGGACGCCAGCCAGCC","CAGCTGCAGTCTGTGCGCCG",1,0,"chr22:g.5603110G>A",189]
["G04241","JOSD1","sense",22,39095981,"C","A","p.V4V",0.0526,38,2,"unknown","NA",0,"NA",0,"NA","het",0.19692,"GCCTTGTCTCCTTTCCATGG","ACACAACTCATGTTTTTTGT",1,0,"chr22:g.9095981C>A",59]
["G04241","NUP50","sense",22,45574426,"A","G","p.A216A",0.0526,209,11,"known","NA",0,"MU28570543",3,"NA","het",0.12885,"AGTGAATCTAACAAAGTGGC","GCTGAAACACAGTCTCCTTC",0,0,"chr22:g.5574426A>G",440]
["G04241","PNPLA4","sense","X",7889874,"C","A","p.S10S",0.0714,28,2,"unknown","NA",0,"NA",0,"NA","het",0.14384,"TGAGCGCTGGGAGGAAGAAT","GACTCCATCCCACTTCTAAA",1,0,"chrX:g.7889874C>A",57]
["G04241","TCEAL4","sense","X",102841879,"A","T","p.G92G",0.2,55,11,"unknown","NA",0,"NA",0,"NA","het",7e-05,"GGAGGATCAGAGAGAGAGGG","AAACCAGAGATAGAGGGAAA",1,0,"chrX:g.102841879A>T",79]
["G04241","MORC4","sense","X",106219819,"C","T","p.E384E",0.2264,53,12,"unknown","NA",0,"NA",0,"NA","het",3.3E-4,"TTGGGAGTGACTCACCGGTA","TCCTTGGTATACTCAAAGTC",1,0,"chrX:g.106219819C>T",55]
["G04241","MID2","sense","X",107083913,"C","A","p.A6A",0.1034,29,3,"unknown","NA",0,"NA",0,"NA","het",0.10153,"CTTGCAGGTGAAAGCCCAGC","TCCGTGGTTCTTAATGCCTC",1,0,"chrX:g.107083913C>A",40]
["G04241","IGSF1","sense","X",130420631,"T","C","p.P6P",0.4118,34,14,"unknown","NA",0,"NA",0,"NA","het",1e-05,"AGCATGGTGGCCCCCTCCCC","GGTCTGTCCAGGGTCATGGG",1,0,"chrX:g.130420631T>C",54]
["G04241","SOX3","sense","X",139587028,"C","A","p.T66T",0.0714,42,3,"unknown","NA",0,"NA",0,"NA","het",0.06686,"GCGGGAAGAAGGTGCGCCAG","GTGGCGGGAGGAGAAGGCGC",1,0,"chrX:g.139587028C>A",70]
["G04242","NADK","sense",1,1684472,"C","A","p.P372P",0.0606,33,2,"unknown","NA",0,"NA",0,"NA","het",0.14114,"CGCACACAGATGGAGGGGAG","GGGTAGCATGAGGTAGTGAT",1,0,"chr1:g.1684472C>A",66]
["G04242","PRAMEF12","sense",1,12837370,"C","T","p.I360I",0.32,100,32,"known","COSM3472558",6,"MU4477922",2,"NA","het",0,"GACTTAGAGGACTGTGGGAT","GTGGATTCCCAACTCAGCGC",0,0,"chr1:g.2837370C>T",269]
["G04242","UBR4","sense",1,19478840,"C","A","p.L2321L",0.0526,38,2,"unknown","NA",0,"NA",0,"NA","het",0.11109,"ACATACATGCCAGTGGAATT","AGCCGGTGTTTTATCTGTTG",1,0,"chr1:g.9478840C>A",96]
["G04242","EPHA8","sense",1,22903063,"C","A","p.R171R",0.0667,45,3,"unknown","NA",0,"NA",0,"NA","het",0.15947,"AAGCTCAACACGGAGGTGCG","AGTGTGGGTCCCCTCAGCAA",1,0,"chr1:g.2903063C>A",122]
["G04242","PAQR7","sense",1,26189482,"C","A","p.V283V",0.0513,39,2,"unknown","NA",0,"NA",0,"NA","het",0.15995,"AGCTGAGCCAGCGTGCACAG","ACCAAGAAGATGTGGAAAAG",1,0,"chr1:g.6189482C>A",134]
["G04242","CRYBG2","sense",1,26671556,"G","A","p.V531V",0.2308,26,6,"known","NA",0,"MU849145",2,"NA","het",0.00716,"GGAGCACCGGGGCCCTTCAC","ACCTCTTTCCAGGTGGGGAA",0,0,"chr1:g.6671556G>A",151]
["G04242","CRYBG2","sense",1,26671658,"G","A","p.V497V",0.082,122,10,"known","NA",0,"MU1134035",5,"NA","het",0.12691,"GGAGCACCAGGGCCCTTCAC","ACCTCTTTCCAGGTGGGGGA",0,0,"chr1:g.6671658G>A",277]
["G04242","KDF1","sense",1,27278194,"C","A","p.L226L",0.0333,90,3,"unknown","NA",0,"NA",0,5.96,"het",0.04793,"GAGCCACTGCCCATCTCCGG","AGGTCCAGGTCCGACTCATG",1,0,"chr1:g.7278194C>A",209]
["G04242","SDC3","sense",1,31347184,"C","A","p.L374L",0.0556,36,2,"unknown","NA",0,"NA",0,"NA","het",0.1573,"TCCAGGATACTCTTCTGAGG","AGCTGAGCAGCTGAGCTGCC",1,0,"chr1:g.1347184C>A",61]
["G04242","GJA4","sense",1,35260348,"C","A","p.G178G",0.0513,39,2,"unknown","NA",0,"NA",0,"NA","het",0.06051,"GGCCAGTGGCGCCTGTACGG","TGGACCATGGAGCCCGTGTT",1,0,"chr1:g.5260348C>A",145]
["G04242","MTF1","sense",1,38322956,"C","A","p.L125L",0.0938,32,3,"unknown","NA",0,"NA",0,"NA","het",0.04222,"GTTTCCGGACATTCCGACTG","AGAGTGAGGGTTGCACCTTC",1,0,"chr1:g.8322956C>A",67]
["G04242","CCDC17","sense",1,46089109,"C","A","p.V91V",0.1053,19,2,"unknown","NA",0,"NA",0,"NA","het",0.0383,"AGGGATAGCCGCAGCCACTG","ACCTGGAGGTAACAGCGATC",1,0,"chr1:g.6089109C>A",89]
["G04242","TMEM69","sense",1,46158935,"C","A","p.L34L",0.0541,37,2,"unknown","NA",0,"NA",0,"NA","het",0.13188,"AGAACAGATATACTTTCTCT","AAGATGTCTCTCCAGCAAAA",1,0,"chr1:g.6158935C>A",74]
["G04242","RPE65","sense",1,68897209,"G","A","p.C396C",0.0194,155,3,"unknown","NA",0,"NA",0,"NA","het",0.04229,"AGCCAGATAGTCTCGTCACT","CACAGAATTGCAGTGGCAGT",1,0,"chr1:g.8897209G>A",432]
["G04242","ADGRL4","sense",1,79403812,"C","T","p.K183K",0.1901,121,23,"unknown","NA",0,"NA",0,"NA","het",0,"GTTGAGTTAGAAAGGGTGTC","TTGGCTGAGATAGTGTTGTT",1,0,"chr1:g.9403812C>T",299]
["G04242","CYR61","sense",1,86048428,"C","A","p.G283G",0.0741,27,2,"unknown","NA",0,"NA",0,"NA","het",0.07861,"TCCTTTCTCTTACAGAAGGG","AAGAAATGCAGCAAGACCAA",1,0,"chr1:g.6048428C>A",78]
["G04242","CLCA4","sense",1,87043586,"C","A","p.G651G",0.0625,32,2,"unknown","NA",0,"NA",0,"NA","het",0.1996,"CCTTCATTTCTATAACAAGG","GCTGATTCTTTCAAGAATGA",1,0,"chr1:g.7043586C>A",53]
["G04242","PDZK1","sense",1,145748541,"C","A","p.L138L",0.0541,37,2,"unknown","NA",0,"NA",0,"NA","het",0.1034,"CAGCCCCGGCTCTGCTATCT","GTGAAGGAAGGAGGCAGCTA",1,0,"chr1:g.145748541C>A",107]
["G04242","HIST2H2BF","sense",1,149783822,"A","G","p.V19V",0.5401,137,74,"unknown","NA",0,"NA",0,"NA","het",0,"TCCTTCTTCTGCACTTTCGT","ACAGCCTTTTTGGAGCCCTT",1,0,"chr1:g.149783822A>G",277]
["G04242","DENND4B","sense",1,153913068,"C","A","p.L447L",0.0588,34,2,"unknown","NA",0,"NA",0,"NA","het",0.11565,"ATGTAGGGGCACTGCCAGTG","AGTGGGAAGATCATCTGAAG",1,0,"chr1:g.153913068C>A",82]
["G04242","XPR1","sense",1,180794073,"C","A","p.L316L",0.0625,32,2,"unknown","NA",0,"NA",0,"NA","het",0.09261,"AATTTGTCTCATCAACATCT","TTTGAGGTAATCAAAGCAAG",1,0,"chr1:g.180794073C>A",83]
["G04242","EPRS","sense",1,220170646,"C","A","p.L740L",0.0513,39,2,"unknown","NA",0,"NA",0,"NA","het",0.08702,"GATGTAGTACAATTATTATT","AGAGAAGGTGTTGGTCTTTC",1,0,"chr1:g.220170646C>A",119]
["G04242","TARBP1","sense",1,234565174,"C","A","p.V953V",0.0541,37,2,"unknown","NA",0,"NA",0,"NA","het",0.1591,"TATCTTACCTTGGGAACCAA","ACTTTCAAGCAATGGAACAC",1,0,"chr1:g.234565174C>A",88]
["G04242","NID1","sense",1,236187494,"A","G","p.L668L",0.35,100,35,"unknown","NA",0,"NA",0,"NA","het",0,"CCGATGTAGCAGGGATTCTG","AGAGCATCAGGGGAGCCTTC",1,0,"chr1:g.236187494A>G",131]
["G04242","CPSF3","sense",2,9582027,"A","G","p.E302E",0.3585,106,38,"unknown","NA",0,"NA",0,"NA","het",0,"CAAAGTGGCTTATCCAGAGA","TTATTTGAAAGCTGGTGTAC",1,0,"chr2:g.9582027A>G",175]
["G04242","ARHGEF33","sense",2,39187675,"C","A","p.A743A",0.3922,51,20,"unknown","NA",0,"NA",0,1.366,"het",0,"CCCATCAAGGCCGAGCGCGC","GCGCAGGCGCACGGCCCGGC",1,0,"chr2:g.9187675C>A",68]
["G04242","FSHR","sense",2,49210116,"G","A","p.S175S",0.3151,146,46,"unknown","NA",0,"NA",0,"NA","het",0,"TCTTCTAAATTATTATTATC","CTTAGATTCCTGGGGATGGG",1,0,"chr2:g.9210116G>A",366]
["G04242","POLR1A","sense",2,86292526,"A","G","p.T643T",0.1193,109,13,"unknown","NA",0,"NA",0,"NA","het",9e-05,"CGGGTGAAAAAGCAACCCCG","GTAGTCATGCTTGCCCCTGA",1,0,"chr2:g.6292526A>G",143]
["G04242","RFX8","sense",2,102018940,"G","C","p.L401L",0.2083,24,5,"unknown","NA",0,"NA",0,"NA","het",0.00624,"ACCAGGAAGCCCAGGATCCT","AGGACCATGTTGCTCACACC",1,0,"chr2:g.102018940G>C",70]
["G04242","NCK2","sense",2,106498136,"C","A","p.G193G",0.0513,39,2,"unknown","NA",0,"NA",0,"NA","het",0.1236,"TCGCTGAGCAATGGCCAGGG","TCCCGCGTGCTGCATGTGGT",1,0,"chr2:g.106498136C>A",97]
["G04242","C2orf40","sense",2,106688310,"T","C","p.S30S",0.2755,98,27,"unknown","NA",0,"NA",0,"NA","het",0,"ATTCCTTTAGGTGGCATAAG","GGAAATAAACTCAAGCTGAT",1,0,"chr2:g.106688310T>C",199]
["G04242","FOXD4L1","sense",2,114257617,"C","T","p.L262L",0.1034,145,15,"unknown","NA",0,"NA",0,"NA","het",0,"GGAGACGCCCTTACGCTCTG","TGCACCCGCATCCTCCTCGC",1,0,"chr2:g.114257617C>T",354]
["G04242","HS6ST1","sense",2,129026345,"A","G","p.H209H",0.06,100,6,"known","NA",0,"MU24565680",1,"NA","het",0.08092,"GGCGTGCGCCCATCACACAT","TGCAACGACGTCTTCCACGT",1,0,"chr2:g.129026345A>G",217]
["G04242","TUBA3D","sense",2,132240334,"C","T","p.R422R",0.0968,62,6,"known","NA",0,"MU7211239",3,"NA","het",0.1542,"GGAGAGTTCTCTGAGGCCCG","GAGGACCTGGCAGCTCTAGA",0,0,"chr2:g.132240334C>T",116]
["G04242","DYNC1I2","sense",2,172585298,"T","C","p.D435D",0.0577,104,6,"known","COSM3379859",6,"MU1690218",2,"NA","het",0.03611,"ATGTCCTTCCCTGTTGGAGA","GTCAACAACTTTGTTGTTGG",0,0,"chr2:g.172585298T>C",223]
["G04242","ZNF804A","sense",2,185800882,"C","A","p.V253V",0.3766,77,29,"unknown","NA",0,"NA",0,"NA","het",0,"AGCAGAAAAAGTAGATTTGT","CCCAGTGCTTGTCATCTTCA",1,0,"chr2:g.185800882C>A",241]
["G04242","STK36","sense",2,219558055,"G","A","p.L712L",0.0513,39,2,"unknown","NA",0,"NA",0,"NA","het",0.19357,"CAGCATCCCATCCTGTGCCT","CACCTTCTCAAGGTAATCCT",1,0,"chr2:g.219558055G>A",62]
["G04242","ATG9A","sense",2,220085553,"T","C","p.A810A",0.1939,98,19,"unknown","NA",0,"NA",0,"NA","het",0,"GATGCCGACTGCCCATCTTC","GCCCACCCTCCAAGAGGCAG",1,0,"chr2:g.220085553T>C",198]
["G04242","SLC4A3","sense",2,220494035,"G","A","p.E129E",0.1351,37,5,"unknown","NA",0,"NA",0,"NA","het",0.00752,"ACCCCTCCCATCCAGGAGGA","GGGGGAGCTGGAGTGGATGA",1,0,"chr2:g.220494035G>A",68]
["G04242","CCDC140","sense",2,223168885,"C","A","p.G88G",0.08,25,2,"unknown","NA",0,"NA",0,"NA","het",0.06579,"GACCTGGGACTGCAGAGAGG","GTTTTGAAGAGTGCTGCGCG",1,0,"chr2:g.223168885C>A",77]
["G04242","MROH2A","sense",2,234737398,"C","A","p.G1426G",0.0625,32,2,"unknown","NA",0,"NA",0,"NA","het",0.11109,"CTGTCCCTGCGCGCCCTCGG","AACATGGCCCTGGGCGCCCC",1,0,"chr2:g.234737398C>A",73]
["G04242","IQCA1","sense",2,237272609,"C","A","p.V520V",0.08,25,2,"unknown","NA",0,"NA",0,"NA","het",0.11416,"ACCAAAGGAGCTTTCTCATG","ACTGCTGCAGAACCTAAAAA",1,0,"chr2:g.237272609C>A",54]
["G04242","RAMP1","sense",2,238820392,"C","A","p.V138V",0.0571,35,2,"unknown","NA",0,"NA",0,"NA","het",0.08921,"CTGGTGACGGCACTGGTGGT","TGGCAGAGCAAGCGCACTGA",1,0,"chr2:g.238820392C>A",93]
["G04242","SCN5A","sense",3,38639379,"C","A","p.P701P",0.0606,33,2,"unknown","NA",0,"NA",0,"NA","het",0.10667,"TGCTTGATGGACATCCACAG","GGGCAGCACTCCCAGATCAG",1,0,"chr3:g.8639379C>A",94]
["G04242","PRSS42","sense",3,46875496,"C","A","p.A30A",0.0909,22,2,"unknown","NA",0,"NA",0,"NA","het",0.08105,"AGAGGGGACGGGAGGCGTGG","GCCGCCATGCCCGCCCAGTT",1,0,"chr3:g.6875496C>A",58]
["G04242","DCAF1","sense",3,51504988,"C","T","p.E48E",0.2088,91,19,"unknown","NA",0,"NA",0,"NA","het",1e-05,"TCTGGATCCCCTTTACGATA","TCTTCAGTTTCTTTTTCAAT",1,0,"chr3:g.1504988C>T",141]
["G04242","PCBP4","sense",3,51994635,"G","A","p.S54S",0.2857,91,26,"unknown","NA",0,"NA",0,"NA","het",0,"CGTTCAGGGCAGGAGCCCTC","GAGATGGTGATCCGGGCACT",1,0,"chr3:g.1994635G>A",213]
["G04242","PDZRN3","sense",3,73673710,"G","A","p.C89C",0.0541,37,2,"unknown","NA",0,"NA",0,"NA","het",0.11526,"TGCAGCTTGACCACCCGGCC","CAGCCGCGCGTCGCGTACGC",1,0,"chr3:g.3673710G>A",83]
["G04242","DZIP3","sense",3,108326999,"T","C","p.G32G",0.3259,135,44,"unknown","NA",0,"NA",0,"NA","het",0,"AAGCTAGAAAAATCATCTGG","CAACTGGTAAGAGAAAGTTT",1,0,"chr3:g.108326999T>C",181]
["G04242","CCDC80","sense",3,112357103,"C","T","p.K550K",0.0474,232,11,"known","COSM727224",2,"MU1323978",1,"NA","het",0.02736,"TCATTCTTCATCTTTTTTTT","TTCTCCTTCTCTGGTTTCTC",0,0,"chr3:g.112357103C>T",295]
["G04242","EHHADH","sense",3,184922229,"C","A","p.R199R",0.1176,17,2,"unknown","NA",0,"NA",0,"NA","het",0.04648,"ACACCAACTGAGGAGACAGG","CGCGCTGATGCTGTTTTCCA",1,0,"chr3:g.184922229C>A",72]
["G04242","KNG1","sense",3,186442917,"C","A","p.G144G",0.0517,58,3,"unknown","NA",0,"NA",0,"NA","het",0.12118,"GCCCAGTACGACTGCCTCGG","TGTGTGCATCCTATATCAAC",1,0,"chr3:g.186442917C>A",143]
["G04242","ATP13A4","sense",3,193201729,"T","C","p.R268R",0.1575,127,20,"unknown","NA",0,"NA",0,"NA","het",0,"AAATAATGGAACTTACCTTT","CTCCCACATACAGAGACCGT",1,0,"chr3:g.193201729T>C",199]
["G04242","WDR53","sense",3,196287864,"C","A","p.V161V",0.0952,21,2,"unknown","NA",0,"NA",0,"NA","het",0.05613,"AGTACTCTGTGCAAAAGCAT","ACCTGCATATCCAGTCCACA",1,0,"chr3:g.196287864C>A",80]
["G04242","FGFR3","sense",4,1807542,"C","A","p.R459R",0.0652,46,3,"unknown","NA",0,"NA",0,"NA","het",0.04777,"GGGAGTTTCTGCGGGCGCGG","GGCCCCCGGGCCTGGACTAC",1,1,"chr4:g.1807542C>A",97]
["G04242","HTT","sense",4,3076696,"T","G","p.P48P",0.0794,63,5,"unknown","NA",0,"NA",0,"NA","het",0.00277,"CCGCCGCCGCCGCCGCCGCC","CCTCAGCTTCCTCAGCCGCC",1,0,"chr4:g.3076696T>G",174]
["G04242","HTT","sense",4,3076699,"T","G","p.P49P",0.0781,64,5,"unknown","NA",0,"NA",0,"NA","het",0.11778,"CCGCCGCCGCCGCCGCCTCC","CAGCTTCCTCAGCCGCCGCC",1,0,"chr4:g.3076699T>G",170]
["G04242","PROM1","sense",4,16020066,"C","T","p.V285V",0.2033,123,25,"unknown","NA",0,"NA",0,"NA","het",0,"GATGACCGCAGGCTAGTTTT","ACGCTGGTCAGACTGCTGCT",1,0,"chr4:g.6020066C>T",219]
["G04242","FRYL","sense",4,48563642,"C","A","p.P1236P",0.0541,37,2,"unknown","NA",0,"NA",0,9.188,"het",0.13729,"TGAGCATAGCGAAACATCTT","GGTTCCAGAATCTATAGGAA",1,0,"chr4:g.8563642C>A",70]
["G04242","DSPP","sense",4,88536901,"C","T","p.N1029N",0.2683,123,33,"known","NA",0,"MU34950008",2,"NA","het",0,"AATAGCAGTGACAGCAGCAA","AGCAGTGACAGCAGCGATAG",0,0,"chr4:g.8536901C>T",504]
["G04242","DSPP","sense",4,88536955,"T","C","p.D1047D",0.0584,154,9,"known","NA",0,"MU4551013",1,"NA","het",0.35298,"GATAGCAGTGACAGCAGCGA","AGCAGTGACAGCAGTGACAG",1,0,"chr4:g.8536955T>C",466]
["G04242","DSPP","sense",4,88537450,"C","T","p.D1212D",0.0842,202,17,"known","NA",0,"MU25070079",1,"NA","het",0.02348,"GATAGCAGTGACAGCAGTGA","AGCAGCGACAGCAGTGACAG",1,0,"chr4:g.8537450C>T",592]
["G04242","DSPP","sense",4,88537459,"C","T","p.D1215D",0.1126,222,25,"unknown","NA",0,"NA",0,"NA","het",0.00044,"GACAGCAGTGACAGCAGCGA","AGCAGTGACAGCAGCGACAG",1,0,"chr4:g.8537459C>T",586]
["G04242","DSPP","sense",4,88537492,"C","T","p.S1226S",0.1256,207,26,"known","COSM3784432",2,"MU4832996",1,"NA","het",0,"AGCGACAGCAGTGACAGCAG","GACAGCAGTGACAGCAATGA",0,0,"chr4:g.8537492C>T",657]
["G04242","RPL34","sense",4,109543139,"A","T","p.R8R",0.0787,89,7,"known","COSM121768",1,"NA",0,"NA","het",0.12182,"GTCCAGCGTTTGACATACCG","CGTAGGCTTTCCTACAATAC",1,0,"chr4:g.109543139A>T",212]
["G04242","OTUD4","sense",4,146058963,"C","A","p.L923L",0.0448,67,3,"unknown","NA",0,"NA",0,"NA","het",0.02974,"ACTTTTTCTGTTTTTTCTTT","AGGCTTTGAATGGTCCTTTT",1,0,"chr4:g.146058963C>A",194]
["G04242","SORBS2","sense",4,186598418,"T","G","p.G75G",0.2035,113,23,"unknown","NA",0,"NA",0,"NA","het",0,"GTACTAATGGGGCTGCTACT","CCTAGATCCTGGTTATGGGT",1,0,"chr4:g.186598418T>G",285]
["G04242","CDH18","sense",5,19591253,"G","T","p.T304T",0.3645,107,39,"unknown","NA",0,"NA",0,"NA","het",0,"TCACCATTTATGATGGAGTA","GTCATGTCAGCATTTGAGCC",1,0,"chr5:g.9591253G>T",151]
["G04242","CDH6","sense",5,31323295,"C","T","p.S751S",0.383,141,54,"unknown","NA",0,"NA",0,"NA","het",0,"TCCGTGGCGGATTCCCTGAG","TCGCTGGAGTCAGTGACCAC",1,0,"chr5:g.1323295C>T",284]
["G04242","FBXL17","sense",5,107717138,"C","A","p.P85P",0.0909,22,2,"unknown","NA",0,"NA",0,"NA","het",0.13975,"GCGTAGGCCCCGTCCCGCGG","GGCGGCGAGAGCGGCGGCTC",1,0,"chr5:g.107717138C>A",43]
["G04242","ARSI","sense",5,149681664,"G","T","p.P91P",0.3333,33,11,"unknown","NA",0,"NA",0,"NA","het",5e-05,"CTCCGCGAAGGCGTGCAGAT","GGCTGGATGTAATAATTCTC",1,0,"chr5:g.149681664G>T",59]
["G04242","SYNPO","sense",5,150036319,"G","C","p.P794P",0.1538,52,8,"unknown","NA",0,"NA",0,"NA","het",0.01205,"GCGCCACCGCCCCCGCCCCC","CCCCCGCCCCCGCCCCCGCG",1,0,"chr5:g.150036319G>C",90]
["G04242","SYNPO","sense",5,150036325,"G","C","p.P796P",0.1509,53,8,"unknown","NA",0,"NA",0,"NA","het",3.3E-3,"CCGCCCCCGCCCCCGCCCCC","CCCCCGCCCCCGCGCATGCG",1,0,"chr5:g.150036325G>C",98]
["G04242","SH3PXD2B","sense",5,171766813,"C","A","p.S432S",0.0769,26,2,"unknown","NA",0,"NA",0,"NA","het",0.06838,"GGAGCCAGAAAGTTGGGTCT","GACGCGTTGCTCGTCTTCTT",1,0,"chr5:g.171766813C>A",86]
["G04242","MRNIP","sense",5,179280426,"A","G","p.S26S",0.0645,31,2,"unknown","NA",0,"NA",0,6.677,"het",0.18192,"GCTTTGCATGTCCACTTGAC","CTCTTTTTTACCTGCAATGA",1,0,"chr5:g.179280426A>G",54]
["G04242","GMNN","sense",6,24781818,"C","A","p.V81V",0.0526,38,2,"unknown","NA",0,"NA",0,"NA","het",0.14791,"AATAAAAATCTTGGAGGAGT","ACCCAGGAGTCATTTGATCT",1,0,"chr6:g.4781818C>A",78]
["G04242","HIST1H2AI","sense",6,27776002,"C","T","p.G5G",0.2,25,5,"known","NA",0,"MU25142601",1,"NA","het",0.00252,"TTTGCCATGTCTGGGCGTGG","AAGCAGGGAGGCAAAGCTCG",1,0,"chr6:g.7776002C>T",70]
["G04242","ZNF292","sense",6,87966134,"A","C","p.L929L",0.3433,67,23,"unknown","NA",0,"NA",0,"NA","het",0,"AACCCTGCTACTACTCCTCT","CTTCAATCCAGTGAAGTAGC",1,0,"chr6:g.7966134A>C",163]
["G04242","PRDM13","sense",6,100061921,"C","A","p.L470L",0.0645,31,2,"unknown","NA",0,"NA",0,"NA","het",0.07617,"GTCTACAACGGGGAGCTGCT","TACGGCTCACCGGCCACCAC",1,0,"chr6:g.100061921C>A",101]
["G04242","TNFAIP3","sense",6,138199878,"C","A","p.G432G",0.0301,133,4,"unknown","NA",0,"NA",0,"NA","het",0.03571,"GGCCCTGAGGGGCTCCCTGG","ATGGCGCTCGGGGCCTCTCG",1,1,"chr6:g.138199878C>A",210]
["G04242","SASH1","sense",6,148711290,"C","A","p.I14I",0.1667,78,13,"unknown","NA",0,"NA",0,"NA","het",0.00589,"GACGGTTCACTGGGAAACAT","GATGACCTGGCGCAGCAGTA",1,0,"chr6:g.148711290C>A",88]
["G04242","ZDHHC14","sense",6,158068296,"A","G","p.K287K",0.191,89,17,"unknown","NA",0,"NA",0,"NA","het",2e-05,"TTCCTTTTCTTTCAGATTAA","GGATCCTGGTCAAATAAAAG",1,0,"chr6:g.158068296A>G",101]
["G04242","NACAD","sense",7,45125458,"C","T","p.T107T",0.2698,63,17,"unknown","NA",0,"NA",0,"NA","het",5e-05,"GTGGCCGGGAGAGGAGCCTC","GTGGACAGAGCCTGGGAAGA",1,0,"chr7:g.5125458C>T",93]
["G04242","CRCP","sense",7,65579824,"C","A","p.R3R",0.0541,37,2,"unknown","NA",0,"NA",0,"NA","het",0.18655,"CAAGCTCCCGGCATGCAGCG","GGCGATCCCGGCGAGCACCT",1,0,"chr7:g.5579824C>A",64]
["G04242","FOXP2","sense",7,114270018,"G","A","p.Q185Q",0.0212,236,5,"known","NA",0,"MU3898519",2,"NA","het",0.00778,"CAGCAGCAGCAGCAGCAACA","CAGCAGCAGCAGCAACAGCA",0,0,"chr7:g.114270018G>A",564]
["G04242","CADPS2","sense",7,122261703,"T","A","p.S312S",0.25,160,40,"unknown","NA",0,"NA",0,"NA","het",0,"TTGGCCATTAGCAAATTCAC","GAAGACCGCAACTCTTCTAT",1,0,"chr7:g.122261703T>A",361]
["G04242","SLC4A2","sense",7,150771320,"C","A","p.G901G",0.0714,42,3,"unknown","NA",0,"NA",0,"NA","het",0.04301,"TCGCTGGTGCTCATGGCCGG","ACCTTCTTCATCGCCTTCTT",1,0,"chr7:g.150771320C>A",95]
["G04242","MYOM2","sense",8,2041812,"C","A","p.G673G",0.0714,42,3,"unknown","NA",0,"NA",0,"NA","het",0.05037,"CTCAGGTTCGTGGTGCACGG","TTAACCACGGGAGAGCAGTA",1,0,"chr8:g.2041812C>A",91]
["G04242","RBPMS","sense",8,30336893,"T","C","p.N82N",0.3425,146,50,"unknown","NA",0,"NA",0,"NA","het",0,"GCTGCAAAGAATGCTTTGAA","GTAAGTACTAATGATGTAAT",1,0,"chr8:g.0336893T>C",270]
["G04242","TRAM1","sense",8,71499164,"G","A","p.L152L",0.3273,110,36,"unknown","NA",0,"NA",0,"NA","het",0,"TTCATTGCTAAAATAAAACA","GCGGGAAATGTGGAAAAGAA",1,0,"chr8:g.1499164G>A",175]
["G04242","VIRMA","sense",8,95507970,"C","A","p.L1511L",0.05,40,2,"unknown","NA",0,"NA",0,"NA","het",0.11694,"GTATTTTACCTATTGTTAAA","AGATTCTGAAGAGATTCTGG",1,0,"chr8:g.5507970C>A",99]
["G04242","UBR5","sense",8,103274149,"T","C","p.G2611G",0.0833,24,2,"unknown","NA",0,"NA",0,"NA","het",0.1369,"TATATTTGCTTTACCTGTCC","CCACCTTCTTCTTTACACAG",1,1,"chr8:g.103274149T>C",44]
["G04242","SQLE","sense",8,126034133,"G","A","p.A557A",0.0769,26,2,"unknown","NA",0,"NA",0,"NA","het",0.14699,"GGTGCTGTATTGTACAAAGC","TGTTCTGTAATATTTCCTCT",1,0,"chr8:g.126034133G>A",56]
["G04242","WASHC5","sense",8,126094685,"C","A","p.G119G",0.311,164,51,"unknown","NA",0,"NA",0,"NA","het",0,"AAGGTTTGCTGAATATAAAC","CCTTCATTGAGATCATCTAG",1,0,"chr8:g.126094685C>A",298]
["G04242","FAM135B","sense",8,139209775,"C","A","p.L269L",0.0541,37,2,"unknown","NA",0,"NA",0,"NA","het",0.13729,"TTACCCAGCTCCGTGTGTGG","AGCTCTGGGATGTCCCGCAT",1,1,"chr8:g.139209775C>A",77]
["G04242","COL22A1","sense",8,139793209,"C","A","p.L537L",0.0571,35,2,"unknown","NA",0,"NA",0,"NA","het",0.1453,"TCTCTCCCAGGGGGGCCGGG","AGGCCCAGGGAACCCTAAAG",1,0,"chr8:g.139793209C>A",69]
["G04242","MAFA","sense",8,144512013,"C","A","p.A188A",0.0645,31,2,"unknown","NA",0,"NA",0,"NA","het",0.1243,"TGATGGTGGGCGGCGTGGTG","GCGCCGTGGTGGTGGCCGGC",1,0,"chr8:g.144512013C>A",68]
["G04242","FOXD4","sense",9,117345,"G","A","p.L259L",0.1429,77,11,"unknown","NA",0,"NA",0,"NA","het",3.3E-4,"GCGAGGAGGATGCGGGTGCA","CAGAGCGTAAGGGCGTCTCC",1,0,"chr9:g.17345G>A",178]
["G04242","TYRP1","sense",9,12698567,"T","G","p.T275T",0.1878,229,43,"known","COSM6814700",1,"NA",0,"NA","het",0,"AGAAGCAACTTTGATTCCAC","CTAATAAGCCCAAACTCTGT",1,0,"chr9:g.2698567T>G",467]
["G04242","UNC13B","sense",9,35382483,"C","A","p.R846R",0.0571,35,2,"unknown","NA",0,"NA",0,"NA","het",0.13048,"AATGTCTCTGCATCTGATCG","TTTGCAGCCTCCAACTTTGG",1,0,"chr9:g.5382483C>A",73]
["G04242","TLE1","sense",9,84205722,"C","A","p.V619V",0.08,25,2,"unknown","NA",0,"NA",0,"NA","het",0.09033,"ACGACCATCTTTGCTCACCT","ACTAGTGTCTGGTTGTGCAG",1,0,"chr9:g.4205722C>A",71]
["G04242","SPATA31D1","sense",9,84606825,"G","A","p.Q480Q",0.0172,174,3,"unknown","NA",0,"NA",0,"NA","het",0.04167,"AAAGGCAAACTAGAATGGCA","CACATCCATCAGCAGCCTCC",1,0,"chr9:g.4606825G>A",489]
["G04242","GOLGA1","sense",9,127650637,"A","T","p.L600L",0.2396,96,23,"unknown","NA",0,"NA",0,"NA","het",0,"GGTGTTCTTCCTGCAGTTGG","AGCTGGAACACAGGGTCCTG",1,0,"chr9:g.127650637A>T",175]
["G04242","PKN3","sense",9,131467656,"C","A","p.I33I",0.06,50,3,"unknown","NA",0,"NA",0,"NA","het",0.04475,"ATCCAGAAAGAGCTGAAGAT","AAGGAGGGGGTGGAGAACCT",1,0,"chr9:g.131467656C>A",114]
["G04242","PNPLA7","sense",9,140409967,"G","A","p.H338H",0.0645,31,2,"unknown","NA",0,"NA",0,"NA","het",0.11108,"GCTGCCGGGCGGCCGCCCCC","TGATCTGCTGGGGAGGCAGC",1,0,"chr9:g.140409967G>A",69]
["G04242","HSPA14","sense",10,14912622,"A","G","p.K469K",0.1603,156,25,"unknown","NA",0,"NA",0,"NA","het",0,"CTCCAGGATTTAGATAAAAA","GAAAATGGATTACGTGATAT",1,0,"chr10:g.4912622A>G",229]
["G04242","NRG3","sense",10,84744882,"C","A","p.R538R",0.0571,35,2,"unknown","NA",0,"NA",0,"NA","het",0.08475,"CCAGTGGTTTAAAAACCCAA","GAAATACATCAATAAATATG",1,0,"chr10:g.4744882C>A",111]
["G04242","CNNM1","sense",10,101089333,"C","A","p.R63R",0.0714,28,2,"unknown","NA",0,"NA",0,"NA","het",0.13995,"CTGGAGGGGGGCACCCTGCG","GCCGCCGAAGGCACCAGCTT",1,0,"chr10:g.101089333C>A",49]
["G04242","NFKB2","sense",10,104161653,"C","A","p.G815G",0.0667,30,2,"unknown","NA",0,"NA",0,"NA","het",0.17505,"CAGACAACCTCACCCAGTGG","AGCCTCCTGCGCAGCTACGA",1,1,"chr10:g.104161653C>A",52]
["G04242","PDCD11","sense",10,105173734,"C","A","p.L399L",0.0571,35,2,"unknown","NA",0,"NA",0,"NA","het",0.17068,"ACTTTGCAGCTCAGCCATCT","TCTGATTCTAAGAACGTCTT",1,0,"chr10:g.105173734C>A",67]
["G04242","SORCS3","sense",10,106974350,"T","G","p.T842T",0.1429,28,4,"unknown","NA",0,"NA",0,"NA","het",0.03437,"GAGCAGGGGCACAATGCAAC","TTCATCATCCTCATGGAGGA",1,0,"chr10:g.106974350T>G",41]
["G04242","TDRD1","sense",10,115963239,"C","T","p.S298S",0.2364,110,26,"unknown","NA",0,"NA",0,"NA","het",0,"ATGAACCAACTCTCTGCCAG","TTAAAAGAAACATATGCAAA",1,0,"chr10:g.115963239C>T",151]
["G04242","EBF3","sense",10,131638513,"C","A","p.L540L",0.087,23,2,"unknown","NA",0,"NA",0,7.841,"het",0.17305,"CCCGCACCACCCTCACCTTG","AGTCCATTCCCGTTGGCGCT",1,0,"chr10:g.131638513C>A",77]
["G04242","KRTAP5-5","sense",11,1651211,"C","A","p.G47G",0.2,60,12,"known","NA",0,"MU4547277",4,"NA","het",0,"GGCTGTGGAGGCTGTGGGGG","TGTGGCTCCGGCTGTGCGGG",0,0,"chr11:g.1651211C>A",122]
["G04242","OR52E6","sense",11,5862582,"C","T","p.E182E",0.2174,46,10,"unknown","NA",0,"NA",0,"NA","het",1e-05,"AGACGGGCAATGCCCATGTG","TCACAGTAAGTATGAGGGAT",1,0,"chr11:g.5862582C>T",109]
["G04242","OLFML1","sense",11,7531377,"C","A","p.I389I",0.08,25,2,"unknown","NA",0,"NA",0,"NA","het",0.09033,"TGGAATGAAGGAAACCAGAT","ATTTACAAACTCCAGACAAA",1,0,"chr11:g.7531377C>A",61]
["G04242","GLYATL2","sense",11,58604643,"T","C","p.Q107Q",0.1731,52,9,"unknown","NA",0,"NA",0,"NA","het",0.00092,"ATTGCTTCATCCAAGCCCTC","TGGCAACCTGGAGAAAGGAG",1,0,"chr11:g.8604643T>C",140]
["G04242","MS4A12","sense",11,60268529,"C","A","p.I96I",0.0571,35,2,"unknown","NA",0,"NA",0,"NA","het",0.10692,"TTTTTTCAGGTGATCCAGAT","ATGGTTGGATTGATGCACAT",1,0,"chr11:g.0268529C>A",95]
["G04242","SLC22A6","sense",11,62748555,"C","A","p.L313L",0.05,40,2,"unknown","NA",0,"NA",0,"NA","het",0.15758,"CCCATGGTCAGCTCCTTCTG","AGACTGGCCCGGAGTACCTG",1,0,"chr11:g.2748555C>A",77]
["G04242","RBM4","sense",11,66407431,"C","T","p.G83G",0.4667,150,70,"unknown","NA",0,"NA",0,"NA","het",0,"TCAACAAAGTTGCATGTGGG","AACATCAGTCCCACCTGCAC",1,0,"chr11:g.6407431C>T",305]
["G04242","THAP12","sense",11,76063717,"C","T","p.E159E",0.0707,99,7,"known","COSM4768621",2,"NA",0,"NA","het",0.08576,"AGGTATTCTTTGTTTTCCTT","TCTTCAAGGGTTAGAGGTAA",0,0,"chr11:g.6063717C>T",231]
["G04242","FAM181B","sense",11,82443620,"C","G","p.P384P",0.0741,27,2,"known","COSM6134887",1,"NA",0,"NA","het",0.08205,"ACCTGATGGGGCGGCGGCGG","GGGGGCAGGGCGCAGTCTGG",1,0,"chr11:g.2443620C>G",78]
["G04242","OR8G2P","sense",11,124096228,"T","C","p.S277S",0.0896,67,6,"unknown","NA",0,"NA",0,"NA","het",0.02017,"ATGTACCTGCAGCCATCATC","GTCAGCTCCATGGACCAGGG",1,0,"chr11:g.124096228T>C",159]
["G04242","ESAM","sense",11,124624214,"A","G","p.A251A",0.359,39,14,"unknown","NA",0,"NA",0,"NA","het",3.5E-4,"AGGGTACCCACAACAGCTCC","GCAACCACTGCAGCTCCAGG",1,0,"chr11:g.124624214A>G",57]
["G04242","OPCML","sense",11,132290138,"A","C","p.A229A",0.2947,95,28,"known","COSM3415691",2,"MU1787077",2,"NA","het",0,"GTCCCTGATAGCCAGAGACA","GCCAGTGCTCTGGAGGCCGA",0,0,"chr11:g.132290138A>C",139]
["G04242","SLCO1A2","sense",12,21445268,"C","A","p.V480V",0.069,29,2,"unknown","NA",0,"NA",0,"NA","het",0.14246,"ATACAGCTGCAATTTTGGAA","ACCTGCCAAAAAATAACATA",1,0,"chr12:g.1445268C>A",57]
["G04242","KERA","sense",12,91445255,"C","A","p.L309L",0.0278,108,3,"unknown","NA",0,"NA",0,"NA","het",0.04275,"AAGGAATCTCGTTCTGCAGG","AGCATGGATGGGCTGGGACA",1,0,"chr12:g.1445255C>A",257]
["G04242","DRAM1","sense",12,102271696,"C","A","p.I43I",0.0541,37,2,"unknown","NA",0,"NA",0,"NA","het",0.14304,"AACCCCTTCCTCCCGTATAT","AGGTGAGTGGCAGGGTGGGC",1,0,"chr12:g.102271696C>A",71]
["G04242","ACACB","sense",12,109675179,"C","A","p.I1552I",0.0526,38,2,"unknown","NA",0,"NA",0,"NA","het",0.10914,"ATCAGGCACTCTGACCTGAT","ACAAAGGTAAGATGTCGCAG",1,0,"chr12:g.109675179C>A",89]
["G04242","GCN1","sense",12,120576658,"C","A","p.V1999V",0.1,20,2,"unknown","NA",0,"NA",0,"NA","het",0.3064,"AGGGATTCAGAGAAATACAG","ACCTGCAATGGCAAGCTACA",1,0,"chr12:g.120576658C>A",42]
["G04242","WDR66","sense",12,122396868,"C","A","p.G667G",0.06,50,3,"unknown","NA",0,"NA",0,"NA","het",0.07938,"GGAGCCCTTCTTGGAGCTGG","TTTACAGAGGGGACAGTTTA",1,0,"chr12:g.122396868C>A",84]
["G04242","UBC","sense",12,125396398,"A","G","p.D640D",0.1765,187,33,"known","COSM6199971",3,"MU51640890",1,"NA","het",0,"TCAGGAGGGATGCCTTCCTT","TCTTGGATCTTTGCCTTGAC",0,0,"chr12:g.125396398A>G",309]
["G04242","UBC","sense",12,125397895,"A","G","p.S141S",0.0971,103,10,"known","NA",0,"MU42876170",1,"NA","het",0.02024,"CGGAGCACCAGGTGCAGGGT","GACTCTTTCTGGATGTTGTA",1,0,"chr12:g.125397895A>G",288]
["G04242","CHD8","sense",14,21861999,"C","A","p.L1985L",0.05,40,2,"unknown","NA",0,"NA",0,"NA","het",0.10228,"CGTGAGGTATACTGCTGGTG","AGCAGTGGAGTAGAGCAGCG",1,1,"chr14:g.1861999C>A",94]
["G04242","FRMD6","sense",14,52182195,"C","A","p.I334I",0.1111,18,2,"unknown","NA",0,"NA",0,"NA","het",0.19615,"CAGCCTGTCCTGCGCCATAT","CGGAAGCTGGAGGAAAACGA",1,0,"chr14:g.2182195C>A",29]
["G04242","NID2","sense",14,52520982,"C","T","p.P275P",0.0645,31,2,"known","COSM2199429",1,"NA",0,"NA","het",0.21473,"GCTGGCCTGACATTGTCCAA","GGGGAAGTGCTGCCGATATG",1,0,"chr14:g.2520982C>T",80]
["G04242","OTX2","sense",14,57272115,"C","T","p.S20S",0.3924,79,31,"unknown","NA",0,"NA",0,"NA","het",0,"GGGTGCAGCAAGTCCATACC","GAAGTGGTCAGACTCAGCCC",1,0,"chr14:g.7272115C>T",165]
["G04242","ACTR10","sense",14,58666965,"C","A","p.G10G",0.0571,35,2,"unknown","NA",0,"NA",0,"NA","het",0.17068,"TACGAGGGCCTGGGGAGCGG","GGGGAGAAGACGGCGGTCGT",1,0,"chr14:g.8666965C>A",64]
["G04242","ZBTB1","sense",14,64998597,"T","C","p.S639S",0.2,95,19,"unknown","NA",0,"NA",0,"NA","het",0,"AGTGGTGAAATAGGGCCTTC","AAACCTGTGGAGAAGTGAGA",1,0,"chr14:g.4998597T>C",157]
["G04242","PLEKHH1","sense",14,68042707,"C","A","p.G779G",0.0909,22,2,"unknown","NA",0,"NA",0,"NA","het",0.09565,"CCCACCTACCTCCTCATTGG","ACCAAGCATGAAAAGGTAAG",1,0,"chr14:g.8042707C>A",60]
["G04242","ACYP1","sense",14,75530257,"G","A","p.S30S",0.0526,38,2,"unknown","NA",0,"NA",0,"NA","het",0.12167,"AGGGTGTTTCCTTCTGCCAT","CTCAAACCTGTCAGAAACCA",1,0,"chr14:g.5530257G>A",87]
["G04242","CCNK","sense",14,99976645,"A","C","p.P423P",0.2444,45,11,"known","NA",0,"MU8722653",1,"NA","het",0,"CCACACCGGCCCCCGCCCCC","CCCCCCTCCAGCTACATGAC",1,0,"chr14:g.9976645A>C",146]
["G04242","CDC42BPB","sense",14,103410448,"C","A","p.L1396L",0.0645,31,2,"unknown","NA",0,"NA",0,"NA","het",0.06405,"CCGTCCCCCTGGATGCTCAG","AGGCAGAACCCAGAAGGGTA",1,0,"chr14:g.103410448C>A",112]
["G04242","TUBGCP5","sense",15,22853826,"C","A","p.G488G",0.0769,26,2,"unknown","NA",0,"NA",0,"NA","het",0.1776,"CACGGGCACCTGTGGGATGG","GCCAGGGAGTTCATCATCCA",1,0,"chr15:g.2853826C>A",44]
["G04242","GABRB3","sense",15,26793117,"G","A","p.F330F",0.4348,69,30,"known","COSM4462394",2,"NA",0,"NA","het",0,"GGGAGGCTTCTGTCCCCCAG","AATCGCCCATGCCCTTCTCG",0,0,"chr15:g.6793117G>A",188]
["G04242","SQOR","sense",15,45981272,"C","A","p.G384G",0.0513,39,2,"unknown","NA",0,"NA",0,"NA","het",0.09561,"TCATGTCCACTGGTGACCGG","TACAACCGTGTGATTCTTGC",1,0,"chr15:g.5981272C>A",105]
["G04242","USP8","sense",15,50785054,"C","T","p.N691N",0.0645,93,6,"known","NA",0,"MU29377044",1,"NA","het",0.22507,"ATATTGCAGTGCCTATGTAA","GCTCCACATTTGGCTGATTA",1,1,"chr15:g.0785054C>T",281]
["G04242","SMAD6","sense",15,66995738,"C","A","p.R48R",0.1538,13,2,"unknown","NA",0,"NA",0,"NA","het",0.07216,"GCCGAGCTGAGCCGGCCCCG","GGGCAAGAGAGGGCGGAGGC",1,0,"chr15:g.6995738C>A",36]
["G04242","CLK3","sense",15,74922189,"C","A","p.R628R",0.0588,34,2,"unknown","NA",0,"NA",0,"NA","het",0.12835,"CTGGCCTGACCCCTGAGGAG","GGTCCTTCCACACCAGCCGC",1,0,"chr15:g.4922189C>A",78]
["G04242","CHRNB4","sense",15,78922215,"C","A","p.L144L",0.0606,33,2,"unknown","NA",0,"NA",0,"NA","het",0.14114,"CTCTTGTAGATGGCAGGGGG","AGCCACAGGACGCTGCCGTT",1,0,"chr15:g.8922215C>A",67]
["G04242","WDR93","sense",15,90258302,"G","A","p.K244K",0.0435,92,4,"unknown","NA",0,"NA",0,"NA","het",0.02889,"CAACTCACTTCAAATCCAAA","AAAAAAGTCAGACAGCCGCA",1,0,"chr15:g.0258302G>A",189]
["G04242","CACNA1H","sense",16,1267977,"C","T","p.F1788F",0.1774,62,11,"known","COSM4128668",1,"MU4561529",1,"NA","het",0.00057,"CACGCCACCTTCAGCAACTT","GGCATGGCCTTCCTCACGCT",0,0,"chr16:g.1267977C>T",109]
["G04242","PKD1","sense",16,2140049,"C","A","p.L4196L",0.1053,19,2,"unknown","NA",0,"NA",0,"NA","het",0.05025,"AGCCGGCCCAGGCTCACGCT","AGCCCATCCAGCTGGCTGGA",1,0,"chr16:g.2140049C>A",73]
["G04242","C16orf89","sense",16,5115784,"C","A","p.A42A",0.05,40,2,"unknown","NA",0,"NA",0,"NA","het",0.0717,"AAGACGGTGGCTCTCTCCAG","GCAGACAGGATCAGGTCTGC",1,0,"chr16:g.5115784C>A",146]
["G04242","XYLT1","sense",16,17211540,"C","A","p.A840A",0.0513,39,2,"unknown","NA",0,"NA",0,"NA","het",0.1497,"CTGTTCGAGAAGGTCAGAGG","GCAACGAGGAATTTGGTCTC",1,0,"chr16:g.7211540C>A",78]
["G04242","GGA2","sense",16,23489772,"C","T","p.T403T",0.0606,33,2,"unknown","NA",0,"NA",0,"NA","het",0.1134,"TGAACACCACCGCCTGGCAG","GTGCTGGAGGAGGGATTCCT",1,0,"chr16:g.3489772C>T",74]
["G04242","SEZ6L2","sense",16,29899008,"C","A","p.L276L",0.1111,18,2,"unknown","NA",0,"NA",0,"NA","het",0.09586,"AGCGAGACCCTTTCAAAGTG","AGGTGCAGCCGGCGCCCCTC",1,0,"chr16:g.9899008C>A",53]
["G04242","ZNF785","sense",16,30593980,"C","T","p.Q373Q",0.3036,56,17,"unknown","NA",0,"NA",0,"NA","het",0,"TCTGAACGCCCCACCACGGC","TGCTGCCACGCGCGCCTCTC",1,0,"chr16:g.0593980C>T",99]
["G04242","FBRS","sense",16,30675701,"T","C","p.F407F",0.1538,13,2,"unknown","NA",0,"NA",0,"NA","het",0.15726,"CCTTTGTCCACCCACAGCTT","CCCCCTCCCGGGCTGCGGCC",1,0,"chr16:g.0675701T>C",22]
["G04242","ZNF267","sense",16,31926824,"C","A","p.R418R",0.05,40,2,"unknown","NA",0,"NA",0,"NA","het",0.08497,"GAATGTGGCAAAGCCTTTCG","TGTAGTTCATACCTTACTAA",1,0,"chr16:g.1926824C>A",122]
["G04242","MMP15","sense",16,58076137,"C","A","p.G389G",0.1765,17,3,"unknown","NA",0,"NA",0,"NA","het",0.02204,"ACACTATGCCCTCCCCAGGG","CGCTGGTTCTGGCGAGTCCG",1,0,"chr16:g.8076137C>A",50]
["G04242","GFOD2","sense",16,67719592,"C","A","p.V9V",0.1176,17,2,"unknown","NA",0,"NA",0,"NA","het",0.05797,"GCGGAGCTGCCAGTCCCAAA","ACGCCCACTCCTGGCAGCAT",1,0,"chr16:g.7719592C>A",66]
["G04242","DUS2","sense",16,68090294,"C","G","p.V112V",0.0606,66,4,"known","COSM460487",1,"MU28846326",1,"NA","het",0.03198,"GATGTGGCTGGTATTGATGT","AACATGGGCTGTCCAAAACA",0,0,"chr16:g.8090294C>G",115]
["G04242","CENPBD1","sense",16,90038022,"C","T","p.Q103Q",0.0714,28,2,"unknown","NA",0,"NA",0,"NA","het",0.04578,"GCGCTCAAGGTCGCATTTGG","TGGCTCTGGTCTTCCAGCCA",1,0,"chr16:g.0038022C>T",122]
["G04242","SLC43A2","sense",17,1489305,"C","A","p.L236L",0.0606,33,2,"unknown","NA",0,"NA",0,"NA","het",0.06705,"ACGGGGGCCGTCAGCAGGCA","AGCAGCTGGAGCACGCCGAA",1,0,"chr17:g.1489305C>A",122]
["G04242","SMG6","sense",17,1964804,"C","A","p.T325T",0.05,40,2,"unknown","NA",0,"NA",0,"NA","het",0.14286,"CCTCAGCCCACCTGGGCCCA","GTGAGGAAGGCTGGGATGTC",1,0,"chr17:g.1964804C>A",75]
["G04242","GGT6","sense",17,4462245,"G","A","p.L151L",0.0556,36,2,"unknown","NA",0,"NA",0,"NA","het",0.15385,"CAGCAGGTGCAGGGTGGGCA","AGCCGCGGGCAGCCCCAGGC",1,0,"chr17:g.4462245G>A",66]
["G04242","KCTD11","sense",17,7256339,"C","A","p.I26I",0.05,40,2,"unknown","NA",0,"NA",0,"NA","het",0.14849,"GGAGGCGGCCACTACTTCAT","GACCGGGATGGCAAGGCCTT",1,0,"chr17:g.7256339C>A",86]
["G04242","KCNAB3","sense",17,7826861,"C","A","p.A350A",0.0625,48,3,"unknown","NA",0,"NA",0,"NA","het",0.04313,"CCCTCACTGCGGAGACACCA","GCTGGGGCCAGAGGAGGAAA",1,0,"chr17:g.7826861C>A",107]
["G04242","EVPLL","sense",17,18285840,"C","T","p.R120R",0.0625,32,2,"unknown","NA",0,"NA",0,"NA","het",0.14935,"CCTGCAGAAGCTGGTCTGCG","AGGCCAGTATGGGCCGGGCA",1,0,"chr17:g.8285840C>T",67]
["G04242","LRRC37B","sense",17,30348318,"C","A","p.R51R",0.0588,34,2,"unknown","NA",0,"NA",0,"NA","het",0.20828,"CCTGAGCCCTGGTCTTCCCG","TCCTCCCATCTCCCATGGGA",1,0,"chr17:g.0348318C>A",94]
["G04242","HDAC5","sense",17,42169804,"A","G","p.T289T",0.0897,78,7,"unknown","NA",0,"NA",0,"NA","het",0.01966,"TTCTTAAAGGTGCTAATAAC","GTCCCATCCTTGCGACGCAG",1,0,"chr17:g.2169804A>G",118]
["G04242","APPBP2","sense",17,58524975,"C","G","p.L504L",0.0606,33,2,"unknown","NA",0,"NA",0,"NA","het",0.08807,"CCCTCGACATTCTGAGAAAT","AGGAAGGACTGCACCACTTC",1,0,"chr17:g.8524975C>G",102]
["G04242","GRIN2C","sense",17,72848391,"C","A","p.L253L",0.1,20,2,"unknown","NA",0,"NA",0,"NA","het",0.10383,"CCCAGCGCCAGGTTGGGCAC","AGCCACACGTGGCCGGGCCC",1,0,"chr17:g.2848391C>A",48]
["G04242","CDK3","sense",17,73997611,"C","A","p.I35I",0.0625,32,2,"unknown","NA",0,"NA",0,"NA","het",0.10877,"CTGGTGGCCCTGAAGAAGAT","AGACTGGATTTGTGAGTGCT",1,0,"chr17:g.3997611C>A",75]
["G04242","EIF4A3","sense",17,78112879,"G","A","p.H223H",0.2921,89,26,"known","COSM1387018",1,"MU81461",1,"NA","het",0,"TTGGTCATCTCCAGAATCTC","TGTGGCAGCGTGGCACTGAT",0,0,"chr17:g.8112879G>A",159]
["G04242","C18orf32","sense",18,47008760,"T","C","p.L62L",0.0341,88,3,"unknown","NA",0,"NA",0,"NA","het",0.03345,"TCTGTTGGTCCTTTTGTTGG","AATCCATTCATGTCTGCACC",1,0,"chr18:g.7008760T>C",238]
["G04242","ZNF532","sense",18,56648756,"C","T","p.H1106H",0.0889,135,12,"unknown","NA",0,"NA",0,"NA","het",0.00032,"CGTTTGATGCTGGAGAAGCA","GTCCAGCTGATGCATGGCAT",1,0,"chr18:g.6648756C>T",359]
["G04242","DOK6","sense",18,67345077,"C","A","p.R133R",0.0571,35,2,"unknown","NA",0,"NA",0,"NA","het",0.10692,"TTCTGGCCGCAGGAGTGCAG","GGGAACAGAATGGTAGGTGT",1,0,"chr18:g.7345077C>A",91]
["G04242","GRIN3B","sense",19,1005330,"C","A","p.R610R",0.0625,48,3,"unknown","NA",0,"NA",0,"NA","het",0.05067,"ACGCCACGTGGCCGCAACCG","AGCACCGTCTTCTCCTACTC",1,0,"chr19:g.1005330C>A",98]
["G04242","ARHGEF18","sense",19,7518396,"C","A","p.L445L",0.0588,34,2,"unknown","NA",0,"NA",0,"NA","het",0.11109,"CTGACCCAGGCCTTGAACCT","ATCAAAGATATCATCTCACA",1,0,"chr19:g.7518396C>A",82]
["G04242","CLEC4G","sense",19,7794938,"C","A","p.A186A",0.0811,37,3,"unknown","NA",0,"NA",0,"NA","het",0.02122,"CCCCCAACGATCACCAGGTG","GCGCTGGCATCTGCGCAGTG",1,0,"chr19:g.7794938C>A",124]
["G04242","PRDX2","sense",19,12911837,"C","A","p.V50V",0.1053,19,2,"unknown","NA",0,"NA",0,"NA","het",0.11635,"GCGATGATCTCGGTGGGGCA","ACAAAAGTGAAGTCCAGAGG",1,0,"chr19:g.2911837C>A",75]
["G04242","GADD45GIP1","sense",19,13067889,"C","A","p.L46L",0.0556,36,2,"unknown","NA",0,"NA",0,"NA","het",0.08535,"CCCAGCTGCCACCGCGGGGT","AGGAGGTCCTCGGGGTCTGG",1,0,"chr19:g.3067889C>A",98]
["G04242","IL27RA","sense",19,14160104,"C","A","p.T460T",0.125,16,2,"unknown","NA",0,"NA",0,"NA","het",0.08708,"TTGTGTGCACAGAGTGGAAC","AGCCCCTCCGTCTGCATGAA",1,0,"chr19:g.4160104C>A",46]
["G04242","ATP13A1","sense",19,19774095,"C","A","p.A127A",0.0769,26,2,"unknown","NA",0,"NA",0,"NA","het",0.06436,"CTTACCGGGGTGCAGGTGAG","GCGCAATGCGCGTGCACAGA",1,0,"chr19:g.9774095C>A",92]
["G04242","ZNF676","sense",19,22363826,"G","C","p.G231G",0.1538,65,10,"known","NA",0,"MU4585811",4,"NA","het",1.1E-4,"GAGGATCGATTAAAAGCTTT","CCACATTCTTCACATTTGTA",0,0,"chr19:g.2363826G>C",213]
["G04242","SBSN","sense",19,36018407,"T","C","p.R259R",0.0615,195,12,"known","NA",0,"MU4434365",4,"NA","het",1E-4,"TGGTGGACCCCCTGGCCAAA","CTCCCTGCCTCATTTCCGGC",0,0,"chr19:g.6018407T>C",321]
["G04242","ZNF420","sense",19,37618052,"T","C","p.S53S",0.1364,22,3,"unknown","NA",0,"NA",0,"NA","het",0.01739,"TTGCCTTCAAGGTGTGCAAG","AAGGACTTATCTCCAGAAAA",1,0,"chr19:g.7618052T>C",77]
["G04242","RYR1","sense",19,38934895,"C","T","p.R177R",0.2446,233,57,"unknown","NA",0,"NA",0,"NA","het",0,"GTCAGTGTCTCCTCCGAGCG","TACCTGGTGAGCCATTGCGG",1,0,"chr19:g.8934895C>T",367]
["G04242","MAP4K1","sense",19,39079903,"A","G","p.S803S",0.3077,26,8,"unknown","NA",0,"NA",0,"NA","het",0.00497,"CAGTGAGGCGAGATCGTGCC","CTGCACTCCAGCCTGGGGGA",1,0,"chr19:g.9079903A>G",24]
["G04242","SYMPK","sense",19,46321394,"C","A","p.L968L",0.08,25,2,"unknown","NA",0,"NA",0,"NA","het",0.15865,"ACGTTCCGCTCCGCAAAGCA","AGGTTGGTGGCTGCGAGGAG",1,0,"chr19:g.6321394C>A",44]
["G04242","DHX34","sense",19,47858301,"C","A","p.G237G",0.05,40,2,"unknown","NA",0,"NA",0,"NA","het",0.10744,"TTTCTCCCACCCCAGGTCGG","TACCAGATCCGCTTTGAGAG",1,0,"chr19:g.7858301C>A",96]
["G04242","SIGLEC12","sense",19,52002861,"C","T","p.T188T",0.5217,46,24,"known","COSM1395681",5,"MU73438",2,"NA","het",0,"GAGGCCCCCATCCAGGTGAT","GTGGGGGGCGTCCCCTGTTC",0,0,"chr19:g.2002861C>T",60]
["G04242","ZNF845","sense",19,53848764,"A","G","p.L7L",0.0792,101,8,"unknown","NA",0,"NA",0,"NA","het",0.09508,"GTGTTTTCATTTCAGGGTCT","TTGACATTCAGGGATGTGGC",1,0,"chr19:g.3848764A>G",150]
["G04242","ZNF845","sense",19,53848779,"T","C","p.D12D",0.0631,111,7,"known","NA",0,"MU149482",1,"NA","het",0.08881,"GGTCTATTGACATTCAGGGA","GTGGCCATAGAATTCTCTCA",1,0,"chr19:g.3848779T>C",210]
["G04242","ZNF814","sense",19,58385873,"T","C","p.K295K",0.1923,26,5,"known","NA",0,"MU654892",4,"NA","het",0.11425,"CCACATTCTCCACATTCATG","TTTTTTTCAGTGTGAACTCT",0,0,"chr19:g.8385873T>C",14]
["G04242","VPS16","sense",20,2843255,"C","A","p.R368R",0.087,23,2,"unknown","NA",0,"NA",0,"NA","het",0.06763,"AGAAGGCGGACGAGTACCTG","GGGAGATCCAGGAGCTGGGC",1,0,"chr20:g.2843255C>A",89]
["G04242","MAVS","sense",20,3838386,"G","A","p.A74A",0.3143,70,22,"known","COSM4581806",1,"NA",0,"NA","het",0,"TGGGTGGAGTACTTCATTGC","GCACTGAGGGGCTGTGAGCT",1,0,"chr20:g.3838386G>A",191]
["G04242","RRBP1","sense",20,17623663,"C","A","p.L241L",0.0545,55,3,"unknown","NA",0,"NA",0,"NA","het",0.05383,"ATGATGCCAGCCTTCTCAGA","AGGATCTCGATGAGCCGCTG",1,0,"chr20:g.7623663C>A",123]
["G04242","DLGAP4","sense",20,35064733,"A","T","p.G407G",0.1333,45,6,"unknown","NA",0,"NA",0,"NA","het",0.00506,"GCCACGCAGCAGTCGCTGGG","GAGCAGAGCAACCCCCGCAG",1,0,"chr20:g.5064733A>T",71]
["G04242","SYCP2","sense",20,58496488,"A","G","p.D15D",0.1631,141,23,"unknown","NA",0,"NA",0,"NA","het",0,"TCATTTTTTCTTAAAGCATC","TCAATGCATTTTTCCAACTG",1,0,"chr20:g.8496488A>G",250]
["G04242","HUNK","sense",21,33340569,"C","A","p.I294I",0.0606,33,2,"unknown","NA",0,"NA",0,10.86,"het",0.09858,"AAATGTCTCCCAGGTGCCAT","AGTTTCCTGCGCTCTCTCCT",1,0,"chr21:g.3340569C>A",91]
["G04242","SON","sense",21,34925719,"T","G","p.P1394P",0.119,42,5,"unknown","NA",0,"NA",0,6.065,"het",0.0058,"GTTGTGACTGTCCCGGAGCC","CCTGTTGTGGCTGAGCCAGA",1,0,"chr21:g.4925719T>G",144]
["G04242","BCR","sense",22,23651619,"G","A","p.P963P",0.0656,61,4,"known","COSM1177927",4,"MU4616114",2,"NA","het",0.25364,"CCTTCCTTTCAGCTGGACCC","CAGGCCCTGCAGGACAGAGA",0,1,"chr22:g.3651619G>A",102]
["G04242","CRYBB3","sense",22,25603110,"G","A","p.P189P",0.4,70,28,"unknown","NA",0,"NA",0,"NA","het",0,"GAGTGGGACGCCAGCCAGCC","CAGCTGCAGTCTGTGCGCCG",1,0,"chr22:g.5603110G>A",189]
["G04242","NCF4","sense",22,37266534,"A","T","p.S140S",0.2239,134,30,"unknown","NA",0,"NA",0,"NA","het",0,"TACCAGTCGCCCTATGACTC","GAGCAGGTGCCCCAGGCACT",1,0,"chr22:g.7266534A>T",343]
["G04242","RPL3","sense",22,39709304,"C","A","p.V353V",0.0769,26,2,"unknown","NA",0,"NA",0,"NA","het",0.08299,"AGAGCCCGCCGCTTCGTCTG","ACCAGCAAGGACTATGGGCC",1,0,"chr22:g.9709304C>A",87]
["G04242","CACNA1I","sense",22,40054939,"C","A","p.I681I",0.0541,37,2,"unknown","NA",0,"NA",0,"NA","het",0.08876,"GCCCTGCGGGACCGCAGCAT","TGGGAGATTGTGGGGCAGGC",1,0,"chr22:g.0054939C>A",97]
["G04242","FBLN1","sense",22,45914566,"C","T","p.D28D",0.0331,121,4,"known","COSM3063168",1,"NA",0,"NA","het",0.03069,"TCTCTTCCCTGCACAGTGGA","GCGGATGTCCTCCTGGAGGC",1,0,"chr22:g.5914566C>T",250]
["G04242","PANX2","sense",22,50615969,"C","A","p.R276R",0.0645,31,2,"unknown","NA",0,"NA",0,"NA","het",0.09208,"GGTGCGGGGCCCGCGGTGCG","GTGAGCTGCAAGCTCCCGTC",1,0,"chr22:g.0615969C>A",80]
["G04242","EIF2S3","sense","X",24086170,"A","T","p.V319V",0.1194,67,8,"known","COSM118616",5,"MU4626074",1,"NA","het",0.04574,"CCAATCTTTTCCAAAATTGT","TCACTTTTTGCGGAGCATAA",0,0,"chrX:g.4086170A>T",81]
["G04242","ERAS","sense","X",48687887,"C","A","p.G118G",0.0556,36,2,"unknown","NA",0,"NA",0,"NA","het",0.20448,"GTCTGTGATGGTGTGCTGGG","GTCTTCGCTCTCGATGACCC",1,0,"chrX:g.8687887C>A",62]
["G04242","ZMAT1","sense","X",101139336,"T","G","p.R355R",0.1364,66,9,"known","COSM4962389",2,"MU28915918",1,"NA","het",7e-05,"GGAAGCCTCATGTGAAAATC","TTGCTCACACATTCTTGATC",0,0,"chrX:g.101139336T>G",157]
["G04242","MORC4","sense","X",106219819,"C","T","p.E384E",0.2564,39,10,"unknown","NA",0,"NA",0,"NA","het",0.00023,"TTGGGAGTGACTCACCGGTA","TCCTTGGTATACTCAAAGTC",1,0,"chrX:g.106219819C>T",55]
["G04242","FRMPD3","sense","X",106846522,"C","A","p.A1784A",0.1,30,3,"unknown","NA",0,"NA",0,"NA","het",0.04942,"GCAGCAGCTGCAGGGGCAGC","ACAGAGCATCCACCAGGCTC",1,0,"chrX:g.106846522C>A",63]
["G04242","IGSF1","sense","X",130420631,"T","C","p.P6P",0.5455,22,12,"unknown","NA",0,"NA",0,"NA","het",0,"AGCATGGTGGCCCCCTCCCC","GGTCTGTCCAGGGTCATGGG",1,0,"chrX:g.130420631T>C",54]
["G04242","ADGRG4","sense","X",135427287,"C","A","p.I474I",0.0541,37,2,"unknown","NA",0,"NA",0,"NA","het",0.11109,"CCACCTGAGCCTGTGCTCAT","TCCACAGCTGCTCCAGTAGA",1,0,"chrX:g.135427287C>A",91]
["G04242","PLXNA3","sense","X",153688682,"C","A","p.V53V",0.0541,37,2,"unknown","NA",0,"NA",0,"NA","het",0.13729,"GTGGGCGCAGTGAACCGAGT","TTTAAGCTGGCCCCCAACCT",1,0,"chrX:g.153688682C>A",81]
["G04244","PERM1","sense",1,914454,"C","A","p.V652V",0.0526,38,2,"unknown","NA",0,"NA",0,"NA","het",0.18365,"ACCTCAGGGATGGAGATGGG","ACGGGGTCTCCAGGTATGGG",1,0,"chr1:g.14454C>A",54]
["G04244","CDK11B","sense",1,1571829,"A","G","p.P388P",0.0842,95,8,"known","NA",0,"MU618483",5,"NA","het",0.22504,"CCGGGCCAGATTTTCTCACT","GGGGTCCCCAGATCCTGAAA",0,0,"chr1:g.1571829A>G",112]
["G04244","NPHP4","sense",1,6021978,"G","A","p.C183C",0.0667,30,2,"unknown","NA",0,"NA",0,"NA","het",0.20913,"TTCAGCGTGTACTGCAGGCT","CAGTTCTCAATGAGGGTCAT",1,0,"chr1:g.6021978G>A",41]
["G04244","PRAMEF12","sense",1,12837370,"C","T","p.I360I",0.303,165,50,"known","COSM3472558",6,"MU4477922",2,"NA","het",0,"GACTTAGAGGACTGTGGGAT","GTGGATTCCCAACTCAGCGC",0,0,"chr1:g.2837370C>T",269]
["G04244","CRYBG2","sense",1,26671556,"G","A","p.V531V",0.1667,42,7,"known","NA",0,"MU849145",2,"NA","het",0.02178,"GGAGCACCGGGGCCCTTCAC","ACCTCTTTCCAGGTGGGGAA",0,0,"chr1:g.6671556G>A",151]
["G04244","CRYBG2","sense",1,26671625,"A","G","p.S508S",0.1284,148,19,"known","NA",0,"MU873587",7,"NA","het",0.00014,"ACCACCTCCTTCTGGGTGGG","GATGAGGCAGCAGGAGCACC",0,0,"chr1:g.6671625A>G",236]
["G04244","CRYBG2","sense",1,26671658,"G","A","p.V497V",0.1455,165,24,"known","NA",0,"MU1134035",5,"NA","het",0.00067,"GGAGCACCAGGGCCCTTCAC","ACCTCTTTCCAGGTGGGGGA",0,0,"chr1:g.6671658G>A",277]
["G04244","ARID1A","sense",1,27101656,"T","C","p.V1646V",0.119,42,5,"unknown","NA",0,"NA",0,6.132,"het",0.0173,"ACCTTCCCACCTGGCTCTGT","GAAGCCACACAGCCTGTGTT",1,1,"chr1:g.7101656T>C",63]
["G04244","ADGRL4","sense",1,79403812,"C","T","p.K183K",0.1472,163,24,"unknown","NA",0,"NA",0,"NA","het",0,"GTTGAGTTAGAAAGGGTGTC","TTGGCTGAGATAGTGTTGTT",1,0,"chr1:g.9403812C>T",299]
["G04244","PKN2","sense",1,89250347,"C","A","p.G180G",0.05,40,2,"unknown","NA",0,"NA",0,"NA","het",0.21341,"TTGGAAGTTCGTCTTATGGG","TGCCAAGATATCCTAGAGAA",1,0,"chr1:g.9250347C>A",56]
["G04244","LRRC8C","sense",1,90178405,"C","A","p.I92I",0.0662,136,9,"unknown","NA",0,"NA",0,"NA","het",2.48E-3,"CCATCTCCTGCTAACCCCAT","ACTGTGGAAATGAAAGGCCT",1,0,"chr1:g.0178405C>A",174]
["G04244","HIST2H2BF","sense",1,149783822,"A","G","p.V19V",0.3353,167,56,"unknown","NA",0,"NA",0,"NA","het",0,"TCCTTCTTCTGCACTTTCGT","ACAGCCTTTTTGGAGCCCTT",1,0,"chr1:g.149783822A>G",277]
["G04244","ZNF687","sense",1,151262390,"T","G","p.G957G",0.0625,32,2,"unknown","NA",0,"NA",0,7.748,"het",0.1357,"AAAGGCCTCAAGGGTGGGGG","GGGGGGCCTGGAGGCTGGAC",1,0,"chr1:g.151262390T>G",65]
["G04244","SELE","sense",1,169698636,"C","A","p.T298T",0.05,40,2,"unknown","NA",0,"NA",0,"NA","het",0.13499,"GGAACAACTCTACCTTTACA","GTTGGCTTCTCGTTGTCCCA",1,0,"chr1:g.169698636C>A",87]
["G04244","RPS6KC1","sense",1,213415294,"C","A","p.L360L",0.0303,132,4,"unknown","NA",0,"NA",0,"NA","het",0.04186,"TTCCGTATTTGTAGTCCACT","TCAGGTGCTAATGAATATAT",1,0,"chr1:g.213415294C>A",190]
["G04244","NID1","sense",1,236187494,"A","G","p.L668L",0.3586,145,52,"unknown","NA",0,"NA",0,"NA","het",0,"CCGATGTAGCAGGGATTCTG","AGAGCATCAGGGGAGCCTTC",1,0,"chr1:g.236187494A>G",131]
["G04244","CPSF3","sense",2,9582027,"A","G","p.E302E",0.3806,134,51,"unknown","NA",0,"NA",0,"NA","het",0,"CAAAGTGGCTTATCCAGAGA","TTATTTGAAAGCTGGTGTAC",1,0,"chr2:g.9582027A>G",175]
["G04244","MSGN1","sense",2,17997812,"C","A","p.L9L",0.1429,21,3,"unknown","NA",0,"NA",0,"NA","het",0.06018,"AACCTGCGCGAGACTTTCCT","AGCCTCGAGGATGGCTTGGG",1,0,"chr2:g.7997812C>A",36]
["G04244","SLC35F6","sense",2,27000920,"C","A","p.G219G",0.0645,31,2,"unknown","NA",0,"NA",0,"NA","het",0.13664,"TACTCCCCAGGCCTCTTTGG","TTTGTGATCCTCTCCCTGCT",1,0,"chr2:g.7000920C>A",61]
["G04244","C2orf16","sense",2,27804533,"T","C","p.S1698S",0.0741,243,18,"known","NA",0,"MU4751368",1,"NA","het",0,"AGAAGACATCGCAGTCCCTC","CAGAGGAGCCATCGTGGTCC",1,0,"chr2:g.7804533T>C",348]
["G04244","C2orf16","sense",2,27804548,"T","C","p.R1703R",0.0881,227,20,"unknown","NA",0,"NA",0,"NA","het",0.00306,"CCCTCTCAGAGGAGCCATCG","GGTCCCTCTGAGAGAAGACA",1,0,"chr2:g.7804548T>C",333]
["G04244","ARHGEF33","sense",2,39187675,"C","A","p.A743A",0.3725,51,19,"unknown","NA",0,"NA",0,1.366,"het",0,"CCCATCAAGGCCGAGCGCGC","GCGCAGGCGCACGGCCCGGC",1,0,"chr2:g.9187675C>A",68]
["G04244","FSHR","sense",2,49210116,"G","A","p.S175S",0.1294,201,26,"unknown","NA",0,"NA",0,"NA","het",2e-05,"TCTTCTAAATTATTATTATC","CTTAGATTCCTGGGGATGGG",1,0,"chr2:g.9210116G>A",366]
["G04244","KIAA1211L","sense",2,99439401,"C","A","p.V445V",0.0606,33,2,"unknown","NA",0,"NA",0,"NA","het",0.18526,"CCCTTCTCCTCATCCGGGAG","ACGGGCGGCGTCGGCTCCGC",1,0,"chr2:g.9439401C>A",50]
["G04244","C2orf40","sense",2,106688310,"T","C","p.S30S",0.2246,138,31,"unknown","NA",0,"NA",0,"NA","het",0,"ATTCCTTTAGGTGGCATAAG","GGAAATAAACTCAAGCTGAT",1,0,"chr2:g.106688310T>C",199]
["G04244","FOXD4L1","sense",2,114257617,"C","T","p.L262L",0.0631,206,13,"unknown","NA",0,"NA",0,"NA","het",0.00034,"GGAGACGCCCTTACGCTCTG","TGCACCCGCATCCTCCTCGC",1,0,"chr2:g.114257617C>T",354]
["G04244","HS6ST1","sense",2,129025928,"G","A","p.Y348Y",0.0663,181,12,"known","NA",0,"MU94561",3,"NA","het",0.04378,"AAGAGGTCCTTGGCGTAGTC","TACAGCTGCATGTCCAGGTC",0,0,"chr2:g.129025928G>A",259]
["G04244","CCDC74B","sense",2,130897260,"C","A","p.L271L",0.0526,38,2,"unknown","NA",0,"NA",0,"NA","het",0.17167,"GCCACAGGTGGGCTCAGAAG","AGGCTGGGGGCGGGTAGAGG",1,0,"chr2:g.130897260C>A",66]
["G04244","TUBA3D","sense",2,132240334,"C","T","p.R422R",0.0762,105,8,"known","NA",0,"MU7211239",3,"NA","het",0.24464,"GGAGAGTTCTCTGAGGCCCG","GAGGACCTGGCAGCTCTAGA",0,0,"chr2:g.132240334C>T",116]
["G04244","DYNC1I2","sense",2,172585298,"T","C","p.D435D",0.0776,116,9,"known","COSM3379859",6,"MU1690218",2,"NA","het",0.00575,"ATGTCCTTCCCTGTTGGAGA","GTCAACAACTTTGTTGTTGG",0,0,"chr2:g.172585298T>C",223]
["G04244","ZNF804A","sense",2,185800882,"C","A","p.V253V",0.3304,115,38,"unknown","NA",0,"NA",0,"NA","het",0,"AGCAGAAAAAGTAGATTTGT","CCCAGTGCTTGTCATCTTCA",1,0,"chr2:g.185800882C>A",241]
["G04244","ATG9A","sense",2,220085553,"T","C","p.A810A",0.1679,131,22,"unknown","NA",0,"NA",0,"NA","het",0,"GATGCCGACTGCCCATCTTC","GCCCACCCTCCAAGAGGCAG",1,0,"chr2:g.220085553T>C",198]
["G04244","ITM2C","sense",2,231740521,"C","A","p.R103R",0.1,20,2,"unknown","NA",0,"NA",0,"NA","het",0.14329,"ACATCATCCATGACTTCCAG","GGGTGAGGCTGGCCAGGGCC",1,0,"chr2:g.231740521C>A",41]
["G04244","DCAF1","sense",3,51504988,"C","T","p.E48E",0.2069,87,18,"unknown","NA",0,"NA",0,"NA","het",1e-05,"TCTGGATCCCCTTTACGATA","TCTTCAGTTTCTTTTTCAAT",1,0,"chr3:g.1504988C>T",141]
["G04244","PCBP4","sense",3,51994635,"G","A","p.S54S",0.1364,132,18,"unknown","NA",0,"NA",0,"NA","het",0,"CGTTCAGGGCAGGAGCCCTC","GAGATGGTGATCCGGGCACT",1,0,"chr3:g.1994635G>A",213]
["G04244","FLNB","sense",3,58139145,"T","C","p.S2113S",0.0311,161,5,"unknown","NA",0,"NA",0,10.51,"het",0.03607,"GCCCACGTCACCAGCCCCTC","GGCCGTGTGACTGAGGCAGA",1,0,"chr3:g.8139145T>C",203]
["G04244","PTPRG","sense",3,62142793,"C","A","p.S245S",0.1129,124,14,"unknown","NA",0,"NA",0,"NA","het",7e-05,"CGGGACCTCCTGCCTGCATC","CTGGGCAGCTATTATCGGTA",1,0,"chr3:g.2142793C>A",147]
["G04244","DZIP3","sense",3,108326999,"T","C","p.G32G",0.2179,156,34,"unknown","NA",0,"NA",0,"NA","het",0,"AAGCTAGAAAAATCATCTGG","CAACTGGTAAGAGAAAGTTT",1,0,"chr3:g.108326999T>C",181]
["G04244","U2SURP","sense",3,142738837,"G","A","p.K199K",0.068,147,10,"unknown","NA",0,"NA",0,"NA","het",0.1039,"AAAAAAGGAGAGAAAGAAAA","AAAAAAAGCAATTTGGAACT",1,0,"chr3:g.142738837G>A",164]
["G04244","ECE2","sense",3,183976084,"C","A","p.R163R",0.0667,30,2,"unknown","NA",0,"NA",0,"NA","het",0.19096,"TCTGCCTTGCAGGTGAGCCG","GTGCTTGTCCCTGGAGGCCG",1,0,"chr3:g.183976084C>A",45]
["G04244","ATP13A4","sense",3,193201729,"T","C","p.R268R",0.1317,167,22,"unknown","NA",0,"NA",0,"NA","het",1e-05,"AAATAATGGAACTTACCTTT","CTCCCACATACAGAGACCGT",1,0,"chr3:g.193201729T>C",199]
["G04244","PROM1","sense",4,16020066,"C","T","p.V285V",0.1829,175,32,"unknown","NA",0,"NA",0,"NA","het",0,"GATGACCGCAGGCTAGTTTT","ACGCTGGTCAGACTGCTGCT",1,0,"chr4:g.6020066C>T",219]
["G04244","DSPP","sense",4,88536121,"T","C","p.D769D",0.0129,233,3,"unknown","NA",0,"NA",0,"NA","het",0.04505,"AACAGCAGTGACAGCAGTGA","AGCAGTGACAGCAGTGATAG",1,0,"chr4:g.8536121T>C",551]
["G04244","DSPP","sense",4,88536883,"T","C","p.N1023N",0.5938,192,114,"known","NA",0,"MU63790996",1,"NA","het",0,"AATAGTAGTGACAGCAGCAA","AGCAGTGACAGCAGCAACAG",1,0,"chr4:g.8536883T>C",477]
["G04244","DSPP","sense",4,88536901,"C","T","p.N1029N",0.2549,204,52,"known","NA",0,"MU34950008",2,"NA","het",0,"AATAGCAGTGACAGCAGCAA","AGCAGTGACAGCAGCGATAG",0,0,"chr4:g.8536901C>T",504]
["G04244","CENPE","sense",4,104068795,"C","A","p.V1259V",0.0645,31,2,"unknown","NA",0,"NA",0,"NA","het",0.1243,"AACTCTTGTTCCTCATGAAG","ACTGGGATCTTAGGACATTC",1,0,"chr4:g.104068795C>A",70]
["G04244","CYP2U1","sense",4,108868566,"C","A","p.G387G",0.0517,58,3,"unknown","NA",0,"NA",0,"NA","het",0.10987,"GAAATTGAAAGAGTCATTGG","GCCAACCGAGCTCCTTCCCT",1,0,"chr4:g.108868566C>A",86]
["G04244","RPL34","sense",4,109543139,"A","T","p.R8R",0.0734,109,8,"known","COSM121768",1,"NA",0,"NA","het",0.13739,"GTCCAGCGTTTGACATACCG","CGTAGGCTTTCCTACAATAC",1,0,"chr4:g.109543139A>T",212]
["G04244","SORBS2","sense",4,186598418,"T","G","p.G75G",0.1572,159,25,"unknown","NA",0,"NA",0,"NA","het",0,"GTACTAATGGGGCTGCTACT","CCTAGATCCTGGTTATGGGT",1,0,"chr4:g.186598418T>G",285]
["G04244","CEP72","sense",5,620186,"C","A","p.G71G",0.0606,33,2,"unknown","NA",0,"NA",0,"NA","het",0.29831,"TGTGTTTTCTGTTGACAGGG","ATTCAGTACCTGACTGCATT",1,0,"chr5:g.20186C>A",31]
["G04244","CDH18","sense",5,19591253,"G","T","p.T304T",0.2605,119,31,"unknown","NA",0,"NA",0,"NA","het",0,"TCACCATTTATGATGGAGTA","GTCATGTCAGCATTTGAGCC",1,0,"chr5:g.9591253G>T",151]
["G04244","CDH6","sense",5,31323295,"C","T","p.S751S",0.2841,176,50,"unknown","NA",0,"NA",0,"NA","het",0,"TCCGTGGCGGATTCCCTGAG","TCGCTGGAGTCAGTGACCAC",1,0,"chr5:g.1323295C>T",284]
["G04244","PELO","sense",5,52096390,"C","A","p.G54G",0.0513,39,2,"unknown","NA",0,"NA",0,"NA","het",0.13835,"CAGACAGAGTCCTCCACGGG","AGCGTGGGCAGCAACCGGGT",1,0,"chr5:g.2096390C>A",75]
["G04244","CD14","sense",5,140012524,"C","A","p.V15V",0.0556,54,3,"unknown","NA",0,"NA",0,"NA","het",0.0392,"GGCGTGGTCGCAGAGACGTG","ACCAGCGGCAGCAGCAGCAG",1,0,"chr5:g.140012524C>A",122]
["G04244","PCDHGA3","sense",5,140725547,"C","T","p.H649H",0.065,123,8,"known","COSM4159553",9,"MU621729",2,"NA","het",0.15827,"GTGGTGGCCGTCCAGGACCA","GGCCAGCCCCCTCTCTCCGC",0,0,"chr5:g.140725547C>T",224]
["G04244","DUSP1","sense",5,172196107,"C","A","p.V254V",0.0588,51,3,"unknown","NA",0,"NA",0,"NA","het",0.11109,"CCTGCCTGGCAGTGGACAAA","ACCCTTCCTCCAGCATTCTT",1,0,"chr5:g.172196107C>A",66]
["G04244","FOXQ1","sense",6,1313980,"C","G","p.P347P",0.4706,17,8,"known","NA",0,"MU4550661",2,"NA","het",0.02379,"GTGCCACCGACCGCGCCGCC","CTCCTGCTTGCACCTCTCCC",0,1,"chr6:g.1313980C>G",15]
["G04244","HIST1H2AI","sense",6,27776002,"C","T","p.G5G",0.2069,29,6,"known","NA",0,"MU25142601",1,"NA","het",0.00136,"TTTGCCATGTCTGGGCGTGG","AAGCAGGGAGGCAAAGCTCG",1,0,"chr6:g.7776002C>T",70]
["G04244","NKAPL","sense",6,28227875,"G","A","p.K242K",0.1075,93,10,"unknown","NA",0,"NA",0,"NA","het",0.00417,"ACAAAGAAAAAGAAGAATAA","AAAACCAAAAAAGAATCCAG",1,0,"chr6:g.8227875G>A",141]
["G04244","ZBTB12","sense",6,31868507,"C","A","p.L192L",0.0952,21,2,"unknown","NA",0,"NA",0,"NA","het",0.13636,"TCATCCTCTTCCTCGGCTTT","AGCTCCAAGTCTTCATCCAG",1,0,"chr6:g.1868507C>A",40]
["G04244","TNXB","sense",6,32020478,"G","A","p.R3026R",0.0672,134,9,"known","COSM1154650",1,"MU1802960",1,"NA","het",0.00566,"ACAGCGGACACTGGGCCCAC","CGCTGCCCCTCGTGGAGGCC",0,0,"chr6:g.2020478G>A",135]
["G04244","COL12A1","sense",6,75885022,"T","C","p.R814R",0.0526,38,2,"unknown","NA",0,"NA",0,"NA","het",0.22247,"CTTAAGTCTCTTGGATTCCC","CTAACTTCATTAAAAAATGA",1,0,"chr6:g.5885022T>C",61]
["G04244","ZNF292","sense",6,87966134,"A","C","p.L929L",0.2752,109,30,"unknown","NA",0,"NA",0,"NA","het",0,"AACCCTGCTACTACTCCTCT","CTTCAATCCAGTGAAGTAGC",1,0,"chr6:g.7966134A>C",163]
["G04244","SASH1","sense",6,148711290,"C","A","p.I14I",0.1169,77,9,"unknown","NA",0,"NA",0,"NA","het",0.04673,"GACGGTTCACTGGGAAACAT","GATGACCTGGCGCAGCAGTA",1,0,"chr6:g.148711290C>A",88]
["G04244","ZDHHC14","sense",6,158068296,"A","G","p.K287K",0.1628,86,14,"unknown","NA",0,"NA",0,"NA","het",0.00014,"TTCCTTTTCTTTCAGATTAA","GGATCCTGGTCAAATAAAAG",1,0,"chr6:g.158068296A>G",101]
["G04244","NACAD","sense",7,45125458,"C","T","p.T107T",0.2987,77,23,"unknown","NA",0,"NA",0,"NA","het",0,"GTGGCCGGGAGAGGAGCCTC","GTGGACAGAGCCTGGGAAGA",1,0,"chr7:g.5125458C>T",93]
["G04244","POM121","sense",7,72418868,"C","A","p.G953G",0.0526,38,2,"unknown","NA",0,"NA",0,"NA","het",0.22817,"CTGCATTTTATTTCTGCAGG","AACACTTTTGCTCACCAGCA",1,0,"chr7:g.2418868C>A",51]
["G04244","BAZ1B","sense",7,72892732,"C","A","p.V353V",0.0513,78,4,"unknown","NA",0,"NA",0,"NA","het",0.07582,"TTGGAATTCTTTGAGTTCTT","ACTTTGAGTGGCGAGCCACT",1,0,"chr7:g.2892732C>A",212]
["G04244","RCC1L","sense",7,74482604,"C","A","p.T152T",0.05,40,2,"unknown","NA",0,"NA",0,"NA","het",0.25974,"AACACATACTCGTAGCCCCT","GCTGGAAAAGACACAGGACA",1,0,"chr7:g.4482604C>A",53]
["G04244","KCTD9","sense",8,25290062,"G","A","p.N337N",0.0526,152,8,"unknown","NA",0,"NA",0,"NA","het",0.04244,"GTTGCTCCTCTGAGGTTACA","TTCTTCAACTTTGCATTTTT",1,0,"chr8:g.5290062G>A",261]
["G04244","RBPMS","sense",8,30336893,"T","C","p.N82N",0.2579,159,41,"unknown","NA",0,"NA",0,"NA","het",0,"GCTGCAAAGAATGCTTTGAA","GTAAGTACTAATGATGTAAT",1,0,"chr8:g.0336893T>C",270]
["G04244","TRAM1","sense",8,71499164,"G","A","p.L152L",0.2583,120,31,"unknown","NA",0,"NA",0,"NA","het",0,"TTCATTGCTAAAATAAAACA","GCGGGAAATGTGGAAAAGAA",1,0,"chr8:g.1499164G>A",175]
["G04244","ODF1","sense",8,103563976,"C","A","p.L7L",0.0909,22,2,"unknown","NA",0,"NA",0,"NA","het",0.18857,"ATGGCTGCACTGAGTTGTCT","TTGGACAGTGTCAGAAGGGA",1,0,"chr8:g.103563976C>A",35]
["G04244","WASHC5","sense",8,126094685,"C","A","p.G119G",0.2557,219,56,"unknown","NA",0,"NA",0,"NA","het",0,"AAGGTTTGCTGAATATAAAC","CCTTCATTGAGATCATCTAG",1,0,"chr8:g.126094685C>A",298]
["G04244","TYRP1","sense",9,12698567,"T","G","p.T275T",0.1333,315,42,"known","COSM6814700",1,"NA",0,"NA","het",0,"AGAAGCAACTTTGATTCCAC","CTAATAAGCCCAAACTCTGT",1,0,"chr9:g.2698567T>G",467]
["G04244","SPATA31D1","sense",9,84607392,"G","C","p.P669P",0.0346,289,10,"unknown","NA",0,"NA",0,"NA","het",0.04501,"TCCTTCAAGGTCCATGTTCC","ATCTCCATCATTCCTGGAGA",1,0,"chr9:g.4607392G>C",497]
["G04244","ZNF462","sense",9,109689499,"A","C","p.P1102P",0.0841,107,9,"unknown","NA",0,"NA",0,"NA","het",0.00064,"ATGGGTTCCCCACCCCCCCC","CAACCCCCGCCACCAGACCT",1,0,"chr9:g.109689499A>C",157]
["G04244","WHRN","sense",9,117185705,"C","T","p.A154A",0.099,101,10,"unknown","NA",0,"NA",0,"NA","het",0.00073,"CCGGGGCCTGGGGGCTGCCG","GCCTTCATGGACTCAATCTC",1,0,"chr9:g.117185705C>T",138]
["G04244","GOLGA1","sense",9,127650637,"A","T","p.L600L",0.2353,119,28,"unknown","NA",0,"NA",0,"NA","het",0,"GGTGTTCTTCCTGCAGTTGG","AGCTGGAACACAGGGTCCTG",1,0,"chr9:g.127650637A>T",175]
["G04244","ZNF79","sense",9,130206597,"T","A","p.S72S",0.1014,138,14,"unknown","NA",0,"NA",0,"NA","het",3e-05,"AAAGCCTTCAGTTACTGTTC","TCCCTTTCTCAGCATCAGAA",1,0,"chr9:g.130206597T>A",201]
["G04244","HSPA14","sense",10,14912622,"A","G","p.K469K",0.1182,203,24,"unknown","NA",0,"NA",0,"NA","het",0,"CTCCAGGATTTAGATAAAAA","GAAAATGGATTACGTGATAT",1,0,"chr10:g.4912622A>G",229]
["G04244","DDX21","sense",10,70719897,"A","G","p.G73G",0.0236,127,3,"unknown","NA",0,"NA",0,"NA","het",0.04217,"AAAGAAAAGGAAATGAATGG","GAAACTAGAGAGAAAAGCCC",1,0,"chr10:g.0719897A>G",313]
["G04244","CFAP43","sense",10,105948137,"T","G","p.T526T",0.1264,87,11,"unknown","NA",0,"NA",0,"NA","het",0.00042,"TCTGTTTCTAAAAGAGACAC","GTGGATATCTGTAAAATGTC",1,0,"chr10:g.105948137T>G",112]
["G04244","TDRD1","sense",10,115963239,"C","T","p.S298S",0.1786,112,20,"unknown","NA",0,"NA",0,"NA","het",0,"ATGAACCAACTCTCTGCCAG","TTAAAAGAAACATATGCAAA",1,0,"chr10:g.115963239C>T",151]
["G04244","KRTAP5-5","sense",11,1651211,"C","A","p.G47G",0.2407,54,13,"known","NA",0,"MU4547277",4,"NA","het",0,"GGCTGTGGAGGCTGTGGGGG","TGTGGCTCCGGCTGTGCGGG",0,0,"chr11:g.1651211C>A",122]
["G04244","OR52E6","sense",11,5862582,"C","T","p.E182E",0.0595,84,5,"unknown","NA",0,"NA",0,"NA","het",0.02853,"AGACGGGCAATGCCCATGTG","TCACAGTAAGTATGAGGGAT",1,0,"chr11:g.5862582C>T",109]
["G04244","ZNF408","sense",11,46723199,"C","A","p.G93G",0.1176,17,2,"unknown","NA",0,"NA",0,"NA","het",0.08521,"TCTGCCTCCAAGGAGAAGGG","GAGGGAGTAAAGCCACGGCA",1,0,"chr11:g.6723199C>A",44]
["G04244","MYBPC3","sense",11,47356642,"A","G","p.P952P",0.0769,26,2,"unknown","NA",0,"NA",0,"NA","het",0.2451,"GTGGTGGTAACAGGGGCTCC","GGCCCTGCCATATTGTGTGC",1,0,"chr11:g.7356642A>G",31]
["G04244","GLYATL2","sense",11,58604643,"T","C","p.Q107Q",0.1279,86,11,"unknown","NA",0,"NA",0,"NA","het",0.00333,"ATTGCTTCATCCAAGCCCTC","TGGCAACCTGGAGAAAGGAG",1,0,"chr11:g.8604643T>C",140]
["G04244","TUT1","sense",11,62358922,"C","A","p.P50P",0.0556,36,2,"unknown","NA",0,"NA",0,"NA","het",0.13531,"CAGCAGCGGAACCCCCCACG","GGCAGCGATTCGACATCCGA",1,0,"chr11:g.2358922C>A",71]
["G04244","RBM4","sense",11,66407431,"C","T","p.G83G",0.3081,172,53,"unknown","NA",0,"NA",0,"NA","het",0,"TCAACAAAGTTGCATGTGGG","AACATCAGTCCCACCTGCAC",1,0,"chr11:g.6407431C>T",305]
["G04244","TESMIN","sense",11,68517766,"G","A","p.N121N",0.0556,36,2,"unknown","NA",0,"NA",0,"NA","het",0.20979,"AGCGAGGACAGGAAGTGCAC","TTGCAGGCGGGCGGCTGCGG",1,0,"chr11:g.8517766G>A",53]
["G04244","ESAM","sense",11,124624214,"A","G","p.A251A",0.3286,70,23,"unknown","NA",0,"NA",0,"NA","het",0.00023,"AGGGTACCCACAACAGCTCC","GCAACCACTGCAGCTCCAGG",1,0,"chr11:g.124624214A>G",57]
["G04244","NTM","sense",11,132016404,"G","A","p.V132V",0.1071,28,3,"unknown","NA",0,"NA",0,"NA","het",0.17781,"TCTAGGGTCCACCTCATTGT","CAAGGTAGGTGGGCGGGGCT",1,0,"chr11:g.132016404G>A",22]
["G04244","OPCML","sense",11,132290138,"A","C","p.A229A",0.2639,144,38,"known","COSM3415691",2,"MU1787077",2,"NA","het",0,"GTCCCTGATAGCCAGAGACA","GCCAGTGCTCTGGAGGCCGA",0,0,"chr11:g.132290138A>C",139]
["G04244","PDZRN4","sense",12,41900506,"C","A","p.L106L",0.0833,24,2,"unknown","NA",0,"NA",0,"NA","het",0.15082,"GACATCTGTCCATTCCTGCT","TCAGACAGGTATTTTTCTAT",1,0,"chr12:g.1900506C>A",42]
["G04244","KRT6B","sense",12,52845581,"A","C","p.G94G",0.0556,108,6,"unknown","NA",0,"NA",0,"NA","het",0.04152,"CCAAATCCACTCCCGGCGCC","CCAAAGCCATAGCTGCCTCC",1,0,"chr12:g.2845581A>C",230]
["G04244","PA2G4","sense",12,56505301,"G","A","p.K369K",0.0692,130,9,"known","COSM6309818",1,"NA",0,"NA","het",0.23528,"AGTCGAAAAACCCAGAAAAA","AAAAAAAAGAAGGTGTGTTA",1,0,"chr12:g.6505301G>A",195]
["G04244","CIT","sense",12,120135628,"C","A","p.A1864A",0.0526,38,2,"unknown","NA",0,"NA",0,1.521,"het",0.39719,"GGGTTCGGGATGTCCAGGTA","GCTCGGGCAGGGGTCCTGCA",1,0,"chr12:g.120135628C>A",55]
["G04244","KDM2B","sense",12,121878764,"C","A","p.V1086V",0.0652,46,3,"unknown","NA",0,"NA",0,"NA","het",0.04664,"ATCCATGAGCAGCCTGACAG","ACCAAGTCCCGGAGCCCTGG",1,0,"chr12:g.121878764C>A",93]
["G04244","UBC","sense",12,125396398,"A","G","p.D640D",0.0546,183,10,"known","COSM6199971",3,"MU51640890",1,"NA","het",0.06146,"TCAGGAGGGATGCCTTCCTT","TCTTGGATCTTTGCCTTGAC",0,0,"chr12:g.125396398A>G",309]
["G04244","LATS2","sense",13,21562371,"C","A","p.P516P",0.0652,46,3,"unknown","NA",0,"NA",0,"NA","het",0.11218,"AGCAGGTGCTTCGGGTAGGG","GGAGGCGGGCACCTCCGGTC",1,1,"chr13:g.1562371C>A",128]
["G04244","NID2","sense",14,52520982,"C","T","p.P275P",0.1129,62,7,"known","COSM2199429",1,"NA",0,"NA","het",0.01862,"GCTGGCCTGACATTGTCCAA","GGGGAAGTGCTGCCGATATG",1,0,"chr14:g.2520982C>T",80]
["G04244","OTX2","sense",14,57272115,"C","T","p.S20S",0.3362,116,39,"unknown","NA",0,"NA",0,"NA","het",0,"GGGTGCAGCAAGTCCATACC","GAAGTGGTCAGACTCAGCCC",1,0,"chr14:g.7272115C>T",165]
["G04244","FOS","sense",14,75747815,"A","G","p.S277S",0.0204,196,4,"unknown","NA",0,"NA",0,"NA","het",0.04449,"GACTTCCTGTTCCCAGCATC","TCCAGGCCCAGTGGCTCTGA",1,0,"chr14:g.5747815A>G",333]
["G04244","PTPN21","sense",14,88945510,"C","A","p.L755L",0.0909,22,2,"unknown","NA",0,"NA",0,"NA","het",0.18857,"GCCTTGGGCTCCAGGATGTG","AGGGGCCCGGCGAGCAGGAC",1,0,"chr14:g.8945510C>A",30]
["G04244","CRIP2","sense",14,105945090,"C","A","p.G147G",0.0645,31,2,"unknown","NA",0,"NA",0,9.828,"het",0.32495,"GTGAACATCGGGGGCGCGGG","TCCTACATCTACGAGAAGCC",1,0,"chr14:g.105945090C>A",27]
["G04244","GABRB3","sense",15,26793117,"G","A","p.F330F",0.3663,101,37,"known","COSM4462394",2,"NA",0,"NA","het",0,"GGGAGGCTTCTGTCCCCCAG","AATCGCCCATGCCCTTCTCG",0,0,"chr15:g.6793117G>A",188]
["G04244","NUTM1","sense",15,34648468,"C","T","p.S743S",0.069,29,2,"unknown","NA",0,"NA",0,"NA","het",0.15884,"AGCCCAGGAGTTTGGCTGAG","AGTGAGATGGATGCTGTAGG",1,1,"chr15:g.4648468C>T",47]
["G04244","CACNA1H","sense",16,1267977,"C","T","p.F1788F",0.1963,107,21,"known","COSM4128668",1,"MU4561529",1,"NA","het",4e-05,"CACGCCACCTTCAGCAACTT","GGCATGGCCTTCCTCACGCT",0,0,"chr16:g.1267977C>T",109]
["G04244","FAHD1","sense",16,1877434,"G","T","p.L68L",0.0541,37,2,"unknown","NA",0,"NA",0,"NA","het",0.21616,"CCCGCGTACACTCGCAACCT","CACCACGAGCTGGAGCTGGG",1,0,"chr16:g.1877434G>T",49]
["G04244","NPIPB5","sense",16,22545285,"G","C","p.L327L",0.1045,67,7,"unknown","NA",0,"NA",0,"NA","het",0.08433,"AAGACACCTCCTGAGTGTCT","CTCACTCCCCTTCCACCCTC",1,0,"chr16:g.2545285G>C",135]
["G04244","ZNF785","sense",16,30593980,"C","T","p.Q373Q",0.3934,61,24,"unknown","NA",0,"NA",0,"NA","het",0,"TCTGAACGCCCCACCACGGC","TGCTGCCACGCGCGCCTCTC",1,0,"chr16:g.0593980C>T",99]
["G04244","DUS2","sense",16,68090294,"C","G","p.V112V",0.0583,103,6,"known","COSM460487",1,"MU28846326",1,"NA","het",0.02295,"GATGTGGCTGGTATTGATGT","AACATGGGCTGTCCAAAACA",0,0,"chr16:g.8090294C>G",115]
["G04244","ZFP90","sense",16,68597819,"C","A","p.R377R",0.0545,55,3,"unknown","NA",0,"NA",0,"NA","het",0.04856,"AATGTGGGAAAGCCTTTAGT","GATGTTCTTCCCTTGTCCAA",1,0,"chr16:g.8597819C>A",118]
["G04244","C17orf97","sense",17,263441,"T","C","p.P269P",0.0584,137,8,"known","NA",0,"MU4609384",2,"NA","het",0.41393,"AAGGGCTTCCACCCCGACCC","GAGGCCCTCAAGGGTTTCCA",0,0,"chr17:g.63441T>C",225]
["G04244","TRPV3","sense",17,3438994,"C","A","p.L219L",0.0571,35,2,"unknown","NA",0,"NA",0,"NA","het",0.17916,"CGCCGCTCGATGGCGATGTT","AGCGCCGTCTGCCCTGCGGA",1,0,"chr17:g.3438994C>A",53]
["G04244","DLG4","sense",17,7100100,"C","A","p.L293L",0.0909,22,2,"unknown","NA",0,"NA",0,"NA","het",0.07498,"AGGATCTGGTCCCCCTTCCG","AGCTCCCCACTGAGGTCTGC",1,0,"chr17:g.7100100C>A",67]
["G04244","ARHGEF15","sense",17,8219223,"C","A","p.L524L",0.0714,28,2,"unknown","NA",0,"NA",0,"NA","het",0.09653,"GAGGAGACCTACAGCCGCCT","ATGTGAGTGTCCCAGGGGTG",1,0,"chr17:g.8219223C>A",84]
["G04244","MFSD6L","sense",17,8702403,"C","A","p.A12A",0.087,23,2,"unknown","NA",0,"NA",0,"NA","het",0.1768,"AAGAGCTTGGCCACCCCCAG","GCCCTGCTGATGTCCCACCG",1,0,"chr17:g.8702403C>A",33]
["G04244","TUBG2","sense",17,40818353,"C","T","p.L337L",0.1034,87,9,"known","NA",0,"MU4483695",2,"NA","het",0.01756,"CACCCCAGGTCCACAAGAGC","TGCAGAGGATCCGGGAACGG",0,0,"chr17:g.0818353C>T",155]
["G04244","HDAC5","sense",17,42169804,"A","G","p.T289T",0.1441,118,17,"unknown","NA",0,"NA",0,"NA","het",0.00034,"TTCTTAAAGGTGCTAATAAC","GTCCCATCCTTGCGACGCAG",1,0,"chr17:g.2169804A>G",118]
["G04244","RHBDF2","sense",17,74475011,"C","A","p.L183L",0.05,40,2,"unknown","NA",0,"NA",0,"NA","het",0.22921,"AGGGACAGGACTCCGGGGGT","AGCGGTGGGTGCGGGGCGTG",1,0,"chr17:g.4475011C>A",51]
["G04244","EIF4A3","sense",17,78112879,"G","A","p.H223H",0.2673,101,27,"known","COSM1387018",1,"MU81461",1,"NA","het",0,"TTGGTCATCTCCAGAATCTC","TGTGGCAGCGTGGCACTGAT",0,0,"chr17:g.8112879G>A",159]
["G04244","TXNDC2","sense",18,9887448,"C","T","p.P324P",0.3659,82,30,"known","COSM5561999",1,"NA",0,"NA","het",0,"CCAGAAGAAGCCATCCAGCC","AAGGAGGGTGACATCCCCAA",1,0,"chr18:g.9887448C>T",113]
["G04244","ZNF532","sense",18,56648756,"C","T","p.H1106H",0.055,200,11,"unknown","NA",0,"NA",0,"NA","het",0.00822,"CGTTTGATGCTGGAGAAGCA","GTCCAGCTGATGCATGGCAT",1,0,"chr18:g.6648756C>T",359]
["G04244","CTDP1","sense",18,77475095,"C","A","p.G426G",0.0541,37,2,"unknown","NA",0,"NA",0,"NA","het",0.14012,"GATGGCCTCTGCGGCCTGGG","AACGGCTGTGCCGACAGGAA",1,0,"chr18:g.7475095C>A",75]
["G04244","TLE2","sense",19,3006625,"C","A","p.P309P",0.1053,19,2,"unknown","NA",0,"NA",0,"NA","het",0.1516,"GCATCCGAGGGGAAGGGAAC","GGCTGCATCTGCCCGTCCGC",1,0,"chr19:g.3006625C>A",34]
["G04244","CD70","sense",19,6590870,"C","A","p.L48L",0.0667,30,2,"unknown","NA",0,"NA",0,"NA","het",0.54016,"ACCCCAAGTGACTCGAGCGG","AGCTGCTGCTGAGCCTGTGC",1,1,"chr19:g.6590870C>A",29]
["G04244","ZSWIM4","sense",19,13919675,"A","G","p.A246A",0.05,40,2,"unknown","NA",0,"NA",0,"NA","het",0.17469,"CCAGACCCCACCGCCGGCGC","GGAATCGAGGACGCCAACTG",1,0,"chr19:g.3919675A>G",70]
["G04244","SLC27A1","sense",19,17598137,"C","A","p.G239G",0.0625,32,2,"unknown","NA",0,"NA",0,"NA","het",0.10225,"GCACAGATCCCCAGCAAGGG","ATGGACGGTGAGTCAAGGGT",1,0,"chr19:g.7598137C>A",74]
["G04244","ZNF676","sense",19,22363253,"C","T","p.K422K",0.18,100,18,"known","COSM5022029",1,"NA",0,"NA","het",0,"GCTTTGCCACATTCTTCACA","TTGTAGGGTTTCTCTCCAGT",1,0,"chr19:g.2363253C>T",191]
["G04244","KIAA0355","sense",19,34843770,"A","C","p.P1041P",0.1026,78,8,"unknown","NA",0,"NA",0,"NA","het",0.14806,"CAGACCCCACCCCAGCCCCC","CCCCCACCAGCACACAAGGC",1,0,"chr19:g.4843770A>C",89]
["G04244","CAPNS1","sense",19,36631958,"C","G","p.G15G",0.0484,124,6,"known","COSM3970945",3,"MU4732399",2,"NA","het",0.02036,"AAGGGCGGCGGCGGCGGCGG","GGGGGAGGCGGGGGCCTGGG",0,0,"chr19:g.6631958C>G",133]
["G04244","ZNF420","sense",19,37618052,"T","C","p.S53S",0.3158,38,12,"unknown","NA",0,"NA",0,"NA","het",0,"TTGCCTTCAAGGTGTGCAAG","AAGGACTTATCTCCAGAAAA",1,0,"chr19:g.7618052T>C",77]
["G04244","RYR1","sense",19,38934895,"C","T","p.R177R",0.194,268,52,"unknown","NA",0,"NA",0,"NA","het",0,"GTCAGTGTCTCCTCCGAGCG","TACCTGGTGAGCCATTGCGG",1,0,"chr19:g.8934895C>T",367]
["G04244","MAP4K1","sense",19,39079903,"A","G","p.S803S",0.2414,29,7,"unknown","NA",0,"NA",0,"NA","het",0.01563,"CAGTGAGGCGAGATCGTGCC","CTGCACTCCAGCCTGGGGGA",1,0,"chr19:g.9079903A>G",24]
["G04244","FBL","sense",19,40331279,"G","A","p.G53G",0.058,69,4,"known","COSM3990017",1,"MU4683802",1,"NA","het",0.11714,"CCTCTTCCTCCTCCTCCACC","CCGCCGCCGCCTCCACCTCC",0,0,"chr19:g.0331279G>A",113]
["G04244","EHD2","sense",19,48229289,"C","A","p.G241G",0.0556,36,2,"unknown","NA",0,"NA",0,"NA","het",0.24648,"GCGCTCATGTGGGCGCTGGG","AAGGTGGTGGGCACGCCCGA",1,0,"chr19:g.8229289C>A",43]
["G04244","RCN3","sense",19,50037516,"C","A","p.R103R",0.0588,34,2,"unknown","NA",0,"NA",0,"NA","het",0.23913,"GTGTCGCTGGCCGAGCTTCG","GCGTGGATCGCGCACACGCA",1,0,"chr19:g.0037516C>A",40]
["G04244","SHANK1","sense",19,51171575,"C","A","p.V1214V",0.0667,30,2,"unknown","NA",0,"NA",0,"NA","het",0.25424,"CTGGGCGAGGCGGGGGTGGG","ACGGGCGAGGGGGACGGGGG",1,0,"chr19:g.1171575C>A",33]
["G04244","SIGLEC12","sense",19,52002861,"C","T","p.T188T",0.4306,72,31,"known","COSM1395681",5,"MU73438",2,"NA","het",0,"GAGGCCCCCATCCAGGTGAT","GTGGGGGGCGTCCCCTGTTC",0,0,"chr19:g.2002861C>T",60]
["G04244","MAVS","sense",20,3838386,"G","A","p.A74A",0.1011,89,9,"known","COSM4581806",1,"NA",0,"NA","het",0.00094,"TGGGTGGAGTACTTCATTGC","GCACTGAGGGGCTGTGAGCT",1,0,"chr20:g.3838386G>A",191]
["G04244","ZNF133","sense",20,18296767,"C","A","p.T405T",0.1034,29,3,"unknown","NA",0,"NA",0,"NA","het",0.08365,"AGCTTCAGCCAGAATTCAAC","CTCATCTCTCACAGGCGGAC",1,1,"chr20:g.8296767C>A",48]
["G04244","PHF20","sense",20,34527021,"C","A","p.G901G",0.0714,28,2,"unknown","NA",0,"NA",0,"NA","het",0.33511,"GACAGTGACCCCAAACCCGG","TCCCCAAAGGTATGTGGCTG",1,0,"chr20:g.4527021C>A",25]
["G04244","DLGAP4","sense",20,35064733,"A","T","p.G407G",0.0816,49,4,"unknown","NA",0,"NA",0,"NA","het",0.03808,"GCCACGCAGCAGTCGCTGGG","GAGCAGAGCAACCCCCGCAG",1,0,"chr20:g.5064733A>T",71]
["G04244","OGFR","sense",20,61444563,"C","T","p.D532D",0.1517,356,54,"known","NA",0,"MU43251490",1,"NA","het",0,"CCAGCAGGACCTGCAGGGGA","GAGCCAGCCGAGAGCCCATC",1,0,"chr20:g.1444563C>T",384]
["G04244","SON","sense",21,34925719,"T","G","p.P1394P",0.1846,65,12,"unknown","NA",0,"NA",0,6.065,"het",3e-05,"GTTGTGACTGTCCCGGAGCC","CCTGTTGTGGCTGAGCCAGA",1,0,"chr21:g.4925719T>G",144]
["G04244","DSCAM","sense",21,41423898,"A","G","p.A1724A",0.0513,39,2,"unknown","NA",0,"NA",0,"NA","het",0.20756,"CACTCACTCGTTCCCGGCCG","GCGTCTGAAACATCCACTAA",1,0,"chr21:g.1423898A>G",57]
["G04244","DSCAM","sense",21,41668046,"T","C","p.A706A",0.1048,124,13,"unknown","NA",0,"NA",0,"NA","het",5e-05,"GCAGAACAATTGAGGATGAC","GCTTTGCCATAAATCCCGTC",1,0,"chr21:g.1668046T>C",189]
["G04244","KRTAP10-12","sense",21,46117290,"A","G","p.V58V",0.0763,236,18,"unknown","NA",0,"NA",0,"NA","het",0.1048,"TGCACCCCAGTGAGCCGTGT","TCCAGCCCCTGCTGCCGAGT",1,0,"chr21:g.6117290A>G",389]
["G04244","BCR","sense",22,23656859,"T","C","p.P1184P",0.0511,176,9,"unknown","NA",0,"NA",0,"NA","het",0.12195,"CCTGCCAACCCCAGCCAGCC","ATCACCATGACTGACAGCTG",1,1,"chr22:g.3656859T>C",305]
["G04244","CRYBB3","sense",22,25603110,"G","A","p.P189P",0.3451,113,39,"unknown","NA",0,"NA",0,"NA","het",0,"GAGTGGGACGCCAGCCAGCC","CAGCTGCAGTCTGTGCGCCG",1,0,"chr22:g.5603110G>A",189]
["G04244","NCF4","sense",22,37266534,"A","T","p.S140S",0.1862,247,46,"unknown","NA",0,"NA",0,"NA","het",0,"TACCAGTCGCCCTATGACTC","GAGCAGGTGCCCCAGGCACT",1,0,"chr22:g.7266534A>T",343]
["G04244","ADSL","sense",22,40754925,"C","T","p.C180C",0.0805,149,12,"known","COSM4104382",1,"MU5797466",1,"NA","het",4e-05,"CTTTGGATTCAGGATCTTTG","ATGGATCTCCAGAACTTGAA",0,0,"chr22:g.0754925C>T",249]
["G04244","VEGFD","sense","X",15371290,"G","A","p.R214R",0.0526,38,2,"unknown","NA",0,"NA",0,"NA","het",0.27504,"AGTTTCTTGGAATGGGAACA","CTAGGAAAAGAAAACAATGA",1,0,"chrX:g.5371290G>A",36]
["G04244","EIF2S3","sense","X",24086170,"A","T","p.V319V",0.0706,85,6,"known","COSM118616",5,"MU4626074",1,"NA","het",0.2232,"CCAATCTTTTCCAAAATTGT","TCACTTTTTGCGGAGCATAA",0,0,"chrX:g.4086170A>T",81]
["G04244","ZNF81","sense","X",47775956,"G","A","p.P637P",0.0625,32,2,"unknown","NA",0,"NA",0,"NA","het",0.18364,"ATTCATACTGGAGATAAACC","TATAAATGCAGCGACTGTGG",1,0,"chrX:g.7775956G>A",48]
["G04244","GATA1","sense","X",48652505,"C","A","p.G392G",0.0588,34,2,"known","COSM6488060",1,"NA",0,"NA","het",0.30656,"CTACTGGGCTCACCCACGGG","TCCTTCCCCACAGGCCCCAT",1,1,"chrX:g.8652505C>A",31]
["G04244","RAB9B","sense","X",103080697,"C","A","p.L6L",0.1538,13,2,"unknown","NA",0,"NA",0,"NA","het",0.20635,"AAGAGAATGACCTTTAAGAG","AGGGATTTCCCACTCATTTT",1,0,"chrX:g.103080697C>A",18]
["G04244","MORC4","sense","X",106219819,"C","T","p.E384E",0.1864,59,11,"unknown","NA",0,"NA",0,"NA","het",1.25E-3,"TTGGGAGTGACTCACCGGTA","TCCTTGGTATACTCAAAGTC",1,0,"chrX:g.106219819C>T",55]
["G04244","IGSF1","sense","X",130420631,"T","C","p.P6P",0.4857,35,17,"unknown","NA",0,"NA",0,"NA","het",0,"AGCATGGTGGCCCCCTCCCC","GGTCTGTCCAGGGTCATGGG",1,0,"chrX:g.130420631T>C",54]
["G04244","PNCK","sense","X",152936787,"G","A","p.Y272Y",0.1463,41,6,"unknown","NA",0,"NA",0,"NA","het",0.02233,"CACACATCTACGGCCTTCCC","TAGGGTTTCTGCTCCAAGAG",1,0,"chrX:g.152936787G>A",40]
["G04245","KLHL17","sense",1,898631,"C","A","p.G395G",0.0588,34,2,"unknown","NA",0,"NA",0,"NA","het",0.17315,"AACCGGCTCTATGCTGTGGG","GGGTAAGCCTGGAGGCTGGA",1,0,"chr1:g.98631C>A",56]
["G04245","PRDM16","sense",1,3329155,"C","A","p.G798G",0.0513,39,2,"unknown","NA",0,"NA",0,"NA","het",0.20274,"CCCTCGGCCCCCGCATCCGG","GAGGAGCAGCCGCTGGACCT",1,1,"chr1:g.3329155C>A",55]
["G04245","PRAMEF12","sense",1,12837370,"C","T","p.I360I",0.475,160,76,"known","COSM3472558",6,"MU4477922",2,"NA","het",0,"GACTTAGAGGACTGTGGGAT","GTGGATTCCCAACTCAGCGC",0,0,"chr1:g.2837370C>T",269]
["G04245","CRYBG2","sense",1,26671556,"G","A","p.V531V",0.1429,42,6,"known","NA",0,"MU849145",2,"NA","het",0.05198,"GGAGCACCGGGGCCCTTCAC","ACCTCTTTCCAGGTGGGGAA",0,0,"chr1:g.6671556G>A",151]
["G04245","CRYBG2","sense",1,26671625,"A","G","p.S508S",0.0584,137,8,"known","NA",0,"MU873587",7,"NA","het",0.08218,"ACCACCTCCTTCTGGGTGGG","GATGAGGCAGCAGGAGCACC",0,0,"chr1:g.6671625A>G",236]
["G04245","CRYBG2","sense",1,26671658,"G","A","p.V497V",0.1214,140,17,"known","NA",0,"MU1134035",5,"NA","het",0.00768,"GGAGCACCAGGGCCCTTCAC","ACCTCTTTCCAGGTGGGGGA",0,0,"chr1:g.6671658G>A",277]
["G04245","BMP8B","sense",1,40229393,"G","A","p.L313L",0.0652,138,9,"known","NA",0,"MU4555011",1,"NA","het",0.00994,"TCAGCAATTACCAGCCAGCC","AGGTCCTGGAAGCTGACGTA",1,0,"chr1:g.0229393G>A",184]
["G04245","ADGRL4","sense",1,79403812,"C","T","p.K183K",0.1503,153,23,"unknown","NA",0,"NA",0,"NA","het",0,"GTTGAGTTAGAAAGGGTGTC","TTGGCTGAGATAGTGTTGTT",1,0,"chr1:g.9403812C>T",299]
["G04245","HIST2H2BF","sense",1,149783822,"A","G","p.V19V",0.6203,187,116,"unknown","NA",0,"NA",0,"NA","het",0,"TCCTTCTTCTGCACTTTCGT","ACAGCCTTTTTGGAGCCCTT",1,0,"chr1:g.149783822A>G",277]
["G04245","TARS2","sense",1,150460528,"C","A","p.I87I",0.0645,31,2,"unknown","NA",0,"NA",0,17.06,"het",0.16757,"TACCAACTAGCCCGGCAGAT","AGGTAACAGGCCCATCCTGT",1,0,"chr1:g.150460528C>A",52]
["G04245","SEMA4A","sense",1,156145407,"C","T","p.P419P",0.1195,159,19,"unknown","NA",0,"NA",0,"NA","het",1e-05,"TGGGCATGTGCCAGTGGCCC","ATGAGCAGGAGCCTTCGGCC",1,0,"chr1:g.156145407C>T",248]
["G04245","GLMP","sense",1,156264739,"G","A","p.G63G",0.05,40,2,"unknown","NA",0,"NA",0,"NA","het",0.21849,"TAGTGCAGTGTGGAATTGGT","CCCACTGCCCGTATATGAAG",1,0,"chr1:g.156264739G>A",56]
["G04245","NID1","sense",1,236187494,"A","G","p.L668L",0.4,140,56,"unknown","NA",0,"NA",0,"NA","het",0,"CCGATGTAGCAGGGATTCTG","AGAGCATCAGGGGAGCCTTC",1,0,"chr1:g.236187494A>G",131]
["G04245","RYR2","sense",1,237863748,"G","A","p.Q3116Q",0.0556,54,3,"unknown","NA",0,"NA",0,"NA","het",0.1736,"GAACATATTGGCCAGCATCA","TTCGGAGAAGACCTAATATG",1,0,"chr1:g.237863748G>A",49]
["G04245","CPSF3","sense",2,9582027,"A","G","p.E302E",0.4516,124,56,"unknown","NA",0,"NA",0,"NA","het",0,"CAAAGTGGCTTATCCAGAGA","TTATTTGAAAGCTGGTGTAC",1,0,"chr2:g.9582027A>G",175]
["G04245","PRR30","sense",2,27360292,"C","A","p.L302L",0.0571,35,2,"unknown","NA",0,"NA",0,"NA","het",0.11327,"GCCCTGGCCTGGCCCTGAGG","AGGCGGAGGCCGAAGCCGAT",1,0,"chr2:g.7360292C>A",86]
["G04245","ARHGEF33","sense",2,39187675,"C","A","p.A743A",0.4576,59,27,"unknown","NA",0,"NA",0,1.366,"het",0,"CCCATCAAGGCCGAGCGCGC","GCGCAGGCGCACGGCCCGGC",1,0,"chr2:g.9187675C>A",68]
["G04245","FSHR","sense",2,49210116,"G","A","p.S175S",0.4028,216,87,"unknown","NA",0,"NA",0,"NA","het",0,"TCTTCTAAATTATTATTATC","CTTAGATTCCTGGGGATGGG",1,0,"chr2:g.9210116G>A",366]
["G04245","DYSF","sense",2,71839881,"G","A","p.E1412E",0.1453,117,17,"unknown","NA",0,"NA",0,"NA","het",2e-05,"TGTACCATCCGCTCCCTGGA","AGCTTCCTGTGTGACCCCTA",1,0,"chr2:g.1839881G>A",134]
["G04245","KIAA1211L","sense",2,99438450,"C","A","p.L762L",0.0541,37,2,"unknown","NA",0,"NA",0,"NA","het",0.26056,"TGCAGAAGCGGCTTCCGGGG","AGGGGCGGCTTGGAGCTGAG",1,0,"chr2:g.9438450C>A",45]
["G04245","RFX8","sense",2,102018940,"G","C","p.L401L",0.234,47,11,"unknown","NA",0,"NA",0,"NA","het",0.0004,"ACCAGGAAGCCCAGGATCCT","AGGACCATGTTGCTCACACC",1,0,"chr2:g.102018940G>C",70]
["G04245","C2orf40","sense",2,106688310,"T","C","p.S30S",0.313,131,41,"unknown","NA",0,"NA",0,"NA","het",0,"ATTCCTTTAGGTGGCATAAG","GGAAATAAACTCAAGCTGAT",1,0,"chr2:g.106688310T>C",199]
["G04245","FOXD4L1","sense",2,114257617,"C","T","p.L262L",0.0876,194,17,"unknown","NA",0,"NA",0,"NA","het",1e-05,"GGAGACGCCCTTACGCTCTG","TGCACCCGCATCCTCCTCGC",1,0,"chr2:g.114257617C>T",354]
["G04245","HS6ST1","sense",2,129026345,"A","G","p.H209H",0.075,120,9,"known","NA",0,"MU24565680",1,"NA","het",0.02334,"GGCGTGCGCCCATCACACAT","TGCAACGACGTCTTCCACGT",1,0,"chr2:g.129026345A>G",217]
["G04245","TUBA3D","sense",2,132236963,"C","T","p.Y103Y",0.0784,102,8,"known","NA",0,"MU24590343",2,"NA","het",0.271,"GAAGATGCAGCCAATAATTA","GCCAGGGGCCATTACACCAT",0,0,"chr2:g.132236963C>T",173]
["G04245","DYNC1I2","sense",2,172585298,"T","C","p.D435D",0.0534,131,7,"known","COSM3379859",6,"MU1690218",2,"NA","het",0.03878,"ATGTCCTTCCCTGTTGGAGA","GTCAACAACTTTGTTGTTGG",0,0,"chr2:g.172585298T>C",223]
["G04245","ZNF804A","sense",2,185800882,"C","A","p.V253V",0.4902,102,50,"unknown","NA",0,"NA",0,"NA","het",0,"AGCAGAAAAAGTAGATTTGT","CCCAGTGCTTGTCATCTTCA",1,0,"chr2:g.185800882C>A",241]
["G04245","INPP1","sense",2,191236066,"C","A","p.R380R",0.0606,33,2,"unknown","NA",0,"NA",0,"NA","het",0.23881,"TTGCATACAGATCCAGGAAG","GGCTGGAGACATTCCTGAGC",1,0,"chr2:g.191236066C>A",41]
["G04245","SLC4A3","sense",2,220498023,"C","A","p.G462G",0.05,40,2,"unknown","NA",0,"NA",0,"NA","het",0.21849,"AACGATGACAAGGACAGTGG","TTCTTTCCCCGAAACCCATC",1,0,"chr2:g.220498023C>A",53]
["G04245","ZNF660","sense",3,44635742,"C","A","p.L19L",0.0571,35,2,"unknown","NA",0,"NA",0,"NA","het",0.13326,"GTTAAAGACAATAAAGTACT","ACAGAAGGGAGTGACCAAGA",1,0,"chr3:g.4635742C>A",75]
["G04245","DCAF1","sense",3,51504988,"C","T","p.E48E",0.2203,118,26,"unknown","NA",0,"NA",0,"NA","het",0,"TCTGGATCCCCTTTACGATA","TCTTCAGTTTCTTTTTCAAT",1,0,"chr3:g.1504988C>T",141]
["G04245","PCBP4","sense",3,51994635,"G","A","p.S54S",0.2479,117,29,"unknown","NA",0,"NA",0,"NA","het",0,"CGTTCAGGGCAGGAGCCCTC","GAGATGGTGATCCGGGCACT",1,0,"chr3:g.1994635G>A",213]
["G04245","DZIP3","sense",3,108326999,"T","C","p.G32G",0.2544,169,43,"unknown","NA",0,"NA",0,"NA","het",0,"AAGCTAGAAAAATCATCTGG","CAACTGGTAAGAGAAAGTTT",1,0,"chr3:g.108326999T>C",181]
["G04245","ATP13A4","sense",3,193201729,"T","C","p.R268R",0.1279,172,22,"unknown","NA",0,"NA",0,"NA","het",1e-05,"AAATAATGGAACTTACCTTT","CTCCCACATACAGAGACCGT",1,0,"chr3:g.193201729T>C",199]
["G04245","HTT","sense",4,3076693,"G","T","p.P47P",0.1351,74,10,"unknown","NA",0,"NA",0,"NA","het",2e-05,"CCGCCGCCGCCGCCGCCGCC","CCTCCTCAGCTTCCTCAGCC",1,0,"chr4:g.3076693G>T",214]
["G04245","HTT","sense",4,3076699,"T","G","p.P49P",0.0615,65,4,"unknown","NA",0,"NA",0,"NA","het",0.23165,"CCGCCGCCGCCGCCGCCTCC","CAGCTTCCTCAGCCGCCGCC",1,0,"chr4:g.3076699T>G",170]
["G04245","SORCS2","sense",4,7677918,"C","A","p.R435R",0.0566,53,3,"unknown","NA",0,"NA",0,"NA","het",0.07554,"TGCAGGACGTGCGCAGCTCA","GGCAGGCGGAGGAGAGCGTG",1,0,"chr4:g.7677918C>A",104]
["G04245","PROM1","sense",4,16020066,"C","T","p.V285V",0.2595,131,34,"unknown","NA",0,"NA",0,"NA","het",0,"GATGACCGCAGGCTAGTTTT","ACGCTGGTCAGACTGCTGCT",1,0,"chr4:g.6020066C>T",219]
["G04245","NUDT9","sense",4,88356139,"G","A","p.S38S",0.2857,21,6,"unknown","NA",0,"NA",0,"NA","het",0.0006,"TTTTTCTCCCCCAGAAACTC","TTTTCATCTTCTTGGTTTCA",1,0,"chr4:g.8356139G>A",52]
["G04245","DSPP","sense",4,88536883,"T","C","p.N1023N",0.6044,182,110,"known","NA",0,"MU63790996",1,"NA","het",0,"AATAGTAGTGACAGCAGCAA","AGCAGTGACAGCAGCAACAG",1,0,"chr4:g.8536883T>C",477]
["G04245","DSPP","sense",4,88536901,"C","T","p.N1029N",0.2791,172,48,"known","NA",0,"MU34950008",2,"NA","het",0,"AATAGCAGTGACAGCAGCAA","AGCAGTGACAGCAGCGATAG",0,0,"chr4:g.8536901C>T",504]
["G04245","HERC6","sense",4,89300259,"C","A","p.R62R",0.0714,28,2,"unknown","NA",0,"NA",0,6.242,"het",0.13622,"GGCCGCAGGGGCGCGCAGCG","GGGGAGCTGCCAGGTGAGCG",1,0,"chr4:g.9300259C>A",57]
["G04245","PPA2","sense",4,106395184,"C","A","p.L8L",0.0541,37,2,"unknown","NA",0,"NA",0,3.413,"het",0.18655,"GCGGCTGGGGCACCCGTGCG","AGCAGCCGCAGCAGCGCGCT",1,0,"chr4:g.106395184C>A",57]
["G04245","RPL34","sense",4,109543139,"A","T","p.R8R",0.0541,111,6,"known","COSM121768",1,"NA",0,"NA","het",0.33377,"GTCCAGCGTTTGACATACCG","CGTAGGCTTTCCTACAATAC",1,0,"chr4:g.109543139A>T",212]
["G04245","SEC24D","sense",4,119738447,"C","T","p.Q123Q",0.0667,30,2,"unknown","NA",0,"NA",0,"NA","het",0.18012,"TTGATTTGCATAGCACTGAG","TGGCTGCCCAGCTGGGTGAC",1,0,"chr4:g.119738447C>T",57]
["G04245","SEC24D","sense",4,119754753,"C","A","p.S33S",0.0508,59,3,"unknown","NA",0,"NA",0,"NA","het",0.11011,"CCTGTTGGAGATGCTGTGTG","GACGGATCCCCATAGTGCCC",1,0,"chr4:g.119754753C>A",78]
["G04245","CPE","sense",4,166408711,"C","A","p.L365L",0.0545,55,3,"unknown","NA",0,"NA",0,"NA","het",0.06844,"GAGGATAACAAAAACTCCCT","ATTAGCTACCTTGAGCAGGT",1,0,"chr4:g.166408711C>A",112]
["G04245","SORBS2","sense",4,186598418,"T","G","p.G75G",0.2835,127,36,"unknown","NA",0,"NA",0,"NA","het",0,"GTACTAATGGGGCTGCTACT","CCTAGATCCTGGTTATGGGT",1,0,"chr4:g.186598418T>G",285]
["G04245","CDH18","sense",5,19591253,"G","T","p.T304T",0.3918,97,38,"unknown","NA",0,"NA",0,"NA","het",0,"TCACCATTTATGATGGAGTA","GTCATGTCAGCATTTGAGCC",1,0,"chr5:g.9591253G>T",151]
["G04245","CDH6","sense",5,31323295,"C","T","p.S751S",0.3862,189,73,"unknown","NA",0,"NA",0,"NA","het",0,"TCCGTGGCGGATTCCCTGAG","TCGCTGGAGTCAGTGACCAC",1,0,"chr5:g.1323295C>T",284]
["G04245","MROH2B","sense",5,41012774,"G","A","p.L1016L",0.0621,161,10,"unknown","NA",0,"NA",0,"NA","het",1.42E-3,"AGTGGGGTTGAGGCTCTCCA","ACCGTCCAGCATTTCCTCTA",1,0,"chr5:g.1012774G>A",194]
["G04245","PCDHA9","sense",5,140229607,"A","G","p.S509S",0.0295,237,7,"unknown","NA",0,"NA",0,"NA","het",0.04879,"TCGCTGTCGAGCTACGTGTC","GTGCACGCGGAGAGCGGCAA",1,0,"chr5:g.140229607A>G",495]
["G04245","ARSI","sense",5,149681664,"G","T","p.P91P",0.575,40,23,"unknown","NA",0,"NA",0,"NA","het",0,"CTCCGCGAAGGCGTGCAGAT","GGCTGGATGTAATAATTCTC",1,0,"chr5:g.149681664G>T",59]
["G04245","SYNPO","sense",5,150036319,"G","C","p.P794P",0.1231,65,8,"unknown","NA",0,"NA",0,"NA","het",0.03037,"GCGCCACCGCCCCCGCCCCC","CCCCCGCCCCCGCCCCCGCG",1,0,"chr5:g.150036319G>C",90]
["G04245","RNF145","sense",5,158596039,"C","A","p.L351L",0.0541,37,2,"unknown","NA",0,"NA",0,"NA","het",0.20556,"GTCTGCACTGCCAGGATTAA","AGCGTTACTCCTTCTGTCAT",1,0,"chr5:g.158596039C>A",59]
["G04245","FOXQ1","sense",6,1313980,"C","G","p.P347P",0.7692,13,10,"known","NA",0,"MU4550661",2,"NA","het",0.00049,"GTGCCACCGACCGCGCCGCC","CTCCTGCTTGCACCTCTCCC",0,1,"chr6:g.1313980C>G",15]
["G04245","VWA7","sense",6,31737560,"C","A","p.L403L",0.0392,102,4,"unknown","NA",0,"NA",0,"NA","het",0.04642,"GAGAGTGGAGGTGTGTGCAG","AGGGCCAGCTGGCAGGGAAG",1,0,"chr6:g.1737560C>A",149]
["G04245","ZNF292","sense",6,87965267,"C","A","p.L640L",0.0333,90,3,"unknown","NA",0,"NA",0,"NA","het",0.04251,"CCTATAAAAAAGAATAGTCT","TATTCAACAGATTTTATAGT",1,0,"chr6:g.7965267C>A",205]
["G04245","ZNF292","sense",6,87966134,"A","C","p.L929L",0.2967,91,27,"unknown","NA",0,"NA",0,"NA","het",0,"AACCCTGCTACTACTCCTCT","CTTCAATCCAGTGAAGTAGC",1,0,"chr6:g.7966134A>C",163]
["G04245","MAP3K5","sense",6,136935394,"T","A","p.A727A",0.0469,128,6,"unknown","NA",0,"NA",0,"NA","het",0.01543,"TGCTTCAGGTGTTTATGCAA","GCTATTTCTTCATGCAGGGG",1,0,"chr6:g.136935394T>A",175]
["G04245","SASH1","sense",6,148711290,"C","A","p.I14I",0.0594,101,6,"unknown","NA",0,"NA",0,"NA","het",0.3128,"GACGGTTCACTGGGAAACAT","GATGACCTGGCGCAGCAGTA",1,0,"chr6:g.148711290C>A",88]
["G04245","ZDHHC14","sense",6,158068296,"A","G","p.K287K",0.112,125,14,"unknown","NA",0,"NA",0,"NA","het",1.5E-3,"TTCCTTTTCTTTCAGATTAA","GGATCCTGGTCAAATAAAAG",1,0,"chr6:g.158068296A>G",101]
["G04245","NACAD","sense",7,45125458,"C","T","p.T107T",0.2828,99,28,"unknown","NA",0,"NA",0,"NA","het",0,"GTGGCCGGGAGAGGAGCCTC","GTGGACAGAGCCTGGGAAGA",1,0,"chr7:g.5125458C>T",93]
["G04245","TBRG4","sense",7,45141572,"C","A","p.L363L",0.05,40,2,"unknown","NA",0,"NA",0,0.139,"het",0.19918,"GGGGCCACAGCCGAGGCAGG","AGAAGGGGACCCGAGTACTC",1,0,"chr7:g.5141572C>A",53]
["G04245","TAF6","sense",7,99705016,"A","G","p.P666P",0.0741,27,2,"known","NA",0,"MU600643",1,"NA","het",0.1918,"GACGGGGACGATGCCGGGGG","GGAACTGGAGAAGGATGGGA",1,0,"chr7:g.9705016A>G",39]
["G04245","SPDYE6","sense",7,101992544,"A","G","p.L212L",0.2727,11,3,"known","NA",0,"MU49037500",2,"NA","het",0.06346,"CAGATCTTTGTCCCAGGCCA","GAATCTTTTAATGACAGGAT",0,0,"chr7:g.101992544A>G",17]
["G04245","FOXP2","sense",7,114270018,"G","A","p.Q185Q",0.0282,248,7,"known","NA",0,"MU3898519",2,"NA","het",0.00136,"CAGCAGCAGCAGCAGCAACA","CAGCAGCAGCAGCAACAGCA",0,0,"chr7:g.114270018G>A",564]
["G04245","CADPS2","sense",7,122261703,"T","A","p.S312S",0.229,214,49,"unknown","NA",0,"NA",0,"NA","het",0,"TTGGCCATTAGCAAATTCAC","GAAGACCGCAACTCTTCTAT",1,0,"chr7:g.122261703T>A",361]
["G04245","SLC4A2","sense",7,150761833,"C","A","p.V137V",0.0541,37,2,"unknown","NA",0,"NA",0,"NA","het",0.09648,"CTCACTCAGCCGTCCCCTGT","TCCACACCCTCCTCGGTGCA",1,0,"chr7:g.150761833C>A",88]
["G04245","EXTL3","sense",8,28575382,"C","A","p.R602R",0.0541,37,2,"unknown","NA",0,"NA",0,"NA","het",0.14012,"ACTGTCACTGACTTTTACCG","AGCTGGAACTGTGCTCCAGG",1,0,"chr8:g.8575382C>A",70]
["G04245","RBPMS","sense",8,30336893,"T","C","p.N82N",0.3646,192,70,"unknown","NA",0,"NA",0,"NA","het",0,"GCTGCAAAGAATGCTTTGAA","GTAAGTACTAATGATGTAAT",1,0,"chr8:g.0336893T>C",270]
["G04245","TRAM1","sense",8,71499164,"G","A","p.L152L",0.2742,124,34,"unknown","NA",0,"NA",0,"NA","het",0,"TTCATTGCTAAAATAAAACA","GCGGGAAATGTGGAAAAGAA",1,0,"chr8:g.1499164G>A",175]
["G04245","TBC1D31","sense",8,124138297,"C","A","p.I419I",0.0625,32,2,"unknown","NA",0,"NA",0,"NA","het",0.23124,"TCTTTTTTTTCCTTCATAGT","AATTGGTGTCAACACTGGTT",1,0,"chr8:g.124138297C>A",42]
["G04245","WASHC5","sense",8,126094685,"C","A","p.G119G",0.3317,208,69,"unknown","NA",0,"NA",0,"NA","het",0,"AAGGTTTGCTGAATATAAAC","CCTTCATTGAGATCATCTAG",1,0,"chr8:g.126094685C>A",298]
["G04245","SMARCA2","sense",9,2039842,"G","A","p.P244P",0.0189,212,4,"unknown","NA",0,"NA",0,"NA","het",0.03714,"CAGCCGCAGCAGCAGCCGCC","CAACCACAGACGCAGCAACA",1,0,"chr9:g.2039842G>A",360]
["G04245","GLIS3","sense",9,4118197,"C","A","p.L272L",0.0571,35,2,"unknown","NA",0,"NA",0,"NA","het",0.27739,"TCCAGGCGTTCGGTCTTGAA","AGGCCGGCCGACTGGCTGTC",1,0,"chr9:g.4118197C>A",41]
["G04245","TYRP1","sense",9,12698567,"T","G","p.T275T",0.2191,324,71,"known","COSM6814700",1,"NA",0,"NA","het",0,"AGAAGCAACTTTGATTCCAC","CTAATAAGCCCAAACTCTGT",1,0,"chr9:g.2698567T>G",467]
["G04245","ZNF462","sense",9,109689499,"A","C","p.P1102P",0.0886,79,7,"unknown","NA",0,"NA",0,"NA","het",0.00093,"ATGGGTTCCCCACCCCCCCC","CAACCCCCGCCACCAGACCT",1,0,"chr9:g.109689499A>C",157]
["G04245","AKNA","sense",9,117139379,"T","C","p.P117P",0.065,123,8,"unknown","NA",0,"NA",0,"NA","het",0.02011,"AGGTGGTGGCTGGGGCCCTC","GGCAAGGTTTCTGCCAGGGC",1,0,"chr9:g.117139379T>C",156]
["G04245","GOLGA1","sense",9,127650637,"A","T","p.L600L",0.2679,112,30,"unknown","NA",0,"NA",0,"NA","het",0,"GGTGTTCTTCCTGCAGTTGG","AGCTGGAACACAGGGTCCTG",1,0,"chr9:g.127650637A>T",175]
["G04245","RGR","sense",10,86018377,"G","A","p.E248E",0.0194,155,3,"unknown","NA",0,"NA",0,"NA","het",0.03518,"CTCTCACCGCAGAAGAGGGA","AAGGACCGAACCAAGTGAGC",1,0,"chr10:g.6018377G>A",449]
["G04245","CNNM1","sense",10,101089654,"C","A","p.G170G",0.0625,32,2,"unknown","NA",0,"NA",0,"NA","het",0.21773,"GTGCGGGAGCTGCGCAAGGG","GAAGCGGAGCGGGGCGGCGC",1,0,"chr10:g.101089654C>A",39]
["G04245","TDRD1","sense",10,115963239,"C","T","p.S298S",0.2748,131,36,"unknown","NA",0,"NA",0,"NA","het",0,"ATGAACCAACTCTCTGCCAG","TTAAAAGAAACATATGCAAA",1,0,"chr10:g.115963239C>T",151]
["G04245","KRTAP5-5","sense",11,1651211,"C","A","p.G47G",0.2581,62,16,"known","NA",0,"MU4547277",4,"NA","het",0,"GGCTGTGGAGGCTGTGGGGG","TGTGGCTCCGGCTGTGCGGG",0,0,"chr11:g.1651211C>A",122]
["G04245","OR52E6","sense",11,5862582,"C","T","p.E182E",0.2239,67,15,"unknown","NA",0,"NA",0,"NA","het",0,"AGACGGGCAATGCCCATGTG","TCACAGTAAGTATGAGGGAT",1,0,"chr11:g.5862582C>T",109]
["G04245","DCHS1","sense",11,6646951,"G","A","p.L2247L",0.0714,28,2,"unknown","NA",0,"NA",0,"NA","het",0.21356,"CCCTCTGTCTGTGGCCATCA","CACCAACCTGGACACAAAGC",1,0,"chr11:g.6646951G>A",40]
["G04245","SCYL1","sense",11,65303604,"C","A","p.R523R",0.0606,33,2,"unknown","NA",0,"NA",0,"NA","het",0.25385,"TAGATCCTGAGAAATCCGTG","GAGACCAGGTGAGGCACAGC",1,0,"chr11:g.5303604C>A",36]
["G04245","RBM4","sense",11,66407431,"C","T","p.G83G",0.4671,167,78,"unknown","NA",0,"NA",0,"NA","het",0,"TCAACAAAGTTGCATGTGGG","AACATCAGTCCCACCTGCAC",1,0,"chr11:g.6407431C>T",305]
["G04245","RPS3","sense",11,75115717,"T","A","p.G54G",0.0732,41,3,"unknown","NA",0,"NA",0,17.05,"het",0.1348,"CAACTGTGGTGTCCTCTAGG","GTGCTGGGCATCAAGGTGAA",1,0,"chr11:g.5115717T>A",43]
["G04245","THAP12","sense",11,76063717,"C","T","p.E159E",0.0584,137,8,"known","COSM4768621",2,"NA",0,"NA","het",0.14126,"AGGTATTCTTTGTTTTCCTT","TCTTCAAGGGTTAGAGGTAA",0,0,"chr11:g.6063717C>T",231]
["G04245","ENDOD1","sense",11,94823106,"C","A","p.R5R",0.0769,26,2,"unknown","NA",0,"NA",0,"NA","het",0.24525,"GCCGCCATGGGCACCGCGCG","TGGCTCGCGCTGGGCAGCCT",1,0,"chr11:g.4823106C>A",63]
["G04245","ENDOD1","sense",11,94862071,"G","A","p.E277E",0.0562,178,10,"unknown","NA",0,"NA",0,"NA","het",0.15241,"GAAACTGAGCAAGACACAGA","AAAATGAAAAAAATCCTGGA",1,0,"chr11:g.4862071G>A",255]
["G04245","CEP164","sense",11,117252462,"T","G","p.P488P",0.0855,117,10,"unknown","NA",0,"NA",0,"NA","het",2.3E-3,"GAGCGGGCCCAGAGTCCCCC","CGCAGCCTGGCCACTGAAGA",1,0,"chr11:g.117252462T>G",136]
["G04245","ESAM","sense",11,124624214,"A","G","p.A251A",0.4521,73,33,"unknown","NA",0,"NA",0,"NA","het",0,"AGGGTACCCACAACAGCTCC","GCAACCACTGCAGCTCCAGG",1,0,"chr11:g.124624214A>G",57]
["G04245","OPCML","sense",11,132290138,"A","C","p.A229A",0.4077,130,53,"known","COSM3415691",2,"MU1787077",2,"NA","het",0,"GTCCCTGATAGCCAGAGACA","GCCAGTGCTCTGGAGGCCGA",0,0,"chr11:g.132290138A>C",139]
["G04245","PRKAG1","sense",12,49398308,"C","A","p.L182L",0.0556,54,3,"unknown","NA",0,"NA",0,"NA","het",0.0744,"ACAAACAATTTGAGGAACTT","AGAATGCGCTTGTGGGTGAG",1,0,"chr12:g.9398308C>A",89]
["G04245","KMT2D","sense",12,49427679,"C","T","p.Q3603Q",0.08,25,2,"known","COSM940017",4,"MU1850555",1,"NA","het",0.19481,"TGTTGTTGCTGCTGCTGCTG","TGTTGTTGCTGCTGCTTGTT",0,1,"chr12:g.9427679C>T",38]
["G04245","KRT6B","sense",12,52845581,"A","C","p.G94G",0.0933,75,7,"unknown","NA",0,"NA",0,"NA","het",4.28E-3,"CCAAATCCACTCCCGGCGCC","CCAAAGCCATAGCTGCCTCC",1,0,"chr12:g.2845581A>C",230]
["G04245","ZC3H10","sense",12,56514899,"C","A","p.R185R",0.0353,85,3,"unknown","NA",0,"NA",0,"NA","het",0.04808,"CAGGCTCAGTCCTCCCAGGA","GACGTCATGATCTCTATGAT",1,0,"chr12:g.6514899C>A",178]
["G04245","GAS2L3","sense",12,101016094,"T","C","p.H230H",0.0556,108,6,"unknown","NA",0,"NA",0,"NA","het",0.0183,"CCTCCTTGTAGTTGTTCTCA","CGATTTTCTATTGAGTATTT",1,0,"chr12:g.101016094T>C",150]
["G04245","OGFOD2","sense",12,123463677,"C","A","p.G115G",0.1176,17,2,"unknown","NA",0,"NA",0,"NA","het",0.07684,"GAGGTGGAGCACGTGGTGGG","CAGGGTGTCCTCCACCGTGG",1,0,"chr12:g.123463677C>A",51]
["G04245","SACS","sense",13,23909732,"C","A","p.V2614V",0.0236,127,3,"unknown","NA",0,"NA",0,"NA","het",0.05,"TTGCCCTTTACTGAATACAG","ACATTTAGAGCTCCAGTACT",1,0,"chr13:g.3909732C>A",302]
["G04245","ZFHX2","sense",14,23994747,"T","G","p.P1468P",0.0723,83,6,"unknown","NA",0,"NA",0,"NA","het",0.00431,"CCGAGGGCCTCAGGTGGGGG","GGGGTAGGGGGAGGGGGCAC",1,0,"chr14:g.3994747T>G",134]
["G04245","TOGARAM1","sense",14,45432065,"A","G","p.G147G",0.039,77,3,"unknown","NA",0,"NA",0,"NA","het",0.04877,"GGCCGAGTGCTTGTGGAAGG","GGTAGTGATGAGAAGCGGCT",1,0,"chr14:g.5432065A>G",172]
["G04245","TXNDC16","sense",14,52899028,"C","A","p.V819V",0.0769,26,2,"unknown","NA",0,"NA",0,"NA","het",0.24525,"ACAGCCCTATAAAATTAGTT","ACTTTTGAGCATCCTAACTC",1,0,"chr14:g.2899028C>A",73]
["G04245","OTX2","sense",14,57272115,"C","T","p.S20S",0.5046,109,55,"unknown","NA",0,"NA",0,"NA","het",0,"GGGTGCAGCAAGTCCATACC","GAAGTGGTCAGACTCAGCCC",1,0,"chr14:g.7272115C>T",165]
["G04245","ZBTB1","sense",14,64998597,"T","C","p.S639S",0.25,104,26,"unknown","NA",0,"NA",0,"NA","het",0,"AGTGGTGAAATAGGGCCTTC","AAACCTGTGGAGAAGTGAGA",1,0,"chr14:g.4998597T>C",157]
["G04245","TECPR2","sense",14,102910138,"C","A","p.G969G",0.1053,19,2,"unknown","NA",0,"NA",0,"NA","het",0.18076,"AGCAGCTTCTGTCCGGAAGG","GAGCAGTGGAAGTGTGACAT",1,0,"chr14:g.102910138C>A",28]
["G04245","INF2","sense",14,105173879,"A","C","p.P425P",0.0957,94,9,"unknown","NA",0,"NA",0,"NA","het",0.16088,"TCCACCCCACCCCCACCCCC","CCCCCACCCCTGCTCCCTGG",1,0,"chr14:g.105173879A>C",128]
["G04245","GOLGA6L1","sense",15,22743235,"A","G","p.R540R",0.0863,197,17,"unknown","NA",0,"NA",0,"NA","het",0.00943,"GAGCAGGAGGAGAAGATACG","GAGCAGGAGGAGATGATGCA",1,0,"chr15:g.2743235A>G",622]
["G04245","TUBGCP5","sense",15,22833530,"G","A","p.A2A",0.087,23,2,"unknown","NA",0,"NA",0,"NA","het",0.1768,"GCAGGAGCGCGGAACATGGC","CGGCACGGGCCACCGTGGAG",1,0,"chr15:g.2833530G>A",39]
["G04245","GABRB3","sense",15,26793117,"G","A","p.F330F",0.506,83,42,"known","COSM4462394",2,"NA",0,"NA","het",0,"GGGAGGCTTCTGTCCCCCAG","AATCGCCCATGCCCTTCTCG",0,0,"chr15:g.6793117G>A",188]
["G04245","STARD9","sense",15,42981084,"C","A","p.I2436I",0.0455,66,3,"unknown","NA",0,"NA",0,"NA","het",0.04708,"CTGGGGACAGAGGACAGGAT","TCAGCAAGCACCAGCCCCCA",1,0,"chr15:g.2981084C>A",146]
["G04245","MTFMT","sense",15,65295442,"C","T","p.K376K",0.0909,33,3,"unknown","NA",0,"NA",0,"NA","het",0.16549,"GCAACAGTTTTTTTCTGCTT","TTCTTTGTTGGAAGTCTGAG",1,0,"chr15:g.5295442C>T",92]
["G04245","CACNA1H","sense",16,1267977,"C","T","p.F1788F",0.3468,124,43,"known","COSM4128668",1,"MU4561529",1,"NA","het",0,"CACGCCACCTTCAGCAACTT","GGCATGGCCTTCCTCACGCT",0,0,"chr16:g.1267977C>T",109]
["G04245","TRAF7","sense",16,2226080,"C","A","p.R593R",0.0526,38,2,"unknown","NA",0,"NA",0,"NA","het",0.19692,"TTGAGTCCAAGGAGCAGGTG","GGACCCTCACGGGCCACGTG",1,1,"chr16:g.2226080C>A",54]
["G04245","BRICD5","sense",16,2260250,"C","A","p.P71P",0.1053,19,2,"unknown","NA",0,"NA",0,"NA","het",0.20854,"GGCCGGGGCATGTGGGGGCT","GGGAGGGTCATTCGCAGCGT",1,0,"chr16:g.2260250C>A",24]
["G04245","CORO7","sense",16,4412719,"G","T","p.P347P",0.1667,12,2,"unknown","NA",0,"NA",0,"NA","het",0.16256,"GAGGGCGAGGTCAGCGAACT","GGAGGGGAAGAGAAACCCTC",1,0,"chr16:g.4412719G>T",17]
["G04245","ALG1","sense",16,5134816,"G","A","p.E332E",0.0402,224,9,"unknown","NA",0,"NA",0,"NA","het",0.03734,"TTCCGGAAGAACCTGCGGGA","TCGCAGCAGCTCCGATGGGA",1,0,"chr16:g.5134816G>A",387]
["G04245","NPIPB5","sense",16,22545285,"G","C","p.L327L",0.0723,83,6,"unknown","NA",0,"NA",0,"NA","het",0.23614,"AAGACACCTCCTGAGTGTCT","CTCACTCCCCTTCCACCCTC",1,0,"chr16:g.2545285G>C",134]
["G04245","APOBR","sense",16,28507493,"C","A","p.G377G",0.1053,19,2,"unknown","NA",0,"NA",0,"NA","het",0.17273,"GAGGCCTGGACAACCTCAGG","AAAGAGGAGGCTGACCTGCT",1,0,"chr16:g.8507493C>A",28]
["G04245","ZNF785","sense",16,30593980,"C","T","p.Q373Q",0.3226,93,30,"unknown","NA",0,"NA",0,"NA","het",0,"TCTGAACGCCCCACCACGGC","TGCTGCCACGCGCGCCTCTC",1,0,"chr16:g.0593980C>T",99]
["G04245","SETD1A","sense",16,30991325,"A","C","p.P1406P",0.1549,71,11,"unknown","NA",0,"NA",0,"NA","het",0.0003,"CGCCGCCGCCCTCCGCCCCC","CCCCCGCCGCCACCGCCCCG",1,0,"chr16:g.0991325A>C",90]
["G04245","CDH5","sense",16,66423397,"C","A","p.I251I",0.0625,32,2,"unknown","NA",0,"NA",0,"NA","het",0.20538,"CTGGTCACTCTGCAAGACAT","AATGACAACTTCCCCTTCTT",1,0,"chr16:g.6423397C>A",42]
["G04245","PLA2G15","sense",16,68289886,"G","C","p.L240L",0.1538,13,2,"unknown","NA",0,"NA",0,"NA","het",0.09059,"GCCAAGACCCTGCGCGTCCT","GCTTCAGGTAAGACCCTACC",1,0,"chr16:g.8289886G>C",35]
["G04245","VAT1L","sense",16,77822801,"C","A","p.R74R",0.0645,31,2,"unknown","NA",0,"NA",0,"NA","het",0.14002,"GACGGCGAGCTCAAGATCCG","GTCAAAGCCTGGTCCAGTAT",1,0,"chr16:g.7822801C>A",58]
["G04245","TAF1C","sense",16,84217025,"C","A","p.V103V",0.0625,32,2,"unknown","NA",0,"NA",0,"NA","het",0.21773,"GGCCCACTCACCTGCTCAGT","ACATCCAGCACGACTCGGGG",1,0,"chr16:g.4217025C>A",44]
["G04245","ZNF18","sense",17,11881355,"C","A","p.S523S",0.08,25,2,"unknown","NA",0,"NA",0,"NA","het",0.06443,"CTGAAACTTTTCCCACAGTG","GAACATTTATAAGGTTTCTC",1,0,"chr17:g.1881355C>A",91]
["G04245","TBC1D29","sense",17,28887667,"T","C","p.D37D",0.1186,59,7,"known","NA",0,"MU3883945",4,"NA","het",0.00306,"CTCACCCCGTGCCTGTGGGA","ATGTATTTGCTGGAAGGGGA",0,0,"chr17:g.8887667T>C",92]
["G04245","MPP2","sense",17,41955196,"C","A","p.V535V",0.0541,37,2,"unknown","NA",0,"NA",0,"NA","het",0.15237,"CAGTACACCCAGCTGACAGG","ACCCACTGGGGCTCTGTCCG",1,0,"chr17:g.1955196C>A",67]
["G04245","HDAC5","sense",17,42169804,"A","G","p.T289T",0.24,100,24,"unknown","NA",0,"NA",0,"NA","het",0,"TTCTTAAAGGTGCTAATAAC","GTCCCATCCTTGCGACGCAG",1,0,"chr17:g.2169804A>G",118]
["G04245","RECQL5","sense",17,73658559,"C","A","p.G257G",0.1333,15,2,"unknown","NA",0,"NA",0,"NA","het",0.04749,"CCTCCACCTCAATGCCTCAC","CCTTTATCAGCCTCCTGTCC",1,0,"chr17:g.3658559C>A",66]
["G04245","EIF4A3","sense",17,78112879,"G","A","p.H223H",0.3097,113,35,"known","COSM1387018",1,"MU81461",1,"NA","het",0,"TTGGTCATCTCCAGAATCTC","TGTGGCAGCGTGGCACTGAT",0,0,"chr17:g.8112879G>A",159]
["G04245","ZBTB14","sense",18,5291163,"T","C","p.L348L",0.1033,184,19,"unknown","NA",0,"NA",0,"NA","het",0,"TGAACTCTCTCATGCTTCTT","AAGTCTGGGGCACGGATAAA",1,0,"chr18:g.5291163T>C",311]
["G04245","TXNDC2","sense",18,9887448,"C","T","p.P324P",0.2059,68,14,"known","COSM5561999",1,"NA",0,"NA","het",0,"CCAGAAGAAGCCATCCAGCC","AAGGAGGGTGACATCCCCAA",1,0,"chr18:g.9887448C>T",113]
["G04245","TUBB6","sense",18,12326120,"C","A","p.I407I",0.0606,33,2,"unknown","NA",0,"NA",0,"NA","het",0.16709,"GAGGATGAGGAAGAGGAGAT","GATGGATAGTCGGAATAGAG",1,0,"chr18:g.2326120C>A",55]
["G04245","LOXHD1","sense",18,44118185,"C","A","p.L136L",0.0588,51,3,"unknown","NA",0,"NA",0,"NA","het",0.21439,"TGTTCCCTCTTGTTGGTACA","AGATACTTCTGCTGGGTGCA",1,0,"chr18:g.4118185C>A",87]
["G04245","ZBTB7C","sense",18,45555934,"G","A","p.G519G",0.0714,28,2,"unknown","NA",0,"NA",0,"NA","het",0.09438,"GGGAGGCACACAGCTGCGCC","CCCAGGTGGCCGCCCACCTC",1,0,"chr18:g.5555934G>A",75]
["G04245","EBI3","sense",19,4233132,"C","A","p.G69G",0.0645,31,2,"unknown","NA",0,"NA",0,"NA","het",0.19821,"CCCACCCTGTGCAGGCTCGG","ATGGCTGCCCGGGGCCACAG",1,0,"chr19:g.4233132C>A",39]
["G04245","PLIN4","sense",19,4511479,"A","G","p.T817T",0.1053,95,10,"known","NA",0,"MU4561019",1,"NA","het",1.25E-3,"CCGGTGACCCCACTGCAGAC","GTGTCCTTGGTACCGGTCAG",1,0,"chr19:g.4511479A>G",203]
["G04245","DPP9-AS1","sense",19,4683029,"C","A","p.G53G",0.0588,51,3,"unknown","NA",0,"NA",0,"NA","het",0.06398,"CCCCCGTGGACGGTGCGTGG","ATGGGGGTGGGCAGGGCGCC",1,0,"chr19:g.4683029C>A",92]
["G04245","ANKLE1","sense",19,17394239,"C","A","p.V265V",0.0667,30,2,"unknown","NA",0,"NA",0,"NA","het",0.14867,"AGCTCAGACGCCTCTTTCGT","ACAGCGGTTGAGGTCTCTGG",1,0,"chr19:g.7394239C>A",54]
["G04245","SBSN","sense",19,36018407,"T","C","p.R259R",0.0405,296,12,"known","NA",0,"MU4434365",4,"NA","het",1.15E-3,"TGGTGGACCCCCTGGCCAAA","CTCCCTGCCTCATTTCCGGC",0,0,"chr19:g.6018407T>C",321]
["G04245","RYR1","sense",19,38934895,"C","T","p.R177R",0.3344,299,100,"unknown","NA",0,"NA",0,"NA","het",0,"GTCAGTGTCTCCTCCGAGCG","TACCTGGTGAGCCATTGCGG",1,0,"chr19:g.8934895C>T",367]
["G04245","MAP4K1","sense",19,39079903,"A","G","p.S803S",0.2778,36,10,"unknown","NA",0,"NA",0,"NA","het",0.00589,"CAGTGAGGCGAGATCGTGCC","CTGCACTCCAGCCTGGGGGA",1,0,"chr19:g.9079903A>G",24]
["G04245","DYRK1B","sense",19,40317496,"C","A","p.L409L",0.05,40,2,"unknown","NA",0,"NA",0,"NA","het",0.24684,"GGCTCATACTCCAGCATGCG","AGCACCAGGTCCTGGAAGCG",1,0,"chr19:g.0317496C>A",48]
["G04245","RSPH6A","sense",19,46314077,"C","A","p.L224L",0.0513,39,2,"unknown","NA",0,"NA",0,"NA","het",0.52,"TGGTTCAGGATCTTGGTCAG","AGATTCACCAGGTGCTCGTA",1,0,"chr19:g.6314077C>A",43]
["G04245","CGB3","sense",19,49526191,"G","A","p.S150S",0.1159,69,8,"known","NA",0,"MU805429",1,"NA","het",0.06767,"GGCCCCGGGAGTCGGGATGG","CTTGGAAGGCTGGGGGGAGG",1,0,"chr19:g.9526191G>A",95]
["G04245","SIGLEC12","sense",19,52002861,"C","T","p.T188T",0.463,54,25,"known","COSM1395681",5,"MU73438",2,"NA","het",0,"GAGGCCCCCATCCAGGTGAT","GTGGGGGGCGTCCCCTGTTC",0,0,"chr19:g.2002861C>T",60]
["G04245","ZNF845","sense",19,53848764,"A","G","p.L7L",0.0663,166,11,"unknown","NA",0,"NA",0,"NA","het",0.14215,"GTGTTTTCATTTCAGGGTCT","TTGACATTCAGGGATGTGGC",1,0,"chr19:g.3848764A>G",150]
["G04245","ZNF845","sense",19,53848779,"T","C","p.D12D",0.0613,163,10,"known","NA",0,"MU149482",1,"NA","het",0.07663,"GGTCTATTGACATTCAGGGA","GTGGCCATAGAATTCTCTCA",1,0,"chr19:g.3848779T>C",210]
["G04245","MAVS","sense",20,3838386,"G","A","p.A74A",0.1905,126,24,"known","COSM4581806",1,"NA",0,"NA","het",0,"TGGGTGGAGTACTTCATTGC","GCACTGAGGGGCTGTGAGCT",1,0,"chr20:g.3838386G>A",191]
["G04245","SEL1L2","sense",20,13856717,"A","G","p.T357T",0.1168,137,16,"unknown","NA",0,"NA",0,"NA","het",1E-4,"ATGGAAAAGTACTTGAAGGC","GTAGCGTTATTTTGCGGCAC",1,0,"chr20:g.3856717A>G",191]
["G04245","DLGAP4","sense",20,35064733,"A","T","p.G407G",0.1507,73,11,"unknown","NA",0,"NA",0,"NA","het",0.00094,"GCCACGCAGCAGTCGCTGGG","GAGCAGAGCAACCCCCGCAG",1,0,"chr20:g.5064733A>T",71]
["G04245","SYCP2","sense",20,58496488,"A","G","p.D15D",0.1087,184,20,"unknown","NA",0,"NA",0,"NA","het",0.00022,"TCATTTTTTCTTAAAGCATC","TCAATGCATTTTTCCAACTG",1,0,"chr20:g.8496488A>G",250]
["G04245","SON","sense",21,34925719,"T","G","p.P1394P",0.2712,59,16,"unknown","NA",0,"NA",0,6.065,"het",0,"GTTGTGACTGTCCCGGAGCC","CCTGTTGTGGCTGAGCCAGA",1,0,"chr21:g.4925719T>G",144]
["G04245","SETD4","sense",21,37418066,"C","A","p.L180L",0.0248,161,4,"unknown","NA",0,"NA",0,"NA","het",0.0249,"GCCTCCGCAAACAGAGGCTG","AGAGAAGAGAAAAAGTCTCT",1,0,"chr21:g.7418066C>A",374]
["G04245","KRTAP10-4","sense",21,45994769,"T","C","p.P378P",0.1386,101,14,"unknown","NA",0,"NA",0,"NA","het",0.00477,"GCCTGCTGCGTGCCCGTCCC","TCCTGCTGTGCTCCCACCTC",1,0,"chr21:g.5994769T>C",221]
["G04245","KRTAP10-12","sense",21,46117290,"A","G","p.V58V",0.0567,194,11,"unknown","NA",0,"NA",0,"NA","het",0.3759,"TGCACCCCAGTGAGCCGTGT","TCCAGCCCCTGCTGCCGAGT",1,0,"chr21:g.6117290A>G",389]
["G04245","BCR","sense",22,23651619,"G","A","p.P963P",0.0976,82,8,"known","COSM1177927",4,"MU4616114",2,"NA","het",0.06574,"CCTTCCTTTCAGCTGGACCC","CAGGCCCTGCAGGACAGAGA",0,1,"chr22:g.3651619G>A",102]
["G04245","BCR","sense",22,23652615,"C","A","p.V1015V",0.0645,31,2,"unknown","NA",0,"NA",0,"NA","het",0.10638,"GGAGTCAAGATTGCTGTGGT","ACCAAGTGAGTGGGGAGGGG",1,1,"chr22:g.3652615C>A",77]
["G04245","SGSM1","sense",22,25270401,"C","A","p.G437G",0.075,40,3,"unknown","NA",0,"NA",0,"NA","het",0.18857,"GTTGCCCCCGACTTCTTGGG","AGCACTTCCTCCGTCTCTGT",1,0,"chr22:g.5270401C>A",33]
["G04245","CRYBB3","sense",22,25603110,"G","A","p.P189P",0.5495,111,61,"unknown","NA",0,"NA",0,"NA","het",0,"GAGTGGGACGCCAGCCAGCC","CAGCTGCAGTCTGTGCGCCG",1,0,"chr22:g.5603110G>A",189]
["G04245","RHBDD3","sense",22,29660146,"C","A","p.L70L",0.0625,32,2,"unknown","NA",0,"NA",0,"NA","het",0.19405,"CCCACAGTGGGCAGGAGCAG","AGGCTCAGGAGCAGGCCTGG",1,0,"chr22:g.9660146C>A",48]
["G04245","PKDREJ","sense",22,46658653,"C","A","p.A189A",0.0714,28,2,"unknown","NA",0,"NA",0,"NA","het",0.13263,"ACGGCCTGCAACATCACGCG","GCGGGGCCGTCTGTGGGGCA",1,0,"chr22:g.6658653C>A",57]
["G04245","GPM6B","sense","X",13797959,"G","A","p.I166I",0.1154,52,6,"unknown","NA",0,"NA",0,"NA","het",0.11462,"TATTGTCGGATATCCACACA","ATCTGCTCCACACCCGTGGT",1,0,"chrX:g.3797959G>A",42]
["G04245","MORC4","sense","X",106219819,"C","T","p.E384E",0.2456,57,14,"unknown","NA",0,"NA",0,"NA","het",0.00013,"TTGGGAGTGACTCACCGGTA","TCCTTGGTATACTCAAAGTC",1,0,"chrX:g.106219819C>T",55]
["G04245","IGSF1","sense","X",130420631,"T","C","p.P6P",0.3846,39,15,"unknown","NA",0,"NA",0,"NA","het",2e-05,"AGCATGGTGGCCCCCTCCCC","GGTCTGTCCAGGGTCATGGG",1,0,"chrX:g.130420631T>C",54]
["G04245","SAGE1","sense","X",134989095,"C","A","p.I249I",0.0714,28,2,"unknown","NA",0,"NA",0,"NA","het",0.27431,"TGGTTTCCAGATGCTACCAT","ACTTACAATGTCCCTGAGGA",1,0,"chrX:g.134989095C>A",36]
["G04245","FGF13","sense","X",137793142,"C","A","p.S8S",0.05,40,2,"unknown","NA",0,"NA",0,"NA","het",0.20376,"TGCCTCTTCTGACGGATGAG","GAGCTGGCGATAGCCGCCGC",1,0,"chrX:g.137793142C>A",60]
["G04283","PRAMEF12","sense",1,12837370,"C","T","p.I360I",0.3465,228,79,"known","COSM3472558",6,"MU4477922",2,"NA","het",0,"GACTTAGAGGACTGTGGGAT","GTGGATTCCCAACTCAGCGC",0,0,"chr1:g.2837370C>T",269]
["G04283","CRYBG2","sense",1,26671625,"A","G","p.S508S",0.0829,193,16,"known","NA",0,"MU873587",7,"NA","het",0.0071,"ACCACCTCCTTCTGGGTGGG","GATGAGGCAGCAGGAGCACC",0,0,"chr1:g.6671625A>G",236]
["G04283","CRYBG2","sense",1,26671658,"G","A","p.V497V",0.1519,237,36,"known","NA",0,"MU1134035",5,"NA","het",1.2E-4,"GGAGCACCAGGGCCCTTCAC","ACCTCTTTCCAGGTGGGGGA",0,0,"chr1:g.6671658G>A",277]
["G04283","LRRC40","sense",1,70654787,"C","A","p.L107L",0.0513,39,2,"unknown","NA",0,"NA",0,"NA","het",0.25325,"CAACTTACATCAAGAACAGT","AGTGCAGGCAAGAGTCGCAG",1,0,"chr1:g.0654787C>A",51]
["G04283","ADGRL4","sense",1,79403812,"C","T","p.K183K",0.1991,216,43,"unknown","NA",0,"NA",0,"NA","het",0,"GTTGAGTTAGAAAGGGTGTC","TTGGCTGAGATAGTGTTGTT",1,0,"chr1:g.9403812C>T",299]
["G04283","HIST2H2BF","sense",1,149783822,"A","G","p.V19V",0.6304,184,116,"unknown","NA",0,"NA",0,"NA","het",0,"TCCTTCTTCTGCACTTTCGT","ACAGCCTTTTTGGAGCCCTT",1,0,"chr1:g.149783822A>G",277]
["G04283","ZBTB41","sense",1,197168698,"A","G","p.Y302Y",0.0417,192,8,"unknown","NA",0,"NA",0,"NA","het",0.01467,"AGCTCATCTTCTTCAGCATT","TATTCACTTCCAGGGTCCTC",1,0,"chr1:g.197168698A>G",171]
["G04283","IGFN1","sense",1,201180570,"A","G","p.G2183G",0.0783,217,17,"known","COSM5956644",2,"MU33200261",1,"NA","het",0.19574,"GGTTATAGGAAGGATTTGGG","GCTCCTGAGGGAATGGGTTC",0,0,"chr1:g.201180570A>G",189]
["G04283","NID1","sense",1,236187494,"A","G","p.L668L",0.3696,184,68,"unknown","NA",0,"NA",0,"NA","het",0,"CCGATGTAGCAGGGATTCTG","AGAGCATCAGGGGAGCCTTC",1,0,"chr1:g.236187494A>G",131]
["G04283","CPSF3","sense",2,9582027,"A","G","p.E302E",0.399,208,83,"unknown","NA",0,"NA",0,"NA","het",0,"CAAAGTGGCTTATCCAGAGA","TTATTTGAAAGCTGGTGTAC",1,0,"chr2:g.9582027A>G",175]
["G04283","ARHGEF33","sense",2,39187675,"C","A","p.A743A",0.3725,51,19,"unknown","NA",0,"NA",0,1.366,"het",0,"CCCATCAAGGCCGAGCGCGC","GCGCAGGCGCACGGCCCGGC",1,0,"chr2:g.9187675C>A",68]
["G04283","FSHR","sense",2,49210116,"G","A","p.S175S",0.3213,249,80,"unknown","NA",0,"NA",0,"NA","het",0,"TCTTCTAAATTATTATTATC","CTTAGATTCCTGGGGATGGG",1,0,"chr2:g.9210116G>A",366]
["G04283","USP39","sense",2,85863240,"G","A","p.K235K",0.0685,73,5,"unknown","NA",0,"NA",0,"NA","het",0.09844,"TCAGCTCTGGGGGGCACAAA","AAGAAAAAGAAGAGTAAGTC",1,0,"chr2:g.5863240G>A",99]
["G04283","USP39","sense",2,85863243,"G","A","p.K236K",0.0571,70,4,"unknown","NA",0,"NA",0,"NA","het",0.16622,"GCTCTGGGGGGCACAAAGAA","AAAAAGAAGAGTAAGTCATT",1,0,"chr2:g.5863243G>A",98]
["G04283","POLR1A","sense",2,86292526,"A","G","p.T643T",0.0993,151,15,"unknown","NA",0,"NA",0,"NA","het",0.00023,"CGGGTGAAAAAGCAACCCCG","GTAGTCATGCTTGCCCCTGA",1,0,"chr2:g.6292526A>G",143]
["G04283","RFX8","sense",2,102018940,"G","C","p.L401L",0.2024,84,17,"unknown","NA",0,"NA",0,"NA","het",0.0004,"ACCAGGAAGCCCAGGATCCT","AGGACCATGTTGCTCACACC",1,0,"chr2:g.102018940G>C",70]
["G04283","C2orf40","sense",2,106688310,"T","C","p.S30S",0.2933,150,44,"unknown","NA",0,"NA",0,"NA","het",0,"ATTCCTTTAGGTGGCATAAG","GGAAATAAACTCAAGCTGAT",1,0,"chr2:g.106688310T>C",199]
["G04283","FOXD4L1","sense",2,114257617,"C","T","p.L262L",0.107,271,29,"unknown","NA",0,"NA",0,"NA","het",0,"GGAGACGCCCTTACGCTCTG","TGCACCCGCATCCTCCTCGC",1,0,"chr2:g.114257617C>T",354]
["G04283","CFAP221","sense",2,120385258,"C","A","p.R516R",0.0606,66,4,"unknown","NA",0,"NA",0,"NA","het",0.09392,"TCTTCAAATTCTTCCTGAGG","GGATCAGTCAGGATGATTAT",1,0,"chr2:g.120385258C>A",77]
["G04283","POTEF","sense",2,130832165,"C","T","p.A960A",0.0732,41,3,"known","NA",0,"MU5192270",1,"NA","het",0.4554,"AGGAAGCAAGGCTGGAAGAG","GCCTCGGGGCAGCGGAACCG",1,0,"chr2:g.130832165C>T",58]
["G04283","TUBA3D","sense",2,132236963,"C","T","p.Y103Y",0.088,125,11,"known","NA",0,"MU24590343",2,"NA","het",0.11284,"GAAGATGCAGCCAATAATTA","GCCAGGGGCCATTACACCAT",0,0,"chr2:g.132236963C>T",173]
["G04283","ZNF385B","sense",2,180308142,"C","A","p.L341L",0.0385,104,4,"unknown","NA",0,"NA",0,"NA","het",0.04669,"GCCGCTGCGAGAGGTGAGGA","AGGAAGGCTGGGGCCAAAGG",1,0,"chr2:g.180308142C>A",143]
["G04283","ITGA4","sense",2,182399644,"C","A","p.I995I",0.043,93,4,"unknown","NA",0,"NA",0,"NA","het",0.04897,"CTTATTGTACTTCTATTGAT","TCATATGTTATGTGGAAGGT",1,0,"chr2:g.182399644C>A",128]
["G04283","ZNF804A","sense",2,185800882,"C","A","p.V253V",0.4815,135,65,"unknown","NA",0,"NA",0,"NA","het",0,"AGCAGAAAAAGTAGATTTGT","CCCAGTGCTTGTCATCTTCA",1,0,"chr2:g.185800882C>A",241]
["G04283","CYP27A1","sense",2,219677075,"C","A","p.R193R",0.0247,243,6,"unknown","NA",0,"NA",0,"NA","het",0.02543,"TGACTCGACTGGACCAGCTG","GGGCAGAGAGTGCTTCGGGG",1,0,"chr2:g.219677075C>A",304]
["G04283","ATG9A","sense",2,220085553,"T","C","p.A810A",0.2115,156,33,"unknown","NA",0,"NA",0,"NA","het",0,"GATGCCGACTGCCCATCTTC","GCCCACCCTCCAAGAGGCAG",1,0,"chr2:g.220085553T>C",198]
["G04283","SLC4A3","sense",2,220494035,"G","A","p.E129E",0.2273,66,15,"unknown","NA",0,"NA",0,"NA","het",3e-05,"ACCCCTCCCATCCAGGAGGA","GGGGGAGCTGGAGTGGATGA",1,0,"chr2:g.220494035G>A",68]
["G04283","TMPPE","sense",3,33134392,"G","A","p.Y432Y",0.0513,39,2,"known","NA",0,"MU66606883",1,"NA","het",0.28196,"CCCAGCCTCATGGGTATCCC","TAGTAGGCTGTGCCTGGGCT",1,0,"chr3:g.3134392G>A",41]
["G04283","DCAF1","sense",3,51504988,"C","T","p.E48E",0.2371,97,23,"unknown","NA",0,"NA",0,"NA","het",0,"TCTGGATCCCCTTTACGATA","TCTTCAGTTTCTTTTTCAAT",1,0,"chr3:g.1504988C>T",141]
["G04283","PCBP4","sense",3,51994635,"G","A","p.S54S",0.223,148,33,"unknown","NA",0,"NA",0,"NA","het",0,"CGTTCAGGGCAGGAGCCCTC","GAGATGGTGATCCGGGCACT",1,0,"chr3:g.1994635G>A",213]
["G04283","DZIP3","sense",3,108326999,"T","C","p.G32G",0.2744,164,45,"unknown","NA",0,"NA",0,"NA","het",0,"AAGCTAGAAAAATCATCTGG","CAACTGGTAAGAGAAAGTTT",1,0,"chr3:g.108326999T>C",181]
["G04283","ATP13A4","sense",3,193201729,"T","C","p.R268R",0.1436,181,26,"unknown","NA",0,"NA",0,"NA","het",0,"AAATAATGGAACTTACCTTT","CTCCCACATACAGAGACCGT",1,0,"chr3:g.193201729T>C",199]
["G04283","HTT","sense",4,3076699,"T","G","p.P49P",0.0833,48,4,"unknown","NA",0,"NA",0,"NA","het",0.12249,"CCGCCGCCGCCGCCGCCTCC","CAGCTTCCTCAGCCGCCGCC",1,0,"chr4:g.3076699T>G",170]
["G04283","PROM1","sense",4,16020066,"C","T","p.V285V",0.2792,154,43,"unknown","NA",0,"NA",0,"NA","het",0,"GATGACCGCAGGCTAGTTTT","ACGCTGGTCAGACTGCTGCT",1,0,"chr4:g.6020066C>T",219]
["G04283","TLR1","sense",4,38799520,"C","A","p.V311V",0.0354,113,4,"unknown","NA",0,"NA",0,"NA","het",0.04254,"TAACTTTGCGGAAAACCGAA","ACATCGCTGACAACTTGGTG",1,0,"chr4:g.8799520C>A",171]
["G04283","DSPP","sense",4,88536901,"C","T","p.N1029N",0.2705,207,56,"known","NA",0,"MU34950008",2,"NA","het",0,"AATAGCAGTGACAGCAGCAA","AGCAGTGACAGCAGCGATAG",0,0,"chr4:g.8536901C>T",504]
["G04283","RPL34","sense",4,109543139,"A","T","p.R8R",0.0809,136,11,"known","COSM121768",1,"NA",0,"NA","het",0.07696,"GTCCAGCGTTTGACATACCG","CGTAGGCTTTCCTACAATAC",1,0,"chr4:g.109543139A>T",212]
["G04283","TMEM192","sense",4,166009744,"C","A","p.V150V",0.0588,34,2,"unknown","NA",0,"NA",0,"NA","het",0.17315,"ATGCACAGTATGAGGAGAAG","ACTGTGTTGCCTGAGGAGGA",1,0,"chr4:g.166009744C>A",55]
["G04283","SORBS2","sense",4,186598418,"T","G","p.G75G",0.1737,167,29,"unknown","NA",0,"NA",0,"NA","het",0,"GTACTAATGGGGCTGCTACT","CCTAGATCCTGGTTATGGGT",1,0,"chr4:g.186598418T>G",285]
["G04283","SEMA5A","sense",5,9122905,"C","A","p.P548P",0.05,40,2,"known","COSM6171768",1,"NA",0,"NA","het",0.22375,"GTGTGCGTGCAAGGCGTCCA","GGAGACCACACACCAAAGTG",1,0,"chr5:g.9122905C>A",51]
["G04283","BASP1","sense",5,17275991,"C","A","p.T222T",0.1,20,2,"known","NA",0,"MU65224350",1,"NA","het",0.14902,"GCAGCTAATTCCGACCAAAC","GTAACCGTGAAAGAGTGACA",1,0,"chr5:g.7275991C>A",36]
["G04283","CDH18","sense",5,19591253,"G","T","p.T304T",0.4767,86,41,"unknown","NA",0,"NA",0,"NA","het",0,"TCACCATTTATGATGGAGTA","GTCATGTCAGCATTTGAGCC",1,0,"chr5:g.9591253G>T",151]
["G04283","CDH6","sense",5,31323295,"C","T","p.S751S",0.4044,183,74,"unknown","NA",0,"NA",0,"NA","het",0,"TCCGTGGCGGATTCCCTGAG","TCGCTGGAGTCAGTGACCAC",1,0,"chr5:g.1323295C>T",284]
["G04283","JMY","sense",5,78533463,"C","A","p.G330G",0.05,40,2,"unknown","NA",0,"NA",0,"NA","het",0.21849,"AGCGAGCTGCGGCAGAAGGG","TACGAAGAAGTGCTTCAGCG",1,0,"chr5:g.8533463C>A",51]
["G04283","ARSI","sense",5,149681664,"G","T","p.P91P",0.3333,66,22,"unknown","NA",0,"NA",0,"NA","het",0,"CTCCGCGAAGGCGTGCAGAT","GGCTGGATGTAATAATTCTC",1,0,"chr5:g.149681664G>T",59]
["G04283","TENM2","sense",5,167675342,"C","A","p.L2227L",0.0833,36,3,"unknown","NA",0,"NA",0,"NA","het",0.14247,"TTCAAGAGCAACAATCCTCT","AGCAGTGAGCTAGATTTGAA",1,0,"chr5:g.167675342C>A",35]
["G04283","THOC3","sense",5,175388335,"T","C","p.A244A",0.0882,34,3,"known","NA",0,"MU623871",5,10.68,"het",0.29591,"CAGAGGCTGACCAAAGCATC","GCACTTCCTGTGGCAAAGTA",0,0,"chr5:g.175388335T>C",40]
["G04283","MYLIP","sense",6,16141877,"C","A","p.I100I",0.0667,30,2,"unknown","NA",0,"NA",0,"NA","het",0.11364,"CATATCTTTTTCTTGCACAT","AAGGAGGCCCTCTTGGCAGG",1,0,"chr6:g.6141877C>A",91]
["G04283","HIST1H2AI","sense",6,27776002,"C","T","p.G5G",0.12,50,6,"known","NA",0,"MU25142601",1,"NA","het",0.01111,"TTTGCCATGTCTGGGCGTGG","AAGCAGGGAGGCAAAGCTCG",1,0,"chr6:g.7776002C>T",70]
["G04283","TNXB","sense",6,32011284,"G","A","p.F289F",0.3793,29,11,"unknown","NA",0,"NA",0,"NA","het",0.00119,"GGCTTCCAGTGCAGCACGGC","AATCCCTCGGTCAAGTTCAG",1,0,"chr6:g.2011284G>A",26]
["G04283","SYNGAP1","sense",6,33405828,"A","G","p.G382G",0.0816,98,8,"unknown","NA",0,"NA",0,"NA","het",0.10037,"GGCATGGGTTCGGGAGGGGG","GGGGGCTCGGGGGGTGGCTC",1,0,"chr6:g.3405828A>G",119]
["G04283","C6orf223","sense",6,43970428,"C","A","p.R98R",0.05,60,3,"unknown","NA",0,"NA",0,"NA","het",0.25529,"TCTTTTCCAGTCCACCTGCG","ACCAGGGGCAGGACACGTGG",1,0,"chr6:g.3970428C>A",39]
["G04283","ZNF292","sense",6,87966134,"A","C","p.L929L",0.302,149,45,"unknown","NA",0,"NA",0,"NA","het",0,"AACCCTGCTACTACTCCTCT","CTTCAATCCAGTGAAGTAGC",1,0,"chr6:g.7966134A>C",163]
["G04283","SASH1","sense",6,148711290,"C","A","p.I14I",0.114,114,13,"unknown","NA",0,"NA",0,"NA","het",0.03848,"GACGGTTCACTGGGAAACAT","GATGACCTGGCGCAGCAGTA",1,0,"chr6:g.148711290C>A",88]
["G04283","ZDHHC14","sense",6,158068296,"A","G","p.K287K",0.1026,117,12,"unknown","NA",0,"NA",0,"NA","het",0.00288,"TTCCTTTTCTTTCAGATTAA","GGATCCTGGTCAAATAAAAG",1,0,"chr6:g.158068296A>G",101]
["G04283","NACAD","sense",7,45125458,"C","T","p.T107T",0.3906,128,50,"unknown","NA",0,"NA",0,"NA","het",0,"GTGGCCGGGAGAGGAGCCTC","GTGGACAGAGCCTGGGAAGA",1,0,"chr7:g.5125458C>T",93]
["G04283","POR","sense",7,75614267,"C","A","p.G413G",0.069,29,2,"unknown","NA",0,"NA",0,"NA","het",0.44961,"AAGATGGCCTCCTCCTCCGG","GAGGGCAAGGTGCGCCCCCT",1,0,"chr7:g.5614267C>A",14]
["G04283","SPDYE3","sense",7,99906688,"G","A","p.K66K",0.1429,28,4,"unknown","NA",0,"NA",0,"NA","het",0.22404,"TCTGATGATGAGCCAGAGAA","GAGCTCGCCCCTGAGCCTGA",1,0,"chr7:g.9906688G>A",13]
["G04283","CADPS2","sense",7,122261703,"T","A","p.S312S",0.1801,211,38,"unknown","NA",0,"NA",0,"NA","het",0,"TTGGCCATTAGCAAATTCAC","GAAGACCGCAACTCTTCTAT",1,0,"chr7:g.122261703T>A",361]
["G04283","CSMD1","sense",8,2813118,"C","A","p.V3329V",0.0526,38,2,"unknown","NA",0,"NA",0,1.946,"het",0.15745,"ATCAATGACTTACTTTTACA","ACAGGCGACTTTCCTGTCCA",1,0,"chr8:g.2813118C>A",65]
["G04283","RBPMS","sense",8,30336893,"T","C","p.N82N",0.3604,197,71,"unknown","NA",0,"NA",0,"NA","het",0,"GCTGCAAAGAATGCTTTGAA","GTAAGTACTAATGATGTAAT",1,0,"chr8:g.0336893T>C",270]
["G04283","TRAM1","sense",8,71499164,"G","A","p.L152L",0.3088,136,42,"unknown","NA",0,"NA",0,"NA","het",0,"TTCATTGCTAAAATAAAACA","GCGGGAAATGTGGAAAAGAA",1,0,"chr8:g.1499164G>A",175]
["G04283","WASHC5","sense",8,126094685,"C","A","p.G119G",0.3136,220,69,"unknown","NA",0,"NA",0,"NA","het",0,"AAGGTTTGCTGAATATAAAC","CCTTCATTGAGATCATCTAG",1,0,"chr8:g.126094685C>A",298]
["G04283","KIFC2","sense",8,145698828,"C","A","p.R838R",0.0612,49,3,"unknown","NA",0,"NA",0,"NA","het",0.24218,"CAGGTCTCTGCTGGCAGAGG","GGTAGTAAAGTCCCTGTACC",1,0,"chr8:g.145698828C>A",29]
["G04283","FOXD4","sense",9,117345,"G","A","p.L259L",0.1692,130,22,"unknown","NA",0,"NA",0,"NA","het",1e-05,"GCGAGGAGGATGCGGGTGCA","CAGAGCGTAAGGGCGTCTCC",1,0,"chr9:g.17345G>A",178]
["G04283","TYRP1","sense",9,12698567,"T","G","p.T275T",0.138,297,41,"known","COSM6814700",1,"NA",0,"NA","het",0,"AGAAGCAACTTTGATTCCAC","CTAATAAGCCCAAACTCTGT",1,0,"chr9:g.2698567T>G",467]
["G04283","ZNF462","sense",9,109689499,"A","C","p.P1102P",0.0661,121,8,"unknown","NA",0,"NA",0,"NA","het",0.00258,"ATGGGTTCCCCACCCCCCCC","CAACCCCCGCCACCAGACCT",1,0,"chr9:g.109689499A>C",157]
["G04283","PALM2","sense",9,112705672,"G","A","p.K369K",0.0926,54,5,"known","COSM6472821",1,"NA",0,"NA","het",0.03797,"CCAGCCCCAGGTACCCAAAA","AAAAAGCGCTGTCAATGCTG",1,0,"chr9:g.112705672G>A",58]
["G04283","GOLGA1","sense",9,127650637,"A","T","p.L600L",0.1638,116,19,"unknown","NA",0,"NA",0,"NA","het",4e-05,"GGTGTTCTTCCTGCAGTTGG","AGCTGGAACACAGGGTCCTG",1,0,"chr9:g.127650637A>T",175]
["G04283","HSPA14","sense",10,14912622,"A","G","p.K469K",0.1116,215,24,"unknown","NA",0,"NA",0,"NA","het",0,"CTCCAGGATTTAGATAAAAA","GAAAATGGATTACGTGATAT",1,0,"chr10:g.4912622A>G",229]
["G04283","SYNPO2L","sense",10,75413015,"C","A","p.L218L",0.0556,36,2,"unknown","NA",0,"NA",0,"NA","het",0.17647,"AGGGGGCCATGGGGTAACAG","AGAGCCTCAGCTGGGGGTGG",1,0,"chr10:g.5413015C>A",53]
["G04283","SORCS3","sense",10,106974350,"T","G","p.T842T",0.1636,55,9,"unknown","NA",0,"NA",0,"NA","het",0.009,"GAGCAGGGGCACAATGCAAC","TTCATCATCCTCATGGAGGA",1,0,"chr10:g.106974350T>G",41]
["G04283","TDRD1","sense",10,115963239,"C","T","p.S298S",0.2746,142,39,"unknown","NA",0,"NA",0,"NA","het",0,"ATGAACCAACTCTCTGCCAG","TTAAAAGAAACATATGCAAA",1,0,"chr10:g.115963239C>T",151]
["G04283","FOXI2","sense",10,129535615,"C","A","p.G26G",0.0556,54,3,"unknown","NA",0,"NA",0,"NA","het",0.10046,"GCCACCGCGCACCCCCCGGG","TATGAGCCAGGGGATCTGGG",1,0,"chr10:g.129535615C>A",64]
["G04283","KRTAP5-4","sense",11,1643246,"A","G","p.S26S",0.1348,89,12,"known","NA",0,"MU66129",2,"NA","het",3e-05,"GAGCCACAGCCCCCACAGCC","GAGCCACAGCCCCCACAGCC",0,0,"chr11:g.1643246A>G",146]
["G04283","OR52E6","sense",11,5862582,"C","T","p.E182E",0.1375,80,11,"unknown","NA",0,"NA",0,"NA","het",0.00024,"AGACGGGCAATGCCCATGTG","TCACAGTAAGTATGAGGGAT",1,0,"chr11:g.5862582C>T",109]
["G04283","DCHS1","sense",11,6653683,"C","A","p.L1020L",0.0714,28,2,"unknown","NA",0,"NA",0,"NA","het",0.24545,"GGTGCTTGGGCCTGCACTTG","AGGACCTGAGTTCCAGCAGT",1,0,"chr11:g.6653683C>A",31]
["G04283","GLYATL2","sense",11,58604643,"T","C","p.Q107Q",0.2124,113,24,"unknown","NA",0,"NA",0,"NA","het",0,"ATTGCTTCATCCAAGCCCTC","TGGCAACCTGGAGAAAGGAG",1,0,"chr11:g.8604643T>C",140]
["G04283","PGA3","sense",11,60971069,"A","G","p.A11A",0.0514,175,9,"known","NA",0,"MU4552304",1,"NA","het",0.10444,"CTGCTGCTGGGTCTGGTGGC","CTCTCTGAGTGCATCATGTA",1,0,"chr11:g.0971069A>G",324]
["G04283","RBM4","sense",11,66407431,"C","T","p.G83G",0.444,268,119,"unknown","NA",0,"NA",0,"NA","het",0,"TCAACAAAGTTGCATGTGGG","AACATCAGTCCCACCTGCAC",1,0,"chr11:g.6407431C>T",305]
["G04283","RNF169","sense",11,74521330,"G","A","p.Q226Q",0.0549,164,9,"unknown","NA",0,"NA",0,"NA","het",0.06447,"AAAAGGAAAATGGATGAACA","AAAAAAAGAGATGAACCATT",1,0,"chr11:g.4521330G>A",270]
["G04283","XRRA1","sense",11,74559481,"C","A","p.P374P",0.0588,34,2,"unknown","NA",0,"NA",0,"NA","het",0.17753,"TGGAGCACCAGAGGCTGCTT","GGCACCTTTGGGATTTCGCT",1,0,"chr11:g.4559481C>A",54]
["G04283","CEP295","sense",11,93460308,"G","A","p.K2222K",0.0625,96,6,"unknown","NA",0,"NA",0,"NA","het",0.20648,"ACTGAAATATTACAAAACAA","AAAAAAATTGTTCATTTCCA",1,0,"chr11:g.3460308G>A",122]
["G04283","C11orf53","sense",11,111154811,"C","A","p.V6V",0.0606,33,2,"unknown","NA",0,"NA",0,"NA","het",0.21247,"TTGGCAACAGGTTCGCCGGT","ACGTCAGGTTACTACGGTGT",1,0,"chr11:g.111154811C>A",44]
["G04283","ESAM","sense",11,124624214,"A","G","p.A251A",0.3492,63,22,"unknown","NA",0,"NA",0,"NA","het",0.00013,"AGGGTACCCACAACAGCTCC","GCAACCACTGCAGCTCCAGG",1,0,"chr11:g.124624214A>G",57]
["G04283","OPCML","sense",11,132290138,"A","C","p.A229A",0.4427,131,58,"known","COSM3415691",2,"MU1787077",2,"NA","het",0,"GTCCCTGATAGCCAGAGACA","GCCAGTGCTCTGGAGGCCGA",0,0,"chr11:g.132290138A>C",139]
["G04283","KCNH3","sense",12,49951547,"T","C","p.S961S",0.3421,38,13,"unknown","NA",0,"NA",0,"NA","het",0,"CCTGCCTCCCCTCCTCCTTC","GAGGAAGGGGCTAGGACTGG",1,0,"chr12:g.9951547T>C",64]
["G04283","KRT6B","sense",12,52845581,"A","C","p.G94G",0.0662,151,10,"unknown","NA",0,"NA",0,"NA","het",0.01059,"CCAAATCCACTCCCGGCGCC","CCAAAGCCATAGCTGCCTCC",1,0,"chr12:g.2845581A>C",230]
["G04283","PYM1","sense",12,56295953,"T","A","p.A105A",0.0364,247,9,"unknown","NA",0,"NA",0,"NA","het",0.0021,"AGAGTCCTGCTCAAGGCCTC","GCCTCTCCTTTCTCTTGCTG",1,0,"chr12:g.6295953T>A",345]
["G04283","UBC","sense",12,125396908,"A","G","p.T470T",0.1892,37,7,"unknown","NA",0,"NA",0,"NA","het",0.01861,"TCACTCGGCTCCACTTCGAG","GTGATGGTCTTACCAGTCAG",1,0,"chr12:g.125396908A>G",33]
["G04283","JPH4","sense",14,24045100,"G","A","p.H315H",0.0571,35,2,"known","COSM4050113",1,"MU5144359",1,"NA","het",0.23279,"CGGGTGGTGCGCCCGTAGCC","TGCCGCCGGTTGCCCAGCCA",0,0,"chr14:g.4045100G>A",44]
["G04283","NID2","sense",14,52520982,"C","T","p.P275P",0.1974,76,15,"known","COSM2199429",1,"NA",0,"NA","het",0.0002,"GCTGGCCTGACATTGTCCAA","GGGGAAGTGCTGCCGATATG",1,0,"chr14:g.2520982C>T",80]
["G04283","OTX2","sense",14,57272115,"C","T","p.S20S",0.4593,135,62,"unknown","NA",0,"NA",0,"NA","het",0,"GGGTGCAGCAAGTCCATACC","GAAGTGGTCAGACTCAGCCC",1,0,"chr14:g.7272115C>T",165]
["G04283","ZBTB1","sense",14,64998597,"T","C","p.S639S",0.2117,137,29,"unknown","NA",0,"NA",0,"NA","het",0,"AGTGGTGAAATAGGGCCTTC","AAACCTGTGGAGAAGTGAGA",1,0,"chr14:g.4998597T>C",157]
["G04283","ZFYVE1","sense",14,73459854,"C","A","p.L400L",0.08,25,2,"unknown","NA",0,"NA",0,"NA","het",0.12072,"GGCACAAGCCAACTGACCTT","AGGGCTTTGAAGATGACTCC",1,0,"chr14:g.3459854C>A",59]
["G04283","ESRRB","sense",14,76964750,"C","A","p.G417G",0.0247,162,4,"unknown","NA",0,"NA",0,"NA","het",0.04603,"TATAGCGTCAAACTGCAGGG","AAAGTGCCCATGCACAAACT",1,0,"chr14:g.6964750C>A",250]
["G04283","GPR68","sense",14,91700399,"C","G","p.G332G",0.1538,39,6,"unknown","NA",0,"NA",0,"NA","het",0.05307,"TCGGGCTCCTCACCCTGGGC","CCGCTTTTCCCGGAGGCCTC",1,0,"chr14:g.1700399C>G",29]
["G04283","INF2","sense",14,105173930,"A","C","p.P442P",0.1013,79,8,"unknown","NA",0,"NA",0,"NA","het",0.0318,"GAGCCCCCTCCCCCTCCCCC","CCACCCCCCCTGCCCAGTGT",1,0,"chr14:g.105173930A>C",76]
["G04283","GABRB3","sense",15,26793117,"G","A","p.F330F",0.495,101,50,"known","COSM4462394",2,"NA",0,"NA","het",0,"GGGAGGCTTCTGTCCCCCAG","AATCGCCCATGCCCTTCTCG",0,0,"chr15:g.6793117G>A",188]
["G04283","CGNL1","sense",15,57816793,"T","C","p.V961V",0.1395,43,6,"unknown","NA",0,"NA",0,"NA","het",0.00301,"TTCTAGATGGCAGACATTGT","GAGGCCTCCCGTACCTCAAC",1,0,"chr15:g.7816793T>C",77]
["G04283","CCNB2","sense",15,59407064,"C","A","p.R196R",0.0625,32,2,"unknown","NA",0,"NA",0,"NA","het",0.19405,"TGTGCGTTGGCATTATGGAT","GATTTTTACAGGTAGGTGTG",1,0,"chr15:g.9407064C>A",48]
["G04283","CCDC33","sense",15,74573016,"C","A","p.G299G",0.0556,36,2,"known","COSM1247499",1,"NA",0,"NA","het",0.34426,"CCTTCCCCCACAGTGAAAGG","AGCCAGCCGTGGACCCTCAA",1,0,"chr15:g.4573016C>A",32]
["G04283","C15orf39","sense",15,75499202,"A","C","p.P271P",0.082,61,5,"unknown","NA",0,"NA",0,"NA","het",0.16101,"GGGCCCACCCACTACCCACC","CCCCACCACCCACCACCCCA",1,0,"chr15:g.5499202A>C",28]
["G04283","CHTF18","sense",16,847044,"T","C","p.H895H",0.0625,32,2,"unknown","NA",0,"NA",0,"NA","het",0.50101,"CGACCTGCCCCACGCAACCA","GAGCAGCGGCTGGAGCACAT",1,0,"chr16:g.47044T>C",17]
["G04283","CACNA1H","sense",16,1267977,"C","T","p.F1788F",0.1735,98,17,"known","COSM4128668",1,"MU4561529",1,"NA","het",0.00023,"CACGCCACCTTCAGCAACTT","GGCATGGCCTTCCTCACGCT",0,0,"chr16:g.1267977C>T",109]
["G04283","NPIPB5","sense",16,22545285,"G","C","p.L327L",0.0588,85,5,"unknown","NA",0,"NA",0,"NA","het",0.35996,"AAGACACCTCCTGAGTGTCT","CTCACTCCCCTTCCACCCTC",1,0,"chr16:g.2545285G>C",135]
["G04283","SETD1A","sense",16,30991325,"A","C","p.P1406P",0.1429,84,12,"unknown","NA",0,"NA",0,"NA","het",0.0004,"CGCCGCCGCCCTCCGCCCCC","CCCCCGCCGCCACCGCCCCG",1,0,"chr16:g.0991325A>C",90]
["G04283","KRTAP4-7","sense",17,39240653,"T","C","p.C65C",0.1097,310,34,"unknown","NA",0,"NA",0,"NA","het",0,"TGCTGCCAACCCACCTGCTG","CGCCCCACCTGCTGTGAGAC",1,0,"chr17:g.9240653T>C",340]
["G04283","MYO9B","sense",19,17316801,"C","A","p.G1699G",0.08,25,2,"unknown","NA",0,"NA",0,"NA","het",0.21771,"GTTGAGCCTGGCCACTTCGG","GTGTGCGTAGACAGCCTGAC",1,0,"chr19:g.7316801C>A",41]
["G04283","MAP4K1","sense",19,39079903,"A","G","p.S803S",0.4444,27,12,"unknown","NA",0,"NA",0,"NA","het",0.00025,"CAGTGAGGCGAGATCGTGCC","CTGCACTCCAGCCTGGGGGA",1,0,"chr19:g.9079903A>G",24]
["G04283","MED14","sense","X",40523707,"C","A","p.V1100V",0.0513,39,2,"unknown","NA",0,"NA",0,"NA","het",0.29819,"CCTGCTCGTCCACTTGGTGA","ACCATAGTGTATGGGGAACT",1,0,"chrX:g.0523707C>A",36]
["G04283","MAP7D3","sense","X",135312614,"C","T","p.K525K",0.0547,128,7,"known","COSM5534262",1,"NA",0,"NA","het",0.0098,"TTAGAAACTGTTTCTTTTTT","TTTTTGACAGTACTTGATGC",1,0,"chrX:g.135312614C>T",160]
["G09201","MAP7D1","sense",1,36641930,"C","A","p.G290G",0.0541,37,2,"unknown","NA",0,"NA",0,"NA","het",0.28389,"GGCCGGGACCAGGGTAGGGG","TGCGACCCTGGGAGAGGCCC",1,0,"chr1:g.6641930C>A",40]
["G09201","CNNM3","sense",2,97482713,"C","T","p.F233F",0.1429,63,9,"unknown","NA",0,"NA",0,"NA","het",0.0031,"GGCAGCGCGGGGCTCGTGTT","CTGGTGGGAGAGGTGGTGCC",1,0,"chr2:g.7482713C>T",70]
["G09201","BSN","sense",3,49691831,"C","A","p.G1614G",0.1176,17,2,"unknown","NA",0,"NA",0,"NA","het",0.14376,"GAGCCACCTGGGCCACCTGG","TTTCCACGGGTGCCCAGTGC",1,0,"chr3:g.9691831C>A",32]
["G09201","SLC7A14","sense",3,170198253,"C","A","p.L606L",0.0541,37,2,"unknown","NA",0,"NA",0,"NA","het",0.22761,"AACACCAGGGTGCTGATCAG","AGCACCATCAGAACAACCAG",1,0,"chr3:g.170198253C>A",51]
["G09201","DSPP","sense",4,88537459,"C","T","p.D1215D",0.064,250,16,"unknown","NA",0,"NA",0,"NA","het",0.00075,"GACAGCAGTGACAGCAGCGA","AGCAGTGACAGCAGCGACAG",1,0,"chr4:g.8537459C>T",426]
["G09201","PELO","sense",5,52097272,"C","T","p.S252S",0.2241,58,13,"unknown","NA",0,"NA",0,"NA","het",1e-05,"TCCTCCGGACACAAGTACTC","CTGAAAGAGGCCCTTTGTGA",1,0,"chr5:g.2097272C>T",92]
["G09201","ITPR3","sense",6,33662760,"C","A","p.G2615G",0.0282,177,5,"unknown","NA",0,"NA",0,"NA","het",0.02752,"TCCCTTGTCAGCAATGAGGG","GAGGGGGAGCAGAATGAGAT",1,0,"chr6:g.3662760C>A",271]
["G09201","TRAM2","sense",6,52370399,"G","A","p.C291C",0.0513,39,2,"unknown","NA",0,"NA",0,"NA","het",0.23449,"GACTTCTGCTCGACTCACCT","CAAAACAAAGTGTTGAAGTT",1,0,"chr6:g.2370399G>A",61]
["G09201","HECW1","sense",7,43484796,"G","A","p.A675A",0.1333,45,6,"unknown","NA",0,"NA",0,"NA","het",0.02326,"AGTTGCGAGGGCTGTGACGC","TCCTGCTGCAGCCCCTCGTG",1,0,"chr7:g.3484796G>A",39]
["G09201","XKR4","sense",8,56015351,"C","A","p.G101G",0.0571,35,2,"unknown","NA",0,"NA",0,"NA","het",0.42234,"GCGCTGTGCCTGCGCCTGGG","AGGGAGCAGCGGCGCTACTC",1,0,"chr8:g.6015351C>A",53]
["G09201","RBM20","sense",10,112559643,"G","A","p.R589R",0.2185,119,26,"unknown","NA",0,"NA",0,"NA","het",0,"GGTGAGAAGTTGCTCATTCG","ATGTCCAAGAGATACAAGGA",1,0,"chr10:g.112559643G>A",212]
["G09201","SIPA1","sense",11,65408470,"C","A","p.R26R",0.05,60,3,"unknown","NA",0,"NA",0,"NA","het",0.21163,"ACAGATGACCTCTTTGCCCG","AAGCTGCGCCAGCCAGCAAG",1,0,"chr11:g.5408470C>A",58]
["G09201","OTOGL","sense",12,80651684,"A","T","p.I588I",0.2308,117,27,"unknown","NA",0,"NA",0,"NA","het",0,"TTAAAGATTCTGTTTGCTAT","GATGGGGAAAGAATTTATAT",1,0,"chr12:g.0651684A>T",179]
["G09201","USP8","sense",15,50785054,"C","T","p.N691N",0.071,155,11,"known","NA",0,"MU29377044",1,"NA","het",0.27432,"ATATTGCAGTGCCTATGTAA","GCTCCACATTTGGCTGATTA",1,1,"chr15:g.0785054C>T",235]
["G09201","PDCD7","sense",15,65425517,"G","A","p.D201D",0.0952,21,2,"unknown","NA",0,"NA",0,"NA","het",0.2439,"AGCAGGACCCAGGCCGCGCC","TCGGCTTCGGCCTCGCGCAG",1,0,"chr15:g.5425517G>A",21]
["G09201","TANGO6","sense",16,68943299,"C","A","p.V662V",0.0833,24,2,"unknown","NA",0,"NA",0,"NA","het",0.18586,"GAGCAGATATTCACAAACGT","ACTCAGGTCAGTAGTTGCCA",1,0,"chr16:g.8943299C>A",37]
["G09201","GFAP","sense",17,42988777,"C","A","p.V318V",0.0606,33,2,"unknown","NA",0,"NA",0,"NA","het",0.18526,"TGATAACTGGCCGCCTCCCG","ACGTGCCGCTCCTCCTGCTC",1,0,"chr17:g.2988777C>A",48]
["G09201","HOXB9","sense",17,46700475,"C","A","p.L180L",0.087,23,2,"unknown","NA",0,"NA",0,10.74,"het",0.23404,"TTCCGGGAAGAGCGAGCGTG","AGCCAGTTGGCGGAGGGGTT",1,0,"chr17:g.6700475C>A",33]
["G09201","SLC27A1","sense",19,17581451,"G","T","p.V34V",0.2025,79,16,"unknown","NA",0,"NA",0,"NA","het",7e-05,"GCGGCAGCGGCGCTCGGCGT","TACGTGGGCAGCGGCGGCTG",1,0,"chr19:g.7581451G>T",80]
["G09201","KIR2DL3","sense",19,55263126,"G","C","p.L247L",0.0613,212,13,"known","NA",0,"MU41345024",1,"NA","het",0.32909,"CCCAGACACCTGCATGTTCT","ATTGGGACCTCAGTGGTCAT",1,0,"chr19:g.5263126G>C",237]
["G09201","TRPM2","sense",21,45795727,"C","A","p.P261P",0.125,16,2,"unknown","NA",0,"NA",0,"NA","het",0.19048,"CCATCCCAGGGCAGCTTCCC","GCCGAGTACATACTGGATGA",1,0,"chr21:g.5795727C>A",21]
["G09201","FRMPD3","sense","X",106846480,"G","A","p.Q1770Q",0.0741,27,2,"known","COSM4407926",1,"MU19677186",2,"NA","het",0.1918,"CAGCAGCAGCAACAACAACA","CAGCAGCAGCAGCAGCAGGT",0,0,"chrX:g.106846480G>A",45]
["G09202","ARHGEF10L","sense",1,17961336,"G","A","p.Q287Q",0.0556,36,2,"unknown","NA",0,"NA",0,"NA","het",0.22105,"CTCTGTTCCAACAGGGGCCA","CTGGAGATCAGCAGCCTGGT",1,1,"chr1:g.7961336G>A",50]
["G09202","BMP8B","sense",1,40229393,"G","A","p.L313L",0.0625,80,5,"known","NA",0,"MU4555011",1,"NA","het",0.3739,"TCAGCAATTACCAGCCAGCC","AGGTCCTGGAAGCTGACGTA",1,0,"chr1:g.0229393G>A",112]
["G09202","C2orf16","sense",2,27804533,"T","C","p.S1698S",0.1168,274,32,"known","NA",0,"MU4751368",1,"NA","het",0,"AGAAGACATCGCAGTCCCTC","CAGAGGAGCCATCGTGGTCC",1,0,"chr2:g.7804533T>C",336]
["G09202","HDAC4","sense",2,239988535,"C","A","p.T957T",0.0508,59,3,"unknown","NA",0,"NA",0,11.07,"het",0.10231,"GCCAGGCCCATCAGCTGCTT","GTCAGGTACCCGAAGCCTGC",1,0,"chr2:g.239988535C>A",79]
["G09202","CADM2","sense",3,85851268,"A","C","p.R45R",0.3398,103,35,"unknown","NA",0,"NA",0,"NA","het",0,"GAACTGCAATTTTGACCTGC","GGGTTGATCAAAATGATAAC",1,0,"chr3:g.5851268A>C",201]
["G09202","DSPP","sense",4,88537132,"C","T","p.S1106S",0.2692,26,7,"unknown","NA",0,"NA",0,"NA","het",0.0788,"AGCGACAGCAGCGACAGCAG","GATAGCAGTGACAGCAGCGA",1,0,"chr4:g.8537132C>T",10]
["G09202","DSPP","sense",4,88537465,"T","C","p.S1217S",0.0478,335,16,"known","COSM6302319",1,"NA",0,"NA","het",0.00542,"AGTGACAGCAGCGACAGCAG","GACAGCAGCGACAGCAGTGA",1,0,"chr4:g.8537465T>C",435]
["G09202","ZDHHC11","sense",5,850517,"C","T","p.A67A",0.2976,84,25,"unknown","NA",0,"NA",0,"NA","het",0,"ACGTAGGCAATGTATTTCCA","GCGTGAGGCAGGAAGGGAAT",1,0,"chr5:g.50517C>T",125]
["G09202","C5orf47","sense",5,173425229,"G","A","p.K133K",0.0806,124,10,"unknown","NA",0,"NA",0,"NA","het",0.07891,"GAAGCTTCCAAAATAATGAA","AAAAAGAAAAAGGTATATTG",1,0,"chr5:g.173425229G>A",182]
["G09202","SIRT5","sense",6,13584346,"C","A","p.R2R",0.0517,58,3,"unknown","NA",0,"NA",0,"NA","het",0.15546,"ACTACAGACAAACCCTGATG","GACCTCTCCAGATTGTCCCA",1,0,"chr6:g.3584346C>A",66]
["G09202","HECW1","sense",7,43484796,"G","A","p.A675A",0.3611,36,13,"unknown","NA",0,"NA",0,"NA","het",3e-05,"AGTTGCGAGGGCTGTGACGC","TCCTGCTGCAGCCCCTCGTG",1,0,"chr7:g.3484796G>A",39]
["G09202","SHARPIN","sense",8,145154331,"C","A","p.V257V",0.0588,34,2,"unknown","NA",0,"NA",0,"NA","het",0.39203,"GGGAAACCGAGCTCTGAGAA","ACCTGTGGCCAGAGCATCAG",1,0,"chr8:g.145154331C>A",23]
["G09202","QRFP","sense",9,133769049,"C","A","p.L59L",0.0526,38,2,"known","COSM462437",1,"MU29188523",1,"NA","het",0.3086,"GCCTGTGGCTGTGAAGCTCT","AGCCACCGAGAGGAACCCCA",0,0,"chr9:g.133769049C>A",34]
["G09202","SLC22A11","sense",11,64323507,"C","A","p.G12G",0.08,25,2,"unknown","NA",0,"NA",0,"NA","het",0.15361,"CTCTTGGAGCAAGCCGGAGG","GTGGGCCTCTTCCAGACCCT",1,0,"chr11:g.4323507C>A",41]
["G09202","OVCH1","sense",12,29617516,"T","A","p.V683V",0.2689,119,32,"unknown","NA",0,"NA",0,"NA","het",0,"TCTGCGCTGTGTGGGAGACA","ACTGGCCTCACCACCGAGTT",1,0,"chr12:g.9617516T>A",181]
["G09202","IKZF4","sense",12,56428371,"C","A","p.R293R",0.0952,21,2,"unknown","NA",0,"NA",0,"NA","het",0.23256,"ACAGGCGAAAAGCAGATGCG","TTCAGCCTCTCAGACCTCCC",1,0,"chr12:g.6428371C>A",24]
["G09202","ZNF605","sense",12,133502493,"C","A","p.L495L",0.0909,22,2,"unknown","NA",0,"NA",0,"NA","het",0.21369,"TGTGTTCTCTGATGTGATAT","AGGCTTGACTTCTGGGTGAA",1,0,"chr12:g.133502493C>A",30]
["G09202","NYNRIN","sense",14,24885278,"G","T","p.V1441V",0.2941,68,20,"unknown","NA",0,"NA",0,"NA","het",0,"TCTCTGTTTGCTGTGACAGT","GACACCCTGGCCAAGCAGGG",1,0,"chr14:g.4885278G>T",87]
["G09202","TBL3","sense",16,2028555,"C","A","p.R766R",0.0833,24,2,"unknown","NA",0,"NA",0,"NA","het",0.23469,"CCCTCTGTCCAACCCCAGAG","GGCACTTTCAGCGGCTCAGC",1,0,"chr16:g.2028555C>A",31]
["G09202","RNF222","sense",17,8296351,"C","A","p.L143L",0.069,29,2,"unknown","NA",0,"NA",0,"NA","het",0.35993,"AAGATCTGTGACTCCCGGGG","AGGCTGGGCAGCAGGTCCAG",1,0,"chr17:g.8296351C>A",26]
["G09202","NUFIP2","sense",17,27620859,"C","A","p.L73L",0.1,20,2,"unknown","NA",0,"NA",0,"NA","het",0.28529,"GTGTGTTTCTGCTCATGTTT","AGCGGCTTTGGCTGGGCCTT",1,0,"chr17:g.7620859C>A",23]
["G09202","SERPINB2","sense",18,61558822,"C","A","p.G48G",0.0541,37,2,"unknown","NA",0,"NA",0,"NA","het",0.20054,"GTCTACATGGGCTCCAGGGG","AGCACCGAAGACCAGATGGC",1,0,"chr18:g.1558822C>A",60]
["G09202","CTU1","sense",19,51607332,"C","A","p.T165T",0.1111,18,2,"unknown","NA",0,"NA",0,"NA","het",0.32903,"CGCTCACCTGTCACGATGTG","GTGGCTCCCACGCGGCGCGC",1,0,"chr19:g.1607332C>A",17]
["G09202","ESF1","sense",20,13763283,"C","T","p.E168E",0.0577,156,9,"known","COSM6558577",1,"NA",0,"NA","het",0.14661,"TGTTGAACAATGTTTTTTTT","TCTTTCTTATTTTTTTGTGT",1,0,"chr20:g.3763283C>T",229]
["G09202","BCR","sense",22,23627259,"C","A","p.L759L",0.0508,59,3,"unknown","NA",0,"NA",0,"NA","het",0.15485,"TGCAAATGGTACATTCCGCT","ACGGATCTCAGCTTCCAGAT",1,1,"chr22:g.3627259C>A",66]
["G09202","TLR7","sense","X",12903684,"C","A","p.I19I",0.1,20,2,"unknown","NA",0,"NA",0,"NA","het",0.14329,"CTTATCCTTTTTAACATAAT","CTAATTTCCAAACTCCTTGG",1,0,"chrX:g.2903684C>A",38]
["G09202","GABRQ","sense","X",151815471,"G","A","p.E123E",0.575,80,46,"unknown","NA",0,"NA",0,"NA","het",0,"TCACGCTTAGCATACTATGA","ACCACCCTGAACTTGACCCT",1,0,"chrX:g.151815471G>A",127]
["G09203","MEGF6","sense",1,3425195,"G","A","p.N529N",0.1159,69,8,"known","COSM4906619",1,"MU4761769",1,"NA","het",0.00515,"CCCAGGAGGCAGGTCCCTCC","TTCCTGCAGTCATCACAGGT",0,0,"chr1:g.3425195G>A",86]
["G09203","BMP8B","sense",1,40229393,"G","A","p.L313L",0.0824,85,7,"known","NA",0,"MU4555011",1,"NA","het",0.20169,"TCAGCAATTACCAGCCAGCC","AGGTCCTGGAAGCTGACGTA",1,0,"chr1:g.0229393G>A",112]
["G09203","IGFN1","sense",1,201178680,"A","G","p.G1553G",0.0775,129,10,"known","NA",0,"MU4546866",2,"NA","het",0.0362,"GGTTTTACGGATGGTTTAGG","GGTTCTGAAGAAATGGGGTC",0,0,"chr1:g.201178680A>G",194]
["G09203","CCDC140","sense",2,223168885,"C","A","p.G88G",0.0667,30,2,"unknown","NA",0,"NA",0,"NA","het",0.27256,"GACCTGGGACTGCAGAGAGG","GTTTTGAAGAGTGCTGCGCG",1,0,"chr2:g.223168885C>A",33]
["G09203","SPATA3","sense",2,231861071,"T","C","p.S41S",0.1712,146,25,"known","NA",0,"MU706610",5,"NA","het",0,"TCCACACCACAGCAGCCTAG","CCTGAATCCACACCACAGCA",0,0,"chr2:g.231861071T>C",173]
["G09203","RBM47","sense",4,40440698,"G","A","p.C71C",0.0526,38,2,"known","COSM6764158",1,"NA",0,"NA","het",0.21168,"ATCTTGCCCACGAAGACCTC","CAGCCACGCTGCGGGTGCGG",1,0,"chr4:g.0440698G>A",53]
["G09203","ZDHHC11","sense",5,850517,"C","T","p.A67A",0.2727,77,21,"unknown","NA",0,"NA",0,"NA","het",0,"ACGTAGGCAATGTATTTCCA","GCGTGAGGCAGGAAGGGAAT",1,0,"chr5:g.50517C>T",125]
["G09203","HIST1H1C","sense",6,26056417,"G","A","p.I80I",0.2366,186,44,"unknown","NA",0,"NA",0,"NA","het",0,"AGGCTCTTGAGACCAAGTTT","ATACGGCTGTTGTTTTTCTC",1,1,"chr6:g.6056417G>A",172]
["G09203","AGAP3","sense",7,150783951,"C","A","p.P41P",0.1333,15,2,"unknown","NA",0,"NA",0,"NA","het",0.16667,"CAGTTCGGCGGCGCGGGGCC","GGGGCCGGGGGCGGCGGCGG",1,0,"chr7:g.150783951C>A",28]
["G09203","NRG1","sense",8,32505644,"G","A","p.S136S",0.2358,106,25,"unknown","NA",0,"NA",0,"NA","het",0,"GCCTCAGCTGTGTGGGTGTC","TCTGAGGCATACACTTCACC",1,1,"chr8:g.2505644G>A",179]
["G09203","RBM20","sense",10,112559643,"G","A","p.R589R",0.29,100,29,"unknown","NA",0,"NA",0,"NA","het",0,"GGTGAGAAGTTGCTCATTCG","ATGTCCAAGAGATACAAGGA",1,0,"chr10:g.112559643G>A",212]
["G09203","OTOGL","sense",12,80651684,"A","T","p.I588I",0.1739,115,20,"unknown","NA",0,"NA",0,"NA","het",0,"TTAAAGATTCTGTTTGCTAT","GATGGGGAAAGAATTTATAT",1,0,"chr12:g.0651684A>T",179]
["G09203","NUFIP1","sense",13,45523879,"T","C","p.S372S",0.05,40,2,"known","COSM403671",14,"MU44742652",1,"NA","het",0.22375,"TCTGGCTCACTCTCTGACCC","GAAAGACTGCCATAGCTACT",0,0,"chr13:g.5523879T>C",47]
["G09203","PLEKHH1","sense",14,68029305,"C","A","p.G319G",0.0571,35,2,"unknown","NA",0,"NA",0,"NA","het",0.13048,"CCAAAGGTGCGGGCTCCTGG","ACCCCGCGGGACAGCATCCA",1,0,"chr14:g.8029305C>A",74]
["G09203","MPRIP","sense",17,17057697,"C","T","p.H481H",0.0561,107,6,"unknown","NA",0,"NA",0,"NA","het",0.06247,"ATCCAGACCATCATGAAGCA","GTGCACCCGACCACTGCCCC",1,0,"chr17:g.7057697C>T",147]
["G09203","MYO15A","sense",17,18054176,"G","A","p.T2474T",0.2635,167,44,"unknown","NA",0,"NA",0,"NA","het",0,"GAGATGACCCTGCAGGCCAC","GCACTCCAGCAGCAGCCCCT",1,0,"chr17:g.8054176G>A",243]
["G09203","SLC39A3","sense",19,2733469,"C","A","p.L75L",0.08,25,2,"unknown","NA",0,"NA",0,"NA","het",0.2551,"GTGCTGATGTGGCCGAGGCT","AGGACCTTCTGGAGCTGCAG",1,0,"chr19:g.2733469C>A",27]
["G09203","ZNF676","sense",19,22363448,"A","T","p.I357I",0.3475,118,41,"known","NA",0,"MU4573350",3,"NA","het",0,"GGTTTCTCTCCAGTATGAAT","ATCTTATGTTTAGTAAGGAT",0,0,"chr19:g.2363448A>T",139]
["G09203","LGALS13","sense",19,40097925,"G","A","p.K122K",0.0822,146,12,"unknown","NA",0,"NA",0,"NA","het",0.00014,"ATCCCGCCATCATTTGTGAA","ATGGTGCAAGTGTCGAGAGA",1,0,"chr19:g.0097925G>A",207]
["G09203","HDHD5","sense",22,17619628,"C","T","p.R219R",0.3651,63,23,"unknown","NA",0,"NA",0,"NA","het",0,"AGAAAGGTGCCATGTCCAAA","CTGCCAGAAACGAGCACGCA",1,0,"chr22:g.7619628C>T",63]
["G09203","TBC1D10A","sense",22,30722814,"C","A","p.L19L",0.08,25,2,"unknown","NA",0,"NA",0,"NA","het",0.33223,"AGGCTCTCCCGGGTTCCCGA","AGGCTTTCCCCGGCCGCGGG",1,0,"chr22:g.0722814C>A",21]
["G09203","SOX3","sense","X",139585924,"C","A","p.G434G",0.1875,16,3,"unknown","NA",0,"NA",0,"NA","het",0.07207,"ACCGTTCCGTTGACTGCAGT","CCGGCGCCCTGGTAGTGCTG",1,0,"chrX:g.139585924C>A",24]
["G09204","OPRD1","sense",1,29185502,"C","A","p.I88I",0.05,40,2,"unknown","NA",0,"NA",0,"NA","het",0.19918,"ACGGCCACCAACATCTACAT","TTCAACCTGGCCTTAGCCGA",1,0,"chr1:g.9185502C>A",51]
["G09204","IGFN1","sense",1,201178680,"A","G","p.G1553G",0.0597,134,8,"known","NA",0,"MU4546866",2,"NA","het",0.1084,"GGTTTTACGGATGGTTTAGG","GGTTCTGAAGAAATGGGGTC",0,0,"chr1:g.201178680A>G",194]
["G09204","CADM2","sense",3,85851268,"A","C","p.R45R",0.2762,105,29,"unknown","NA",0,"NA",0,"NA","het",0,"GAACTGCAATTTTGACCTGC","GGGTTGATCAAAATGATAAC",1,0,"chr3:g.5851268A>C",201]
["G09204","DSPP","sense",4,88536883,"T","C","p.N1023N",0.6816,223,152,"known","NA",0,"MU63790996",1,"NA","het",0,"AATAGTAGTGACAGCAGCAA","AGCAGTGACAGCAGCAACAG",1,0,"chr4:g.8536883T>C",296]
["G09204","PELO","sense",5,52097272,"C","T","p.S252S",0.3269,52,17,"unknown","NA",0,"NA",0,"NA","het",0,"TCCTCCGGACACAAGTACTC","CTGAAAGAGGCCCTTTGTGA",1,0,"chr5:g.2097272C>T",92]
["G09204","PCDHA9","sense",5,140228473,"A","G","p.P131P",0.0702,285,20,"unknown","NA",0,"NA",0,"NA","het",0.04137,"GACATTAACGACAACCCTCC","GTGTTCCCAGCGACACAAAA",1,0,"chr5:g.140228473A>G",422]
["G09204","GLP1R","sense",6,39034044,"T","G","p.A158A",0.2911,79,23,"unknown","NA",0,"NA",0,"NA","het",0,"TACGCACTCTCCTTCTCTGC","CTGGTTATCGCCTCTGCGAT",1,0,"chr6:g.9034044T>G",148]
["G09204","ADGB","sense",6,147014046,"A","C","p.T524T",0.266,94,25,"unknown","NA",0,"NA",0,"NA","het",0,"ACTCCATTTACAATTCCAAC","GAAATGTAAGTATTAACATT",1,0,"chr6:g.147014046A>C",159]
["G09204","NRG1","sense",8,32505644,"G","A","p.S136S",0.381,147,56,"unknown","NA",0,"NA",0,"NA","het",0,"GCCTCAGCTGTGTGGGTGTC","TCTGAGGCATACACTTCACC",1,1,"chr8:g.2505644G>A",179]
["G09204","PRLHR","sense",10,120353878,"C","A","p.P293P",0.0577,52,3,"unknown","NA",0,"NA",0,"NA","het",0.15468,"AGCAGGTTGAAGACGTGCAG","GGCAGCCAGCAGACGGCGAA",1,0,"chr10:g.120353878C>A",57]
["G09204","ATG16L2","sense",11,72525505,"C","A","p.G5G",0.0513,39,2,"unknown","NA",0,"NA",0,8.769,"het",0.28196,"GCGGCCATGGCGGGGCCGGG","GTCCCCGGTGCCCCCGCAGC",1,0,"chr11:g.2525505C>A",42]
["G09204","OTOGL","sense",12,80651684,"A","T","p.I588I",0.2653,98,26,"unknown","NA",0,"NA",0,"NA","het",0,"TTAAAGATTCTGTTTGCTAT","GATGGGGAAAGAATTTATAT",1,0,"chr12:g.0651684A>T",179]
["G09204","PCNX1","sense",14,71443711,"C","A","p.I219I",0.0513,39,2,"unknown","NA",0,"NA",0,"NA","het",0.20274,"GTCTCCAATGACTCCTTCAT","TCTATTCAGCCTTCCTTATC",1,0,"chr14:g.1443711C>A",55]
["G09204","GTF3C1","sense",16,27501048,"C","A","p.P1056P",0.0588,34,2,"unknown","NA",0,"NA",0,"NA","het",0.2077,"CTGCTGTTCTTCCTGACGCG","GGGCAGCGCACCACGCCTGG",1,0,"chr16:g.7501048C>A",53]
["G09204","MLLT6","sense",17,36864101,"C","T","p.Y110Y",0.28,100,28,"known","COSM3691516",2,"MU131917",2,"NA","het",0,"GAGCCCATCGTGCTGCAGTA","GTGCCTCATGATCGCTTCAA",0,1,"chr17:g.6864101C>T",171]
["G09204","HCN2","sense",19,590380,"C","A","p.G145G",0.0741,27,2,"unknown","NA",0,"NA",0,"NA","het",0.42805,"GGGCCGGCGGAGGAGGCGGG","AGCGAGGAGGCGGGCCCGGC",1,0,"chr19:g.90380C>A",16]
["G09204","SLC27A1","sense",19,17581451,"G","T","p.V34V",0.3407,91,31,"unknown","NA",0,"NA",0,"NA","het",0,"GCGGCAGCGGCGCTCGGCGT","TACGTGGGCAGCGGCGGCTG",1,0,"chr19:g.7581451G>T",80]
["G09204","KRTAP10-4","sense",21,45993851,"C","T","p.C72C",0.0552,145,8,"known","NA",0,"MU5267283",3,"NA","het",0.45266,"CCCTGCTGCCCAGTGACCTG","GAGCCCAGCCCCTGCCAATC",0,0,"chr21:g.5993851C>T",193]
["G09205","UBXN11","sense",1,26608889,"A","T","p.G368G",0.093,43,4,"known","NA",0,"MU15849",5,"NA","het",0.08652,"GGACTGGGGCCGGGACCGGG","CCGGGACAGGGACCAGGACT",0,0,"chr1:g.6608889A>T",52]
["G09205","PKP4","sense",2,159519567,"G","A","p.K790K",0.0556,54,3,"unknown","NA",0,"NA",0,"NA","het",0.16308,"AGTTGCTGGGGGAAGAAGAA","AAAAAGAAAAAGAGGACTCC",1,0,"chr2:g.159519567G>A",55]
["G09205","DSPP","sense",4,88536883,"T","C","p.N1023N",0.7087,254,180,"known","NA",0,"MU63790996",1,"NA","het",0,"AATAGTAGTGACAGCAGCAA","AGCAGTGACAGCAGCAACAG",1,0,"chr4:g.8536883T>C",296]
["G09205","SMIM23","sense",5,171217819,"C","T","p.N82N",0.0775,142,11,"unknown","NA",0,"NA",0,2.89,"het",1.67E-3,"GGGCTTGAATATCAGACCAA","GAGCCCTCAGAAGAACCGAT",1,0,"chr5:g.171217819C>T",131]
["G09205","TRRAP","sense",7,98507852,"A","C","p.P508P",0.1053,19,2,"unknown","NA",0,"NA",0,0.025,"het",0.20854,"CCTGTCCCTGCCCCACCTCC","CCCCCGCCCCCACCCCCACC",1,1,"chr7:g.8507852A>C",28]
["G09205","SPATA31A6","sense",9,43626815,"G","A","p.D624D",0.0543,92,5,"known","NA",0,"MU35757",4,"NA","het",0.30133,"TGACTTGTCCCTGGTGATTC","TCCCGAAGCTGCATCAGATC",0,0,"chr9:g.3626815G>A",104]
["G09205","ANO9","sense",11,429765,"A","G","p.A131A",0.0638,47,3,"unknown","NA",0,"NA",0,"NA","het",0.19736,"CGCAGCAACTCACCCCAGAG","GCCATGAAGATGGCGAACAC",1,0,"chr11:g.29765A>G",36]
["G09205","OTOGL","sense",12,80651684,"A","T","p.I588I",0.0775,129,10,"unknown","NA",0,"NA",0,"NA","het",0.00104,"TTAAAGATTCTGTTTGCTAT","GATGGGGAAAGAATTTATAT",1,0,"chr12:g.0651684A>T",179]
["G09205","FERMT2","sense",14,53360090,"C","T","p.K149K",0.0547,128,7,"unknown","NA",0,"NA",0,"NA","het",0.1611,"TCTAGCTTCTTCTTTTTTTT","TTTGTTGGATCTCTGGGTTT",1,0,"chr14:g.3360090C>T",165]
["G09205","EFCAB5","sense",17,28407257,"C","A","p.I1065I",0.1667,12,2,"known","COSM5494559",1,"MU41621571",1,"NA","het",0.14194,"TACAGGGACATGAAAGGAAT","AGGTAAGAACTTCTTGAAGA",0,0,"chr17:g.8407257C>A",21]
["G09205","DAZAP1","sense",19,1430261,"G","C","p.P257P",0.2857,21,6,"unknown","NA",0,"NA",0,"NA","het",0.01207,"GCAGGAAGAGGAGCCCCCCC","CCACCCCCACCGTTCACCTC",1,1,"chr19:g.1430261G>C",27]
["G09205","ZNF676","sense",19,22363307,"T","C","p.S404S",0.12,125,15,"known","NA",0,"MU1076596",1,"NA","het",0.00049,"TGTTCCATGAGCTTTGAGGA","GAGTTGGAAGCTTTGCCACA",1,0,"chr19:g.2363307T>C",105]
["G09205","NRK","sense","X",105156660,"A","T","p.S754S",0.1379,58,8,"unknown","NA",0,"NA",0,"NA","het",0.0103,"GACAAAGAAGATGAATCATC","GACAATGATGAAGTATTTCA",1,0,"chrX:g.105156660A>T",57]
["G09206","MIB2","sense",1,1565868,"C","A","p.I992I",0.0526,57,3,"unknown","NA",0,"NA",0,11.42,"het",0.17558,"GCGCTCAGCGCCTGCCCCAT","TGCCGCCAGCCCATCCGCGA",1,0,"chr1:g.1565868C>A",52]
["G09206","FOXD3","sense",1,63789035,"C","T","p.D102D",0.1429,14,2,"unknown","NA",0,"NA",0,"NA","het",0.18347,"GTGGGCGCGCCGGAGGCGGA","GGCTGCAAGGGCGGTGTTGG",1,0,"chr1:g.3789035C>T",22]
["G09206","DIS3L2","sense",2,233199346,"T","C","p.S765S",0.0541,74,4,"known","NA",0,"MU29578567",1,10.63,"het",0.15306,"GCACTGTCCCTGCAGGAGAG","GGCCCCCTGGAGTCAGAAGC",1,0,"chr2:g.233199346T>C",129]
["G09206","PRRT3","sense",3,9989390,"C","A","p.A489A",0.0769,26,2,"unknown","NA",0,"NA",0,"NA","het",0.26531,"GCGGCTGCCAGCGCAGCCAG","GCCAACAACGCGGGCAGCAG",1,0,"chr3:g.9989390C>A",34]
["G09206","DSPP","sense",4,88537036,"C","T","p.D1074D",0.1142,254,29,"unknown","NA",0,"NA",0,"NA","het",1.31E-3,"GATAGCAGTGACAGCAGTGA","AGCAGCGACAGCAGTGATAG",1,0,"chr4:g.8537036C>T",313]
["G09206","PELO","sense",5,52097272,"C","T","p.S252S",0.1912,68,13,"unknown","NA",0,"NA",0,"NA","het",3e-05,"TCCTCCGGACACAAGTACTC","CTGAAAGAGGCCCTTTGTGA",1,0,"chr5:g.2097272C>T",92]
["G09206","SLC6A7","sense",5,149576804,"C","A","p.L183L",0.0513,39,2,"unknown","NA",0,"NA",0,"NA","het",0.27434,"GGGGCCCTGCCCCTCAACCT","ACCTGCACCGTCAGCCCCAG",1,0,"chr5:g.149576804C>A",40]
["G09206","EPM2A","sense",6,146056608,"C","A","p.V9V",0.1176,17,2,"unknown","NA",0,"NA",0,"NA","het",0.22857,"GCGCCGGCCACGGCGGGTGG","ACCACCACCCCAAAGCGGAA",1,0,"chr6:g.146056608C>A",22]
["G09206","PHF20L1","sense",8,133837585,"G","A","p.K545K",0.0847,59,5,"known","COSM296941",2,"NA",0,"NA","het",0.21937,"AGACCAAAACAGAAGAAGAA","AAAAAAAAGAAAAAGAAATC",0,0,"chr8:g.133837585G>A",78]
["G09206","CCDC166","sense",8,144789503,"C","A","p.L227L",0.125,24,3,"unknown","NA",0,"NA",0,"NA","het",0.17631,"AGCAGCAGCAGCTCCTGCCG","AGGCGTCCGTTGTCCGCTTT",1,0,"chr8:g.144789503C>A",19]
["G09206","OVCH1","sense",12,29617516,"T","A","p.V683V",0.2162,111,24,"unknown","NA",0,"NA",0,"NA","het",0,"TCTGCGCTGTGTGGGAGACA","ACTGGCCTCACCACCGAGTT",1,0,"chr12:g.9617516T>A",181]
["G09206","TMEM132D","sense",12,130184408,"C","A","p.L305L",0.05,40,2,"unknown","NA",0,"NA",0,"NA","het",0.22375,"GAGATGGAAACAGGAAAAGT","AGCACGTCTCCTTTCCTCAC",1,0,"chr12:g.130184408C>A",47]
["G09206","CENPJ","sense",13,25486972,"G","A","p.S64S",0.1953,169,33,"unknown","NA",0,"NA",0,"NA","het",0,"TCTTCATTTATAAAGCTGAA","CTATCAGAAAAATGTGTGCC",1,0,"chr13:g.5486972G>A",225]
["G09206","PGBD4","sense",15,34395626,"C","G","p.G298G",0.2952,105,31,"unknown","NA",0,"NA",0,"NA","het",0,"CTTGTTCACACAGGGCCTGG","ATGAATTTGAAAGATTCAGC",1,0,"chr15:g.4395626C>G",129]
["G09206","GNAO1","sense",16,56309960,"C","A","p.I93I",0.05,40,2,"unknown","NA",0,"NA",0,"NA","het",0.21849,"GCCATGGACACTTTGGGCAT","GAATATGGTGATAAGGAGAG",1,0,"chr16:g.6309960C>A",63]
["G09206","CLEC18A","sense",16,69988359,"A","G","p.L113L",0.1296,108,14,"known","NA",0,"MU4551088",3,6.829,"het",0.02161,"GGCTGGAACATGCAGCTGCT","CCCGCGGGCTTGGTGTCCTT",0,0,"chr16:g.9988359A>G",141]
["G09206","ADAM11","sense",17,42852097,"C","A","p.G200G",0.0625,32,2,"unknown","NA",0,"NA",0,"NA","het",0.28023,"TGTCCAGACATCTGGCTGGG","TGCATCATGGAGGACACTGG",1,0,"chr17:g.2852097C>A",39]
["G09206","C19orf35","sense",19,2276441,"C","A","p.L220L",0.0667,30,2,"unknown","NA",0,"NA",0,"NA","het",0.19674,"TGTGGAGACAGGGAGGCCTG","AGCTCCAGGCCCCACGGGTG",1,0,"chr19:g.2276441C>A",43]
["G09206","SLC27A1","sense",19,17581451,"G","T","p.V34V",0.2584,89,23,"unknown","NA",0,"NA",0,"NA","het",0,"GCGGCAGCGGCGCTCGGCGT","TACGTGGGCAGCGGCGGCTG",1,0,"chr19:g.7581451G>T",80]
["G09206","APOL1","sense",22,36661692,"C","A","p.G252G",0.0741,27,2,"unknown","NA",0,"NA",0,"NA","het",0.23636,"AACTTTCTTTCCTTAGCTGG","AATACTTACCAACTCACACG",1,0,"chr22:g.6661692C>A",30]
["G09206","GABRQ","sense","X",151815471,"G","A","p.E123E",0.4,80,32,"unknown","NA",0,"NA",0,"NA","het",0,"TCACGCTTAGCATACTATGA","ACCACCCTGAACTTGACCCT",1,0,"chrX:g.151815471G>A",127]
["G09209","SMPDL3B","sense",1,28282485,"C","A","p.I299I",0.0606,33,2,"unknown","NA",0,"NA",0,"NA","het",0.24615,"CCCATAAGCGCCATGTTCAT","ACACCTGGAGTCACCCCATG",1,0,"chr1:g.8282485C>A",43]
["G09209","LRRN2","sense",1,204588119,"C","A","p.L334L",0.069,29,2,"unknown","NA",0,"NA",0,"NA","het",0.42918,"ATGAGGGTCTCCATCTGGGG","AGGTGGTGGAAGGCGCGGGG",1,0,"chr1:g.204588119C>A",16]
["G09209","MT1HL1","sense",1,237167622,"G","A","p.G17G",0.1169,154,18,"unknown","NA",0,"NA",0,"NA","het",5e-05,"CACTTTTTGCACTTGCAGGA","CCGGCGCAGGCGTAGGAGCC",1,0,"chr1:g.237167622G>A",152]
["G09209","FSIP2","sense",2,186607874,"T","G","p.S80S",0.1081,37,4,"known","COSN8763507",1,"MU379752",1,"NA","het",0.09755,"TTGCAGCTTTTTCGACCTTC","TATGGTTTTAACCTGACTGA",0,0,"chr2:g.186607874T>G",33]
["G09209","TSC22D2","sense",3,150128337,"C","A","p.G400G",0.0541,37,2,"unknown","NA",0,"NA",0,"NA","het",0.66002,"GCGCAGCCCTCGTCCACCGG","GCCGCAGCGAGCCCCGCCAC",1,0,"chr3:g.150128337C>A",26]
["G09209","RNF212","sense",4,1087344,"C","T","p.R235R",0.1212,66,8,"unknown","NA",0,"NA",0,"NA","het",0.08985,"TGTGACCTCCACGGCCCATG","CGGAAGCCTGAGAGGCACGA",1,0,"chr4:g.1087344C>T",95]
["G09209","PCDHB14","sense",5,140604706,"C","T","p.S543S",0.0578,173,10,"unknown","NA",0,"NA",0,"NA","het",0.00287,"GGGTCCCCGGCGTTGAGCAG","GAGGCGCTGGTGCGCGTGCT",1,0,"chr5:g.140604706C>T",184]
["G09209","CYB5R4","sense",6,84665065,"C","A","p.G465G",0.05,60,3,"unknown","NA",0,"NA",0,"NA","het",0.09565,"CCTATTTCTGAATGGAATGG","AAACAGGGACATATTTCACC",1,0,"chr6:g.4665065C>A",93]
["G09209","FERD3L","sense",7,19184503,"C","T","p.E161E",0.1061,66,7,"unknown","NA",0,"NA",0,"NA","het",0.01893,"GCTCAGCCGCTTTCCTTCTT","TCACAGCTCTCCAAGAGCTC",1,0,"chr7:g.9184503C>T",51]
["G09209","PLEKHA2","sense",8,38809686,"C","T","p.N163N",0.0645,31,2,"unknown","NA",0,"NA",0,"NA","het",0.2459,"GACACTGTTTCCTTGCAGAA","GGTGGGGATGGGCAGGAAGG",1,0,"chr8:g.8809686C>T",39]
["G09209","DENND3","sense",8,142151373,"C","T","p.C111C",0.0827,133,11,"unknown","NA",0,"NA",0,1.822,"het",0.01854,"TTCGTGCCCTTCGCGGTGTG","GTGGTCTCCAGGTTTCCCTA",1,0,"chr8:g.142151373C>T",144]
["G09209","IL15RA","sense",10,6008142,"G","A","p.V47V",0.0526,38,2,"unknown","NA",0,"NA",0,0.496,"het",0.34871,"CTGGGGGTTGTCCAGTGGGC","ACATTCGTGGCCTTGTTCAA",1,0,"chr10:g.6008142G>A",29]
["G09209","KRTAP5-5","sense",11,1651199,"A","G","p.G43G",0.1818,66,12,"known","NA",0,"MU696062",3,"NA","het",0.00038,"GGCTGTGGCTCCGGCTGTGG","GGCTGTGGGGGCTGTGGCTC",0,0,"chr11:g.1651199A>G",68]
["G09209","MAML2","sense",11,95825383,"C","T","p.Q604Q",0.5938,256,152,"known","NA",0,"MU66674",5,"NA","het",0,"TGCTGCTGCTGTTGCTGCTG","TGCTGCTGCTGCTGCTGCTG",0,1,"chr11:g.5825383C>T",308]
["G09209","KRT6B","sense",12,52843253,"C","T","p.K359K",0.146,137,20,"unknown","NA",0,"NA",0,"NA","het",1e-05,"GCTGTCCACTCCGTGCTCAC","TTTGTCTGGTACCAGGACTC",1,0,"chr12:g.2843253C>T",192]
["G09209","RNASEH2B","sense",13,51504853,"T","G","p.P93P",0.1576,165,26,"unknown","NA",0,"NA",0,"NA","het",0,"TTTGCCACACCTGTGGATCC","CTATTTCTGCTTCTCCACTA",1,0,"chr13:g.1504853T>G",229]
["G09209","USP8","sense",15,50785054,"C","T","p.N691N",0.0635,126,8,"known","NA",0,"MU29377044",1,"NA","het",0.2351,"ATATTGCAGTGCCTATGTAA","GCTCCACATTTGGCTGATTA",1,1,"chr15:g.0785054C>T",159]
["G09209","SETD1A","sense",16,30991325,"A","C","p.P1406P",0.1458,48,7,"unknown","NA",0,"NA",0,"NA","het",0.02787,"CGCCGCCGCCCTCCGCCCCC","CCCCCGCCGCCACCGCCCCG",1,0,"chr16:g.0991325A>C",37]
["G09209","PDF","sense",16,69364222,"C","T","p.R84R",0.1471,34,5,"unknown","NA",0,"NA",0,"NA","het",0.10706,"TCGGGCCCGCCTAGCTGCGC","CGCTCCACCGGGGCCGCCAC",1,0,"chr16:g.9364222C>T",24]
["G09209","CYB561","sense",17,61514912,"G","A","p.L6L",0.0513,39,2,"unknown","NA",0,"NA",0,"NA","het",0.28991,"GCGGCCCCGCCCTCCATGCT","AGGCAAACGCTGCAAGAAAG",1,0,"chr17:g.1514912G>A",43]
["G09209","NWD1","sense",19,16860725,"C","G","p.V218V",0.0588,68,4,"unknown","NA",0,"NA",0,"NA","het",0.06154,"CATACCCTCCTCCACACTGT","TCTTGCAGAAACTTCGAGTC",1,0,"chr19:g.6860725C>G",106]
["G09209","ZNF676","sense",19,22363274,"A","G","p.H415H",0.1354,96,13,"unknown","NA",0,"NA",0,"NA","het",0.00221,"TTGTAGGGTTTCTCTCCAGT","TGAATTCTCTTATGTTCCAT",1,0,"chr19:g.2363274A>G",61]
["G09209","ZNF813","sense",19,53993930,"G","C","p.L148L",0.1336,247,33,"unknown","NA",0,"NA",0,"NA","het",0,"TCAAGCTTTCATTCGCATCT","CCTGAACTCCACATGTTTCA",1,0,"chr19:g.3993930G>C",211]
["G09209","HCK","sense",20,30681677,"C","A","p.G347G",0.0526,57,3,"unknown","NA",0,"NA",0,"NA","het",0.25765,"GGGGTGCAGATTGCAGAAGG","ATGGCCTTCATCGAGCAGAG",1,0,"chr20:g.0681677C>A",39]
["G09209","KRTAP10-7","sense",21,46021151,"G","A","p.T205T",0.0763,131,10,"known","NA",0,"MU4405222",1,"NA","het",0.1479,"GGCTGCATCAGCTCCTGCAC","CCCTCGTGCTGCCAGCAGTC",1,0,"chr21:g.6021151G>A",153]
["G09209","HEPH","sense","X",65393495,"C","T","p.G162G",0.0541,37,2,"unknown","NA",0,"NA",0,"NA","het",0.27578,"GACTCTGTTCCCCCGGGGGG","AGCCATATCTACAACTGGAC",1,0,"chrX:g.5393495C>T",45]
["G09210","CRYBG2","sense",1,26671625,"A","G","p.S508S",0.1045,134,14,"known","NA",0,"MU873587",7,"NA","het",0.01324,"ACCACCTCCTTCTGGGTGGG","GATGAGGCAGCAGGAGCACC",0,0,"chr1:g.6671625A>G",117]
["G09210","SYT14","sense",1,210334315,"C","G","p.L532L",0.0458,240,11,"unknown","NA",0,"NA",0,"NA","het",0.00085,"AGCTCTGGAGAAGAAGAACT","AATCACTGGACTGAAATGAA",1,0,"chr1:g.210334315C>G",287]
["G09210","GPR39","sense",2,133403125,"C","A","p.G436G",0.0968,31,3,"unknown","NA",0,"NA",0,"NA","het",0.10789,"TCACTAGAGCCCAACTCAGG","GCGAAACCAGCCAATTCTGC",1,0,"chr2:g.133403125C>A",36]
["G09210","WNT7A","sense",3,13860807,"G","A","p.L228L",0.05,40,2,"unknown","NA",0,"NA",0,"NA","het",0.31388,"GCCTCGTTGTACTTGTCCTT","AGCACGTAGCCCAGCTCCCG",1,0,"chr3:g.3860807G>A",40]
["G09210","SLC12A7","sense",5,1064252,"G","A","p.I851I",0.3243,37,12,"unknown","NA",0,"NA",0,4.699,"het",0.00056,"AGCATGCCGCCGTCGTGCAC","ATCCACCACACGTCGATGTG",1,0,"chr5:g.1064252G>A",35]
["G09210","SCRN1","sense",7,29976210,"C","A","p.P221P",0.0588,51,3,"unknown","NA",0,"NA",0,"NA","het",0.12879,"CCAGTGAAGTAGTGAATGCA","GGAGAGCTTCTATTCTGCGG",1,0,"chr7:g.9976210C>A",71]
["G09210","STYXL1","sense",7,75657996,"G","A","p.D43D",0.1284,109,14,"unknown","NA",0,"NA",0,"NA","het",0.00013,"GCAGTGATCACATGGCTTTC","TCATACTCCCATTTGGAACG",1,0,"chr7:g.5657996G>A",132]
["G09210","NEFM","sense",8,24775525,"G","A","p.E343E",0.0249,201,5,"unknown","NA",0,"NA",0,"NA","het",0.04322,"CCCAAGGAAGAGAAGGTAGA","AAAAAGGAAGAGAAACCAAA",1,0,"chr8:g.4775525G>A",223]
["G09210","TRIM14","sense",9,100849758,"C","A","p.L441L",0.0571,35,2,"unknown","NA",0,"NA",0,"NA","het",0.33616,"GCCGGTCCTGGCCCCTAGGG","AGCCGGGGGATGCTGATGGC",1,0,"chr9:g.100849758C>A",28]
["G09210","SKIDA1","sense",10,21805480,"T","C","p.E424E",0.2121,66,14,"known","NA",0,"MU826086",6,"NA","het",3e-05,"CTGCCCCCCTCCTCCTCCTC","TCCTCCTCCTCCTCCTCTCC",0,0,"chr10:g.1805480T>C",78]
["G09210","KRT6B","sense",12,52843253,"C","T","p.K359K",0.1016,187,19,"unknown","NA",0,"NA",0,"NA","het",0.00023,"GCTGTCCACTCCGTGCTCAC","TTTGTCTGGTACCAGGACTC",1,0,"chr12:g.2843253C>T",192]
["G09210","ADCY4","sense",14,24799176,"C","T","p.V369V",0.0571,35,2,"unknown","NA",0,"NA",0,"NA","het",0.30466,"CACAGTACGCTGCCTGAGTG","ACGCCCACACGCATGTTGAT",1,0,"chr14:g.4799176C>T",36]
["G09210","UNC79","sense",14,94087998,"G","A","p.T1296T",0.1429,28,4,"known","COSM959022",3,"MU161127",2,"NA","het",0.15083,"CTGGCTGAATATAGAGAGAC","GGTGCATTACAAGACAGCCT",0,0,"chr14:g.4087998G>A",17]
["G09210","CLEC18B","sense",16,74451960,"C","T","p.T151T",0.1159,69,8,"known","NA",0,"MU14149",3,"NA","het",0.02885,"ACCTGCAGCACACTCACCTG","GTGTAGTGGGTGCAGGTGGC",0,0,"chr16:g.4451960C>T",72]
["G09210","S1PR5","sense",19,10624719,"G","A","p.C323C",0.0714,42,3,"known","COSM1390140",1,"MU111997",1,7.658,"het",0.12048,"CTGCCGCAGGAGTGGCGTCC","CAGCAGACCAGGCGCAGGAG",0,0,"chr19:g.0624719G>A",52]
["G09210","PGLYRP2","sense",19,15587412,"C","A","p.L23L",0.1111,18,2,"unknown","NA",0,"NA",0,"NA","het",0.35172,"ACAGAGTCCATGAGCAGGGG","AGGGAGGCTGCAGGAGGAAA",1,0,"chr19:g.5587412C>A",15]
["G09210","SLC24A3","sense",20,19701640,"C","T","p.F597F",0.0645,62,4,"unknown","NA",0,"NA",0,"NA","het",0.22847,"TTCTGTGCCCTGCAGGTGTT","GGCGTCCACCTGAACAAGTG",1,0,"chr20:g.9701640C>T",34]
["G09210","SRMS","sense",20,62178694,"C","A","p.V41V",0.0811,37,3,"unknown","NA",0,"NA",0,"NA","het",0.25181,"GGCTCGGCGGGGAGCGTGGG","ACTGGGTCAGTGTTGGGGTC",1,0,"chr20:g.2178694C>A",24]
["G09210","CYP2D6","sense",22,42522660,"A","G","p.T419T",0.0562,89,5,"unknown","NA",0,"NA",0,"NA","het",0.2431,"TGGCTGGGCCGGGGCTGTCC","GTGGGCACCGAGAAGCTGAA",1,0,"chr22:g.2522660A>G",80]
["G09211","CRYBG2","sense",1,26671658,"G","A","p.V497V",0.1481,189,28,"known","NA",0,"MU1134035",5,"NA","het",1e-05,"GGAGCACCAGGGCCCTTCAC","ACCTCTTTCCAGGTGGGGGA",0,0,"chr1:g.6671658G>A",124]
["G09211","LGR6","sense",1,202287963,"C","A","p.R705R",0.0526,57,3,"unknown","NA",0,"NA",0,"NA","het",0.24906,"CTTCGGCGGCTTCGGCCCCG","GCAGGGGACTCAGGGCCCCT",1,0,"chr1:g.202287963C>A",42]
["G09211","C2orf16","sense",2,27804548,"T","C","p.R1703R",0.0858,233,20,"unknown","NA",0,"NA",0,"NA","het",0.00013,"CCCTCTCAGAGGAGCCATCG","GGTCCCTCTGAGAGAAGACA",1,0,"chr2:g.7804548T>C",183]
["G09211","POTEE","sense",2,131976353,"C","T","p.S126S",0.0536,261,14,"known","NA",0,"MU13294281",1,"NA","het",0.5019,"TGGGGAGACTACGATGACAG","GCCTTCATGGAGCCCAGGTA",1,0,"chr2:g.131976353C>T",191]
["G09211","EPHA6","sense",3,97202866,"T","C","p.D113D",0.1489,94,14,"unknown","NA",0,"NA",0,"NA","het",2.9E-4,"GAATTTGCAAAGGAGATTGA","CCCTCAAGAATTCGTATTGA",1,0,"chr3:g.7202866T>C",101]
["G09211","GABRB1","sense",4,47427693,"C","A","p.V361V",0.1818,11,2,"unknown","NA",0,"NA",0,"NA","het",0.2619,"TGTTCTTTTTGCCATCAGGT","GACGCCCACGGTAACATTCT",1,0,"chr4:g.7427693C>A",14]
["G09211","ZDHHC11","sense",5,840656,"A","G","p.L246L",0.1804,255,46,"unknown","NA",0,"NA",0,"NA","het",0,"TGGCCCAGGTGCACCAAGCC","AGAAAGTCCAGCAGGAGCAC",1,0,"chr5:g.40656A>G",244]
["G09211","DOK3","sense",5,176935517,"C","T","p.L31L",0.0625,32,2,"unknown","NA",0,"NA",0,"NA","het",0.22433,"GATGGGCCTCCTGCATACAG","AGAGCCCACACCTTCCGCCA",1,0,"chr5:g.176935517C>T",43]
["G09211","CFTR","sense",7,117188763,"C","T","p.D426D",0.0428,187,8,"unknown","NA",0,"NA",0,"NA","het",0.01343,"AAAACTTCTAATGGTGATGA","AGCCTCTTCTTCAGTAATTT",1,0,"chr7:g.117188763C>T",174]
["G09211","SNAPC4","sense",9,139273603,"A","C","p.T892T",0.05,40,2,"unknown","NA",0,"NA",0,"NA","het",0.48872,"TCCTGAAGCAGCTCCGACAC","GTCTTGGGCTTGGGCCGGGG",1,0,"chr9:g.139273603A>C",18]
["G09211","FAM160A2","sense",11,6245314,"C","A","p.L101L",0.06,50,3,"unknown","NA",0,"NA",0,"NA","het",0.2057,"CGGGTCAGCAGATCCTCGTG","AGAGCAAACTCCAGCAGGGG",1,0,"chr11:g.6245314C>A",35]
["G09211","USP5","sense",12,6969372,"G","A","p.S396S",0.1053,76,8,"unknown","NA",0,"NA",0,"NA","het",0.07931,"TCCAAGCCAGTACCGGAGTC","GGCGATGGGGAGCGGGTGCC",1,0,"chr12:g.6969372G>A",33]
["G09211","TMEM132C","sense",12,129190474,"G","A","p.A987A",0.2105,76,16,"known","NA",0,"MU123551",3,"NA","het",0.00294,"CTGGAGAGCATGGGGGATGC","CCGCCGCCCCAGGACGAGCA",0,0,"chr12:g.129190474G>A",34]
["G09211","MKRN3","sense",15,23811187,"G","A","p.P86P",0.1167,120,14,"known","COSM82242",3,"NA",0,"NA","het",0.0002,"GGAGGAGCCTGGCCCAGTCC","TTGCCAAGCCGAAGCAGCGG",0,0,"chr15:g.3811187G>A",160]
["G09211","ATXN1L","sense",16,71885536,"C","A","p.G631G",0.0667,30,2,"unknown","NA",0,"NA",0,"NA","het",0.45983,"AGCCAGCCGGCAGGAGAGGG","TCCCGTGTGGTAGAGCCTTC",1,0,"chr16:g.1885536C>A",17]
["G09211","LDLRAD4","sense",18,13645443,"C","A","p.G181G",0.05,40,2,"unknown","NA",0,"NA",0,"NA","het",0.44068,"CCACCCAGCAGCAACTCGGG","ATCAGTGCAAGCACCTGCAG",1,0,"chr18:g.3645443C>A",24]
["G09211","ZNF676","sense",19,22363844,"G","A","p.Y225Y",0.1172,145,17,"known","NA",0,"MU4585810",2,"NA","het",0.00071,"TTGCCACATTCTTCACATTT","TAGGGTTTCTCTCCAGTATG",0,0,"chr19:g.2363844G>A",150]
["G09211","SIGLEC10","sense",19,51919237,"C","T","p.V255V",0.12,125,15,"unknown","NA",0,"NA",0,"NA","het",0.07951,"CGCCCTGAATCCCCAGCCTT","ACCCCGGGCAGCTCCAGCCC",1,0,"chr19:g.1919237C>T",48]
["G09211","ZNF761","sense",19,53959363,"G","A","p.K534K",0.0845,142,12,"unknown","NA",0,"NA",0,"NA","het",0.01186,"GGCAAGACCTTTAGTTGGAA","TCATCCCTTACCTGCCATCG",1,0,"chr19:g.3959363G>A",84]
["G09211","TFAP2C","sense",20,55212868,"G","A","p.T384T",0.0693,202,14,"unknown","NA",0,"NA",0,"NA","het",0.00161,"CTCGCCCCAGTCTTGGAGAC","AACATACAGAACTGCTTGTC",1,0,"chr20:g.5212868G>A",154]
["G09211","SBF1","sense",22,50885775,"A","G","p.T1853T",0.0526,38,2,"unknown","NA",0,"NA",0,5.172,"het",0.2675,"AAGAAGGCCTTCTCGTCCAC","GTCTTAGGGGCACCCATAGT",1,0,"chr22:g.0885775A>G",44]
["G09211","ARHGAP4","sense","X",153185066,"C","T","p.V252V",0.069,29,2,"unknown","NA",0,"NA",0,0.927,"het",0.22938,"GCACCCCACCATGGAGGGTG","ACGAGAAACCCAGCTTGGAG",1,0,"chrX:g.153185066C>T",48]
["G09212","TCHH","sense",1,152082180,"G","C","p.R1171R",0.0556,198,11,"known","NA",0,"MU4632909",1,"NA","het",0.35259,"TGCTGCAGCTCCTCTTCCTC","CGGTATTGCCTCTCCAGCTC",1,0,"chr1:g.152082180G>C",150]
["G09212","HOXD4","sense",2,177016586,"G","A","p.A75A",0.0811,148,12,"unknown","NA",0,"NA",0,"NA","het",0.0009,"CCTGGCTCGGCGCTGCCTGC","CGGGGTCACGGACAAGAGCC",1,0,"chr2:g.177016586G>A",160]
["G09212","TATDN2","sense",3,10320107,"C","A","p.I702I",0.0513,39,2,"unknown","NA",0,"NA",0,"NA","het",0.28991,"CAGATCCCACTGGAGAGAAT","ATCGTGGAAACGGATGCTCC",1,0,"chr3:g.0320107C>A",43]
["G09212","MCF2L2","sense",3,182897288,"C","A","p.A1075A",0.0577,52,3,"unknown","NA",0,"NA",0,"NA","het",0.65784,"TCCTCCTCGGTGCTGCGGGT","GCCCTGCAATTCCGAGAAGA",1,0,"chr3:g.182897288C>A",30]
["G09212","IRX1","sense",5,3599422,"C","T","p.Y120Y",0.1591,132,21,"known","COSM1437236",5,"MU77062",3,"NA","het",3e-05,"GCGCCGGCTTATTACCCCTA","GGCCAGTTCCAATACGGGGA",0,0,"chr5:g.3599422C>T",112]
["G09212","STYXL1","sense",7,75657996,"G","A","p.D43D",0.1143,105,12,"unknown","NA",0,"NA",0,"NA","het",0.00039,"GCAGTGATCACATGGCTTTC","TCATACTCCCATTTGGAACG",1,0,"chr7:g.5657996G>A",132]
["G09212","ZNF696","sense",8,144378499,"C","T","p.F218F",0.0816,49,4,"known","COSM5691565",1,"NA",0,"NA","het",0.21806,"GCCGACTGCGGCAAGGCCTT","GGCCAGAGGTCGGACGCCGC",1,0,"chr8:g.144378499C>T",27]
["G09212","KRTAP5-4","sense",11,1643006,"G","A","p.G106G",0.0692,159,11,"known","NA",0,"MU4468619",1,"NA","het",0.17043,"GAGCCACAGCCCCCCTTGGA","CCCCCACAGGAGCCACAGCC",1,0,"chr11:g.1643006G>A",79]
["G09212","ATN1","sense",12,7047032,"C","A","p.G773G",0.0566,53,3,"unknown","NA",0,"NA",0,"NA","het",0.2289,"AACAAACACCTGGATCGCGG","TTCAACTCGTGCGCGCGCAG",1,0,"chr12:g.7047032C>A",40]
["G09212","RNASEH2B","sense",13,51504853,"T","G","p.P93P",0.0972,216,21,"unknown","NA",0,"NA",0,"NA","het",1e-05,"TTTGCCACACCTGTGGATCC","CTATTTCTGCTTCTCCACTA",1,0,"chr13:g.1504853T>G",229]
["G09212","IRF2BPL","sense",14,77493380,"C","A","p.V252V",0.1,30,3,"unknown","NA",0,"NA",0,"NA","het",0.30655,"TGCGGTAGCAGGTTGGGGGG","ACGGTGAGCTGGGGGCCTCC",1,0,"chr14:g.7493380C>A",16]
["G09212","PDF","sense",16,69364222,"C","T","p.R84R",0.125,40,5,"unknown","NA",0,"NA",0,"NA","het",0.1436,"TCGGGCCCGCCTAGCTGCGC","CGCTCCACCGGGGCCGCCAC",1,0,"chr16:g.9364222C>T",24]
["G09212","OSGIN1","sense",16,83998919,"C","A","p.G247G",0.0571,35,2,"unknown","NA",0,"NA",0,"NA","het",0.37281,"AACGTGGTCCTCGCCACAGG","ACGTTCGACAGCCCGGCCCG",1,0,"chr16:g.3998919C>A",25]
["G09212","PEX11G","sense",19,7550868,"C","A","p.L35L",0.1053,19,2,"unknown","NA",0,"NA",0,"NA","het",0.27143,"CTGGCGGGACACTGTTCAAC","AGAACTCCACCAACCAGCTG",1,0,"chr19:g.7550868C>A",23]
["G09212","ZNF701","sense",19,53075605,"G","A","p.Q37Q",0.0673,104,7,"unknown","NA",0,"NA",0,"NA","het",0.03217,"GGTGTGAGCCACCGCACTCA","CCTCCCTGTTTTGAAGGTAA",1,0,"chr19:g.3075605G>A",85]
["G09212","ZNF761","sense",19,53959363,"G","A","p.K534K",0.0897,145,13,"unknown","NA",0,"NA",0,"NA","het",0.00881,"GGCAAGACCTTTAGTTGGAA","TCATCCCTTACCTGCCATCG",1,0,"chr19:g.3959363G>A",84]
["G09212","DIP2A","sense",21,47974084,"C","A","p.G1007G",0.0588,34,2,"unknown","NA",0,"NA",0,"NA","het",0.71045,"CAAAGATCGCTTTCCTAGGG","ACCGTCACAAGCACTGCAAC",1,0,"chr21:g.7974084C>A",24]
["G13370","KIAA1324","sense",1,109704626,"C","A","p.G88G",0.0556,36,2,"unknown","NA",0,"NA",0,"NA","het",0.42424,"CTGCCTGACCCCATCAAGGG","ACCGAGTGCTGTAAGCAGCT",1,0,"chr1:g.109704626C>A",24]
["G13370","IVL","sense",1,152882786,"A","G","p.G171G",0.2586,58,15,"unknown","NA",0,"NA",0,"NA","het",0.00552,"CACCTAGAGCAGCAGGAGGG","CAGCTGAAGCACCCGGAGCA",1,0,"chr1:g.152882786A>G",26]
["G13370","POTEE","sense",2,131976353,"C","T","p.S126S",0.0658,228,15,"known","NA",0,"MU13294281",1,"NA","het",0.32819,"TGGGGAGACTACGATGACAG","GCCTTCATGGAGCCCAGGTA",1,0,"chr2:g.131976353C>T",189]
["G13370","EPHA6","sense",3,97202866,"T","C","p.D113D",0.09,100,9,"unknown","NA",0,"NA",0,"NA","het",7.62E-3,"GAATTTGCAAAGGAGATTGA","CCCTCAAGAATTCGTATTGA",1,0,"chr3:g.7202866T>C",101]
["G13370","ATR","sense",3,142277536,"A","G","p.D605D",0.0361,166,6,"known","NA",0,"MU653857",1,"NA","het",0.04006,"GTGGTCAACTTTAAACAGCC","TCATCAGAATGGGAATAAAT",1,1,"chr3:g.142277536A>G",162]
["G13370","SLC12A7","sense",5,1064252,"G","A","p.I851I",0.1714,35,6,"unknown","NA",0,"NA",0,4.699,"het",0.0264,"AGCATGCCGCCGTCGTGCAC","ATCCACCACACGTCGATGTG",1,0,"chr5:g.1064252G>A",35]
["G13370","ECT2L","sense",6,139206940,"C","A","p.I744I",0.0545,55,3,"unknown","NA",0,"NA",0,"NA","het",0.23102,"ACCACTGCAATTGACCAAAT","AAAAAATATAAAGGTTATAT",1,1,"chr6:g.139206940C>A",46]
["G13370","ADGRA2","sense",8,37691559,"C","T","p.R507R",0.0761,92,7,"unknown","NA",0,"NA",0,"NA","het",0.16502,"CTGCTGTGGCTGGCCCAGCG","GAGGACAAGGCCTGCAGCCG",1,0,"chr8:g.7691559C>T",74]
["G13370","TAF3","sense",10,7866343,"C","T","p.L77L",0.0893,112,10,"unknown","NA",0,"NA",0,"NA","het",0.0031,"TCCAGCTGATGGGGGTTAGT","TACATGAACTAGAAGACTAT",1,0,"chr10:g.7866343C>T",118]
["G13370","KRTAP5-5","sense",11,1651613,"T","C","p.P181P",0.5217,92,48,"known","NA",0,"MU4560150",2,"NA","het",0,"CAGTCCAGCTGCTGTAAGCC","TACTGCTGCCAGTCCAGCTG",0,0,"chr11:g.1651613T>C",89]
["G13370","KRT6B","sense",12,52845680,"C","T","p.L61L",0.0218,367,8,"unknown","NA",0,"NA",0,"NA","het",0.02464,"TTGGAGCCCCCCAGGCCATA","AGACTGCGGCTGCCAAAGCC",1,0,"chr12:g.2845680C>T",339]
["G13370","SEL1L","sense",14,81970562,"C","T","p.K199K",0.0496,121,6,"unknown","NA",0,"NA",0,"NA","het",0.04808,"TACTCTCTTTTTTGGCTTTT","TTATTGCTTCCATTAAGGAT",1,0,"chr14:g.1970562C>T",102]
["G13370","MVP","sense",16,29845320,"G","A","p.Q170Q",0.1111,144,16,"unknown","NA",0,"NA",0,"NA","het",9e-05,"CAGGCCACCATCATCAGGCA","AACCAGGCTCTGCGGCTCAG",1,0,"chr16:g.9845320G>A",163]
["G13370","FAM83G","sense",17,18875008,"G","A","p.D712D",0.087,23,2,"known","COSM1563384",2,"MU592686",2,"NA","het",0.40159,"CTAGGGGGTCCTGGGAAGCC","TCTTTATCCCTAGTCCCTGA",0,0,"chr17:g.8875008G>A",14]
["G13370","PLIN4","sense",19,4511479,"A","G","p.T817T",0.096,125,12,"known","NA",0,"MU4561019",1,"NA","het",0.00168,"CCGGTGACCCCACTGCAGAC","GTGTCCTTGGTACCGGTCAG",1,0,"chr19:g.4511479A>G",114]
["G13370","VSTM2B","sense",19,30020980,"C","T","p.N184N",0.0737,190,14,"unknown","NA",0,"NA",0,"NA","het",0.01025,"AGCGCCGCCAACGCCAACAA","GCGGGCGCCGCGAGCCGTAC",1,0,"chr19:g.0020980C>T",106]
["G13370","L3MBTL1","sense",20,42143334,"C","T","p.P50P",0.5147,68,35,"unknown","NA",0,"NA",0,"NA","het",0,"GTGGAGCAGCCCCCGAGCCC","GAGCTGCGGCAGGAAGGCGT",1,0,"chr20:g.2143334C>T",34]
["G13370","ARVCF","sense",22,19967573,"C","A","p.V363V",0.0938,32,3,"unknown","NA",0,"NA",0,"NA","het",0.22443,"GGGTGCCGCAGCATGGCCAG","ACCTCAGGCAGCTCAGGGTC",1,0,"chr22:g.9967573C>A",24]
["G13370","AMELX","sense","X",11316889,"C","T","p.P106P",0.1165,103,12,"unknown","NA",0,"NA",0,"NA","het",0.00693,"CAGCCAAACCTCCCTCCGCC","GCCCAGCAGCCCTACCAGCC",1,0,"chrX:g.1316889C>T",69]
["G13372","DUSP23","sense",1,159751149,"C","A","p.R87R",0.08,25,2,"unknown","NA",0,"NA",0,"NA","het",0.14881,"TCGTGGACGAGGCCAACGCA","GGGGAGAGGTCAGCGGGCGG",1,0,"chr1:g.159751149C>A",51]
["G13372","WDFY3","sense",4,85672819,"C","A","p.A1930A",0.0296,135,4,"unknown","NA",0,"NA",0,"NA","het",0.04222,"ATCCCTGTGTCTGCTGCAAA","GCTTTAAACTCTTCTGCTGG",1,0,"chr4:g.5672819C>A",223]
["G13372","NNT","sense",5,43656903,"C","A","p.L683L",0.0588,34,2,"unknown","NA",0,"NA",0,"NA","het",0.12303,"CTGGGTTCAGTGTCTGCTCT","TCTGCTGTCATGGTAAGAAG",1,0,"chr5:g.3656903C>A",85]
["G13372","TRIM26","sense",6,30154199,"T","C","p.L358L",0.0857,35,3,"unknown","NA",0,"NA",0,"NA","het",0.24158,"CAGGTGAAGCCCTTGCTGCC","AGCACCCCAGGCTCACAGTC",1,0,"chr6:g.0154199T>C",86]
["G13372","KIAA1549","sense",7,138601840,"C","A","p.L844L",0.0833,24,2,"unknown","NA",0,"NA",0,"NA","het",0.15593,"ACAAACGAGGATCCTGATGG","AGGTACGCGTCAGTGATCAA",1,1,"chr7:g.138601840C>A",51]
["G13372","SFRP5","sense",10,99531561,"C","A","p.V10V",0.05,40,2,"unknown","NA",0,"NA",0,"NA","het",0.12548,"AGCGCCAGCGCGGCCGTCCG","ACGCCCCCCCCCGCCGCCGC",1,0,"chr10:g.9531561C>A",110]
["G13372","KRT78","sense",12,53232924,"C","A","p.S402S",0.0517,58,3,"unknown","NA",0,"NA",0,4.266,"het",0.04606,"GTGATGGATGTCTTCAGACT","GACTCAACTGTCTTCTTCAG",1,0,"chr12:g.3232924C>A",132]
["G13372","EP400","sense",12,132547093,"A","G","p.Q2727Q",0.1942,206,40,"known","NA",0,"MU76938",14,"NA","het",0,"CAGCAGCAGCAGCAGCAACA","CAGCAGCAGCAGCAGCAGCA",0,0,"chr12:g.132547093A>G",293]
["G13372","HAS3","sense",16,69143505,"C","A","p.R69R",0.0541,37,2,"unknown","NA",0,"NA",0,"NA","het",0.12678,"GCCTTCCTGGAGCACCGGCG","ATGCGACGTGCCGGCCAGGC",1,0,"chr16:g.9143505C>A",86]
["G13372","SPNS2","sense",17,4402675,"C","A","p.G111G",0.0526,38,2,"unknown","NA",0,"NA",0,"NA","het",0.16083,"GCCGCCATCCTCAGCTTGGG","AACGTGCTCAACTACCTGGA",1,0,"chr17:g.4402675C>A",67]
["G13372","TBKBP1","sense",17,45776131,"C","A","p.G208G",0.1,20,2,"known","COSM980497",1,"MU1942262",1,"NA","het",0.10048,"GCACTGAGAGGGGGATCTGG","TTGAGTCATGGTGAGATCTC",0,0,"chr17:g.5776131C>A",52]
["G13372","PLIN4","sense",19,4511491,"A","G","p.G813G",0.1776,107,19,"known","NA",0,"MU623167",5,"NA","het",7e-05,"CTGCAGACAGTGTCCTTGGT","CCGGTCAGCACGGTCTTGGC",0,0,"chr19:g.4511491A>G",182]
["G13372","SIGLEC6","sense",19,52033174,"C","A","p.L220L",0.0606,33,2,"unknown","NA",0,"NA",0,"NA","het",0.12613,"TTGCCGTCAGCATCACAGAG","AGCCGCAGAGCCTGGCCCTC",1,0,"chr19:g.2033174C>A",80]
["G13372","COL6A1","sense",21,47423759,"C","A","p.V973V",0.087,23,2,"unknown","NA",0,"NA",0,"NA","het",0.13825,"ATCGAGATCTTCGTGGTGGT","GTGGGCCGCCAGGTGAATGA",1,0,"chr21:g.7423759C>A",46]
["G13372","CCNB3","sense","X",50037980,"C","A","p.R108R",0.0714,28,2,"unknown","NA",0,"NA",0,"NA","het",0.17622,"GACTGGCCAAAAAGAATAAG","GGAATCTAAAATGGTGAGTG",1,0,"chrX:g.0037980C>A",52]
["G13373","PLCH2","sense",1,2436263,"C","A","p.R1288R",0.05,60,3,"unknown","NA",0,"NA",0,"NA","het",0.11034,"GCCTCCCGGGAGGGACACGG","GGGTGTCGGGGCCAGGGGTG",1,0,"chr1:g.2436263C>A",74]
["G13373","SPATA1","sense",1,85018771,"G","A","p.Q448Q",0.068,147,10,"unknown","NA",0,"NA",0,"NA","het",0.17912,"TTGAAAACTGAACTGGCACA","AAAAAAAAAATAATACATCT",1,0,"chr1:g.5018771G>A",265]
["G13373","PRG4","sense",1,186276291,"A","G","p.K346K",0.2143,126,27,"known","NA",0,"MU721287",1,"NA","het",0,"CCTGCACCCACCACTCCCAA","GAGCCTGCACCCACTGCCCC",1,0,"chr1:g.186276291A>G",248]
["G13373","SLC6A6","sense",3,14485148,"C","A","p.A2A",0.1,20,2,"unknown","NA",0,"NA",0,"NA","het",0.17576,"ATAGAAAGCAAGGAGATGGC","ACCAAGGAGAAGCTGCAGTG",1,0,"chr3:g.4485148C>A",33]
["G13373","RPL34","sense",4,109543139,"A","T","p.R8R",0.0692,159,11,"known","COSM121768",1,"NA",0,"NA","het",0.03183,"GTCCAGCGTTTGACATACCG","CGTAGGCTTTCCTACAATAC",1,0,"chr4:g.109543139A>T",250]
["G13373","HIST1H2BA","sense",6,25727484,"C","A","p.G116G",0.0714,28,2,"unknown","NA",0,"NA",0,"NA","het",0.1875,"AAACATGCTGTGTCTGAGGG","ACCAAGGCTGTCACTAAGTA",1,0,"chr6:g.5727484C>A",41]
["G13373","THBS2","sense",6,169648767,"G","A","p.N118N",0.0361,166,6,"unknown","NA",0,"NA",0,"NA","het",0.00775,"TCCAGCGTGTCCGCGGGGCC","TTGGAGACGATCTCGAACTG",1,0,"chr6:g.169648767G>A",312]
["G13373","KRTAP5-3","sense",11,1629079,"G","A","p.G179G",0.0257,311,8,"unknown","NA",0,"NA",0,"NA","het",0.00431,"TGGCAGCAGGATGACCCACA","CCTGAGGAGCAGCAGCAGGG",1,0,"chr11:g.1629079G>A",458]
["G13373","KRTAP5-4","sense",11,1643006,"G","A","p.G106G",0.065,123,8,"known","NA",0,"MU4468619",1,"NA","het",0.06169,"GAGCCACAGCCCCCCTTGGA","CCCCCACAGGAGCCACAGCC",1,0,"chr11:g.1643006G>A",185]
["G13373","MED13L","sense",12,116424254,"C","A","p.L1385L",0.0136,295,4,"unknown","NA",0,"NA",0,"NA","het",0.04879,"TCCTTGTCATAGCCTACCAG","AGAGTGGGGATGGGCAACGG",1,0,"chr12:g.116424254C>A",524]
["G13373","CRIP2","sense",14,105945099,"C","A","p.I150I",0.1111,18,2,"unknown","NA",0,"NA",0,10.59,"het",0.22973,"GGGGGCGCGGGCTCCTACAT","TACGAGAAGCCCCTGGCGGA",1,0,"chr14:g.105945099C>A",27]
["G13373","GOLGA6B","sense",15,72955443,"C","T","p.D474D",0.1818,11,2,"unknown","NA",0,"NA",0,"NA","het",0.29803,"GAGCTGCAGGAGAAGCTAGA","GAGGTGAAGGAGATGGTAAC",1,0,"chr15:g.2955443C>T",24]
["G13373","MYH4","sense",17,10358392,"A","C","p.V767V",0.1139,79,9,"unknown","NA",0,"NA",0,"NA","het",0.0002,"AGCAGGCCAGCTTTGAAGAA","ACCTTATGAAAGAACAAGTT",1,0,"chr17:g.0358392A>C",161]
["G13373","S1PR5","sense",19,10625673,"C","A","p.L5L",0.0714,28,2,"unknown","NA",0,"NA",0,"NA","het",0.13995,"CTCACCGGCGCCGGCCGCAG","AGCCCCGACTCCATGGGCCG",1,0,"chr19:g.0625673C>A",55]
["G13373","SNRNP70","sense",19,49607973,"C","A","p.G186G",0.0526,38,2,"unknown","NA",0,"NA",0,"NA","het",0.44453,"AGGGGCCGAACCGTGAAGGG","TGGAGGCCCCGGCGGCTAGG",1,0,"chr19:g.9607973C>A",58]
["G13373","SPIN2B","sense","X",57146358,"T","C","p.K235K",0.1053,76,8,"unknown","NA",0,"NA",0,"NA","het",0.004,"TTGATGAAATACACAGAGGG","TTGGCTTCCACTTGGTGAAT",1,0,"chrX:g.7146358T>C",106]
["G13374","ARID1A","sense",1,27023866,"C","A","p.G324G",0.0833,24,2,"unknown","NA",0,"NA",0,"NA","het",0.17293,"GGCGGGCCCCAGGACGGGGG","GCCGGCAAGGGCCCGGCGGA",1,1,"chr1:g.7023866C>A",40]
["G13374","AGBL5","sense",2,27276421,"C","A","p.R123R",0.0588,34,2,"unknown","NA",0,"NA",0,"NA","het",0.17753,"GGCCACGCTGGGAACGCATT","GAGACCGGCCCACCTTTGAG",1,0,"chr2:g.7276421C>A",60]
["G13374","PCDHGA3","sense",5,140725490,"A","C","p.R630R",0.0561,196,11,"known","COSM5834966",1,"MU34146",1,"NA","het",0.16456,"GGCGAGGTGCGCACGGCGCG","GCCCTGCTGGACAGAGACGC",0,0,"chr5:g.140725490A>C",210]
["G13374","MB21D1","sense",6,74161689,"C","A","p.P72P",0.0714,28,2,"unknown","NA",0,"NA",0,"NA","het",0.16113,"GCCCCAGTTGCGCGGACGGG","GGCCTCTCCTGGGTGTCCGG",1,0,"chr6:g.4161689C>A",49]
["G13374","TNRC18","sense",7,5352659,"G","T","p.S2621S",0.4382,89,39,"known","NA",0,"MU101140",3,0.009,"het",0,"GAGGAGGAGGAGGAGGAGGA","GAGGATGAGGAGGAGGAGGA",0,0,"chr7:g.5352659G>T",150]
["G13374","PLEC","sense",8,144999642,"A","C","p.A1471A",0.0262,191,5,"known","NA",0,"MU4560617",2,"NA","het",0.03774,"GCCTGTCGCTTTTGTGCCTC","GCCTCCTCCGCCCGTGCACG",0,0,"chr8:g.144999642A>C",233]
["G13374","MAML2","sense",11,96074553,"C","A","p.L169L",0.0645,31,2,"unknown","NA",0,"NA",0,"NA","het",0.28131,"AGCCAGGTGCTTACCGCAAT","AGGGCTGAGTTCCTCTGGTC",1,1,"chr11:g.6074553C>A",32]
["G13374","KRT8","sense",12,53291239,"A","G","p.S475S",0.0569,123,7,"known","NA",0,"MU166162",3,"NA","het",0.05306,"GGCAGGACGTCAGAGGACTC","GACACCAGCTTCCCATCACG",0,0,"chr12:g.3291239A>G",142]
["G13374","STXBP6","sense",14,25288249,"C","A","p.A201A",0.0513,39,2,"unknown","NA",0,"NA",0,"NA","het",0.34545,"CTCTCTTGGCCCACCTTGTG","GCAGTTTCTGCAAACTGCTG",1,0,"chr14:g.5288249C>A",30]
["G13374","EVPL","sense",17,74017594,"A","G","p.C322C",0.0576,139,8,"known","NA",0,"MU114479",1,"NA","het",0.20532,"AGCTGGGTCTCCTGGCAGAT","CACAGGTTCAGGAAGTTCTG",1,0,"chr17:g.4017594A>G",157]
["G13374","DNAH17","sense",17,76455218,"G","A","p.C3242C",0.0222,225,5,"known","NA",0,"MU136788",1,"NA","het",0.04534,"ACGATGTTGATGCACCAGGA","CACAGGCCGGCGGCGGCCGT",1,0,"chr17:g.6455218G>A",280]
["G13374","PRR12","sense",19,50099044,"C","T","p.S484S",0.0513,39,2,"unknown","NA",0,"NA",0,"NA","het",0.22313,"GGCCCCCCACAGCCCCCCAG","GGCCCCCCTCCTCCTGGCCT",1,0,"chr19:g.0099044C>T",53]
["G13374","CABIN1","sense",22,24437683,"C","A","p.R103R",0.0288,208,6,"unknown","NA",0,"NA",0,"NA","het",0.01645,"TGGCCCAGCTGGCAGCCCAG","GGGAGGATCTGGAGACAGCC",1,0,"chr22:g.4437683C>A",282]
["G13375","PANK4","sense",1,2452294,"C","A","p.V166V",0.0714,42,3,"unknown","NA",0,"NA",0,"NA","het",0.07548,"TCATGGGGGATGTTCTTGAG","ACGAAGTTGCACCCCTTAAT",1,0,"chr1:g.2452294C>A",70]
["G13375","ELF3","sense",1,201981218,"C","G","p.G99G",0.0215,186,4,"unknown","NA",0,"NA",0,"NA","het",0.04688,"TCACGATGTGACATGGATGG","GCCACCCTCTGCAATTGTGC",1,1,"chr1:g.201981218C>G",311]
["G13375","MYO7B","sense",2,128364792,"C","A","p.G812G",0.05,40,2,"unknown","NA",0,"NA",0,"NA","het",0.19476,"CCTCCGCAGATCCTCGTGGG","TTTGAGCGCCTGCAGGCTAT",1,0,"chr2:g.128364792C>A",64]
["G13375","PCBP4","sense",3,51992284,"C","A","p.L292L",0.1111,18,2,"unknown","NA",0,"NA",0,"NA","het",0.25714,"GGAGCTGTGGGCAGGGCCGT","AGGGGTGGCGAGAAGGGGGC",1,0,"chr3:g.1992284C>A",22]
["G13375","FTMT","sense",5,121188228,"C","T","p.C190C",0.0539,167,9,"known","COSM3134794",3,"MU1788950",2,"NA","het",9.1E-4,"AAAGGTGACCCCCATTTGTG","GATTTCCTGGAAACCTACTA",0,0,"chr5:g.121188228C>T",279]
["G13375","KDM1B","sense",6,18161563,"G","A","p.K31K",0.0732,41,3,"unknown","NA",0,"NA",0,"NA","het",0.06592,"CTGTGACTCCCTTAGGCGAA","AAGAAAGCAACAGAGACAAC",1,0,"chr6:g.8161563G>A",81]
["G13375","TYW1","sense",7,66479413,"T","C","p.T145T",0.0732,82,6,"known","COSM421894",5,"MU4553870",1,"NA","het",0.19015,"TACACTGACGGCCTACCAAC","GAAAGTGCAGAGTGGTTCTG",0,0,"chr7:g.6479413T>C",102]
["G13375","IMPA1","sense",8,82571598,"G","A","p.D274D",0.0313,192,6,"unknown","NA",0,"NA",0,"NA","het",0.0078,"TGCCTTAATTAATCTTCGTC","TCTCGTTGCAAAGGTATAAC",1,0,"chr8:g.2571598G>A",377]
["G13375","COL5A1","sense",9,137619219,"G","A","p.S254S",0.0183,219,4,"known","COSM5009886",2,"NA",0,"NA","het",0.04976,"GTACCTGACACCCCACAGTC","CAGGACCCCAATCCAGATGA",0,1,"chr9:g.137619219G>A",374]
["G13375","OR8U1","sense",11,56143696,"C","T","p.I199I",0.0545,165,9,"known","NA",0,"MU4548541",3,"NA","het",0.10715,"CGCTTCAAACAGCTCTGGAT","TTTGCCTGTGCTGGTATCAT",0,0,"chr11:g.6143696C>T",243]
["G13375","C11orf57","sense",11,111953261,"C","A","p.R149R",0.0238,168,4,"unknown","NA",0,"NA",0,4.452,"het",0.04921,"TCATCTACCCATGAATCCCG","AAACACAAGAAGTCAAAGAA",1,0,"chr11:g.111953261C>A",271]
["G13375","LTK","sense",15,41799487,"C","A","p.V388V",0.0513,39,2,"unknown","NA",0,"NA",0,"NA","het",0.3924,"CCCTGCCACTTCTTCTGCTT","ACTGGGGGTGGGAAGAATAA",1,0,"chr15:g.1799487C>A",58]
["G13375","CCDC154","sense",16,1488646,"A","G","p.R333R",0.0421,95,4,"known","NA",0,"MU4561727",1,"NA","het",0.04922,"TTCTCCTCGGCCAGTAGGAC","CGGTTCAGCGACGCCTGGTT",1,0,"chr16:g.1488646A>G",154]
["G13375","MYH10","sense",17,8415793,"C","T","p.K945K",0.0833,144,12,"unknown","NA",0,"NA",0,"NA","het",0.11535,"ATATGTGCTTGCATTTTTTT","TTTTCATTTTGGAGGATTTG",1,0,"chr17:g.8415793C>T",289]
["G13375","CEACAM20","sense",19,45028292,"G","A","p.L67L",0.0588,34,2,"unknown","NA",0,"NA",0,"NA","het",0.24627,"TGCAATGGAGGGTTTGGCCA","CTCTGAAAGCAAGCGAGGGA",1,0,"chr19:g.5028292G>A",43]
["G13375","AIRE","sense",21,45717550,"T","C","p.D526D",0.0282,177,5,"known","NA",0,"MU627322",2,"NA","het",0.01563,"GTCCCGCAGCACACCTTCGA","GGCATCCTGCAGTGGGCCAT",0,0,"chr21:g.5717550T>C",323]
["G13376","CFAP74","sense",1,1875859,"A","G","p.D799D",0.0484,124,6,"unknown","NA",0,"NA",0,"NA","het",0.00918,"TTCGGCACCCAGACCGGCAC","TCGATGGCCACGCCCACGAC",1,0,"chr1:g.1875859A>G",196]
["G13376","FMN2","sense",1,240255565,"A","G","p.G52G",0.1493,67,10,"unknown","NA",0,"NA",0,"NA","het",0.00037,"GGCAAGCACGGCAAGGGGGG","GGGGGCGGCGGCGGCGGCGG",1,0,"chr1:g.240255565A>G",94]
["G13376","SCN5A","sense",3,38639277,"C","A","p.A735A",0.0811,37,3,"unknown","NA",0,"NA",0,"NA","het",0.09826,"GTCATGTTGTAGTGCTCCAG","GCCATGAAGAGTGTGTTGAG",1,0,"chr3:g.8639277C>A",57]
["G13376","UGT2A1","sense",4,70455231,"G","A","p.L446L",0.0316,190,6,"unknown","NA",0,"NA",0,"NA","het",0.01575,"GAGTGGTACTGGAACCAGGT","AGGTCATGGGCTGCAACCCG",1,0,"chr4:g.0455231G>A",276]
["G13376","FTMT","sense",5,121188228,"C","T","p.C190C",0.0653,199,13,"known","COSM3134794",3,"MU1788950",2,"NA","het",0.00013,"AAAGGTGACCCCCATTTGTG","GATTTCCTGGAAACCTACTA",0,0,"chr5:g.121188228C>T",279]
["G13376","WIPF3","sense",7,29874388,"G","C","p.P16P",0.1591,44,7,"unknown","NA",0,"NA",0,"NA","het",0.07834,"CCTCTGCCTCCACCTCCCCC","CCTCTGGGGGCTCCTCCCCC",1,0,"chr7:g.9874388G>C",54]
["G13376","RRM2B","sense",8,103250991,"C","T","p.L20L",0.0171,293,5,"unknown","NA",0,"NA",0,5.858,"het",0.03963,"CATTTCCTACAGCGGTCCTG","AACTTGCAATCTAACGGGCT",1,0,"chr8:g.103250991C>T",428]
["G13376","MLLT3","sense",9,20414280,"G","A","p.S185S",0.0262,305,8,"known","COSM182725",8,"MU55729",3,"NA","het",0.00229,"TTTGAAAAACTGGTACTACT","CTGCTGCTGCTGCTGCTACT",0,1,"chr9:g.0414280G>A",481]
["G13376","TRIM66","sense",11,8662080,"A","G","p.P469P",0.0784,51,4,"unknown","NA",0,"NA",0,"NA","het",0.11246,"TGTGGGGGAGGGGGAAGGGG","GGTGGGGGATGGGGGAGGGG",1,0,"chr11:g.8662080A>G",76]
["G13376","PDZRN4","sense",12,41582626,"C","A","p.G123G",0.1176,17,2,"unknown","NA",0,"NA",0,"NA","het",0.15061,"GGCTGCGCTTCGGGGCTGGG","GGTGGTGAGGTGCCCGCGCG",1,0,"chr12:g.1582626C>A",33]
["G13376","EFCAB5","sense",17,28417676,"G","A","p.K1307K",0.0741,81,6,"unknown","NA",0,"NA",0,"NA","het",0.16957,"GAGTTCTCTGGAGAGATAAA","AAAAAATATATCTTAGGTAT",1,0,"chr17:g.8417676G>A",106]
["G13376","KRTAP4-8","sense",17,39254061,"A","G","p.P92P",0.0561,392,22,"known","NA",0,"MU85096",1,"NA","het",0.12816,"CAGCTGGAGATGCAGCAGCT","GGGTGGCAGCAGGTGGGCTG",1,0,"chr17:g.9254061A>G",645]
["G13376","RAB11B","sense",19,8466998,"C","T","p.L89L",0.0513,39,2,"unknown","NA",0,"NA",0,"NA","het",0.24051,"GTGGTGCAGTGGGCGCCCTG","TGGTGTACGACATCGCCAAG",1,0,"chr19:g.8466998C>T",47]
["G13376","NWD1","sense",19,16899995,"C","A","p.G772G",0.0507,138,7,"unknown","NA",0,"NA",0,"NA","het",0.0041,"GTTGTGTATTCAGCATCTGG","TCAAAGGTAACAAACATATG",1,0,"chr19:g.6899995C>A",260]
["G13376","SHROOM4","sense","X",50339848,"C","A","p.L1443L",0.0513,39,2,"unknown","NA",0,"NA",0,"NA","het",0.37222,"TCTTGGAGCTGGTCCTGAGG","AGGTAGCGGGAGACCATGCC",1,0,"chrX:g.0339848C>A",74]
["G13378","ESRRG","sense",1,216737592,"C","A","p.V26V",0.1333,15,2,"unknown","NA",0,"NA",0,"NA","het",0.12195,"TTCGCCCATCCAATGATAAC","ACCAACTCTCGGTCGGCCAA",1,0,"chr1:g.216737592C>A",39]
["G13378","FMN2","sense",1,240371436,"T","C","p.P1108P",0.0968,62,6,"known","NA",0,"MU1323935",2,"NA","het",0.09752,"CTACCCGGAGTGGGCATACC","CCTCCGCCCCCTCTACCCGG",0,0,"chr1:g.240371436T>C",93]
["G13378","JMY","sense",5,78610466,"T","C","p.P817P",0.0758,66,5,"unknown","NA",0,"NA",0,"NA","het",0.15369,"CCACCACCTCCCCCACCTCC","CCCCCTCCCCCACCACCACC",1,0,"chr5:g.8610466T>C",152]
["G13378","TIGD5","sense",8,144681264,"C","A","p.G397G",0.0223,179,4,"unknown","NA",0,"NA",0,"NA","het",0.02497,"GAGCTGCAGACACCGGATGG","GCTGTGCGGGTGCTGTTCCT",1,0,"chr8:g.144681264C>A",416]
["G13378","NRBP2","sense",8,144918192,"C","A","p.L442L",0.0513,39,2,"unknown","NA",0,"NA",0,9.155,"het",0.1625,"CGGTCTTCCAGCACCAGAAG","AGAGTGAGCTGGGGAGGCGG",1,0,"chr8:g.144918192C>A",72]
["G13378","KRT84","sense",12,52779244,"A","G","p.P42P",0.022,227,5,"unknown","NA",0,"NA",0,"NA","het",0.02105,"CTGCCAAGGCCCCGGAATCC","GGCCCACTCCAACAGGAGAC",1,0,"chr12:g.2779244A>G",382]
["G13378","MEIOC","sense",17,42745592,"G","A","p.E771E",0.1667,36,6,"unknown","NA",0,"NA",0,"NA","het",0.00359,"TGGAGAGCATTAGAAAAAGA","AGAAAAAAGGTAACACAAAG",1,0,"chr17:g.2745592G>A",71]
["G13378","TGIF1","sense",18,3452223,"T","C","p.P82P",0.0862,58,5,"unknown","NA",0,"NA",0,"NA","het",0.01099,"GGGTCCTCCTGCGCCCCCCC","CCTCCACCGGCGCGCTGCCC",1,1,"chr18:g.3452223T>C",98]
["G13378","BAIAP2L2","sense",22,38483172,"G","T","p.S406S",0.1,100,10,"unknown","NA",0,"NA",0,"NA","het",0.00077,"GGGTTCATGGGTGTCATGGG","GACATGGAGGTCATGGAGGT",1,0,"chr22:g.8483172G>T",137]
["G13379","MIER1","sense",1,67423747,"C","A","p.G62G",0.1111,18,2,"unknown","NA",0,"NA",0,"NA","het",0.16944,"TTTTGATTTATTTAGGAAGG","GACATGCCAATTCATGAACT",1,0,"chr1:g.7423747C>A",28]
["G13379","NDUFAF7","sense",2,37468918,"G","A","p.L175L",0.0513,117,6,"known","COSM6207340",1,"NA",0,"NA","het",0.41729,"ATTTCCTGGTACCGAGATCT","CACGATGTTCCAAAAGGTAA",1,0,"chr2:g.7468918G>A",189]
["G13379","ALPI","sense",2,233321300,"G","A","p.V65V",0.0545,55,3,"unknown","NA",0,"NA",0,"NA","het",0.08669,"GCTCCTTCAGGGTTGGGGGT","CCCACGGTGACAGCCACCAG",1,0,"chr2:g.233321300G>A",84]
["G13379","HTT","sense",4,3076699,"T","G","p.P49P",0.0615,179,11,"unknown","NA",0,"NA",0,"NA","het",0.16148,"CCGCCGCCGCCGCCGCCTCC","CAGCTTCCTCAGCCGCCGCC",1,0,"chr4:g.3076699T>G",269]
["G13379","SDHA","sense",5,256514,"G","C","p.P577P",0.0763,249,19,"known","NA",0,"MU4620203",1,"NA","het",0.08754,"GCTGACTGTGCCACCGTCCC","CCAGCCATTCGCTCCTACTG",1,1,"chr5:g.56514G>C",437]
["G13379","TXNDC5","sense",6,7910980,"C","A","p.P10P",0.069,29,2,"unknown","NA",0,"NA",0,"NA","het",0.16812,"GCCGCCGGCCGGGCCAGCAG","GGGAGGAGGCGTCCTGGGCG",1,0,"chr6:g.7910980C>A",55]
["G13379","NUB1","sense",7,151064064,"C","T","p.Y304Y",0.0556,72,4,"known","NA",0,"MU78904",2,"NA","het",0.36617,"CTGGACACAGTGGATAACTA","GCCGTCCTCCAGCTGGATAT",0,0,"chr7:g.151064064C>T",125]
["G13379","IFNA10","sense",9,21206569,"C","A","p.S176S",0.0616,146,9,"unknown","NA",0,"NA",0,"NA","het",0.22784,"TTTTGCAAGTTTGTTGAAAA","GAGAGGGATCTCATGATTTC",1,0,"chr9:g.1206569C>A",325]
["G13379","C10orf90","sense",10,128193400,"C","A","p.P123P",0.0714,28,2,"unknown","NA",0,"NA",0,"NA","het",0.13263,"CAGGGTCTCTCCTCTTTGGG","GGCAGCTCTGCCTCAGGTCC",1,0,"chr10:g.128193400C>A",57]
["G13379","MYRF","sense",11,61537864,"C","A","p.R203R",0.0732,41,3,"unknown","NA",0,"NA",0,"NA","het",0.06397,"CTCACTACCCTGTCCTGCAG","GGGATCTGTACATGAAGGCC",1,0,"chr11:g.1537864C>A",76]
["G13379","HECTD4","sense",12,112616749,"C","A","p.V3649V",0.0571,35,2,"unknown","NA",0,"NA",0,"NA","het",0.14214,"ACGCACCTGACGCTGTTGAG","ACAGCCTTGTCCTTGGCGGG",1,0,"chr12:g.112616749C>A",75]
["G13379","KLF5","sense",13,73649896,"C","A","p.R325R",0.0444,90,4,"unknown","NA",0,"NA",0,"NA","het",0.04114,"GCTGCGACTGGAGGTTCGCG","GATCGGATGAGCTGACCCGC",1,1,"chr13:g.3649896C>A",157]
["G13379","FBRS","sense",16,30676049,"C","A","p.I457I",0.0625,32,2,"unknown","NA",0,"NA",0,"NA","het",0.20538,"CCCACAGAGCAGGACCTGAT","GGCCAGGACCTGAACTCTCG",1,0,"chr16:g.0676049C>A",44]
["G13379","SARM1","sense",17,26708300,"T","C","p.S182S",0.9915,117,116,"known","NA",0,"MU4563981",1,11.37,"hom",0,"CCCGTAGAGCTGGCGCGGAG","GGGTCAGGCATCTTGGAGCA",1,0,"chr17:g.6708300T>C",240]
["G13379","DCXR","sense",17,79994830,"C","A","p.A68A",0.0223,224,5,"unknown","NA",0,"NA",0,"NA","het",0.01518,"ACGGGGCCCACGCTGCCCAG","GCCCGCTCGGTGGCCTCCCA",1,0,"chr17:g.9994830C>A",443]
["G13379","KMT2B","sense",19,36224209,"G","C","p.P2253P",0.375,32,12,"unknown","NA",0,"NA",0,"NA","het",2e-05,"GGAGTGGTCCGCCCTGCCCC","CCCCCGCCACCCCCTCCCCT",1,1,"chr19:g.6224209G>C",46]
["G13379","AIFM1","sense","X",129283520,"A","G","p.D91D",0.0423,142,6,"known","NA",0,"MU71557",1,"NA","het",0.04255,"CTTTCATTGTATCTTTTTTC","TCCTCTTTCATAGTCTTGTA",1,0,"chrX:g.129283520A>G",227]
["G13380","HTR1D","sense",1,23520701,"C","A","p.L4L",0.0526,38,2,"unknown","NA",0,"NA",0,"NA","het",0.21698,"AGGCCTTCTGCTGACTGGTT","AGTGGGGACATGCTAGGTGG",1,0,"chr1:g.3520701C>A",56]
["G13380","DGUOK","sense",2,74166053,"G","A","p.T53T",0.0179,280,5,"unknown","NA",0,"NA",0,"NA","het",0.04325,"GCAGCTGTGGGAAAGTCCAC","TTTGTGAAGTTACTCACGAA",1,0,"chr2:g.4166053G>A",375]
["G13380","SLC4A4","sense",4,72313411,"C","T","p.H294H",0.0203,296,6,"unknown","NA",0,"NA",0,"NA","het",0.03786,"GGGAAAGCCAAGTCCTACCA","GAGATTGGCAGAGCCATTGC",1,0,"chr4:g.2313411C>T",302]
["G13380","INTU","sense",4,128565000,"A","G","p.R157R",0.0206,291,6,"known","NA",0,"MU779805",1,"NA","het",0.04699,"GGAGTCATTGTCCAACAGCG","TACAAAGATGTGAATGTTTA",1,0,"chr4:g.128565000A>G",473]
["G13380","TRIM7","sense",5,180622193,"C","A","p.T321T",0.1053,19,2,"unknown","NA",0,"NA",0,"NA","het",0.13412,"CAGATTCGCAAGTAGGTGCC","GTGGAGCAAACAGAGAAAAG",1,0,"chr5:g.180622193C>A",41]
["G13380","TMEM151B","sense",6,44241216,"C","A","p.R183R",0.0541,37,2,"unknown","NA",0,"NA",0,"NA","het",0.20054,"CGCCAGGTCACCAGATACCG","AATGGAGACGCCTATACCAC",1,0,"chr6:g.4241216C>A",56]
["G13380","XKR5","sense",8,6669013,"C","A","p.A589A",0.0541,37,2,"unknown","NA",0,"NA",0,"NA","het",0.30122,"GCCATGGTGTCGGGGAAGGG","GCCAAGCCCACTGGGTGGGG",1,0,"chr8:g.6669013C>A",37]
["G13380","FOXD4","sense",9,117877,"C","T","p.E81E",0.0147,341,5,"known","COSM3763578",1,"MU100687",1,"NA","het",0.02101,"GCCCTGAACTCGGTGCCAAA","TCTGAGGGGTCGCTCGGGCC",0,0,"chr9:g.17877C>T",603]
["G13380","SGMS1","sense",10,52103707,"A","G","p.N56N",0.0233,258,6,"known","NA",0,"MU11690360",1,"NA","het",0.01609,"ATGTCCAGGAGCCGCTGCCC","TTGTCAGAGGAGACTCGGCA",1,0,"chr10:g.2103707A>G",395]
["G13380","CEP295","sense",11,93460308,"G","A","p.K2222K",0.0696,115,8,"unknown","NA",0,"NA",0,"NA","het",0.23429,"ACTGAAATATTACAAAACAA","AAAAAAATTGTTCATTTCCA",1,0,"chr11:g.3460308G>A",173]
["G13380","RNASE11","sense",14,21052259,"T","C","p.T125T",0.0237,211,5,"unknown","NA",0,"NA",0,"NA","het",0.02446,"TGGACCCTGCGCATCACTTC","GTGGAGCTGCGGATGAAGTT",1,0,"chr14:g.1052259T>C",334]
["G13380","UNKL","sense",16,1463867,"G","A","p.G89G",0.08,25,2,"unknown","NA",0,"NA",0,"NA","het",0.16393,"TCGTCGCCGTCGGGGCACAC","CCGGTGGCTTCGTTGTACTT",1,0,"chr16:g.1463867G>A",40]
["G13380","ZZEF1","sense",17,3967663,"C","A","p.S1570S",0.0741,27,2,"unknown","NA",0,"NA",0,"NA","het",0.17972,"CAACGGGCTTACCTCCTGTG","GAGAGCGACTGATCCTTAAT",1,0,"chr17:g.3967663C>A",39]
["G13380","BCAS3","sense",17,59067343,"C","A","p.I411I",0.0526,38,2,"unknown","NA",0,"NA",0,"NA","het",0.2911,"CATTTCTAGGTACAGGACAT","TGCTTCAGCCATGACTGTCG",1,0,"chr17:g.9067343C>A",45]
["G13380","MAST3","sense",19,18260056,"A","C","p.P1150P",0.1607,56,9,"unknown","NA",0,"NA",0,"NA","het",0.04534,"TCCAGCAGCCCCGCCTCCCC","GCTGCTGCTGGCCACACCCG",1,0,"chr19:g.8260056A>C",87]
["G13380","TMC4","sense",19,54676753,"G","A","p.A20A",0.1075,93,10,"unknown","NA",0,"NA",0,"NA","het",0.00126,"CCTCCTCTGGCCTCCCGGGG","GCCAGCCACCCCCTAGAGGA",1,0,"chr19:g.4676753G>A",123]
["G13380","ACSS1","sense",20,25011423,"T","C","p.A80A",0.0324,185,6,"known","NA",0,"MU4554255",2,"NA","het",0.01143,"ATCCTCCCAGCCAAGGACTC","GCACTGAAGCCAGCAAAGAT",0,0,"chr20:g.5011423T>C",357]
["G13380","CCDC120","sense","X",48921927,"C","A","p.R152R",0.08,25,2,"unknown","NA",0,"NA",0,"NA","het",0.22624,"GCTCTTGAGGCCCTGGAACG","GAGGTGTCAGTGCAACAGCA",1,0,"chrX:g.8921927C>A",30]
["G13381","SPAG17","sense",1,118693217,"T","C","p.S88S",0.0301,166,5,"known","NA",0,"MU696025",1,"NA","het",0.03031,"GGTTTTTTTGCCTTTTTAGA","GAAGCAGATCCAACAAGTGT",1,0,"chr1:g.118693217T>C",228]
["G13381","LAMC2","sense",1,183204791,"C","A","p.R794R",0.0241,166,4,"unknown","NA",0,"NA",0,"NA","het",0.04287,"CAAGCCCTCTCACTGGTGCG","AAGGCCCTGCATGAAGGAGT",1,0,"chr1:g.183204791C>A",318]
["G13381","CHRM3","sense",1,240071843,"C","A","p.I364I",0.0526,38,2,"unknown","NA",0,"NA",0,"NA","het",0.12396,"GGCTCCGAGACGAGAGCCAT","TACTCCATCGTGCTCAAGCT",1,0,"chr1:g.240071843C>A",86]
["G13381","FRYL","sense",4,48555398,"C","A","p.V1423V",0.0541,37,2,"unknown","NA",0,"NA",0,1.315,"het",0.18222,"AAATATACAATGACCTTCTT","ACCTGTCACAAAAGAAATCG",1,0,"chr4:g.8555398C>A",66]
["G13381","SRP72","sense",4,57340237,"C","A","p.R124R",0.0714,42,3,"unknown","NA",0,"NA",0,"NA","het",0.06124,"CAGTTATACCGTTTGGAACG","TATGATGAATGCTTAGCAGT",1,0,"chr4:g.7340237C>A",91]
["G13381","HSPB3","sense",5,53751901,"G","A","p.L94L",0.0252,278,7,"known","NA",0,"MU12346060",2,"NA","het",0.00245,"CAGACCTTCGAAGGCTGGCT","CTGATAAAAGCACAACACGG",0,0,"chr5:g.3751901G>A",556]
["G13381","GRM6","sense",5,178413491,"C","A","p.P588P",0.0588,34,2,"unknown","NA",0,"NA",0,"NA","het",0.16093,"AGCACGGCCAGGAGGAGCGG","GGGGCTGCCCAGGGGGAGGA",1,0,"chr5:g.178413491C>A",58]
["G13381","CUL9","sense",6,43152123,"C","A","p.L25L",0.0526,38,2,"unknown","NA",0,"NA",0,"NA","het",0.18365,"CAGGCATATCCTGAAGAACT","ATTCGACAGAGGCCTGGGCA",1,0,"chr6:g.3152123C>A",78]
["G13381","SCARA5","sense",8,27737180,"G","A","p.D419D",0.0331,151,5,"unknown","NA",0,"NA",0,"NA","het",0.01616,"TCCTTCTTGTCCCAGCCGTC","TCACACACGGTGCCCCAACG",1,0,"chr8:g.7737180G>A",333]
["G13381","DENND3","sense",8,142204326,"C","G","p.G1197G",0.05,40,2,"known","NA",0,"MU157985",1,0.178,"het",0.12326,"AAAGTCGCCATTTGGAAAGG","GAATAAACGTGGCTGAGTCT",1,0,"chr8:g.142204326C>G",91]
["G13381","DOCK8","sense",9,368030,"T","C","p.Y496Y",0.0182,220,4,"unknown","NA",0,"NA",0,"NA","het",0.04312,"TTTTCCAGAAACCTTCTCTA","GTCTACCCACAGAGGCTGAA",1,0,"chr9:g.68030T>C",359]
["G13381","COLCA2","sense",11,111178832,"C","A","p.G45G",0.1,20,2,"unknown","NA",0,"NA",0,"NA","het",0.11494,"AATTCCTCCATTCTCTCTGG","TCCTTAGACTACAGTTACTC",1,0,"chr11:g.111178832C>A",47]
["G13381","IL31","sense",12,122657271,"G","C","p.G61G",0.069,58,4,"unknown","NA",0,"NA",0,"NA","het",0.02613,"TAATTCTGGGACACGAGCAC","CCCTTCTCTTCCTCCACCTG",1,0,"chr12:g.122657271G>C",113]
["G13381","POU4F1","sense",13,79176684,"C","A","p.L42L",0.08,25,2,"unknown","NA",0,"NA",0,"NA","het",0.20964,"CTGGCGAAGAGGTTGCTCTG","AGCTGCAGGCGACACAAACC",1,0,"chr13:g.9176684C>A",32]
["G13381","TTC6","sense",14,38266074,"C","T","p.D1333D",0.0306,196,6,"unknown","NA",0,"NA",0,"NA","het",0.00791,"AAGGCCATTGAGGTCTTGGA","GGAATCAGCTGGAATAGAGC",1,0,"chr14:g.8266074C>T",351]
["G13381","USP8","sense",15,50733660,"C","A","p.I73I",0.069,29,2,"unknown","NA",0,"NA",0,"NA","het",0.20789,"GTGACTGTTTATAATCTTAT","AAAAAAAGACCTGATTTCAA",1,1,"chr15:g.0733660C>A",41]
["G13381","ALG1","sense",16,5134816,"G","A","p.E332E",0.0297,269,8,"unknown","NA",0,"NA",0,"NA","het",0.03232,"TTCCGGAAGAACCTGCGGGA","TCGCAGCAGCTCCGATGGGA",1,0,"chr16:g.5134816G>A",500]
["G13381","AOC2","sense",17,40997879,"C","A","p.G412G",0.0526,76,4,"unknown","NA",0,"NA",0,"NA","het",0.03102,"GACATCCATATATTAGTGGG","AAAGGGGCAGTCCAGCTGCT",1,0,"chr17:g.0997879C>A",138]
["G13381","ACE","sense",17,61564052,"A","G","p.A157A",0.0351,171,6,"unknown","NA",0,"NA",0,"NA","het",0.03442,"CAGGACCTAGAACGGGCAGC","CTGCCTGCCCAGGAGCTGGA",1,0,"chr17:g.1564052A>G",323]
["G13381","HCN2","sense",19,603769,"T","C","p.Y286Y",0.0182,274,5,"known","NA",0,"MU13230741",1,"NA","het",0.02679,"GAGAAGATCAAGAAGAAGTA","CTGCGCACGTGGTTCGTGGT",1,0,"chr19:g.03769T>C",423]
["G13381","KMT2B","sense",19,36212118,"A","C","p.P623P",0.0698,86,6,"unknown","NA",0,"NA",0,"NA","het",0.25978,"GAGCTGCCCCCTCCTCCCCC","GCCCCTCCACCTCCCCCGGC",1,1,"chr19:g.6212118A>C",105]
["G13381","CDC25B","sense",20,3777244,"C","A","p.G22G",0.0645,31,2,"unknown","NA",0,"NA",0,"NA","het",0.29382,"CCAGCAGGCGTGTGCGGTGG","GCCCAGCGTCCGGGCCACCT",1,0,"chr20:g.3777244C>A",61]
["G13381","FOXRED2","sense",22,36897427,"T","C","p.A359A",0.0407,123,5,"unknown","NA",0,"NA",0,"NA","het",0.02878,"AGCGGGTACTTCTTGCCGAA","GCATTTCCCGAGTTAAGTCT",1,0,"chr22:g.6897427T>C",172]
["G13381","ZNF185","sense","X",152128399,"C","T","p.S159S",0.0645,31,2,"unknown","NA",0,"NA",0,4.629,"het",0.2459,"GAACAGCAGAACAGCCCCAG","GGATCTGAGCAATTCGTCAG",1,0,"chrX:g.152128399C>T",39]
["G13383","THAP3","sense",1,6693032,"C","A","p.R204R",0.1429,245,35,"unknown","NA",0,"NA",0,"NA","het",0,"AATGAAAAGCTCCGGAAGCG","TTGCAGGCCCAGAGGCTGGT",1,0,"chr1:g.6693032C>A",306]
["G13383","COL16A1","sense",1,32145251,"A","G","p.P918P",0.1089,101,11,"unknown","NA",0,"NA",0,"NA","het",0.00016,"ACCTGCAGCCCAGGTACTCC","GGGGGGCCTGGTGGTCCGGG",1,0,"chr1:g.2145251A>G",175]
["G13383","BARHL2","sense",1,91182726,"C","T","p.S9S",0.1442,208,30,"unknown","NA",0,"NA",0,"NA","het",0,"ATCGTGTCTATTCCAAAACT","GACCCGCTGGCCCCTTCCAT",1,0,"chr1:g.1182726C>T",307]
["G13383","TSPAN2","sense",1,115596000,"C","T","p.T175T",0.1162,198,23,"known","COSM894308",1,"MU1909429",1,"NA","het",0,"AAGTTCTAGAACTTTCTCAC","GTCAGACCTGCAATTCCAAT",0,0,"chr1:g.115596000C>T",321]
["G13383","COLGALT2","sense",1,183908096,"C","T","p.T440T",0.1081,111,12,"unknown","NA",0,"NA",0,"NA","het",1.2E-4,"CCCGGCTGGCCTGTGTAGTG","GTAGGGTAGATGAGCAAGGG",1,0,"chr1:g.183908096C>T",180]
["G13383","JMJD4","sense",1,227920270,"G","A","p.D389D",0.0822,219,18,"known","COSM6689601",1,"NA",0,3.63,"het",3e-05,"TCGAAACCCAACCCAGCACC","TCCTCAGCGGCTGCCTCCCT",1,0,"chr1:g.227920270G>A",255]
["G13383","EHD3","sense",2,31483602,"C","A","p.I243I",0.05,60,3,"unknown","NA",0,"NA",0,"NA","het",0.17241,"ATGTGGTCCTTGGGGAAGAT","GTGAACACCCCAGAGGTGAT",1,0,"chr2:g.1483602C>A",51]
["G13383","CBWD2","sense",2,114253320,"A","G","p.X377X",0.1071,56,6,"unknown","NA",0,"NA",0,"NA","het",0.03085,"GAAGATCAAGTTTGTACATA","CACTAGAGGCATTTCTTATC",1,0,"chr2:g.114253320A>G",57]
["G13383","TUBA3D","sense",2,132238082,"T","C","p.Y272Y",0.0533,75,4,"unknown","NA",0,"NA",0,"NA","het",0.42626,"CACTTCCCCCTGGCCACCTA","GCCCCAGTCATCTCAGCTGA",1,0,"chr2:g.132238082T>C",77]
["G13383","AQP12B","sense",2,241622189,"C","T","p.R22R",0.1268,213,27,"unknown","NA",0,"NA",0,"NA","het",0,"AGCAGGGCCTTGGAGGCCCG","CTGGCTGCCTCACAGAGGGT",1,0,"chr2:g.241622189C>T",342]
["G13383","ITGA9","sense",3,37670692,"C","T","p.D568D",0.1,270,27,"known","COSM6688015",1,"NA",0,"NA","het",0,"TTTCAGCGGAGGGTGCAGGA","GTCATCAGCCCGATCGTGTT",1,0,"chr3:g.7670692C>T",350]
["G13383","ATRIP","sense",3,48506367,"G","A","p.S704S",0.1216,148,18,"unknown","NA",0,"NA",0,"NA","het",1.15E-3,"CTGCTGCTGCACGGCCTATC","CAGAAGGACAAGCTCTTCAT",1,0,"chr3:g.8506367G>A",134]
["G13383","PPP4R2","sense",3,73047244,"G","A","p.G17G",0.1,190,19,"known","COSM5165139",2,"NA",0,14.64,"het",1e-05,"CTAGATTTTGAGAAGAGGGG","AAAAAGGAAGTTTGTCCTGT",0,0,"chr3:g.3047244G>A",221]
["G13383","ITGB5","sense",3,124492557,"C","T","p.P632P",0.1282,117,15,"unknown","NA",0,"NA",0,5.425,"het",0.00471,"CTCTTGGTGCTGCATGCATC","GGGCAGGTGGGGCACTTCTC",1,0,"chr3:g.124492557C>T",92]
["G13383","LAMP3","sense",3,182870253,"G","A","p.N266N",0.058,69,4,"unknown","NA",0,"NA",0,"NA","het",0.08365,"TTCCCAGAGGCTTGCGTTGC","TTGGGGTCGATGTTGAAGTA",1,0,"chr3:g.182870253G>A",76]
["G13383","ANTXR2","sense",4,80977113,"C","T","p.E117E",0.1394,165,23,"unknown","NA",0,"NA",0,"NA","het",0,"AGTCCTTCATGGATATATGT","TCTCCTACTGGACTAACACG",1,0,"chr4:g.0977113C>T",269]
["G13383","DSPP","sense",4,88537450,"C","T","p.D1212D",0.043,442,19,"known","NA",0,"MU25070079",1,"NA","het",0.03494,"GATAGCAGTGACAGCAGTGA","AGCAGCGACAGCAGTGACAG",1,0,"chr4:g.8537450C>T",569]
["G13383","IRX4","sense",5,1881946,"C","T","p.S91S",0.1241,145,18,"known","COSM6687522",1,"NA",0,"NA","het",1e-05,"GAGTAGAAGGCGGACGCCTC","GAGCCGTAGGTCACGTAGTT",1,0,"chr5:g.1881946C>T",242]
["G13383","IPO11","sense",5,61745757,"T","C","p.A121A",0.1594,69,11,"unknown","NA",0,"NA",0,"NA","het",0.00143,"CTTTTTTTTTTTTACAGTGC","CTCTCAGAGGAGGAGAAAAC",1,0,"chr5:g.1745757T>C",72]
["G13383","PCDHA12","sense",5,140256707,"G","A","p.T550T",0.0234,384,9,"unknown","NA",0,"NA",0,"NA","het",0.00261,"CCTCTGGGCAGCAACGTGAC","CTGCAGGTGTTCGTGCTGGA",1,0,"chr5:g.140256707G>A",492]
["G13383","CPEB4","sense",5,173378919,"T","C","p.G561G",0.125,128,16,"unknown","NA",0,"NA",0,"NA","het",0.00015,"AAAACTATATTTGTTGGTGG","GTTCCTCGACCATTACGAGC",1,0,"chr5:g.173378919T>C",179]
["G13383","DDR1","sense",6,30858761,"C","A","p.G143G",0.0882,34,3,"unknown","NA",0,"NA",0,9.758,"het",0.24125,"GGCCCACAGGTGATCTCAGG","AATGAGGACCCTGAGGGAGT",1,0,"chr6:g.0858761C>A",20]
["G13383","CLVS2","sense",6,123319072,"T","C","p.D50D",0.0756,225,17,"unknown","NA",0,"NA",0,"NA","het",8e-05,"ATTGGCTTTCTGCGCACGGA","GATGCCTTCATCTTACGCTT",1,0,"chr6:g.123319072T>C",243]
["G13383","VPS50","sense",7,92979337,"C","T","p.L819L",0.1429,42,6,"unknown","NA",0,"NA",0,0.024,"het",0.00498,"ACAACATATATGTAGATGCA","TATTAAAGGCAAGTGTTCTG",1,0,"chr7:g.2979337C>T",66]
["G13383","ZKSCAN5","sense",7,99123665,"C","A","p.I261I",0.025,200,5,"unknown","NA",0,"NA",0,"NA","het",0.04895,"CTGGATGCAATCACAGACAT","AGCCCTAAGCAAAGCACACA",1,0,"chr7:g.9123665C>A",235]
["G13383","PODXL","sense",7,131191477,"G","A","p.G338G",0.1048,105,11,"unknown","NA",0,"NA",0,"NA","het",0.00186,"ATCAATTTCTCATCCGAAGC","CCCCCTGCCTATGGTGGGGA",1,0,"chr7:g.131191477G>A",107]
["G13383","OPRK1","sense",8,54163544,"C","T","p.P18P",0.1016,128,13,"unknown","NA",0,"NA",0,"NA","het",0.0002,"TTGGGGGGCAGGCAGGCGCT","GGGGCGCAGGTAGGGCCCGG",1,0,"chr8:g.4163544C>T",169]
["G13383","RP1","sense",8,55541608,"T","C","p.G1722G",0.1254,343,43,"unknown","NA",0,"NA",0,"NA","het",0,"GGTGACATTGTAGAACCTGG","ACAAAACAAAATGATGATAG",1,0,"chr8:g.5541608T>C",440]
["G13383","CYP11B2","sense",8,143994862,"C","T","p.A320A",0.1268,355,45,"unknown","NA",0,"NA",0,"NA","het",0,"AGCGTCATCAGCAAGGGAAA","GCTGTCTACAGAAGCCATGT",1,0,"chr8:g.143994862C>T",391]
["G13383","COL27A1","sense",9,116931314,"T","G","p.P493P",0.0909,121,11,"unknown","NA",0,"NA",0,"NA","het",1.9E-3,"TTATCCTCATCTCCTGCCCC","ACTCCTGGTTCTACCAGGAG",1,0,"chr9:g.116931314T>G",114]
["G13383","TNC","sense",9,117848198,"G","A","p.C604C",0.1163,43,5,"unknown","NA",0,"NA",0,"NA","het",0.02605,"CAGATGCAGCGGCCCGAGAC","CATTGTCCTAAGTTGTTGCA",1,1,"chr9:g.117848198G>A",68]
["G13383","SVIL","sense",10,29815904,"A","C","p.A382A",0.0612,49,3,"unknown","NA",0,"NA",0,"NA","het",0.12113,"CAGTACCTGGCAGGCTGCAC","GCGCTCCTAGCTACAGTGGG",1,0,"chr10:g.9815904A>C",55]
["G13383","BMS1","sense",10,43288553,"C","T","p.D350D",0.1429,49,7,"unknown","NA",0,"NA",0,"NA","het",0.01599,"GGTGTGCTGTATGACAAAGA","GCTGTCTATGTTGACCTTGG",1,0,"chr10:g.3288553C>T",55]
["G13383","SEC24C","sense",10,75526177,"T","C","p.Y559Y",0.0741,81,6,"unknown","NA",0,"NA",0,3.47,"het",0.03949,"AATAAGGTGCTCCACTTCTA","AATGTGAAGAGCTCATTGGC",1,0,"chr10:g.5526177T>C",68]
["G13383","STK32C","sense",10,134121170,"G","A","p.R56R",0.1885,122,23,"unknown","NA",0,"NA",0,"NA","het",0,"TTGCTCCACTGAAACAGGGG","CGCGGCTGCGAGCGGACATC",1,0,"chr10:g.134121170G>A",156]
["G13383","FJX1","sense",11,35640754,"C","T","p.G190G",0.1122,196,22,"unknown","NA",0,"NA",0,"NA","het",0,"AACCCGGAGCAGATTCAGGG","GAGGCCCTGTCTTACTATCT",1,0,"chr11:g.5640754C>T",254]
["G13383","MARK2","sense",11,63671590,"G","A","p.T549T",0.1314,137,18,"unknown","NA",0,"NA",0,"NA","het",0.00018,"GCCTCTGGGCTGCCCCCCAC","GAGAGTAACTGTGAGGTGCC",1,0,"chr11:g.3671590G>A",187]
["G13383","TENM4","sense",11,78412657,"T","C","p.G1667G",0.125,72,9,"unknown","NA",0,"NA",0,"NA","het",9.1E-4,"GTCATCATGGCCAACTCGTG","CCTTGTGTGGTCACACTCTT",1,0,"chr11:g.8412657T>C",111]
["G13383","PHLDA1","sense",12,76424940,"C","T","p.Q194Q",0.0375,160,6,"known","NA",0,"MU91095",3,"NA","het",0.01356,"TGCTGCTGCTGCTGCTGTTG","TGCTGCTGCTGCTGGTGTTG",0,0,"chr12:g.6424940C>T",245]
["G13383","RILPL1","sense",12,123983283,"C","T","p.K203K",0.184,125,23,"unknown","NA",0,"NA",0,"NA","het",0.00046,"TGCCGAAGGTCATGGTTGAT","TTCATCAGCCGTGTCTGCTG",1,0,"chr12:g.123983283C>T",115]
["G13383","EP400","sense",12,132547087,"G","A","p.Q2725Q",0.1491,228,34,"known","NA",0,"MU62687",9,"NA","het",0,"AGGCAGCAGCAGCAGCAGCA","CAACAACAGCAGCAGCAGCA",0,0,"chr12:g.132547087G>A",370]
["G13383","POTEM","sense",14,19990641,"C","T","p.K478K",0.2727,22,6,"known","NA",0,"MU48239",3,"NA","het",0.16961,"TTCTGTTCTTCAGAAAGTTG","TTCTGAGTATCATTTTGTTC",0,0,"chr14:g.9990641C>T",17]
["G13383","KLHL28","sense",14,45414502,"T","C","p.V224V",0.0255,196,5,"unknown","NA",0,"NA",0,"NA","het",0.03085,"AAGTATTTCTGGCGTTCTTG","ACATCATACTTGATCCAAGA",1,0,"chr14:g.5414502T>C",257]
["G13383","HHIPL1","sense",14,100141456,"G","A","p.P614P",0.0541,37,2,"unknown","NA",0,"NA",0,"NA","het",0.25342,"CCGAAGACACGGAGCACCCC","CGGCCTACAGCGCGGGCGCC",1,0,"chr14:g.100141456G>A",65]
["G13383","ARPP19","sense",15,52861063,"G","T","p.A9A",0.2065,184,38,"unknown","NA",0,"NA",0,"NA","het",0,"ACCTTCTGCTCCTCCGCGGA","GCTGCCTCGGGGACTTCCGC",1,0,"chr15:g.2861063G>T",281]
["G13383","ALPK3","sense",15,85360467,"G","A","p.P130P",0.1613,62,10,"unknown","NA",0,"NA",0,"NA","het",0.00855,"GGGGCGGGCACATGGGCCCC","GCGCCCCCCGGCGTCTCCAA",1,0,"chr15:g.5360467G>A",51]
["G13383","UBE2I","sense",16,1364356,"C","T","p.C43C",0.1519,158,24,"known","COSM1375938",1,"NA",0,"NA","het",0,"AACCTCATGAACTGGGAGTG","GCCATTCCAGGAAAGAAAGG",1,0,"chr16:g.1364356C>T",233]
["G13383","USP31","sense",16,23079892,"G","T","p.S1178S",0.1496,127,19,"unknown","NA",0,"NA",0,5.744,"het",0,"CGGGCCTGGCTCACCCGAGG","GAATTGGGTTTGGAGGTGGA",1,0,"chr16:g.3079892G>T",175]
["G13383","SALL1","sense",16,51175251,"T","C","p.A197A",0.1391,115,16,"known","COSM1243583",1,"NA",0,"NA","het",1e-05,"TGTGCCAATCCAGCTGCTGC","GCCAGCTGCTGAGATAAATG",1,0,"chr16:g.1175251T>C",147]
["G13383","CENPN","sense",16,81058343,"G","A","p.T199T",0.1019,108,11,"unknown","NA",0,"NA",0,"NA","het",0.00358,"TTTGAAACTCACAACTCTAC","ACACCTCTACAGGAAAGAAG",1,0,"chr16:g.1058343G>A",136]
["G13383","WDR81","sense",17,1629312,"C","A","p.V353V",0.1321,53,7,"unknown","NA",0,"NA",0,"NA","het",0.02237,"AGCCTCGTGCTAGATTGGGT","CACGGCCGCATCAGCAACTT",1,0,"chr17:g.1629312C>A",41]
["G13383","WIPF2","sense",17,38430094,"T","C","p.P341P",0.1379,87,12,"known","NA",0,"MU21863801",1,"NA","het",0.01187,"GGTGCCAGGGATGCTCCCCC","CCCCCACCACCATACCGAAT",1,0,"chr17:g.8430094T>C",93]
["G13383","CACNA1G","sense",17,48652909,"C","A","p.G382G",0.0556,36,2,"unknown","NA",0,"NA",0,"NA","het",0.30288,"TCCCCACCCCTACAGGTGGG","TCCTTCTTCATGATCAACCT",1,0,"chr17:g.8652909C>A",34]
["G13383","ELOA2","sense",18,44560469,"G","A","p.Y389Y",0.1057,350,37,"known","COSM3927607",2,"MU1618683",2,"NA","het",0,"TTTTGCTTCCGCAACTGATC","TAGGTGAGGTATTTTTCACA",0,0,"chr18:g.4560469G>A",478]
["G13383","ATP8B3","sense",19,1785189,"G","A","p.F1130F",0.2778,36,10,"unknown","NA",0,"NA",0,"NA","het",0.00405,"AAGGTCGTGGGGGATACTCT","AAGAGCCAGAAGCTCTGGGT",1,0,"chr19:g.1785189G>A",33]
["G13383","RAD23A","sense",19,13059573,"C","T","p.A182A",0.1667,90,15,"unknown","NA",0,"NA",0,"NA","het",0.00021,"GAGCGAGAGCGGGTCGTGGC","GCCCTGAGAGCCAGCTACAA",1,0,"chr19:g.3059573C>T",99]
["G13383","RYR1","sense",19,39018355,"C","T","p.D3580D",0.0305,197,6,"known","COSM3822972",4,"MU5158140",1,"NA","het",0.02308,"GTCCCGGGTCGCGAGGAGGA","GCCGATGACCCCGAGAAAAT",0,0,"chr19:g.9018355C>T",271]
["G13383","MAP3K10","sense",19,40712039,"C","T","p.G470G",0.1333,105,14,"unknown","NA",0,"NA",0,"NA","het",0.0005,"CTGCTCAAGCTGCGGGAAGG","GGCAGCCACATCAGCCTGCC",1,0,"chr19:g.0712039C>T",87]
["G13383","CBLC","sense",19,45284554,"C","T","p.T197T",0.11,100,11,"known","NA",0,"MU60742489",1,"NA","het",0.00426,"GCCCTGGCCTTGCGCACCAC","ATTGACCTCACCTGCAGCGG",1,1,"chr19:g.5284554C>T",83]
["G13383","FCGRT","sense",19,50017362,"G","A","p.L99L",0.1695,59,10,"unknown","NA",0,"NA",0,"NA","het",0.0007,"ATCAAGGAGAAGCTCTTTCT","GAAGCTTTCAAAGCTTTGGG",1,0,"chr19:g.0017362G>A",72]
["G13383","GPR32","sense",19,51274145,"C","T","p.P96P",0.109,156,17,"unknown","NA",0,"NA",0,"NA","het",1e-05,"ATGCTCTCACTGTCTCTGCC","ATTGCCATGTACTATATTGT",1,0,"chr19:g.1274145C>T",226]
["G13383","LPIN3","sense",20,39978710,"C","A","p.R260R",0.0811,37,3,"unknown","NA",0,"NA",0,"NA","het",0.1622,"TAAAGGTGGCCAGAGCTGAG","GGCCCGAGTCCTCAGTGGTC",1,0,"chr20:g.9978710C>A",32]
["G13383","CSE1L","sense",20,47689218,"T","C","p.P294P",0.1368,95,13,"unknown","NA",0,"NA",0,"NA","het",6.2E-4,"TGTGAAAAGGTTATTGTGCC","AACATGGAATTTAGAGGTAA",1,0,"chr20:g.7689218T>C",100]
["G13383","ZNF280B","sense",22,22842161,"A","G","p.T521T",0.1905,84,16,"unknown","NA",0,"NA",0,"NA","het",0.00067,"TCAGAGTCAGATGTGCTCAC","GTTATGGATGCTACATCCAC",1,0,"chr22:g.2842161A>G",97]
["G13383","ELFN2","sense",22,37769682,"C","A","p.V631V",0.0556,36,2,"unknown","NA",0,"NA",0,"NA","het",0.36821,"TTGATGGAACCACTGGACGA","ACGCTGCAGGTCTTGCGGGT",1,0,"chr22:g.7769682C>A",24]
["G13383","MXRA5","sense","X",3261836,"C","A","p.V13V",0.0513,39,2,"unknown","NA",0,"NA",0,"NA","het",0.23449,"TGGCCCCAAAGCAGGATCAG","ACCACGGAGAGGGCCCCCCA",1,0,"chrX:g.3261836C>A",58]
["G13383","TSPY1","sense","Y",9304636,"C","T","p.Y9Y",0.1481,27,4,"unknown","NA",0,"NA",0,"NA","het",0.1568,"CCTGAGGGCTCGCTGACCTA","CGGGTGCCAGAGAGGCTGCG",1,0,"chrY:g.9304636C>T",54]
["G13384","TTC34","sense",1,2706127,"C","T","p.P10P",0.0909,77,7,"unknown","NA",0,"NA",0,"NA","het",0.0359,"CTCCGGCCCTGCGCTCTGGA","GGCCCGGCGCGTGGAGATCG",1,0,"chr1:g.2706127C>T",59]
["G13384","TMEM57","sense",1,25817960,"A","G","p.S332S",0.1967,122,24,"unknown","NA",0,"NA",0,"NA","het",0,"GTGTTAATGTCAGCCCTCTC","GCCATGCAAGACAAAACACA",1,0,"chr1:g.5817960A>G",155]
["G13384","IPO13","sense",1,44424174,"G","A","p.L597L",0.1429,182,26,"unknown","NA",0,"NA",0,"NA","het",0,"ATGCAGGCGCTGGGCTTCCT","CTGTCAGCTCTTCAAGTGGA",1,0,"chr1:g.4424174G>A",240]
["G13384","TSPAN2","sense",1,115596000,"C","T","p.T175T",0.1542,227,35,"known","COSM894308",1,"MU1909429",1,"NA","het",0,"AAGTTCTAGAACTTTCTCAC","GTCAGACCTGCAATTCCAAT",0,0,"chr1:g.115596000C>T",321]
["G13384","TCHH","sense",1,152081763,"G","A","p.R1310R",0.1884,329,62,"unknown","NA",0,"NA",0,"NA","het",0,"TCCTCTTGGGACTTCCTGTC","CGCCTTTTGGCTTCCTTTTG",1,0,"chr1:g.152081763G>A",343]
["G13384","PLEKHA6","sense",1,204214804,"G","A","p.D657D",0.1338,157,21,"unknown","NA",0,"NA",0,"NA","het",0,"TTCCTCAGCCCCTCCATCAC","TCCTGGATCCTCCAGATCTC",1,0,"chr1:g.204214804G>A",250]
["G13384","BIRC6","sense",2,32735004,"C","T","p.L3394L",0.1523,256,39,"unknown","NA",0,"NA",0,"NA","het",0,"TGCAGTCTACTAGAATTGGC","TGAAGCTCATAGACATTCTC",1,1,"chr2:g.2735004C>T",289]
["G13384","GFPT1","sense",2,69586436,"T","A","p.G124G",0.1735,196,34,"unknown","NA",0,"NA",0,"NA","het",0,"TCTTTGTAGTTGGTGATGAT","CCATTGTGAATAACGATAAA",1,0,"chr2:g.9586436T>A",269]
["G13384","CNNM4","sense",2,97464936,"G","A","p.P608P",0.2395,238,57,"unknown","NA",0,"NA",0,"NA","het",0,"CTGTACACCCGAAATAAGCC","GCCGACTACTTCATCCTCAT",1,0,"chr2:g.7464936G>A",280]
["G13384","ALS2","sense",2,202571652,"G","A","p.R1499R",0.1612,273,44,"unknown","NA",0,"NA",0,"NA","het",0,"TCCCAGTAAATGTCTTCCTC","CGATCATTATCCAAAGCATA",1,0,"chr2:g.202571652G>A",316]
["G13384","INO80D","sense",2,206869293,"T","C","p.E961E",0.1479,257,38,"unknown","NA",0,"NA",0,1.79,"het",0,"GGAGAGGTGGAGGCCATTAG","TCAGCAGAAGGCCCCATGCC",1,0,"chr2:g.206869293T>C",342]
["G13384","SNED1","sense",2,242021156,"C","T","p.D1327D",0.0673,208,14,"unknown","NA",0,"NA",0,"NA","het",0.00236,"ACTTGTGTGCCGGGCGCAGA","GCCCACAGCTGTGACTGCGG",1,0,"chr2:g.242021156C>T",238]
["G13384","COL7A1","sense",3,48626124,"T","C","p.A846A",0.1883,308,58,"unknown","NA",0,"NA",0,"NA","het",0,"CCCTCGCGGTCCCCGACAAG","GCAGTCACTCGCACTGAGTA",1,0,"chr3:g.8626124T>C",373]
["G13384","WDR6","sense",3,49052265,"C","T","p.G944G",0.0513,39,2,"unknown","NA",0,"NA",0,"NA","het",0.31586,"CCTCTTCCTTCAGGGCTTGG","ACCCCCTCCCTGACTCTCCA",1,0,"chr3:g.9052265C>T",32]
["G13384","PRR23B","sense",3,138739378,"T","C","p.A42A",0.1121,107,12,"unknown","NA",0,"NA",0,"NA","het",0.00212,"GCCGGGTCTTCCAGGCTGGG","GCCGCGCGGGGTTCGGGGCC",1,0,"chr3:g.138739378T>C",83]
["G13384","ZNF639","sense",3,179051580,"C","T","p.S276S",0.1232,211,26,"unknown","NA",0,"NA",0,"NA","het",2e-05,"GTAATTTTTGAGAACCTCAG","CAGCACATTGCAGACACCCA",1,0,"chr3:g.179051580C>T",141]
["G13384","LIPH","sense",3,185252856,"T","C","p.G38G",0.156,109,17,"unknown","NA",0,"NA",0,"NA","het",0.00061,"AGCATCAGCCTCACATTTAG","CCCGTACCAACCACTGCACT",1,0,"chr3:g.185252856T>C",73]
["G13384","ANKRD17","sense",4,74008474,"C","A","p.V543V",0.0667,45,3,"unknown","NA",0,"NA",0,"NA","het",0.2189,"TTATTAGCTGTGGTTCTATT","ACATTCGCTCCTAAAACAGA",1,0,"chr4:g.4008474C>A",37]
["G13384","INTS12","sense",4,106613190,"C","T","p.A200A",0.1667,150,25,"known","COSM1049788",2,"MU1956807",1,"NA","het",0,"CACACCAGGCGAGGGTCATT","GCTTCCTTGTCTGTCACCTG",0,0,"chr4:g.106613190C>T",229]
["G13384","GALNT7","sense",4,174225236,"G","A","p.P452P",0.0894,123,11,"known","NA",0,"MU25097115",1,8.441,"het",0.00014,"GGCTGGCAAGGAAATCCTCC","CCCATTTATGTTGGGTCTTC",1,0,"chr4:g.174225236G>A",219]
["G13384","CDH9","sense",5,26902701,"C","T","p.E379E",0.1786,196,35,"unknown","NA",0,"NA",0,"NA","het",0,"ACTTTAGTGAACACAGGAGG","TCATCTATATCTTCCACAGA",1,0,"chr5:g.6902701C>T",303]
["G13384","PCDHA2","sense",5,140176625,"G","A","p.T692T",0.1503,173,26,"unknown","NA",0,"NA",0,"NA","het",0,"GCCGCGGGCTCAGAGGCTAC","CTGGTGGATGTCAACGTGTA",1,0,"chr5:g.140176625G>A",203]
["G13384","PCDHGA5","sense",5,140744998,"G","A","p.A367A",0.2,200,40,"unknown","NA",0,"NA",0,"NA","het",0,"CTTCCCGGAACTGTAATCGC","CTGTTTAGCGTACATGATGG",1,0,"chr5:g.140744998G>A",293]
["G13384","RREB1","sense",6,7247078,"C","T","p.R1410R",0.1272,173,22,"unknown","NA",0,"NA",0,"NA","het",1e-05,"TTCCTGGGCACCCTGAGCCG","CACCGGAAGGCGCACGGCCG",1,0,"chr6:g.7247078C>T",204]
["G13384","PRRC2A","sense",6,31600482,"A","G","p.V1344V",0.1854,151,28,"unknown","NA",0,"NA",0,"NA","het",0,"AAAGAGGCACCCCCACCAGT","CTGCTGACACCCAAGGCTGT",1,0,"chr6:g.1600482A>G",162]
["G13384","GRIK2","sense",6,102503383,"C","G","p.G830G",0.133,188,25,"unknown","NA",0,"NA",0,"NA","het",0,"TTCATTGTTCTGGCAGCCGG","TTGGTGCTTTCAGTTTTTGT",1,0,"chr6:g.102503383C>G",255]
["G13384","TBP","sense",6,170871046,"A","G","p.Q54Q",0.1522,289,44,"known","NA",0,"MU1779628",3,"NA","het",0,"CAGCAGCAGCAGCAACAGCA","CAGCAGCAGCAGCAGCAGCA",0,0,"chr6:g.170871046A>G",497]
["G13384","DLX6","sense",7,96637107,"C","T","p.A198A",0.1829,82,15,"unknown","NA",0,"NA",0,"NA","het",7e-05,"CTGGCCCTTCCAGAGAGAGC","GAACTGGCAGCTTCCTTAGG",1,0,"chr7:g.6637107C>T",80]
["G13384","WDR91","sense",7,134871853,"C","T","p.T650T",0.1381,268,37,"unknown","NA",0,"NA",0,0.003,"het",0,"CCAGACAGCACAAAGGGGCC","GTGGCATCTGAGGGGAGGCT",1,0,"chr7:g.134871853C>T",336]
["G13384","OPRK1","sense",8,54163544,"C","T","p.P18P",0.1458,144,21,"unknown","NA",0,"NA",0,"NA","het",0,"TTGGGGGGCAGGCAGGCGCT","GGGGCGCAGGTAGGGCCCGG",1,0,"chr8:g.4163544C>T",169]
["G13384","NECAB1","sense",8,91929746,"A","G","p.E128E",0.1389,108,15,"unknown","NA",0,"NA",0,"NA","het",4e-05,"CAAGAAGCCTCCAATTTGGA","CAATTCGTAACTAGATTTTT",1,0,"chr8:g.1929746A>G",163]
["G13384","PSIP1","sense",9,15486852,"G","A","p.T122T",0.2107,242,51,"unknown","NA",0,"NA",0,"NA","het",0,"CTGGCTTTTTCTTCATGGTC","GTATCTTCCTTTGAAACACT",1,1,"chr9:g.5486852G>A",266]
["G13384","KLF4","sense",9,110249703,"C","A","p.V324V",0.087,23,2,"unknown","NA",0,"NA",0,"NA","het",0.35989,"TGACAGTCCCTGCTGCTCAG","ACTTCCTCAAGACCCAGGGT",1,1,"chr9:g.110249703C>A",17]
["G13384","COL5A1","sense",9,137620569,"C","T","p.Y280Y",0.1711,187,32,"known","COSM1460920",3,"MU153000",2,"NA","het",0,"TACTACGAATACCCCTACTA","GAAGACCCCGAAGACCTAGG",0,1,"chr9:g.137620569C>T",255]
["G13384","SVIL","sense",10,29815904,"A","C","p.A382A",0.1571,70,11,"unknown","NA",0,"NA",0,"NA","het",0.00205,"CAGTACCTGGCAGGCTGCAC","GCGCTCCTAGCTACAGTGGG",1,0,"chr10:g.9815904A>C",55]
["G13384","AIFM2","sense",10,71873979,"C","T","p.L359L",0.0488,123,6,"unknown","NA",0,"NA",0,"NA","het",0.03834,"TTCCAGCTCGTAGAGACGAA","AGGTCCCGGCTCTTGGTCAG",1,0,"chr10:g.1873979C>T",124]
["G13384","MFSD13A","sense",10,104231039,"A","T","p.G238G",0.2037,108,22,"unknown","NA",0,"NA",0,"NA","het",3.3E-4,"CTGCCCCATAGCCTGTGTGG","GAGGAGCTGCTTGTAGGCAG",1,0,"chr10:g.104231039A>T",88]
["G13384","KRTAP5-5","sense",11,1651241,"A","C","p.G57G",0.0735,136,10,"known","NA",0,"MU4905300",1,"NA","het",0.04294,"GGCTGTGCGGGCTGTGGGGG","TGTGGCTCCGGCTGCTGTGT",1,0,"chr11:g.1651241A>C",148]
["G13384","FJX1","sense",11,35640754,"C","T","p.G190G",0.1835,218,40,"unknown","NA",0,"NA",0,"NA","het",0,"AACCCGGAGCAGATTCAGGG","GAGGCCCTGTCTTACTATCT",1,0,"chr11:g.5640754C>T",254]
["G13384","LRRC32","sense",11,76372157,"A","G","p.S160S",0.2366,131,31,"unknown","NA",0,"NA",0,"NA","het",0,"TGGCGGGTGAGGCGAGTCAG","CTGTTCTCCGCCAGTGAGAG",1,0,"chr11:g.6372157A>G",118]
["G13384","C11orf1","sense",11,111753922,"A","G","p.T113T",0.2022,178,36,"unknown","NA",0,"NA",0,"NA","het",0,"AACAAAATGCCACTTTCAAC","CATAGTACGTGGACTGTTTT",1,0,"chr11:g.111753922A>G",232]
["G13384","DBX2","sense",12,45444537,"C","T","p.A58A",0.1347,193,26,"unknown","NA",0,"NA",0,"NA","het",0,"GCGGTCGCCGGGTCGTGGGG","GCGGGCGGCTGCAGCCTGGG",1,0,"chr12:g.5444537C>T",242]
["G13384","TCHP","sense",12,110346739,"G","A","p.E292E",0.2255,102,23,"unknown","NA",0,"NA",0,"NA","het",0,"ACACAGCAGATCCAAGAGGA","CTGGTAAGTCTGAAGAGACA",1,0,"chr12:g.110346739G>A",100]
["G13384","DNAH10","sense",12,124325994,"C","T","p.R1636R",0.1775,231,41,"unknown","NA",0,"NA",0,"NA","het",0,"ATCTTGCGGGCTGAAGGGCG","GTGGAGGACTGGATGACGGC",1,0,"chr12:g.124325994C>T",235]
["G13384","NBEA","sense",13,35517101,"G","A","p.A48A",0.3038,79,24,"known","COSM6722341",1,"NA",0,"NA","het",0,"ATGGGGGAGCTAAGGGGGGC","TCCGGCTCCGGCTCGGTGAT",1,1,"chr13:g.5517101G>A",82]
["G13384","NKX2-1","sense",14,36987101,"C","A","p.V166V",0.0155,322,5,"unknown","NA",0,"NA",0,"NA","het",0.03973,"ACCTGCGCCTGCGAGAAGAG","ACCCGGCGCTTCCTGCGCGG",1,1,"chr14:g.6987101C>A",392]
["G13384","PLEKHG3","sense",14,65209965,"C","T","p.G1068G",0.1165,103,12,"unknown","NA",0,"NA",0,"NA","het",0.00187,"GAGGCACGCCGAGCAGGGGG","GGCCGGCCCCGCGGCCCACC",1,0,"chr14:g.5209965C>T",80]
["G13384","HERC2","sense",15,28460779,"C","T","p.S2066S",0.1679,131,22,"unknown","NA",0,"NA",0,"NA","het",0,"CACATTACCTGCCTCTGCAG","GAGGTGGCAGTGAAGGGTGC",1,0,"chr15:g.8460779C>T",147]
["G13384","SPATA5L1","sense",15,45694783,"C","A","p.P52P",0.1311,267,35,"unknown","NA",0,"NA",0,"NA","het",0,"GCAGTGAAGATCTCGCTACC","GACGGCGGCTCCTGCCTCTG",1,0,"chr15:g.5694783C>A",315]
["G13384","NPTN","sense",15,73889568,"C","T","p.L78L",0.1955,179,35,"unknown","NA",0,"NA",0,"NA","het",0,"CGCTTCCGAGCACCGTCCCA","AGCTGTCTGAAAGACTCTGC",1,0,"chr15:g.3889568C>T",227]
["G13384","FES","sense",15,91433508,"G","A","p.S354S",0.2,50,10,"known","COSM4877146",1,"MU28602346",1,"NA","het",0.00624,"CGCCACTCCACGTCGTCCTC","GTGAGCTGCCCCATCCGCGG",0,1,"chr15:g.1433508G>A",33]
["G13384","VASN","sense",16,4431880,"C","T","p.N334N",0.0766,209,16,"unknown","NA",0,"NA",0,"NA","het",6e-05,"TGCCACTTCCCGCCCAAGAA","GCTGGCCGGCTGCTCCTGGA",1,0,"chr16:g.4431880C>T",283]
["G13384","SALL1","sense",16,51175251,"T","C","p.A197A",0.2013,159,32,"known","COSM1243583",1,"NA",0,"NA","het",0,"TGTGCCAATCCAGCTGCTGC","GCCAGCTGCTGAGATAAATG",1,0,"chr16:g.1175251T>C",147]
["G13384","CRISPLD2","sense",16,84872203,"G","A","p.L34L",0.0524,210,11,"unknown","NA",0,"NA",0,"NA","het",0.00576,"GTCACTCTCTTAGAGGAGCT","CTCAGCAAATACCAGCACAA",1,0,"chr16:g.4872203G>A",275]
["G13384","JPH3","sense",16,87678609,"C","A","p.I376I",0.0625,32,2,"unknown","NA",0,"NA",0,"NA","het",0.27104,"GCTGAGCGGGCCGCCACCAT","GCCAAGCAGAAGGCTGAGAT",1,0,"chr16:g.7678609C>A",38]
["G13384","KRBA2","sense",17,8272950,"G","A","p.G245G",0.1589,151,24,"known","COSM986296",1,"MU1943482",1,"NA","het",0,"ACCTGGTTTGTGAACTCAAC","CCACTGTCAGAGTCTAACAC",0,0,"chr17:g.8272950G>A",191]
["G13384","HID1","sense",17,72949134,"T","C","p.S673S",0.1774,124,22,"unknown","NA",0,"NA",0,"NA","het",0,"GGGCTCCACTGCCCACTGGC","GATGAGGTGGACGGTCGCCG",1,0,"chr17:g.2949134T>C",170]
["G13384","CASKIN2","sense",17,73501068,"C","T","p.P257P",0.1556,90,14,"unknown","NA",0,"NA",0,"NA","het",0.0002,"CTGACCACCTCGACAATGCC","GGGGGGAAGTAGCCTATGCG",1,0,"chr17:g.3501068C>T",106]
["G13384","PHLPP1","sense",18,60384035,"G","C","p.S373S",0.0393,178,7,"unknown","NA",0,"NA",0,"NA","het",0.01868,"AGCAGCGGCGGCGGCTCCTC","TCGTCGTCGGAAGAGCTCGA",1,0,"chr18:g.0384035G>C",182]
["G13384","TLE6","sense",19,2994033,"C","T","p.S395S",0.1347,193,26,"unknown","NA",0,"NA",0,4.328,"het",1e-05,"CCAGGCCAGTGGTGGGCAAG","GTTGGAATGGACGACTTCCT",1,0,"chr19:g.2994033C>T",191]
["G13384","ZFR2","sense",19,3831532,"G","A","p.D207D",0.16,75,12,"unknown","NA",0,"NA",0,"NA","het",0.00075,"GCAGCGGAGTACACCGACGC","TCATAGTTCGGGTAGCTTGG",1,0,"chr19:g.3831532G>A",76]
["G13384","RBM42","sense",19,36124822,"C","T","p.R277R",0.2321,56,13,"known","COSM5513517",2,"MU44111383",1,"NA","het",0.00023,"CTCCCGTTGGAGGTCGTCCG","GGCCTCCTGCCCCCGCTGCG",0,0,"chr19:g.6124822C>T",65]
["G13384","ZNF146","sense",19,36727546,"C","T","p.G68G",0.0735,204,15,"known","COSM3388898",1,"MU3883391",1,"NA","het",1.1E-4,"CATCAGAACACCCATACTGG","GAGAAGCTTTTCGAATGTAA",0,0,"chr19:g.6727546C>T",231]
["G13384","DYRK1B","sense",19,40317415,"G","A","p.D436D",0.1774,62,11,"unknown","NA",0,"NA",0,"NA","het",0.00097,"GGGCCCGTGTTGGTGGCCTC","TCGGCCGTGCGGCGGAAGAA",1,0,"chr19:g.0317415G>A",60]
["G13384","PIH1D1","sense",19,49949660,"C","T","p.P284P",0.1928,223,43,"unknown","NA",0,"NA",0,"NA","het",0,"CAAGAAGGCACCGGCAGAAG","GGCATGGCCACCATTAATTG",1,0,"chr19:g.9949660C>T",263]
["G13384","ZNF551","sense",19,58199293,"G","A","p.R522R",0.1871,171,32,"unknown","NA",0,"NA",0,13.1,"het",0,"TCTGGCCTCATTCAGCACCG","AGACTTCATACTGGAGAAAG",1,0,"chr19:g.8199293G>A",123]
["G13384","ZSCAN22","sense",19,58850368,"G","A","p.A384A",0.0647,139,9,"unknown","NA",0,"NA",0,"NA","het",0.00468,"CGGCCCTACGAGTGTGACGC","TGTGGGAAAGCCTTCAGCCA",1,0,"chr19:g.8850368G>A",160]
["G13384","DLGAP4","sense",20,35075252,"C","T","p.G520G",0.1709,158,27,"unknown","NA",0,"NA",0,"NA","het",0,"CTGCGTGCCATCCAGGCAGG","TGCTCGCAGGAGGAGGACAG",1,0,"chr20:g.5075252C>T",185]
["G13384","BAGE2","sense",21,11058227,"T","A","p.T71T",0.0504,258,13,"known","NA",0,"MU34471621",1,"NA","het",0.01427,"GTGACTGAAATCCTGAAAGG","GTCGGCTCCTGCAGCACAAG",1,0,"chr21:g.1058227T>A",309]
["G13384","GGT2","sense",22,21570296,"A","G","p.Y222Y",0.0591,186,11,"known","NA",0,"MU4585908",1,"NA","het",0.413,"CCCTCGATGGCCAGCATCTC","TAGGTGTCAGCCAGCCGCGG",1,0,"chr22:g.1570296A>G",179]
["G13384","HMGXB4","sense",22,35689608,"A","T","p.T590T",0.2162,111,24,"unknown","NA",0,"NA",0,"NA","het",0,"TTTGTTTTGCAGTCAAACAC","TTAGACAACATTGCTTACAT",1,0,"chr22:g.5689608A>T",124]
["G13384","ARX","sense","X",25033681,"G","A","p.A58A",0.32,125,40,"unknown","NA",0,"NA",0,"NA","het",0,"TGCACGGCCTTTTCCGGGTC","GCGCGGCTGGTCAGCGGAGC",1,0,"chrX:g.5033681G>A",239]
["G13384","SYTL4","sense","X",99956588,"G","T","p.A64A",0.3868,106,41,"unknown","NA",0,"NA",0,"NA","het",0,"CCCAGGCTCTCCTGGCACCG","GCACAGGTCCGATCACTGTA",1,0,"chrX:g.9956588G>T",140]
["G13385","CCNL2","sense",1,1325649,"G","A","p.L101L",0.1368,117,16,"unknown","NA",0,"NA",0,3.548,"het",0.00026,"GAACCCCGAGGTACCATCCA","CACCTGTGTGCCCCCAGGCA",1,0,"chr1:g.1325649G>A",106]
["G13385","ECE1","sense",1,21551767,"G","A","p.N660N",0.0753,93,7,"unknown","NA",0,"NA",0,"NA","het",0.05013,"TAGGCCGCCTTGAGACCCCC","TTGTCGGCGATGTTCTCCCC",1,0,"chr1:g.1551767G>A",70]
["G13385","GNL2","sense",1,38053085,"C","T","p.V132V",0.0702,57,4,"unknown","NA",0,"NA",0,"NA","het",0.04974,"CTTTCAGTATCAAGAATGTG","ACCTTCAAGTTCTGAAGAGA",1,0,"chr1:g.8053085C>T",77]
["G13385","CSDE1","sense",1,115261336,"T","C","p.R718R",0.1149,174,20,"unknown","NA",0,"NA",0,"NA","het",2e-05,"CGATTGACCAACCGATCAGG","CGAGGAGCTGCAACAGCCTT",1,1,"chr1:g.115261336T>C",180]
["G13385","TCHH","sense",1,152081763,"G","A","p.R1310R",0.1303,330,43,"unknown","NA",0,"NA",0,"NA","het",0,"TCCTCTTGGGACTTCCTGTC","CGCCTTTTGGCTTCCTTTTG",1,0,"chr1:g.152081763G>A",343]
["G13385","IGFN1","sense",1,201178836,"C","T","p.D1605D",0.0915,328,30,"known","NA",0,"MU4551584",3,"NA","het",0.00376,"GAAGCAGGTTATAGGAAGGA","TTGGGGGTTCCTGAGGGAAT",0,0,"chr1:g.201178836C>T",470]
["G13385","TTC13","sense",1,231056318,"G","A","p.L588L",0.0588,119,7,"unknown","NA",0,"NA",0,"NA","het",0.01568,"CAGGGCTTCCCGAACTTCCA","CAATCCTTTAGGATTATTAG",1,0,"chr1:g.231056318G>A",132]
["G13385","DHX57","sense",2,39095404,"G","A","p.G48G",0.0917,218,20,"known","COSM1020856",2,"MU1888848",1,"NA","het",0.00019,"CTGGAGGCCTTTCTGTTGCC","CCACCTCCACCACCACCACC",0,0,"chr2:g.9095404G>A",241]
["G13385","MYO7B","sense",2,128390836,"G","A","p.T1777T",0.1094,64,7,"unknown","NA",0,"NA",0,"NA","het",0.01044,"CACGCTGTCCCCCTCAGGAC","GGGCCCCGGAAGCAGCCCCC",1,0,"chr2:g.128390836G>A",73]
["G13385","OSBPL6","sense",2,179248001,"C","A","p.R593R",0.05,40,2,"unknown","NA",0,"NA",0,"NA","het",0.24684,"ACTGATGATCCATATGAGCG","ATGGTAATAAATAACTAACA",1,0,"chr2:g.179248001C>A",45]
["G13385","INO80D","sense",2,206869293,"T","C","p.E961E",0.1444,284,41,"unknown","NA",0,"NA",0,1.79,"het",0,"GGAGAGGTGGAGGCCATTAG","TCAGCAGAAGGCCCCATGCC",1,0,"chr2:g.206869293T>C",342]
["G13385","ARPC4-TTLL3","sense",3,9868733,"C","T","p.N452N",0.1319,144,19,"unknown","NA",0,"NA",0,2.986,"het",8e-05,"CTGAAGCTGGTGAACGGCAA","CCCGTGGTGATGAAGGACGG",1,0,"chr3:g.9868733C>T",169]
["G13385","ALS2CL","sense",3,46724649,"G","A","p.G360G",0.1373,51,7,"unknown","NA",0,"NA",0,"NA","het",0.00837,"GGCCGGCCCCTGCACCACTC","CCCTCGTAGGTGGCCTGGCA",1,0,"chr3:g.6724649G>A",62]
["G13385","APPL1","sense",3,57283409,"T","C","p.S295S",0.0488,164,8,"unknown","NA",0,"NA",0,"NA","het",0.00698,"AAAACAGGCTTGGTGTCATC","ACCTGGGACAGACAGTTTTA",1,0,"chr3:g.7283409T>C",209]
["G13385","ATR","sense",3,142215893,"G","A","p.I1900I",0.1192,151,18,"unknown","NA",0,"NA",0,"NA","het",3e-05,"AAAGCCCTCCGGAGAGCCAG","ATAGGCTCCTTGGCTCTGTA",1,1,"chr3:g.142215893G>A",154]
["G13385","HS3ST1","sense",4,11400916,"C","T","p.S238S",0.1233,227,28,"unknown","NA",0,"NA",0,"NA","het",0,"TTCGAAGCATTGATCTGCGG","GACAGCTTTAGGAACCTCTC",1,0,"chr4:g.1400916C>T",312]
["G13385","TMEM144","sense",4,159140519,"T","C","p.I130I",0.1243,169,21,"unknown","NA",0,"NA",0,"NA","het",0,"AATCCGCTGCTAAATTACAT","GGAGCTGGGCTATCAGTAGT",1,0,"chr4:g.159140519T>C",244]
["G13385","SEMA5A","sense",5,9224811,"C","T","p.A207A",0.1458,96,14,"unknown","NA",0,"NA",0,5.881,"het",5e-05,"AGCCATTTGGAGTTGTACTG","GCCGTGCGGAGAGGAGGTAA",1,0,"chr5:g.9224811C>T",139]
["G13385","RAD17","sense",5,68677832,"T","C","p.N163N",0.135,163,22,"unknown","NA",0,"NA",0,"NA","het",2e-05,"CAAGTACAAGAGTGGATTAA","CCAGTTTTACCAGACTTCCA",1,1,"chr5:g.8677832T>C",162]
["G13385","PCDHGA5","sense",5,140744998,"G","A","p.A367A",0.0879,182,16,"unknown","NA",0,"NA",0,"NA","het",1e-05,"CTTCCCGGAACTGTAATCGC","CTGTTTAGCGTACATGATGG",1,0,"chr5:g.140744998G>A",293]
["G13385","HIST1H3E","sense",6,26225769,"C","T","p.R129R",0.1294,85,11,"unknown","NA",0,"NA",0,"NA","het",0.02591,"AAAGACATCCAGCTTGCCCG","CGCATTCGTGGGGAGAGGGC",1,0,"chr6:g.6225769C>T",59]
["G13385","CENPQ","sense",6,49456118,"G","A","p.Q177Q",0.1359,184,25,"unknown","NA",0,"NA",0,"NA","het",0,"TTAATGACTGGGAATATTCA","AGCCTAAAGAACAAAATTCA",1,0,"chr6:g.9456118G>A",224]
["G13385","MTFR2","sense",6,136562765,"A","G","p.L111L",0.1231,195,24,"unknown","NA",0,"NA",0,"NA","het",0,"TGGATCCCGAACTAGTCGCA","AGGATGAAAAATTTCCACTT",1,0,"chr6:g.136562765A>G",215]
["G13385","RPS6KA2","sense",6,166827372,"C","T","p.T564T",0.1582,177,28,"unknown","NA",0,"NA",0,"NA","het",0,"TGTTTGAGCACTTGCATCGC","GTCAGGCGCTGATGAGGGTC",1,0,"chr6:g.166827372C>T",202]
["G13385","GTF2IRD2","sense",7,74538974,"C","T","p.P132P",0.2,20,4,"unknown","NA",0,"NA",0,"NA","het",0.15398,"ACAGTGATGGTGCCTGTTCC","TATGAGAAGATGCTGCGAGA",1,0,"chr7:g.4538974C>T",13]
["G13385","MKLN1","sense",7,131122672,"T","C","p.R156R",0.148,250,37,"unknown","NA",0,"NA",0,"NA","het",0,"CTGAAAAGTGACTTCTATCG","TATGACATTGATACAAACAC",1,0,"chr7:g.131122672T>C",382]
["G13385","KBTBD11","sense",8,1950279,"C","A","p.R307R",0.1111,18,2,"unknown","NA",0,"NA",0,"NA","het",0.1249,"CTCGGGCCGGCGGGGGAGCG","GCGGGCAGCCGGCCTCAGAG",1,0,"chr8:g.1950279C>A",36]
["G13385","KCNU1","sense",8,36661562,"A","G","p.V111V",0.1184,228,27,"unknown","NA",0,"NA",0,"NA","het",0,"CAGGTGATCCTTGTCTTTGT","CTAAGCATTGGGTCTCTTAT",1,0,"chr8:g.6661562A>G",283]
["G13385","KCNB2","sense",8,73848484,"C","T","p.R298R",0.1164,189,22,"known","NA",0,"MU59587310",1,"NA","het",1.41E-3,"CAGTTCCAAAACGTGAGGCG","GTGGTCCAGATCTTCCGAAT",1,0,"chr8:g.3848484C>T",176]
["G13385","CYP11B2","sense",8,143994862,"C","T","p.A320A",0.1211,388,47,"unknown","NA",0,"NA",0,"NA","het",0,"AGCGTCATCAGCAAGGGAAA","GCTGTCTACAGAAGCCATGT",1,0,"chr8:g.143994862C>T",391]
["G13385","TNC","sense",9,117848198,"G","A","p.C604C",0.1915,47,9,"unknown","NA",0,"NA",0,"NA","het",1.74E-3,"CAGATGCAGCGGCCCGAGAC","CATTGTCCTAAGTTGTTGCA",1,1,"chr9:g.117848198G>A",68]
["G13385","ABCA2","sense",9,139907343,"C","A","p.L1634L",0.1111,18,2,"unknown","NA",0,"NA",0,"NA","het",0.20648,"CAGCGGACGGGCTCCCGTAC","AGGCGCGGCAGGGAGGGTGC",1,0,"chr9:g.139907343C>A",23]
["G13385","TUBAL3","sense",10,5436011,"C","T","p.P230P",0.1429,105,15,"unknown","NA",0,"NA",0,"NA","het",1.2E-4,"GTCATGGGGAAATGTATTCT","GGATAAGGTACCAGGTTGGT",1,0,"chr10:g.5436011C>T",98]
["G13385","BLNK","sense",10,97966774,"A","G","p.V165V",0.1218,197,24,"unknown","NA",0,"NA",0,"NA","het",0,"TAATAGATTTTACCTTCACA","ACACTTGAAGCATTCTGTTG",1,0,"chr10:g.7966774A>G",340]
["G13385","CRTAC1","sense",10,99655036,"C","T","p.L484L",0.1154,156,18,"unknown","NA",0,"NA",0,"NA","het",0,"GCCACGGGCTCCATCTCACA","AGGTAGCCTGAGCCCCCGTC",1,0,"chr10:g.9655036C>T",251]
["G13385","TUBGCP2","sense",10,135110880,"C","T","p.S215S",0.0903,144,13,"unknown","NA",0,"NA",0,"NA","het",0.00019,"CCACTGCACTTCAGCCTGGG","GACAGAGCGAGATTCCATCT",1,0,"chr10:g.135110880C>T",176]
["G13385","DDB1","sense",11,61090501,"A","G","p.G329G",0.1091,55,6,"unknown","NA",0,"NA",0,"NA","het",0.01353,"ACCTTCACAAGCTGGGAGTC","CCCAGGCGAGACCCGACAAA",1,0,"chr11:g.1090501A>G",78]
["G13385","MARK2","sense",11,63671590,"G","A","p.T549T",0.1404,171,24,"unknown","NA",0,"NA",0,"NA","het",4e-05,"GCCTCTGGGCTGCCCCCCAC","GAGAGTAACTGTGAGGTGCC",1,0,"chr11:g.3671590G>A",187]
["G13385","MMP27","sense",11,102573774,"G","A","p.S139S",0.0542,166,9,"unknown","NA",0,"NA",0,"NA","het",1.33E-3,"AATTTTAGTGGAGTGACTTT","CTCCACACTTCTAAACCTTC",1,0,"chr11:g.102573774G>A",276]
["G13385","KLRB1","sense",12,9747981,"A","G","p.C189C",0.1111,189,21,"unknown","NA",0,"NA",0,"NA","het",0,"GATGTCTGTGAGATGGAAAT","CAGCTGTTTTCTTTAGCATC",1,0,"chr12:g.9747981A>G",259]
["G13385","CD69","sense",12,9907227,"A","G","p.P149P",0.1611,180,29,"unknown","NA",0,"NA",0,"NA","het",0,"GACCACTTCCATGGGTGACC","GGTTCCTTTTTCAGTCCAAC",1,0,"chr12:g.9907227A>G",283]
["G13385","BTBD11","sense",12,107975064,"C","T","p.C79C",0.1125,80,9,"unknown","NA",0,"NA",0,"NA","het",2.8E-3,"CTGCTGCCCGGCGTGGACTG","GAGCCGCGCCAGCTCAGGTA",1,0,"chr12:g.107975064C>T",78]
["G13385","DNAH10","sense",12,124325994,"C","T","p.R1636R",0.1333,210,28,"unknown","NA",0,"NA",0,"NA","het",0,"ATCTTGCGGGCTGAAGGGCG","GTGGAGGACTGGATGACGGC",1,0,"chr12:g.124325994C>T",235]
["G13385","SGCG","sense",13,23869603,"A","G","p.R185R",0.1043,278,29,"unknown","NA",0,"NA",0,"NA","het",0,"GTGGAGACACCCCTTGTCAG","GCCGACCCGTTTCAAGACCT",1,0,"chr13:g.3869603A>G",331]
["G13385","GRK1","sense",13,114322259,"G","A","p.G186G",0.1158,95,11,"unknown","NA",0,"NA",0,"NA","het",0.00219,"CTGGAAGCCCAGCCCATGGG","GAGGACTGGTTCCTGGACTT",1,0,"chr13:g.114322259G>A",79]
["G13385","PIGH","sense",14,68060571,"A","G","p.I93I",0.1282,273,35,"unknown","NA",0,"NA",0,"NA","het",0,"ATCTGAATGCCAAGGGAATC","ATGATTAACAGAGTCTCCTG",1,0,"chr14:g.8060571A>G",339]
["G13385","NUDT14","sense",14,105642957,"C","T","p.S114S",0.1244,217,27,"unknown","NA",0,"NA",0,"NA","het",0,"TTGCAAGCCACTTCCTCCAG","GAGAGCCCAGGCTGGTCCAC",1,0,"chr14:g.105642957C>T",290]
["G13385","ANXA2","sense",15,60646395,"A","G","p.D200D",0.1386,101,14,"unknown","NA",0,"NA",0,"NA","het",2e-05,"TCATAATCAATGACAGAGCC","TCCTCTGCTCTTCTACCCTA",1,0,"chr15:g.0646395A>G",161]
["G13385","CSPG4","sense",15,75974970,"G","A","p.S1587S",0.123,187,23,"unknown","NA",0,"NA",0,"NA","het",1e-05,"GGGCAGACAGTCAGTGTCTG","CTGCCCTTCAGCGAGAGGAG",1,0,"chr15:g.5974970G>A",214]
["G13385","USP31","sense",16,23079892,"G","T","p.S1178S",0.1678,143,24,"unknown","NA",0,"NA",0,5.744,"het",0,"CGGGCCTGGCTCACCCGAGG","GAATTGGGTTTGGAGGTGGA",1,0,"chr16:g.3079892G>T",175]
["G13385","HERPUD1","sense",16,56974143,"C","T","p.T296T",0.1304,92,12,"unknown","NA",0,"NA",0,"NA","het",1.64E-3,"CTCATGGTCATGGGGGCCAC","GTTGTTATGTACCTGTAAGC",1,1,"chr16:g.6974143C>T",73]
["G13385","CENPN","sense",16,81058343,"G","A","p.T199T",0.0603,116,7,"unknown","NA",0,"NA",0,"NA","het",0.04994,"TTTGAAACTCACAACTCTAC","ACACCTCTACAGGAAAGAAG",1,0,"chr16:g.1058343G>A",136]
["G13385","RAP1GAP2","sense",17,2921366,"C","T","p.R487R",0.1531,98,15,"known","COSM1382332",1,"MU66461",1,"NA","het",0.00076,"TCCCCGTAGAGGGCCATCCG","GTACGCAGCCACTCCATGGA",0,0,"chr17:g.2921366C>T",125]
["G13385","TMIGD1","sense",17,28651910,"A","G","p.P188P",0.1393,201,28,"unknown","NA",0,"NA",0,"NA","het",0,"CAACTGTAGGTTCCGTTGTC","GGCTTCTCGACTTTGGTGAT",1,0,"chr17:g.8651910A>G",222]
["G13385","MED13","sense",17,60061558,"C","T","p.G954G",0.12,75,9,"unknown","NA",0,"NA",0,"NA","het",0.01879,"TTGATGAATGGCATTGAAGG","CCTGAAGAAAGCAATTCCAA",1,0,"chr17:g.0061558C>T",76]
["G13385","CD7","sense",17,80273230,"G","A","p.C230C",0.1259,143,18,"unknown","NA",0,"NA",0,"NA","het",8e-05,"TTGGGGGAGGACAGCGTGTT","CAGCGGCTGTGCGACATGTC",1,0,"chr17:g.0273230G>A",136]
["G13385","TGIF1","sense",18,3452223,"T","C","p.P82P",0.1519,79,12,"unknown","NA",0,"NA",0,"NA","het",0.00395,"GGGTCCTCCTGCGCCCCCCC","CCTCCACCGGCGCGCTGCCC",1,1,"chr18:g.3452223T>C",49]
["G13385","MEX3D","sense",19,1556531,"G","A","p.R329R",0.157,121,19,"known","COSM4278914",1,"MU119426",1,"NA","het",0,"GCCTCGATCTCCTCGCGCGC","CGGTCCACGTTCTCGGGCAT",0,0,"chr19:g.1556531G>A",145]
["G13385","RAD23A","sense",19,13059573,"C","T","p.A182A",0.17,100,17,"unknown","NA",0,"NA",0,"NA","het",0.00014,"GAGCGAGAGCGGGTCGTGGC","GCCCTGAGAGCCAGCTACAA",1,0,"chr19:g.3059573C>T",99]
["G13385","MAST3","sense",19,18255826,"C","T","p.G913G",0.0811,74,6,"unknown","NA",0,"NA",0,"NA","het",0.03257,"CCTGCAGATGATGGCAGCGG","GGCCCCCTCATGAGCCCCCT",1,0,"chr19:g.8255826C>T",68]
["G13385","GGN","sense",19,38877119,"G","A","p.S261S",0.1078,269,29,"unknown","NA",0,"NA",0,"NA","het",0,"AGCGAAGCTTTGGCTGCTAA","GAACTCGAGGCTGCCGGAGG",1,0,"chr19:g.8877119G>A",254]
["G13385","PLEKHG2","sense",19,39915850,"C","T","p.N1359N",0.1538,91,14,"unknown","NA",0,"NA",0,9.004,"het",0.0008,"AAGGCCCAGGTCCGGTTGAA","CACCCTGCTCTCTTGGCCTC",1,0,"chr19:g.9915850C>T",84]
["G13385","PHLDB3","sense",19,43983602,"G","A","p.G543G",0.1411,248,35,"known","COSM997617",1,"MU1921864",1,"NA","het",0,"CTCCAGGTCTTGATGCGGCC","CCCATCTTCACCAGGGGTCC",0,0,"chr19:g.3983602G>A",243]
["G13385","VRK3","sense",19,50492942,"G","A","p.H300H",0.177,113,20,"unknown","NA",0,"NA",0,"NA","het",0,"ATGAACTCAAGGTCCCCCTC","TGAGGGCTCCTGCTGCCTTC",1,0,"chr19:g.0492942G>A",137]
["G13385","ZNF551","sense",19,58198321,"T","C","p.G198G",0.0457,219,10,"unknown","NA",0,"NA",0,"NA","het",0.00155,"AAAAGTTATTACAAGTGGGG","GAATACAGAAAAGCTTCAAG",1,0,"chr19:g.8198321T>C",270]
["G13385","PCIF1","sense",20,44567677,"G","A","p.A13A",0.0993,141,14,"unknown","NA",0,"NA",0,"NA","het",0.00017,"GGCAGCCCCCGGGAGGAAGC","TCCCTGCTGAGTCACTCCCC",1,0,"chr20:g.4567677G>A",165]
["G13385","GGT2","sense",22,21570296,"A","G","p.Y222Y",0.0727,165,12,"known","NA",0,"MU4585908",1,"NA","het",0.24868,"CCCTCGATGGCCAGCATCTC","TAGGTGTCAGCCAGCCGCGG",1,0,"chr22:g.1570296A>G",179]
["G13385","CSF2RB","sense",22,37329972,"C","A","p.S417S",0.1374,211,29,"unknown","NA",0,"NA",0,"NA","het",0,"AGGGTGAGGGTCAGGACCTC","CGCACCGGCTACAACGGGAT",1,0,"chr22:g.7329972C>A",302]
["G13385","ARHGEF9","sense","X",62858028,"G","A","p.H424H",0.2564,78,20,"unknown","NA",0,"NA",0,"NA","het",8e-05,"TCGGGGACCAGGTACTGGCC","TGGTTTAACGGGTCCTGCGG",1,0,"chrX:g.2858028G>A",92]
["G13386","THAP3","sense",1,6693032,"C","A","p.R204R",0.1702,94,16,"unknown","NA",0,"NA",0,"NA","het",0,"AATGAAAAGCTCCGGAAGCG","TTGCAGGCCCAGAGGCTGGT",1,0,"chr1:g.6693032C>A",306]
["G13386","VPS13D","sense",1,12317046,"G","A","p.L281L",0.2917,48,14,"unknown","NA",0,"NA",0,"NA","het",0,"TTAACCTCTAATACAAAGCT","CAATACCGGCAAATCATGGA",1,0,"chr1:g.2317046G>A",151]
["G13386","ARID1A","sense",1,27106215,"C","A","p.G1942G",0.0833,48,4,"unknown","NA",0,"NA",0,5.903,"het",0.01661,"AGCAGCAAGTTTCCATTTGG","ATTAGCCCAGCACAGAGCCA",1,1,"chr1:g.7106215C>A",113]
["G13386","COL16A1","sense",1,32120960,"C","T","p.P1415P",0.1739,46,8,"unknown","NA",0,"NA",0,"NA","het",2.9E-4,"CCAGGGCTCCCCGAAGGCCC","GGAGCTCCAGGGTGGCCTCT",1,0,"chr1:g.2120960C>T",100]
["G13386","CC2D1B","sense",1,52824006,"G","A","p.D486D",0.1053,38,4,"unknown","NA",0,"NA",0,0.385,"het",0.02762,"TGAGCCCTCAACCAAACCTC","TCCTCGTCTTTATCAGCCGG",1,0,"chr1:g.2824006G>A",66]
["G13386","SYPL2","sense",1,110020622,"C","T","p.N213N",0.2,40,8,"unknown","NA",0,"NA",0,"NA","het",0.00061,"CCCTCTATGGGCCTGGCCAA","ATCTCCGTGGTGAGACCTGT",1,0,"chr1:g.110020622C>T",128]
["G13386","OLFML3","sense",1,114524271,"C","A","p.R306R",0.1176,51,6,"unknown","NA",0,"NA",0,"NA","het",0.00068,"GCACTCCCTTATTTTCCCCG","AGATATGGTGCCCATGCCAG",1,0,"chr1:g.114524271C>A",139]
["G13386","GJA5","sense",1,147231239,"C","A","p.V36V",0.1333,30,4,"unknown","NA",0,"NA",0,"NA","het",0.01073,"GACTCAGCAGCTGTGCCCAG","ACGAGCATACGGAATATGAA",1,0,"chr1:g.147231239C>A",74]
["G13386","ASTN1","sense",1,176927558,"T","C","p.P553P",0.12,50,6,"unknown","NA",0,"NA",0,"NA","het",0.00171,"TTGATGGCCAGTTCGGCTGG","GGAATCACAAAGCTCTTGCT",1,0,"chr1:g.176927558T>C",204]
["G13386","AXDND1","sense",1,179478524,"C","A","p.R828R",0.08,50,4,"unknown","NA",0,"NA",0,"NA","het",0.02728,"TGACATATGAAGAAATAGAG","GGCTACTTGAAGAGGTATTT",1,0,"chr1:g.179478524C>A",179]
["G13386","NFASC","sense",1,204923418,"C","A","p.G100G",0.0645,62,4,"unknown","NA",0,"NA",0,7.049,"het",0.04058,"GTGATTGACTTCCGCAGTGG","GGGCGGCCGGAGGAATATGA",1,0,"chr1:g.204923418C>A",186]
["G13386","KIDINS220","sense",2,8870916,"C","T","p.P1694P",0.125,64,8,"known","COSM2823538",1,"NA",0,"NA","het",0.00273,"GAGGCTGCTGCATGGAGCTC","GGAGGATCTTTGGAGAGCCT",1,0,"chr2:g.8870916C>T",130]
["G13386","SUPT7L","sense",2,27878371,"G","A","p.S146S",0.0968,62,6,"unknown","NA",0,"NA",0,"NA","het",1.32E-3,"CTGACAGGAAAAGTGATGTC","CTCACAGGTTCCTCCTTGAT",1,0,"chr2:g.7878371G>A",183]
["G13386","ATP6V1B1","sense",2,71192209,"C","A","p.R500R",0.05,80,4,"known","COSM1615068",2,"MU834801",1,"NA","het",0.00533,"ATCGACGAGTTCTATTCCCG","GAGGGGGCGCTGCAGGACCT",0,0,"chr2:g.1192209C>A",336]
["G13386","BUB1","sense",2,111416240,"C","T","p.T432T",0.0625,64,4,"unknown","NA",0,"NA",0,"NA","het",0.01158,"GATGGCTGCACTTTGGATGG","GTTGCCTGAACCATTCCCAG",1,0,"chr2:g.111416240C>T",183]
["G13386","MYO7B","sense",2,128390836,"G","A","p.T1777T",0.2273,44,10,"unknown","NA",0,"NA",0,"NA","het",0.00014,"CACGCTGTCCCCCTCAGGAC","GGGCCCCGGAAGCAGCCCCC",1,0,"chr2:g.128390836G>A",73]
["G13386","DNAH7","sense",2,196849428,"G","A","p.C587C",0.1887,53,10,"unknown","NA",0,"NA",0,"NA","het",1e-05,"GCTATCCTCTCAAATTCATC","CATAATCTGAAACACCAAGT",1,0,"chr2:g.196849428G>A",177]
["G13386","CFAP65","sense",2,219884320,"C","A","p.L1127L",0.0706,85,6,"unknown","NA",0,"NA",0,9.603,"het",0.00221,"TCCAGAGAGAAGAGGCGCCA","AGGTGCTTCCGGGTGATACC",1,0,"chr2:g.219884320C>A",228]
["G13386","DES","sense",2,220286142,"G","A","p.A368A",0.1111,90,10,"known","NA",0,"MU4565063",1,"NA","het",0,"GGCTACCAGGACAACATTGC","CGCCTGGAGGAGGAAATCCG",1,0,"chr2:g.220286142G>A",286]
["G13386","HDAC11","sense",3,13545973,"C","A","p.I199I",0.1111,36,4,"unknown","NA",0,"NA",0,11.94,"het",0.01631,"CTCTTCCCCTAACAGGGCAT","GTGAAGCGGGATGAGCTGGT",1,0,"chr3:g.3545973C>A",79]
["G13386","FAM198A","sense",3,43095072,"T","C","p.C450C",0.2222,54,12,"unknown","NA",0,"NA",0,"NA","het",0,"CCTGAGCCCTCAGACCCCTG","GTGGAAGAGAGGCTCCGAGA",1,0,"chr3:g.3095072T>C",167]
["G13386","RNF123","sense",3,49758500,"C","A","p.I1262I",0.1053,38,4,"unknown","NA",0,"NA",0,"NA","het",0.02762,"ATCTGCTATGCCCACCCCAT","TCTGCTGTGTTCCAGCCCTG",1,0,"chr3:g.9758500C>A",79]
["G13386","GPR15","sense",3,98251066,"C","T","p.G63G",0.0444,90,4,"unknown","NA",0,"NA",0,"NA","het",0.01557,"GCGTTGCATTTCAAACCCGG","AGCCGAAGACTGATCGACAT",1,0,"chr3:g.8251066C>T",266]
["G13386","SHOX2","sense",3,157823583,"A","G","p.G77G",0.0732,82,6,"unknown","NA",0,"NA",0,"NA","het",0.00991,"CCTGCTCCTCCTCCTCCTAC","CCTCCTCCGCCTCCTCCGCC",1,0,"chr3:g.157823583A>G",244]
["G13386","ZNF639","sense",3,179051580,"C","T","p.S276S",0.1,60,6,"unknown","NA",0,"NA",0,"NA","het",0.00211,"GTAATTTTTGAGAACCTCAG","CAGCACATTGCAGACACCCA",1,0,"chr3:g.179051580C>T",141]
["G13386","HES1","sense",3,193855845,"A","G","p.V222V",0.1351,74,10,"unknown","NA",0,"NA",0,"NA","het",1e-05,"TTTGGAGGCTTCCAGGTGGT","CCGGCTCCCGATGGCCAGTT",1,0,"chr3:g.193855845A>G",203]
["G13386","CHIC2","sense",4,54876280,"C","T","p.P160P",0.1,60,6,"unknown","NA",0,"NA",0,5.911,"het",0.00718,"TGCTAATCTGGTCGAAAAAT","GGTGTCTTTGGTAAAAATTC",1,1,"chr4:g.4876280C>T",232]
["G13386","ANTXR2","sense",4,80977113,"C","T","p.E117E",0.2078,77,16,"unknown","NA",0,"NA",0,"NA","het",0,"AGTCCTTCATGGATATATGT","TCTCCTACTGGACTAACACG",1,0,"chr4:g.0977113C>T",269]
["G13386","HHIP","sense",4,145580876,"G","A","p.S239S",0.1154,52,6,"unknown","NA",0,"NA",0,"NA","het",0.0004,"CTGCATAGTGGGGATGGCTC","CAACGTCTCTTCATTCTGGA",1,0,"chr4:g.145580876G>A",193]
["G13386","FAM149A","sense",4,187074901,"C","T","p.C63C",0.1304,46,6,"known","COSM5415513",1,"NA",0,"NA","het",0.01314,"AGACCCCCGCTCAGTGCCTG","GGACACAGCAGCAACATCAG",1,0,"chr4:g.187074901C>T",57]
["G13386","MARCH11","sense",5,16067648,"T","G","p.R381R",0.08,50,4,"unknown","NA",0,"NA",0,"NA","het",0.01049,"TGATAAGTCTTCATGGGGCC","CATCCGATTGAACAGGTGCA",1,0,"chr5:g.6067648T>G",150]
["G13386","AP3B1","sense",5,77473165,"A","G","p.N297N",0.0548,73,4,"unknown","NA",0,"NA",0,"NA","het",0.0368,"TATAAAATCATGACCTACCT","TTGCTACGAAGTAAACGCAC",1,0,"chr5:g.7473165A>G",230]
["G13386","FER","sense",5,108171483,"G","A","p.E152E",0.0667,60,4,"known","NA",0,"MU160235",2,"NA","het",0.01153,"GAAATGAATTCTGCCAAAGA","AAATATAAAGAAGCTTTAGC",0,0,"chr5:g.108171483G>A",185]
["G13386","ZMAT2","sense",5,140080448,"T","C","p.Y21Y",0.0571,70,4,"unknown","NA",0,"NA",0,"NA","het",0.10852,"AAGTGGGACAAAGATGAATA","GAGAAACTCGCCGAGAAGAG",1,0,"chr5:g.140080448T>C",184]
["G13386","PCDHA10","sense",5,140236050,"C","A","p.L139L",0.0541,74,4,"unknown","NA",0,"NA",0,"NA","het",0.00854,"TCCGTAACAGAACAAAAGCT","TCAATACCTGAATCCAGACT",1,0,"chr5:g.140236050C>A",212]
["G13386","TENM2","sense",5,167553880,"C","T","p.H545H",0.0588,68,4,"known","NA",0,"MU4567251",1,"NA","het",0.00669,"CACCCCCGCTGCATTGAGCA","GGGACCTGTAAAGATGGCAA",1,0,"chr5:g.167553880C>T",289]
["G13386","SYCP2L","sense",6,10912974,"C","T","p.V329V",0.08,50,4,"known","COSM1439711",1,"MU119141",1,"NA","het",0.01304,"AACCTAGGAAGTCAGAGTGT","ACTTTTTATATAGACAATGC",0,0,"chr6:g.0912974C>T",136]
["G13386","TNXB","sense",6,32023707,"G","A","p.P2796P",0.1429,56,8,"unknown","NA",0,"NA",0,"NA","het",0.01021,"TGCATCTTGTATTTGCGCCC","GGCTCCAGGCCCCCCACGGT",1,0,"chr6:g.2023707G>A",147]
["G13386","PPIL1","sense",6,36824399,"C","T","p.Q81Q",0.0615,65,4,"known","NA",0,"MU27791504",1,"NA","het",0.04156,"GGATGAAGTTCATCTTCAAA","TGTTTGCCATAGATAGATGC",1,0,"chr6:g.6824399C>T",216]
["G13386","RIMS1","sense",6,72892242,"C","A","p.R356R",0.0488,82,4,"unknown","NA",0,"NA",0,"NA","het",0.00403,"GATTATCAGACCAGGTACCG","AGCGACCCGAACCTAGCTCG",1,0,"chr6:g.2892242C>A",340]
["G13386","CRYBG1","sense",6,106987390,"C","A","p.R1203R",0.1,40,4,"unknown","NA",0,"NA",0,"NA","het",0.01771,"AAGCGTACATTGGATCCATG","GGCCTCTGAAAATGGTAAAA",1,0,"chr6:g.106987390C>A",101]
["G13386","RADIL","sense",7,4874685,"C","T","p.A323A",0.1429,70,10,"unknown","NA",0,"NA",0,"NA","het",3e-05,"GAGAAGTTGACGGAGATGTG","GCCCCGGGGATGGGCTCCAG",1,0,"chr7:g.4874685C>T",180]
["G13386","HOXA4","sense",7,27168865,"T","G","p.T314T",0.08,50,4,"unknown","NA",0,"NA",0,3.575,"het",5.96E-3,"TATATGGAGGAGGGAACGGG","GTGGAGGTGCTCGGGTGGGG",1,0,"chr7:g.7168865T>G",159]
["G13386","ZKSCAN1","sense",7,99630980,"G","A","p.S71S",0.2593,54,14,"unknown","NA",0,"NA",0,"NA","het",0,"ACCTCAAAGGCTGAAACCTC","GAAGATTCAGCATCACGCGG",1,0,"chr7:g.9630980G>A",122]
["G13386","CLEC5A","sense",7,141645175,"G","A","p.N35N",0.1892,74,14,"known","COSM1448675",1,"MU117480",1,"NA","het",0,"CTGGTGGTGGTGAAACCATC","TTACTTTTGTTAAAAATCTG",0,0,"chr7:g.141645175G>A",420]
["G13386","PINX1","sense",8,10622992,"C","T","p.L302L",0.069,58,4,"unknown","NA",0,"NA",0,"NA","het",0.00879,"GCTATCTCTACTGGTTTTTG","AGCTTTTTCTTCCCTCTCCT",1,0,"chr8:g.0622992C>T",190]
["G13386","FGFR1","sense",8,38271317,"G","A","p.Y677Y",0.1176,34,4,"unknown","NA",0,"NA",0,"NA","het",0.01396,"AGGGGCATGGACAGGTCCAG","TACTCCTGTGATGGGCGAGA",1,1,"chr8:g.8271317G>A",73]
["G13386","BHLHE22","sense",8,65494148,"G","A","p.A267A",0.1277,94,12,"unknown","NA",0,"NA",0,"NA","het",0,"GCGCTGGACGAGCTGCGCGC","GTGATCCCCTACGCGCACAG",1,0,"chr8:g.5494148G>A",410]
["G13386","CSMD3","sense",8,113348991,"A","G","p.Y2199Y",0.12,100,12,"unknown","NA",0,"NA",0,"NA","het",0,"AAACAATCTTGAAAGTTTGG","TATTCATCAGGATACCCAGG",1,1,"chr8:g.113348991A>G",469]
["G13386","TONSL","sense",8,145666200,"G","A","p.H355H",0.0606,66,4,"known","COSM4735295",2,"NA",0,"NA","het",0.02251,"AGTGTGGTGGCCAGGGACAC","TGGATGATGGCCCGCTCAGC",0,0,"chr8:g.145666200G>A",165]
["G13386","CCIN","sense",9,36169598,"T","C","p.S33S",0.0556,72,4,"unknown","NA",0,"NA",0,"NA","het",0.00648,"TACTGGGACATGGCCCTGAG","GTGGACAACCACGTCTTCTT",1,0,"chr9:g.6169598T>C",242]
["G13386","NTRK2","sense",9,87570384,"C","T","p.I692I",0.0741,54,4,"unknown","NA",0,"NA",0,"NA","het",0.01022,"GAGAACTTGCTGGTGAAAAT","GGGGACTTTGGGATGTCCCG",1,0,"chr9:g.7570384C>T",277]
["G13386","TNC","sense",9,117848198,"G","A","p.C604C",0.2,35,7,"unknown","NA",0,"NA",0,"NA","het",2.32E-3,"CAGATGCAGCGGCCCGAGAC","CATTGTCCTAAGTTGTTGCA",1,1,"chr9:g.117848198G>A",68]
["G13386","RAPGEF1","sense",9,134463398,"G","A","p.H854H",0.2121,66,14,"unknown","NA",0,"NA",0,8.189,"het",0,"ATCTCATGGCTGTGAAAGTC","TGCAAGGTCCCCGGCCTGGA",1,0,"chr9:g.134463398G>A",192]
["G13386","PRKG1","sense",10,52834530,"G","A","p.A60A",0.14,100,14,"unknown","NA",0,"NA",0,"NA","het",0,"CGACCAGCCACCCAGCAGGC","CAGAAGCAGAGCGCGAGCAC",1,0,"chr10:g.2834530G>A",404]
["G13386","COX15","sense",10,101487299,"C","T","p.S98S",0.2222,72,16,"unknown","NA",0,"NA",0,"NA","het",0,"ATTAAATGCCAATCTACCAT","GAGAGGCCAGACTCTGTCAA",1,0,"chr10:g.101487299C>T",423]
["G13386","CHUK","sense",10,101969388,"A","G","p.P364P",0.1316,76,10,"unknown","NA",0,"NA",0,"NA","het",2e-05,"CATTGAGAGGCTGGTTTCCG","GGATCCAGAGAAATTCCTGT",1,0,"chr10:g.101969388A>G",372]
["G13386","SORCS3","sense",10,107022240,"C","A","p.R1199R",0.0909,44,4,"unknown","NA",0,"NA",0,"NA","het",0.00886,"TGGACAAAGAGCTGGACACG","GGGTCATAGGTACATGCTCC",1,0,"chr10:g.107022240C>A",117]
["G13386","RRM1","sense",11,4133248,"G","A","p.S105S",0.0741,54,4,"known","COSM4032730",1,"MU4926436",1,"NA","het",0.0239,"AGGTGGTTTACTCATGCTTC","CCCACTCTCTTCAATGCTGG",0,0,"chr11:g.4133248G>A",117]
["G13386","SOX6","sense",11,16133413,"A","G","p.T278T",0.0417,96,4,"unknown","NA",0,"NA",0,"NA","het",0.00452,"GCAGCAGCAGCTGCTGCCAG","GTCCGCTGGTCATGTGGAAA",1,0,"chr11:g.6133413A>G",426]
["G13386","GLYATL2","sense",11,58601974,"C","A","p.L271L",0.0714,56,4,"unknown","NA",0,"NA",0,"NA","het",0.01296,"ATCTTAAACCCCAAATTGTT","AGTGCCTGTAGGCTTTTCTC",1,0,"chr11:g.8601974C>A",140]
["G13386","USP35","sense",11,77920656,"C","T","p.N585N",0.0789,76,6,"unknown","NA",0,"NA",0,"NA","het",0.00712,"TGCTGTCTCTGCTGCCTCAA","GTCTCCTCCCGGGAGGAGGC",1,0,"chr11:g.7920656C>T",198]
["G13386","TENM4","sense",11,78380115,"G","A","p.A2425A",0.1852,54,10,"unknown","NA",0,"NA",0,"NA","het",9e-05,"TCTGGGCTAGTCCAGCGTCC","GCCAGCACATCATAATCTCG",1,0,"chr11:g.8380115G>A",189]
["G13386","CBL","sense",11,119156255,"G","A","p.T640T",0.0571,70,4,"unknown","NA",0,"NA",0,"NA","het",0.0078,"GTGCCTAGGCTCGGAAGCAC","TTCAGTCTGGATACCTCCAT",1,1,"chr11:g.119156255G>A",218]
["G13386","CNTN1","sense",12,41337435,"C","T","p.N461N",0.0526,76,4,"known","NA",0,"MU119032",1,"NA","het",0.00575,"GATGGTAGCTTGGAAATCAA","AACATTACAAGGAATGATGG",1,0,"chr12:g.1337435C>T",272]
["G13386","KANSL2","sense",12,49065727,"T","C","p.T188T",0.1111,36,4,"unknown","NA",0,"NA",0,"NA","het",0.04591,"ATCAGGGCCACTTCTTCTGC","GTGTAGACACCAGCATGTCT",1,0,"chr12:g.9065727T>C",50]
["G13386","EEA1","sense",12,93210153,"C","A","p.L584L",0.087,46,4,"unknown","NA",0,"NA",0,"NA","het",0.00486,"TGACTTTCTGACTGATTCTT","AGCTTCTCTGTTAGTTGAGT",1,0,"chr12:g.3210153C>A",179]
["G13386","BTBD11","sense",12,107712880,"C","T","p.L55L",0.08,50,4,"known","NA",0,"MU4557166",1,"NA","het",0.02789,"GCGGGAGCTGCTGGCCGCCT","TAGCTGACTCCATGCACAGC",1,0,"chr12:g.107712880C>T",178]
["G13386","RILPL1","sense",12,123983283,"C","T","p.K203K",0.3077,52,16,"unknown","NA",0,"NA",0,"NA","het",1e-05,"TGCCGAAGGTCATGGTTGAT","TTCATCAGCCGTGTCTGCTG",1,0,"chr12:g.123983283C>T",115]
["G13386","KL","sense",13,33629368,"C","A","p.G505G",0.0455,88,4,"unknown","NA",0,"NA",0,"NA","het",0.00686,"AAGCTGATAGAGAAAAATGG","TTCCCTCCTTTACCTGAAAA",1,0,"chr13:g.3629368C>A",315]
["G13386","ITGBL1","sense",13,102106381,"C","G","p.G82G",0.0938,64,6,"unknown","NA",0,"NA",0,"NA","het",0.00891,"TGCCACGTGACTGAGCCGGG","ATGTTCTTCGGGCCCCTGTG",1,0,"chr13:g.102106381C>G",181]
["G13386","POTEM","sense",14,19990641,"C","T","p.K478K",0.25,16,4,"known","NA",0,"MU48239",3,"NA","het",0.23602,"TTCTGTTCTTCAGAAAGTTG","TTCTGAGTATCATTTTGTTC",0,0,"chr14:g.9990641C>T",17]
["G13386","INSM2","sense",14,36004058,"C","T","p.R200R",0.2609,46,12,"unknown","NA",0,"NA",0,"NA","het",4e-05,"GCGGCCGGCGGCGAGCGCCG","GGCAAGGCACCCACGGACTG",1,0,"chr14:g.6004058C>T",87]
["G13386","SPTB","sense",14,65249209,"T","C","p.E1355E",0.1765,68,12,"unknown","NA",0,"NA",0,"NA","het",8e-05,"TCCCAGAGCCGGTGCAGGGC","TCCAGCTTTTGGGACACCAG",1,0,"chr14:g.5249209T>C",178]
["G13386","UNC79","sense",14,94158166,"G","A","p.E2310E",0.0412,97,4,"unknown","NA",0,"NA",0,"NA","het",0.00377,"CTGTGGACAGTTTATTGCGA","CAAAGTGCCGTCGCTACAAA",1,0,"chr14:g.4158166G>A",498]
["G13386","HERC2","sense",15,28460779,"C","T","p.S2066S",0.1538,52,8,"unknown","NA",0,"NA",0,"NA","het",9e-05,"CACATTACCTGCCTCTGCAG","GAGGTGGCAGTGAAGGGTGC",1,0,"chr15:g.8460779C>T",147]
["G13386","GOLGA6A","sense",15,74368296,"G","T","p.R199R",0.0476,84,4,"unknown","NA",0,"NA",0,"NA","het",2.65E-3,"TATGGTCTGCTGTAACCACC","CTGGAGGACCGCTTCTCTGC",1,0,"chr15:g.4368296G>T",424]
["G13386","EME2","sense",16,1826143,"C","T","p.G348G",0.1154,52,6,"known","COSM6653677",1,"NA",0,"NA","het",0.00137,"CCTGTGCCGCCCAGTGAAGG","GGGCGTCCCCGCAGGGTGGG",1,0,"chr16:g.1826143C>T",155]
["G13386","ITGAD","sense",16,31427865,"C","T","p.N800N",0.1702,47,8,"known","COSM1158389",3,"MU602716",2,"NA","het",0.00755,"GGGAGCTCCCTGGAGCTCAA","GTGATTGTGACTGTGTGGAA",0,0,"chr16:g.1427865C>T",112]
["G13386","FHOD1","sense",16,67267845,"T","G","p.P587P",0.1176,34,4,"known","NA",0,"MU4548914",1,"NA","het",0.10031,"ATGGGTGGGGGAGGTGGAAG","GGGGGAGGGGGGGGTACTCC",1,0,"chr16:g.7267845T>G",53]
["G13386","ZCCHC14","sense",16,87445393,"G","A","p.Y841Y",0.1333,60,8,"unknown","NA",0,"NA",0,"NA","het",0.00135,"GGGAAGGTGGAGCCGCCGCC","TACTGCTGGGCGCTGACGTA",1,0,"chr16:g.7445393G>A",121]
["G13386","MNT","sense",17,2297442,"G","A","p.A234A",0.1111,72,8,"unknown","NA",0,"NA",0,"NA","het",3e-05,"TCAAAGCACTCTTTCAGATG","GCCCTCCTGAAGAGAGGGGC",1,0,"chr17:g.2297442G>A",281]
["G13386","RASD1","sense",17,17398709,"G","A","p.F192F",0.12,50,6,"unknown","NA",0,"NA",0,"NA","het",0.00081,"CTGGGCAGCTTGGCCATGGC","AAGAGCGCGCGGAACATCTG",1,0,"chr17:g.7398709G>A",157]
["G13386","CDK12","sense",17,37657655,"C","A","p.R858R",0.0909,44,4,"unknown","NA",0,"NA",0,"NA","het",0.01964,"ACAAAAAGAATTTCCTGCAT","GGGATATTAAGTGTTCTAAC",1,1,"chr17:g.7657655C>A",104]
["G13386","KRTAP4-11","sense",17,39274238,"A","G","p.C110C",0.0377,106,4,"known","NA",0,"MU4419293",1,"NA","het",0.0035,"GACACACAGCAGCTGGGGCG","CAGCAGCTGGAGATGCAGCA",1,0,"chr17:g.9274238A>G",440]
["G13386","USP32","sense",17,58256751,"G","A","p.Y1560Y",0.2,30,6,"unknown","NA",0,"NA",0,"NA","het",1.83E-3,"TGCTGCTCATAGAAAAGAAT","TAGGCAGAGTCGGTGTCAAT",1,0,"chr17:g.8256751G>A",60]
["G13386","CCDC40","sense",17,78021110,"G","A","p.V195V",0.0541,74,4,"unknown","NA",0,"NA",0,"NA","het",0.00399,"GAGGAGCCCCAGGGGCAGGT","CTCCCAATGGGCGTCCAGCA",1,0,"chr17:g.8021110G>A",306]
["G13386","MC5R","sense",18,13826187,"C","T","p.Y141Y",0.1515,66,10,"known","COSM4071411",1,"MU5410407",1,"NA","het",2e-05,"GCCATTGCAGTGGATAGGTA","GTCACCATCTTCTACGCCCT",0,0,"chr18:g.3826187C>T",166]
["G13386","CDH20","sense",18,59221823,"G","A","p.T767T",0.0769,52,4,"unknown","NA",0,"NA",0,"NA","het",0.00887,"AGCTCCCTGCAGTCGGCCAC","TCGGACTCGGAACAGAGCTT",1,0,"chr18:g.9221823G>A",163]
["G13386","HCN2","sense",19,605171,"T","C","p.P389P",0.0571,70,4,"known","NA",0,"MU4326087",2,"NA","het",0.0212,"TGCCTGCAGTTCCTGGTGCC","ATGCTGCAGGACTTCCCGCG",0,0,"chr19:g.05171T>C",145]
["G13386","ANKRD24","sense",19,4210276,"C","A","p.A322A",0.1111,36,4,"unknown","NA",0,"NA",0,"NA","het",0.04846,"GAACAGGATGATCGAGATGC","TATGAGGAGATCGTGAGGCT",1,0,"chr19:g.4210276C>A",51]
["G13386","WDR83OS","sense",19,12780179,"G","A","p.N13N",0.075,80,6,"unknown","NA",0,"NA",0,"NA","het",0.00343,"GGTCCTCACCTCAGCACTTT","TTCGGCCTCCGTGGGTCCGA",1,0,"chr19:g.2780179G>A",183]
["G13386","PTGER1","sense",19,14584263,"G","T","p.A290A",0.1622,74,12,"unknown","NA",0,"NA",0,"NA","het",0,"CCCACCATCTCCACGTCGTG","GCGCGAGCTCTGCGTGCCGA",1,0,"chr19:g.4584263G>T",240]
["G13386","ZNF98","sense",19,22574699,"T","C","p.S446S",0.1053,38,4,"known","NA",0,"MU726616",2,"NA","het",0.03316,"TTATGTGTAGTAAGTTGTGA","GATAGGTTAAAAGCTTTGCC",0,0,"chr19:g.2574699T>C",59]
["G13386","PSMD8","sense",19,38872859,"C","T","p.Y302Y",0.2,70,14,"known","COSM995956",1,"MU1977908",1,"NA","het",0,"CCCAAAAAGATGACAGACTA","GCCAAGAAGGTGGCTGGGGT",0,0,"chr19:g.8872859C>T",223]
["G13386","ZNF780B","sense",19,40540576,"G","A","p.C730C",0.2963,54,16,"known","COSM996533",1,"MU1867506",1,"NA","het",0,"AGAAGACCAAAGGCCTTTCC","CATTCTTTACATTCAAAGGG",0,0,"chr19:g.0540576G>A",145]
["G13386","NANOS2","sense",19,46417607,"C","T","p.P115P",0.1765,34,6,"unknown","NA",0,"NA",0,"NA","het",0.02629,"GACTGCTGGCCACCGTTAAG","GGGCAGTACTTGAGCGTATG",1,0,"chr19:g.6417607C>T",73]
["G13386","ZNF541","sense",19,48048856,"G","A","p.P310P",0.1667,24,4,"known","COSM3389180",2,"MU1688112",1,"NA","het",0.05957,"GACGAGGACCCCGATGAGGC","GGGCAGGGACAGGCAGTGTT",0,0,"chr19:g.8048856G>A",27]
["G13386","ZNF816","sense",19,53454632,"G","T","p.I132I",0.1429,70,10,"unknown","NA",0,"NA",0,"NA","het",0.00052,"GTACTACCAGTCAACTTTTT","ATTTTTGTCATGGGTGCTTC",1,0,"chr19:g.3454632G>T",182]
["G13386","A1BG","sense",19,58863911,"A","G","p.P117P",0.2222,18,4,"unknown","NA",0,"NA",0,"NA","het",0.00586,"GCCATCGAGAGCCAGGGAGC","GGCAAGGACTCTGTGGGTGG",1,0,"chr19:g.8863911A>G",60]
["G13386","GGTLC1","sense",20,23967111,"G","A","p.D46D",0.0455,88,4,"unknown","NA",0,"NA",0,"NA","het",0.00587,"GTGGCGGACACAGCACTGCC","TCCTCTGCGACCACAGACAG",1,0,"chr20:g.3967111G>A",335]
["G13386","E2F1","sense",20,32265343,"C","A","p.L243L",0.1053,38,4,"unknown","NA",0,"NA",0,"NA","het",0.02642,"TCCTGACACGTCACGTAGGC","AGGGTTGGCAGAGTCAAGGA",1,0,"chr20:g.2265343C>A",77]
["G13386","CTCFL","sense",20,56090807,"A","G","p.D119D",0.0444,90,4,"known","NA",0,"MU11283143",1,"NA","het",0.01439,"TGGCGTTTCAGCTTGTAGGT","TCTCTGCTGGCATAGCTGCA",1,0,"chr20:g.6090807A>G",283]
["G13386","COL9A3","sense",20,61471946,"C","A","p.G639G",0.069,58,4,"unknown","NA",0,"NA",0,"NA","het",0.0254,"GGCCAGGACGGTGCTCCCGG","GAGCCTGGGCCTCCCGGAGA",1,0,"chr20:g.1471946C>A",110]
["G13386","MICAL3","sense",22,18354766,"C","A","p.P755P",0.1053,38,4,"unknown","NA",0,"NA",0,"NA","het",0.0143,"TCGCTGCCTCCCAGGTTCTG","GGGAACTCCTTCTTCATGGA",1,0,"chr22:g.8354766C>A",87]
["G13386","CSF2RB","sense",22,37329972,"C","A","p.S417S",0.1839,87,16,"unknown","NA",0,"NA",0,"NA","het",0,"AGGGTGAGGGTCAGGACCTC","CGCACCGGCTACAACGGGAT",1,0,"chr22:g.7329972C>A",302]
["G13386","PIM3","sense",22,50354823,"C","T","p.L46L",0.0811,74,6,"unknown","NA",0,"NA",0,"NA","het",3.3E-4,"CGTACCAGGTGGGCGCCGTG","TGGGTAGCGGCGGCTTCGGC",1,0,"chr22:g.0354823C>T",282]
["G13386","MID1IP1","sense","X",38664358,"C","A","p.G53G",0.1111,36,4,"unknown","NA",0,"NA",0,"NA","het",0.03053,"GGGTTAGACAACGATGTTGG","GTGGAGGTAGGCGGCAGTGG",1,0,"chrX:g.8664358C>A",64]
["G13387","B3GALT6","sense",1,1168000,"G","A","p.A114A",0.2353,17,4,"unknown","NA",0,"NA",0,"NA","het",0.05132,"GCCCTGGAGCGGGAGCAGGC","CGGCACGGGGACCTGCTGCT",1,0,"chr1:g.1168000G>A",19]
["G13387","THAP3","sense",1,6693032,"C","A","p.R204R",0.1667,270,45,"unknown","NA",0,"NA",0,"NA","het",0,"AATGAAAAGCTCCGGAAGCG","TTGCAGGCCCAGAGGCTGGT",1,0,"chr1:g.6693032C>A",306]
["G13387","TMEM125","sense",1,43738828,"C","T","p.A145A",0.1635,159,26,"unknown","NA",0,"NA",0,"NA","het",0,"GCCCCTGCTCGGCCGCTGGC","GCCATGCTGTCTGTGGGCAT",1,0,"chr1:g.3738828C>T",195]
["G13387","TSPAN2","sense",1,115596000,"C","T","p.T175T",0.1134,194,22,"known","COSM894308",1,"MU1909429",1,"NA","het",0,"AAGTTCTAGAACTTTCTCAC","GTCAGACCTGCAATTCCAAT",0,0,"chr1:g.115596000C>T",321]
["G13387","MAB21L3","sense",1,116675851,"C","T","p.C318C",0.197,203,40,"known","COSM1639461",3,"NA",0,"NA","het",0,"GTGAGGAAACTGCACAAGTG","GTGAGCCAGCACTTCCTGAA",0,0,"chr1:g.116675851C>T",326]
["G13387","CADM3","sense",1,159170670,"C","T","p.G385G",0.1379,58,8,"known","COSM424278",4,"MU15051",1,"NA","het",0.00153,"GCCATCATCAATGCAGAAGG","GGGCAGTCAGGAGGGGACGA",0,0,"chr1:g.159170670C>T",94]
["G13387","KIDINS220","sense",2,8870916,"C","T","p.P1694P",0.2404,104,25,"known","COSM2823538",1,"NA",0,"NA","het",0,"GAGGCTGCTGCATGGAGCTC","GGAGGATCTTTGGAGAGCCT",1,0,"chr2:g.8870916C>T",130]
["G13387","WDCP","sense",2,24262317,"C","T","p.L16L",0.1556,45,7,"unknown","NA",0,"NA",0,"NA","het",4.79E-3,"ATCGGATGCACTGCTTGATG","AACGCATTCAGTCCAGTCCT",1,0,"chr2:g.4262317C>T",66]
["G13387","CNNM4","sense",2,97464936,"G","A","p.P608P",0.1696,171,29,"unknown","NA",0,"NA",0,"NA","het",0,"CTGTACACCCGAAATAAGCC","GCCGACTACTTCATCCTCAT",1,0,"chr2:g.7464936G>A",280]
["G13387","NIFK","sense",2,122485915,"C","T","p.K214K",0.0523,172,9,"unknown","NA",0,"NA",0,"NA","het",0.06743,"AGAGTACCTGAAACTTTTTT","TTCTTCTTACGTAAAACCTT",1,0,"chr2:g.122485915C>T",218]
["G13387","STK17B","sense",2,197021276,"T","C","p.R74R",0.0338,207,7,"unknown","NA",0,"NA",0,"NA","het",0.01091,"ATCTCGTGTAAAATTTCTGC","CGACAATCCTGTCCTCTTCT",1,0,"chr2:g.197021276T>C",306]
["G13387","CHRNG","sense",2,233409247,"G","A","p.Q402Q",0.027,185,5,"unknown","NA",0,"NA",0,"NA","het",0.02624,"AGTGAACTCCTCTTCCAGCA","TGGCAGCGGCAAGGGCTGGT",1,0,"chr2:g.233409247G>A",298]
["G13387","CLASP2","sense",3,33576939,"A","C","p.P979P",0.0886,79,7,"unknown","NA",0,"NA",0,"NA","het",0.01139,"GCTCTTGGGTCAGACATCCC","GGACCACCACACATCTATCA",1,0,"chr3:g.3576939A>C",92]
["G13387","ITGA9","sense",3,37670692,"C","T","p.D568D",0.1244,225,28,"known","COSM6688015",1,"NA",0,"NA","het",0,"TTTCAGCGGAGGGTGCAGGA","GTCATCAGCCCGATCGTGTT",1,0,"chr3:g.7670692C>T",350]
["G13387","ARF4","sense",3,57561377,"A","G","p.D118D",0.0745,94,7,"unknown","NA",0,"NA",0,"NA","het",0.01688,"GCAAAAAGTAGCAGCACTGC","TCTCTCAATTCATCTACCAG",1,0,"chr3:g.7561377A>G",104]
["G13387","ADGRG7","sense",3,100413704,"G","A","p.T456T",0.08,175,14,"unknown","NA",0,"NA",0,"NA","het",1.1E-4,"AAGTCATTGCCTTCAGTGAC","CGGCCGAGGCTGCGTGTAAA",1,0,"chr3:g.100413704G>A",229]
["G13387","GYG1","sense",3,148727133,"G","A","p.P184P",0.0191,262,5,"known","NA",0,"MU104868",1,"NA","het",0.04712,"GATATCAGAAAACACCTGCC","TTTATTTATAACCTAAGCAG",1,0,"chr3:g.148727133G>A",340]
["G13387","HTT","sense",4,3117888,"G","A","p.V322V",0.0559,161,9,"unknown","NA",0,"NA",0,"NA","het",1.25E-3,"CTCACCCTGAGGTATTTGGT","CCCTTGCTGCAGCAGCAGGT",1,0,"chr4:g.3117888G>A",254]
["G13387","DSPP","sense",4,88536520,"T","C","p.D902D",0.0137,365,5,"unknown","NA",0,"NA",0,"NA","het",0.03619,"GATAGCAGCAACAGCAGTGA","AGTGACAGCAGTGATAGCAG",1,0,"chr4:g.8536520T>C",476]
["G13387","GALNT7","sense",4,174225236,"G","A","p.P452P",0.1739,115,20,"known","NA",0,"MU25097115",1,8.441,"het",0,"GGCTGGCAAGGAAATCCTCC","CCCATTTATGTTGGGTCTTC",1,0,"chr4:g.174225236G>A",219]
["G13387","ZSWIM6","sense",5,60768524,"C","A","p.G231G",0.0645,31,2,"unknown","NA",0,"NA",0,"NA","het",0.19255,"CAAGGTTTCCACTTGAGCGG","ACAGTGACAGAACCTGCAAT",1,0,"chr5:g.0768524C>A",56]
["G13387","MSH3","sense",5,79952343,"C","T","p.G117G",0.1419,289,41,"unknown","NA",0,"NA",0,"NA","het",0,"AGTGATCTGGGAATGTCTGG","AACTCTGGTGAGTTGTGGGG",1,1,"chr5:g.9952343C>T",444]
["G13387","PCDHA7","sense",5,140214661,"G","A","p.T231T",0.1538,13,2,"unknown","NA",0,"NA",0,"NA","het",0.19212,"ACCGTTCAATTACTCATCAC","GTACTGGACAACAATGACAA",1,0,"chr5:g.140214661G>A",23]
["G13387","DIAPH1","sense",5,140896505,"A","C","p.A1235A",0.1263,190,24,"unknown","NA",0,"NA",0,"NA","het",0,"GACACCTTGGCAGGAACAGC","GCCATGGCATCATCCTTGGT",1,0,"chr5:g.140896505A>C",310]
["G13387","HIST1H2BK","sense",6,27114425,"G","A","p.P51P",0.1077,130,14,"known","NA",0,"MU34423",3,"NA","het",0.00384,"TTAGAGGAGATGCCGGTGTC","GGGTGGACCTGCTTCAGCAC",0,0,"chr6:g.7114425G>A",197]
["G13387","ASCC3","sense",6,101094554,"A","G","p.P1190P",0.0317,221,7,"known","NA",0,"MU155500",1,"NA","het",0.00756,"CGGAGGACAGTCCTTGTGAT","GGCTGAATGGATGCTTCCAT",1,0,"chr6:g.101094554A>G",341]
["G13387","RPS6KA2","sense",6,166827372,"C","T","p.T564T",0.1395,129,18,"unknown","NA",0,"NA",0,"NA","het",0,"TGTTTGAGCACTTGCATCGC","GTCAGGCGCTGATGAGGGTC",1,0,"chr6:g.166827372C>T",202]
["G13387","MIOS","sense",7,7613006,"T","C","p.H300H",0.0968,124,12,"unknown","NA",0,"NA",0,"NA","het",0.0002,"AGATTGTATGATATGCAGCA","ACACCCACTCCCATTGGGGA",1,0,"chr7:g.7613006T>C",176]
["G13387","VPS50","sense",7,92979337,"C","T","p.L819L",0.1707,41,7,"unknown","NA",0,"NA",0,0.024,"het",1.75E-3,"ACAACATATATGTAGATGCA","TATTAAAGGCAAGTGTTCTG",1,0,"chr7:g.2979337C>T",66]
["G13387","PODXL","sense",7,131191477,"G","A","p.G338G",0.1486,74,11,"unknown","NA",0,"NA",0,"NA","het",0.00026,"ATCAATTTCTCATCCGAAGC","CCCCCTGCCTATGGTGGGGA",1,0,"chr7:g.131191477G>A",107]
["G13387","DPYSL2","sense",8,26441399,"C","T","p.D176D",0.1488,121,18,"unknown","NA",0,"NA",0,"NA","het",0.00024,"GTGATCCCCGGAGGAATTGA","GTCCACACTCGTTTCCAGAT",1,0,"chr8:g.6441399C>T",203]
["G13387","OPRK1","sense",8,54163544,"C","T","p.P18P",0.098,102,10,"unknown","NA",0,"NA",0,"NA","het",0.00045,"TTGGGGGGCAGGCAGGCGCT","GGGGCGCAGGTAGGGCCCGG",1,0,"chr8:g.4163544C>T",169]
["G13387","TBC1D31","sense",8,124121798,"A","G","p.A353A",0.0357,140,5,"known","NA",0,"MU131078",1,"NA","het",0.03361,"GATAAGGGGACTCATGTGGC","TTTCTCAACCTTCAGAAGAA",1,0,"chr8:g.124121798A>G",219]
["G13387","RRAGA","sense",9,19050470,"C","T","p.Y271Y",0.0397,151,6,"unknown","NA",0,"NA",0,"NA","het",0.01319,"ATCTTCACCTCAAATACGTA","GTGATGGTGGTCATGTCAGA",1,0,"chr9:g.9050470C>T",221]
["G13387","TNC","sense",9,117848198,"G","A","p.C604C",0.0698,43,3,"unknown","NA",0,"NA",0,"NA","het",0.11643,"CAGATGCAGCGGCCCGAGAC","CATTGTCCTAAGTTGTTGCA",1,1,"chr9:g.117848198G>A",68]
["G13387","ABL1","sense",9,133730210,"C","A","p.G92G",0.0588,34,2,"unknown","NA",0,"NA",0,"NA","het",0.26971,"GAAAAGCTCCGGGTCTTAGG","TATAATCACAATGGGGAATG",1,1,"chr9:g.133730210C>A",36]
["G13387","ARRDC1","sense",9,140508125,"C","T","p.A113A",0.2381,126,30,"unknown","NA",0,"NA",0,"NA","het",0,"ATCGTGCACCAGGTGAGGGC","GCCATCCACACGCCACGGTT",1,0,"chr9:g.140508125C>T",190]
["G13387","PRKG1","sense",10,52834530,"G","A","p.A60A",0.1373,284,39,"unknown","NA",0,"NA",0,"NA","het",0,"CGACCAGCCACCCAGCAGGC","CAGAAGCAGAGCGCGAGCAC",1,0,"chr10:g.2834530G>A",404]
["G13387","PKD2L1","sense",10,102051175,"G","A","p.H583H",0.1327,98,13,"unknown","NA",0,"NA",0,"NA","het",0.00532,"TCAGTGATTTCATGCTCTGC","TGTCCCAGTCTGAGAAGAGG",1,0,"chr10:g.102051175G>A",113]
["G13387","STK32C","sense",10,134121170,"G","A","p.R56R",0.1478,115,17,"unknown","NA",0,"NA",0,"NA","het",9e-05,"TTGCTCCACTGAAACAGGGG","CGCGGCTGCGAGCGGACATC",1,0,"chr10:g.134121170G>A",156]
["G13387","TUBGCP2","sense",10,135110880,"C","T","p.S215S",0.1508,126,19,"unknown","NA",0,"NA",0,"NA","het",0,"CCACTGCACTTCAGCCTGGG","GACAGAGCGAGATTCCATCT",1,0,"chr10:g.135110880C>T",176]
["G13387","NAT10","sense",11,34167703,"G","A","p.K942K",0.0556,108,6,"unknown","NA",0,"NA",0,"NA","het",0.15013,"TTGAAGAACAGAGAGACAAA","AACAAAAAAGATATGAAACT",1,0,"chr11:g.4167703G>A",191]
["G13387","MYRF","sense",11,61537836,"A","C","p.P193P",0.0882,68,6,"known","COSM5440450",1,"MU42121193",1,"NA","het",0.01393,"GGCCCCCCGCCACCCCCACC","CCCCCACCTCACTACCCTGT",0,0,"chr11:g.1537836A>C",82]
["G13387","SERPINH1","sense",11,75282882,"G","A","p.L337L",0.029,138,4,"known","NA",0,"MU17161540",1,"NA","het",0.03594,"GACAAGAACAAGGCCGACTT","TCACGCATGTCAGGCAAGAA",1,0,"chr11:g.5282882G>A",254]
["G13387","SLC6A12","sense",12,319111,"T","C","p.A14A",0.033,212,7,"known","NA",0,"MU13646898",1,"NA","het",0.01738,"TCCTCGGGGACCCAGGAGAC","GCAGGAGGCCCACACTCTTG",1,0,"chr12:g.19111T>C",426]
["G13387","VWF","sense",12,6167034,"G","A","p.C570C",0.0526,38,2,"known","COSM4044039",1,"MU5067708",1,"NA","het",0.20658,"CTCATGCGCGGGTTGAGGGC","CAGGGATCGCTGTGCTGCTT",0,0,"chr12:g.6167034G>A",68]
["G13387","ANKS1B","sense",12,100200338,"G","A","p.Y171Y",0.0361,166,6,"known","COSM4037863",1,"MU4992456",1,"NA","het",0.01085,"TTTACCACTCTAAGCCGTCC","TAGAGTGCCGCCAAGTCCAA",0,0,"chr12:g.100200338G>A",312]
["G13387","EP400","sense",12,132547090,"A","G","p.Q2726Q",0.11,209,23,"known","NA",0,"MU62699",5,"NA","het",0,"CAGCAGCAGCAGCAGCAGCA","CAACAGCAGCAGCAGCAGCA",0,0,"chr12:g.132547090A>G",363]
["G13387","SGCG","sense",13,23869603,"A","G","p.R185R",0.0897,223,20,"unknown","NA",0,"NA",0,"NA","het",0,"GTGGAGACACCCCTTGTCAG","GCCGACCCGTTTCAAGACCT",1,0,"chr13:g.3869603A>G",331]
["G13387","NKX2-1","sense",14,36986996,"C","T","p.T201T",0.1545,330,51,"known","COSM2196372",2,"NA",0,"NA","het",0,"CAGATCTTGACCTGCGTGGG","GTCAGGTGGATCATGCTGGC",0,1,"chr14:g.6986996C>T",556]
["G13387","CCDC88C","sense",14,91780444,"C","A","p.S572S",0.0513,39,2,"unknown","NA",0,"NA",0,"NA","het",0.19808,"ACCTGCGACCTCTCCCGCAG","GACCACATGGCTCGGTTGAG",1,0,"chr14:g.1780444C>A",57]
["G13387","CEP170B","sense",14,105354293,"A","G","p.S1169S",0.0714,28,2,"known","NA",0,"MU66480",2,"NA","het",0.17622,"CCCTTCAGCAGGGCCCGCTC","GGCAGTGCCCGATACACCTC",0,0,"chr14:g.105354293A>G",48]
["G13387","ARPP19","sense",15,52861063,"G","T","p.A9A",0.1438,160,23,"unknown","NA",0,"NA",0,"NA","het",0,"ACCTTCTGCTCCTCCGCGGA","GCTGCCTCGGGGACTTCCGC",1,0,"chr15:g.2861063G>T",281]
["G13387","NPTN","sense",15,73889568,"C","T","p.L78L",0.0977,133,13,"unknown","NA",0,"NA",0,"NA","het",3.5E-4,"CGCTTCCGAGCACCGTCCCA","AGCTGTCTGAAAGACTCTGC",1,0,"chr15:g.3889568C>T",227]
["G13387","CSPG4","sense",15,75974970,"G","A","p.S1587S",0.15,140,21,"unknown","NA",0,"NA",0,"NA","het",0,"GGGCAGACAGTCAGTGTCTG","CTGCCCTTCAGCGAGAGGAG",1,0,"chr15:g.5974970G>A",214]
["G13387","SLX4","sense",16,3633184,"G","A","p.G1689G",0.173,185,32,"unknown","NA",0,"NA",0,"NA","het",0,"ATCTGGGCGTCATCATTGAG","CCTGGAGGTGCCTCCTTGGT",1,0,"chr16:g.3633184G>A",223]
["G13387","ITGAD","sense",16,31427865,"C","T","p.N800N",0.087,69,6,"known","COSM1158389",3,"MU602716",2,"NA","het",0.11595,"GGGAGCTCCCTGGAGCTCAA","GTGATTGTGACTGTGTGGAA",0,0,"chr16:g.1427865C>T",112]
["G13387","EXOC3L1","sense",16,67221172,"C","T","p.A332A",0.1304,46,6,"known","COSM4682017",2,"NA",0,"NA","het",0.0101,"TGCAGCAAGGCGAAGGCATC","GCAGCTTCTAGCTCAGGCCC",0,0,"chr16:g.7221172C>T",67]
["G13387","CENPN","sense",16,81058343,"G","A","p.T199T",0.1443,97,14,"unknown","NA",0,"NA",0,"NA","het",0.00024,"TTTGAAACTCACAACTCTAC","ACACCTCTACAGGAAAGAAG",1,0,"chr16:g.1058343G>A",136]
["G13387","CXCL16","sense",17,4638427,"C","A","p.L245L",0.0625,32,2,"unknown","NA",0,"NA",0,"NA","het",0.1996,"TGCCCCCTCCTCCTCTTGCA","AGCACATAGGAAAGGGCTGC",1,0,"chr17:g.4638427C>A",48]
["G13387","MYH2","sense",17,10448769,"A","T","p.P133P",0.0282,177,5,"unknown","NA",0,"NA",0,"NA","het",0.03262,"ACCACCTCGGGCTTATACAC","GGCAGCCACTTGTAGGGGTT",1,0,"chr17:g.0448769A>T",246]
["G13387","KPNB1","sense",17,45730191,"G","A","p.Q77Q",0.1714,105,18,"unknown","NA",0,"NA",0,"NA","het",0,"GATATCAAGGCACAATATCA","CAGAGGTGGCTTGCTATTGA",1,0,"chr17:g.5730191G>A",153]
["G13387","HID1","sense",17,72949134,"T","C","p.S673S",0.1146,96,11,"unknown","NA",0,"NA",0,"NA","het",0.0002,"GGGCTCCACTGCCCACTGGC","GATGAGGTGGACGGTCGCCG",1,0,"chr17:g.2949134T>C",170]
["G13387","ELOA2","sense",18,44560469,"G","A","p.Y389Y",0.1365,337,46,"known","COSM3927607",2,"MU1618683",2,"NA","het",0,"TTTTGCTTCCGCAACTGATC","TAGGTGAGGTATTTTTCACA",0,0,"chr18:g.4560469G>A",478]
["G13387","ATP8B3","sense",19,1785189,"G","A","p.F1130F",0.1818,33,6,"unknown","NA",0,"NA",0,"NA","het",0.03411,"AAGGTCGTGGGGGATACTCT","AAGAGCCAGAAGCTCTGGGT",1,0,"chr19:g.1785189G>A",33]
["G13387","CACNA1A","sense",19,13410062,"G","A","p.N796N",0.0506,178,9,"known","COSM1390798",4,"MU128209",2,"NA","het",0.00222,"CGCTCGTCCGGGTCCATTTC","TTATACAGGGCCTCCCGGCT",0,1,"chr19:g.3410062G>A",261]
["G13387","SBSN","sense",19,36018413,"T","A","p.A257A",0.0396,202,8,"known","NA",0,"MU633106",4,"NA","het",0.00693,"ACCCCCTGGCCAAATCTCCC","GCCTCATTTCCGGCCTGCCC",0,0,"chr19:g.6018413T>A",237]
["G13387","ZNF780B","sense",19,40540576,"G","A","p.C730C",0.125,96,12,"known","COSM996533",1,"MU1867506",1,"NA","het",1.1E-4,"AGAAGACCAAAGGCCTTTCC","CATTCTTTACATTCAAAGGG",0,0,"chr19:g.0540576G>A",145]
["G13387","MEGF8","sense",19,42873839,"G","A","p.A2199A",0.1296,54,7,"unknown","NA",0,"NA",0,"NA","het",0.02838,"GAATGCGCTGGTGTTGGGGC","CGTGACCACTGCTTGCTCTG",1,0,"chr19:g.2873839G>A",72]
["G13387","LMTK3","sense",19,49003051,"T","G","p.P454P",0.1392,79,11,"unknown","NA",0,"NA",0,"NA","het",0.03496,"GGGAAGGGACCGTCTCGGGG","GGGGGTGGCGGCGGTGGGGG",1,0,"chr19:g.9003051T>G",95]
["G13387","ZNF816","sense",19,53454632,"G","T","p.I132I",0.1141,149,17,"unknown","NA",0,"NA",0,"NA","het",0.00059,"GTACTACCAGTCAACTTTTT","ATTTTTGTCATGGGTGCTTC",1,0,"chr19:g.3454632G>T",182]
["G13387","ZNF497","sense",19,58868123,"C","T","p.R293R",0.1273,110,14,"unknown","NA",0,"NA",0,"NA","het",0.0004,"TTCTCGCTGCTGTGCGTGCG","CGGTGCTGCCGCAGCCCCGC",1,0,"chr19:g.8868123C>T",154]
["G13387","TOP1","sense",20,39744049,"G","A","p.Q559Q",0.0342,117,4,"unknown","NA",0,"NA",0,"NA","het",0.04519,"CTATTTATGGAGAACAAGCA","CCCGAGGATGATCTTTTTGA",1,1,"chr20:g.9744049G>A",198]
["G13387","CTCFL","sense",20,56090807,"A","G","p.D119D",0.0405,173,7,"known","NA",0,"MU11283143",1,"NA","het",0.00831,"TGGCGTTTCAGCTTGTAGGT","TCTCTGCTGGCATAGCTGCA",1,0,"chr20:g.6090807A>G",283]
["G13387","ASCC2","sense",22,30218370,"G","A","p.C89C",0.0552,145,8,"known","COSM1415678",1,"MU77847",1,"NA","het",0.04212,"TTGCCTTTTCCAAAGAGCAC","CAGAGGTCCAGGATCTTTGG",0,0,"chr22:g.0218370G>A",172]
["G13387","FAM19A5","sense",22,49042524,"C","T","p.A76A",0.1977,86,17,"unknown","NA",0,"NA",0,"NA","het",0,"TGTAGAAAGGGGCAGATCGC","GGCACCACGAGAGCCCGGCC",1,0,"chr22:g.9042524C>T",162]
["G13387","ARHGAP6","sense","X",11157526,"C","T","p.T614T",0.4167,12,5,"unknown","NA",0,"NA",0,"NA","het",0.00556,"TGAGTCCTCCGAGCCCCCTG","GTGTCGCTGTCCAGCTCTGC",1,0,"chrX:g.1157526C>T",21]
["G13387","ARHGEF9","sense","X",62858028,"G","A","p.H424H",0.3148,54,17,"unknown","NA",0,"NA",0,"NA","het",2e-05,"TCGGGGACCAGGTACTGGCC","TGGTTTAACGGGTCCTGCGG",1,0,"chrX:g.2858028G>A",92]
["G13387","PCDH11Y","sense","Y",4925473,"C","T","p.N203N",0.3882,85,33,"unknown","NA",0,"NA",0,"NA","het",0,"GATCCTGACGTAGGCATAAA","GGAGTTCAAAACTACGAACT",1,0,"chrY:g.4925473C>T",226]
["G13389","PEX11B","sense",1,145522734,"C","A","p.R185R",0.0588,51,3,"unknown","NA",0,"NA",0,"NA","het",0.11436,"TGCAAGTCCTGCTCCTGGCT","GAGTCCTTAGAGGTCATCCC",1,0,"chr1:g.145522734C>A",60]
["G13389","PLXNA2","sense",1,208205096,"C","A","p.L1688L",0.0714,28,2,"unknown","NA",0,"NA",0,"NA","het",0.36522,"AAGTCGTCCACAAACTTCTG","AGGGTGCCCTGGAGGAGGGG",1,0,"chr1:g.208205096C>A",24]
["G13389","SPATA3","sense",2,231861071,"T","C","p.S41S",0.4453,128,57,"known","NA",0,"MU706610",5,"NA","het",0,"TCCACACCACAGCAGCCTAG","CCTGAATCCACACCACAGCA",0,0,"chr2:g.231861071T>C",205]
["G13389","KLHL2","sense",4,166141086,"A","G","p.V13V",0.0779,77,6,"known","NA",0,"MU19731822",1,"NA","het",0.31947,"TTCTTTTCTTTTATGTACAG","TGCACAAAGCAGGGTCATCA",1,0,"chr4:g.166141086A>G",116]
["G13389","PPP1R18","sense",6,30652356,"C","T","p.V480V",0.0508,59,3,"unknown","NA",0,"NA",0,"NA","het",0.14656,"GTGGCTGGGGTCGCAGGGGG","ACAGACCGCCGGGGGTTGAC",1,0,"chr6:g.0652356C>T",64]
["G13389","PHF20L1","sense",8,133837585,"G","A","p.K545K",0.0859,128,11,"known","COSM296941",2,"NA",0,"NA","het",0.08645,"AGACCAAAACAGAAGAAGAA","AAAAAAAAGAAAAAGAAATC",0,0,"chr8:g.133837585G>A",149]
["G13389","AGAP4","sense",10,46342649,"T","C","p.V49V",0.3125,16,5,"known","NA",0,"MU49236",2,"NA","het",0.11648,"ACAGTCACCTCAGCAGGCTG","ACAGCAGCAGCCATGGGCGC",0,0,"chr10:g.6342649T>C",20]
["G13389","DCHS1","sense",11,6644594,"C","A","p.V2771V",0.037,108,4,"unknown","NA",0,"NA",0,"NA","het",0.04043,"GTGTGCTCATAGTCAAAGGG","ACTCGCGCACGCAACTCCCC",1,0,"chr11:g.6644594C>A",181]
["G13389","PTPN21","sense",14,88946074,"T","G","p.P567P",0.4667,15,7,"known","NA",0,"MU4585849",1,"NA","het",0.00543,"GGCCTGGGGGGCGGGTAGGG","GGGGGTGGCCGGTACACCTG",1,0,"chr14:g.8946074T>G",17]
["G13389","ZNF688","sense",16,30582921,"C","A","p.A10A",0.0526,38,2,"unknown","NA",0,"NA",0,"NA","het",0.38415,"CGGGTCTCCCCGGGCCTCGG","GCCAGGAGCGGGGCTGGGGG",1,0,"chr16:g.0582921C>A",27]
["G13389","CCDC40","sense",17,78063964,"A","G","p.A953A",0.1207,116,14,"known","NA",0,"MU4557416",2,"NA","het",1e-05,"TGCAGAACAACACAGGACGC","CACAGGCACGTGCACGAACA",0,0,"chr17:g.8063964A>G",196]
["G13389","PRR12","sense",19,50099848,"C","A","p.G752G",0.0741,27,2,"unknown","NA",0,"NA",0,"NA","het",0.23636,"GTTGTCCACTACGGGGCAGG","GCCAAGGAGCTGGGGGCCTT",1,0,"chr19:g.0099848C>A",37]
["G13389","PKDREJ","sense",22,46657603,"C","A","p.L539L",0.0224,223,5,"unknown","NA",0,"NA",0,"NA","het",0.02674,"CCACTCCAACATGCTAGATA","AGAGAAATCGAAAACTCAGC",1,0,"chr22:g.6657603C>A",333]
["G13389","ZNF182","sense","X",47842803,"C","A","p.V8V",0.08,25,2,"unknown","NA",0,"NA",0,"NA","het",0.34843,"ACAGCTACATCTTCAAATGT","ACTAGCCCCTGTAATGGTAC",1,0,"chrX:g.7842803C>A",21]
["G13390","PLCH2","sense",1,2408141,"C","A","p.L38L",0.0667,30,2,"unknown","NA",0,"NA",0,"NA","het",0.24576,"CTGTCTTCAGAGTGGCAGCT","GGCCCCCTGGGTAAGAAGGG",1,0,"chr1:g.2408141C>A",35]
["G13390","FMN2","sense",1,240370998,"A","G","p.A962A",0.2075,53,11,"known","NA",0,"MU48970",5,"NA","het",0.00433,"CCGCCCCCTCTTCCCGGGGC","GGCATACCCCTTCCTCCCCC",0,0,"chr1:g.240370998A>G",97]
["G13390","C2orf16","sense",2,27804533,"T","C","p.S1698S",0.0776,219,17,"known","NA",0,"MU4751368",1,"NA","het",0,"AGAAGACATCGCAGTCCCTC","CAGAGGAGCCATCGTGGTCC",1,0,"chr2:g.7804533T>C",345]
["G13390","PDZRN3","sense",3,73433104,"C","A","p.A569A",0.0667,30,2,"unknown","NA",0,"NA",0,"NA","het",0.23004,"TGGGCGTGCGCCGGGATGTG","GCGTGCTTGTATGGGGAGTG",1,0,"chr3:g.3433104C>A",39]
["G13390","HCN1","sense",5,45645524,"A","G","p.S204S",0.1771,175,31,"unknown","NA",0,"NA",0,"NA","het",0,"TTGGGGTCCAGGATGATTTC","GAACTGTCTTCATTGACAGT",1,0,"chr5:g.5645524A>G",274]
["G13390","CHSY3","sense",5,129521460,"C","A","p.V875V",0.1,20,2,"unknown","NA",0,"NA",0,"NA","het",0.10734,"CTTGAAAAACATTTAGGTGT","AGGTACAATCGAACTCTCTC",1,0,"chr5:g.129521460C>A",49]
["G13390","TMEM213","sense",7,138487670,"C","A","p.A60A",0.1053,19,2,"unknown","NA",0,"NA",0,"NA","het",0.18937,"GACTTCTGCCCACAAGCAGC","CGGTGCTGCCGCACAGGAGT",1,0,"chr7:g.138487670C>A",28]
["G13390","IFIT3","sense",10,91099147,"C","A","p.R245R",0.0305,131,4,"unknown","NA",0,"NA",0,"NA","het",0.04174,"TGCCAAACAGATGTCCTCCG","AGTGCAGCCAAATTTTACAG",1,0,"chr10:g.1099147C>A",208]
["G13390","KRTAP5-5","sense",11,1651199,"A","G","p.G43G",0.202,99,20,"known","NA",0,"MU696062",3,"NA","het",0,"GGCTGTGGCTCCGGCTGTGG","GGCTGTGGGGGCTGTGGCTC",0,0,"chr11:g.1651199A>G",148]
["G13390","PHLDA1","sense",12,76425450,"C","A","p.P24P",0.0769,26,2,"unknown","NA",0,"NA",0,"NA","het",0.21104,"GTGACACCCAGCGGAAAAGG","GGCTCCTGGCGCCCGCACCG",1,0,"chr12:g.6425450C>A",35]
["G13390","KIAA0895L","sense",16,67213451,"C","A","p.L243L",0.0612,49,3,"unknown","NA",0,"NA",0,"NA","het",0.07462,"TGGGACAGCAGGTCCTCACT","AGCTGCACCACAACCTGCAG",1,0,"chr16:g.7213451C>A",84]
["G13390","SARM1","sense",17,26708300,"T","C","p.S182S",1,100,100,"known","NA",0,"MU4563981",1,11.37,"hom",0,"CCCGTAGAGCTGGCGCGGAG","GGGTCAGGCATCTTGGAGCA",1,0,"chr17:g.6708300T>C",196]
["G13390","SYDE1","sense",19,15224378,"C","A","p.R537R",0.1053,19,2,"unknown","NA",0,"NA",0,"NA","het",0.19861,"TGTCTCCCTTCAGATCCCCG","CTGCCCCGACAATCTCCAGA",1,0,"chr19:g.5224378C>A",29]
["G13390","MPC1L","sense","X",40483000,"C","A","p.L61L",0.087,23,2,"unknown","NA",0,"NA",0,"NA","het",0.30854,"GGCCGCATGACAACAGCGCT","ATCTTGTACTCGGCGATCTT",1,0,"chrX:g.0483000C>A",21]
["G13391","CRYBG2","sense",1,26671658,"G","A","p.V497V",0.1475,305,45,"known","NA",0,"MU1134035",5,"NA","het",3e-05,"GGAGCACCAGGGCCCTTCAC","ACCTCTTTCCAGGTGGGGGA",0,0,"chr1:g.6671658G>A",275]
["G13391","IGFN1","sense",1,201179598,"T","G","p.G1859G",0.0769,39,3,"known","NA",0,"MU4562496",2,"NA","het",0.39012,"GGTTATAGGAAGGATTTGGG","GCTCCTAAGGGAATAGGTTC",0,0,"chr1:g.201179598T>G",21]
["G13391","PAK2","sense",3,196509544,"T","C","p.D9D",0.08,75,6,"known","NA",0,"MU1690599",1,"NA","het",0.0797,"GATAACGGAGAACTGGAAGA","AAGCCTCCAGCACCTCCTGT",1,0,"chr3:g.196509544T>C",47]
["G13391","DSPP","sense",4,88537492,"C","T","p.S1226S",0.0199,553,11,"known","COSM3784432",2,"MU4832996",1,"NA","het",0.04768,"AGCGACAGCAGTGACAGCAG","GACAGCAGTGACAGCAATGA",0,0,"chr4:g.8537492C>T",687]
["G13391","FOXP2","sense",7,114270018,"G","A","p.Q185Q",0.0107,467,5,"known","NA",0,"MU3898519",2,"NA","het",0.03125,"CAGCAGCAGCAGCAGCAACA","CAGCAGCAGCAGCAACAGCA",0,0,"chr7:g.114270018G>A",747]
["G13391","CNTNAP3","sense",9,39103904,"G","A","p.F791F",0.0952,84,8,"unknown","NA",0,"NA",0,"NA","het",0.22347,"TTGAAGGAAGCTGAATTCCA","AATGACTCTGTTTACAATAG",1,0,"chr9:g.9103904G>A",105]
["G13391","KRTAP5-1","sense",11,1606186,"A","G","p.G98G",0.122,82,10,"unknown","NA",0,"NA",0,"NA","het",0.0287,"GAGCCCCCACAGGAGCCACA","CCCCCCTTGGATCCCCCACA",1,0,"chr11:g.1606186A>G",42]
["G13391","BATF2","sense",11,64756871,"C","A","p.L161L",0.0714,28,2,"unknown","NA",0,"NA",0,"NA","het",0.39958,"AGCTTAGAGGAAGACCCCTG","AGGCTGGAACCAGTGTGCGA",1,0,"chr11:g.4756871C>A",19]
["G13391","IQSEC3","sense",12,284103,"G","C","p.P1151P",0.0993,151,15,"known","COSM6861140",2,"MU16078234",1,"NA","het",0.00016,"CACCAGCCTCCGCTGCCCCC","CCCCCACCCCCCTACAACCA",0,0,"chr12:g.84103G>C",173]
["G13391","TC2N","sense",14,92251698,"G","A","p.F326F",0.0598,184,11,"known","COSM3498909",9,"MU4450943",2,"NA","het",0.16149,"CTAAACATTCCCACCTTCAC","AAAAAACCTAAAAAATTAGA",0,0,"chr14:g.2251698G>A",207]
["G13391","INO80E","sense",16,30016640,"A","C","p.P165P",0.6154,13,8,"known","NA",0,"MU880031",2,"NA","het",0.00022,"ACAACCCTGACCCCCCTCCC","CCCCCTAAGATGCCCCCCCC",0,0,"chr16:g.0016640A>C",17]
["G13391","MYH8","sense",17,10304261,"G","A","p.I1090I",0.0186,430,8,"unknown","NA",0,"NA",0,"NA","het",0.02503,"ATTTTGCTTATCAAATTGCT","ATTTCAAATTCTTTCCTTTA",1,0,"chr17:g.0304261G>A",673]
["G13391","HCK","sense",20,30672210,"C","A","p.L212L",0.0638,47,3,"unknown","NA",0,"NA",0,"NA","het",0.15298,"CCAGAGGGGAACGACGGGCT","TGCCAGAAACTGTCGGTGCC",1,0,"chr20:g.0672210C>A",47]
["G13391","POU3F4","sense","X",82764317,"C","A","p.R329R",0.3879,116,45,"unknown","NA",0,"NA",0,"NA","het",0,"TGCGTGTCTGGTTCTGTAAT","GAAGACAAAAAGAGAAAAGA",1,0,"chrX:g.2764317C>A",156]
["G13392","PRG4","sense",1,186275580,"C","T","p.H109H",0.1304,207,27,"unknown","NA",0,"NA",0,"NA","het",0,"GACACGTCTACCACCCAACA","AATAAAGTCAGCACATCTCC",1,0,"chr1:g.186275580C>T",316]
["G13392","PAK2","sense",3,196509544,"T","C","p.D9D",0.125,56,7,"known","NA",0,"MU1690599",1,"NA","het",0.02266,"GATAACGGAGAACTGGAAGA","AAGCCTCCAGCACCTCCTGT",1,0,"chr3:g.196509544T>C",47]
["G13392","FBN2","sense",5,127664401,"G","A","p.S1486S",0.0142,281,4,"unknown","NA",0,"NA",0,"NA","het",0.04919,"GACCCACCTTGGCAGGATCT","CTGTCTGAGGCTGGAGTGAA",1,0,"chr5:g.127664401G>A",486]
["G13392","KMT2E","sense",7,104753240,"A","C","p.P1679P",0.1889,90,17,"known","NA",0,"MU674488",3,"NA","het",0,"GCTGGACACCACTTACCCCC","CCCCCACCCCCTCCTGGTCC",0,0,"chr7:g.104753240A>C",120]
["G13392","SKIDA1","sense",10,21805480,"T","C","p.E424E",0.1949,118,23,"known","NA",0,"MU826086",6,"NA","het",0,"CTGCCCCCCTCCTCCTCCTC","TCCTCCTCCTCCTCCTCTCC",0,0,"chr10:g.1805480T>C",190]
["G13392","MAML2","sense",11,95825254,"C","T","p.Q647Q",0.0222,315,7,"known","COSM933634",4,"MU137843",2,"NA","het",0.00485,"TGTTGTTGCTGCTGCTGCTG","TGTTGTTGCTGCTGCTGCTG",0,1,"chr11:g.5825254C>T",547]
["G13392","PITPNM2","sense",12,123472443,"C","A","p.V995V",0.0577,52,3,"unknown","NA",0,"NA",0,"NA","het",0.08496,"TTGATCCGGTGGTTGGCCGT","ACGTTCTGTGGAGGGAGTGG",1,0,"chr12:g.123472443C>A",82]
["G13392","PPM1A","sense",14,60712682,"G","A","p.K39K",0.0516,155,8,"unknown","NA",0,"NA",0,"NA","het",0.1604,"AAGGCAAAAAGAGAAGAGAA","AAAAAGGGAGGAGAGAGAAG",1,0,"chr14:g.0712682G>A",231]
["G13392","PLIN4","sense",19,4511575,"C","G","p.V785V",0.0696,115,8,"known","NA",0,"MU643144",2,"NA","het",0.18968,"GCACCGGTCACCCCACTGCA","ACAGCATCCTTGGTACCAGT",0,0,"chr19:g.4511575C>G",145]
["G13392","GRIN2D","sense",19,48946117,"C","A","p.G978G",0.0667,30,2,"unknown","NA",0,"NA",0,"NA","het",0.12185,"GGCCTAGGCCTCGGCCTGGG","GAAGCGCGCGCGGCACCGCG",1,1,"chr19:g.8946117C>A",69]
["G13392","GRIPAP1","sense","X",48831717,"C","A","p.V761V",0.0714,28,2,"unknown","NA",0,"NA",0,"NA","het",0.22868,"GTGTGGCCTGCTGCCACAGA","ACATCTGCAAGGGCCCAGGC",1,0,"chrX:g.8831717C>A",38]
["G13393","CRYBG2","sense",1,26671658,"G","A","p.V497V",0.1602,206,33,"known","NA",0,"MU1134035",5,"NA","het",2e-05,"GGAGCACCAGGGCCCTTCAC","ACCTCTTTCCAGGTGGGGGA",0,0,"chr1:g.6671658G>A",275]
["G13393","TCHH","sense",1,152084313,"G","A","p.R460R",0.1237,186,23,"unknown","NA",0,"NA",0,"NA","het",0,"TGCCTCTCCGTCTCCTCCTC","CGCTTCAGCCAATCGCGCCT",1,0,"chr1:g.152084313G>A",405]
["G13393","FMN2","sense",1,240370998,"A","G","p.A962A",0.2432,37,9,"known","NA",0,"MU48970",5,"NA","het",2.66E-3,"CCGCCCCCTCTTCCCGGGGC","GGCATACCCCTTCCTCCCCC",0,0,"chr1:g.240370998A>G",97]
["G13393","FANCD2OS","sense",3,10145973,"C","A","p.L162L",0.0571,35,2,"unknown","NA",0,"NA",0,"NA","het",0.19312,"CACTTTTTGTAAGTTGCATA","AGCAAGAGGATAGAGCGCAG",1,0,"chr3:g.0145973C>A",54]
["G13393","TGFBR2","sense",3,30729962,"C","A","p.R495R",0.0142,212,3,"unknown","NA",0,"NA",0,"NA","het",0.04263,"AGGACAACGTGTTGAGAGAT","GAGGGCGACCAGAAATTCCC",1,1,"chr3:g.0729962C>A",711]
["G13393","PCDHB4","sense",5,140502960,"C","T","p.R460R",0.0564,195,11,"unknown","NA",0,"NA",0,"NA","het",0.22342,"TCCTACACCCTGTTCGTCCG","GAGAACAACAGCCCCGCCCT",1,0,"chr5:g.140502960C>T",308]
["G13393","CNTNAP3","sense",9,39078814,"C","A","p.A1182A",0.15,60,9,"unknown","NA",0,"NA",0,"NA","het",0.05982,"GAGGGGCCGCTGGGGCGCAG","GCCGCCTTCAGGGGAGCAGC",1,0,"chr9:g.9078814C>A",57]
["G13393","GABBR2","sense",9,101125099,"C","A","p.L597L",0.0652,46,3,"unknown","NA",0,"NA",0,"NA","het",0.09109,"ATGCCCCCCACGATCACAAG","AGTTTCTGGTCCTTGATGAT",1,0,"chr9:g.101125099C>A",86]
["G13393","KRTAP5-5","sense",11,1651211,"C","A","p.G47G",0.117,94,11,"known","NA",0,"MU4547277",4,"NA","het",0.00015,"GGCTGTGGAGGCTGTGGGGG","TGTGGCTCCGGCTGTGCGGG",0,0,"chr11:g.1651211C>A",153]
["G13393","ATG101","sense",12,52470953,"C","A","p.I212I",0.0952,21,2,"unknown","NA",0,"NA",0,"NA","het",0.11105,"ACCACCATGCGCAGGCTCAT","AAAGACACCCTTGCCCTCTG",1,0,"chr12:g.2470953C>A",50]
["G13393","NCOR2","sense",12,124911314,"C","A","p.V393V",0.05,40,2,"unknown","NA",0,"NA",0,"NA","het",0.23487,"TCGTACAGCATGGGCGGGAT","ACGGCCAGCTGGCGCATCTG",1,1,"chr12:g.124911314C>A",50]
["G13393","HCN4","sense",15,73615425,"C","A","p.P1003P",0.0769,26,2,"unknown","NA",0,"NA",0,"NA","het",0.12033,"GCCCCTGCCACAAGGGACGG","GGCTCAGGCTGCCGTGGGGG",1,0,"chr15:g.3615425C>A",70]
["G13393","ZCCHC2","sense",18,60190912,"C","A","p.G85G",0.0588,34,2,"unknown","NA",0,"NA",0,"NA","het",0.15349,"GCGGGTATGCCGGGCGGCGG","GGGGGGCCCTCGGCGGCGCT",1,0,"chr18:g.0190912C>A",79]
["G13393","EEF2","sense",19,3978051,"G","A","p.D611D",0.069,29,2,"unknown","NA",0,"NA",0,"NA","het",0.24561,"TCGATGTCCTCGGCCAGGCC","TCGGGGAAGGGCCGCGCCTT",1,1,"chr19:g.3978051G>A",38]
["G13393","KCNJ4","sense",22,38823609,"G","T","p.R177R",0.2121,66,14,"unknown","NA",0,"NA",0,"NA","het",2e-05,"CTGCGCCCGCTTCTTGGGCC","CGCCATCTTGGCCATGATGG",1,0,"chr22:g.8823609G>T",90]
["G13394","AKR7A3","sense",1,19615189,"C","A","p.L5L",0.0857,35,3,"unknown","NA",0,"NA",0,"NA","het",0.18186,"GTGGCTGGCCGGGCCCGCGA","AGCTGCCGGGACATGACGGC",1,0,"chr1:g.9615189C>A",33]
["G13394","FGR","sense",1,27942093,"C","A","p.V290V",0.06,50,3,"unknown","NA",0,"NA",0,"NA","het",0.08371,"GTGCCCGGCTTCAGCGTCTT","ACCGCCACCTTAGTGCTGCC",1,0,"chr1:g.7942093C>A",81]
["G13394","FMNL2","sense",2,153476093,"A","C","p.P566P",0.0917,120,11,"known","NA",0,"MU4546534",1,"NA","het",0.01917,"CCTCCACCTCCTCCTCCCCC","CCGCCCCCTCCGCCTCCTCC",1,0,"chr2:g.153476093A>C",117]
["G13394","NKAPL","sense",6,28227875,"G","A","p.K242K",0.0738,149,11,"unknown","NA",0,"NA",0,"NA","het",0.16968,"ACAAAGAAAAAGAAGAATAA","AAAACCAAAAAAGAATCCAG",1,0,"chr6:g.8227875G>A",196]
["G13394","NFKBIL1","sense",6,31516131,"G","A","p.L83L",0.0625,32,2,"unknown","NA",0,"NA",0,28.9,"het",0.22433,"GATGCCCCTGCCCTGTGCCT","CTGCTTCGGCTCGGGGCTGA",1,0,"chr6:g.1516131G>A",44]
["G13394","KRTAP5-5","sense",11,1651199,"A","G","p.G43G",0.2517,147,37,"known","NA",0,"MU696062",3,"NA","het",0,"GGCTGTGGCTCCGGCTGTGG","GGCTGTGGGGGCTGTGGCTC",0,0,"chr11:g.1651199A>G",148]
["G13394","KMT2D","sense",12,49424187,"C","A","p.S4625S",0.0571,35,2,"unknown","NA",0,"NA",0,"NA","het",0.23944,"GGGGGTGGGGTGGGGGGCAG","GACGAGGGTGGTGTCGGCGG",1,1,"chr12:g.9424187C>A",47]
["G13394","TUBGCP3","sense",13,113201926,"C","A","p.T392T",0.0513,39,2,"unknown","NA",0,"NA",0,"NA","het",0.21775,"ACGTGCGTGGGAAAGACGCG","GTGGGACCTTGGCAGTGGTC",1,0,"chr13:g.113201926C>A",47]
["G13394","DHRS7C","sense",17,9674838,"C","A","p.V301V",0.0513,39,2,"unknown","NA",0,"NA",0,"NA","het",0.28196,"GGGACATTGAGCTTCTCCTT","ACCCCACAGGCCACCACGGC",1,0,"chr17:g.9674838C>A",45]
["G13394","KRTAP10-7","sense",21,46020536,"T","C","p.T5T",0.1053,76,8,"unknown","NA",0,"NA",0,"NA","het",0.06675,"CCCAGCATGGCCGCGTCCAC","ATGTCTGTCTGCTCCAGCGA",1,0,"chr21:g.6020536T>C",88]
["G13395","CRYBG2","sense",1,26671625,"A","G","p.S508S",0.0873,126,11,"known","NA",0,"MU873587",7,"NA","het",0.09469,"ACCACCTCCTTCTGGGTGGG","GATGAGGCAGCAGGAGCACC",0,0,"chr1:g.6671625A>G",220]
["G13395","PRG4","sense",1,186275580,"C","T","p.H109H",0.2163,208,45,"unknown","NA",0,"NA",0,"NA","het",0,"GACACGTCTACCACCCAACA","AATAAAGTCAGCACATCTCC",1,0,"chr1:g.186275580C>T",316]
["G13395","CFAP65","sense",2,219874796,"C","A","p.L1440L",0.05,40,2,"unknown","NA",0,"NA",0,"NA","het",0.14563,"AGGGAAATATGAGACTGGGA","AGGAAGACATTCTGTGGGTG",1,0,"chr2:g.219874796C>A",79]
["G13395","WDR19","sense",4,39271597,"C","A","p.G960G",0.0714,28,2,"unknown","NA",0,"NA",0,"NA","het",0.20656,"TTTACCACCTTTTTTCAAGG","AACTACCGGAATGCACACGA",1,0,"chr4:g.9271597C>A",43]
["G13395","KLHL2","sense",4,166141086,"A","G","p.V13V",0.0606,66,4,"known","NA",0,"MU19731822",1,"NA","het",0.51456,"TTCTTTTCTTTTATGTACAG","TGCACAAAGCAGGGTCATCA",1,0,"chr4:g.166141086A>G",116]
["G13395","MAPK9","sense",5,179676094,"C","A","p.L165L",0.0606,33,2,"unknown","NA",0,"NA",0,"NA","het",0.19027,"AGGCCAAAGTCAAGGATCTT","AGGGTGCAGTCTGATTTCAC",1,0,"chr5:g.179676094C>A",57]
["G13395","SBSPON","sense",8,74005105,"G","A","p.Y66Y",0.052,173,9,"known","COSM5087324",1,"NA",0,"NA","het",9.5E-4,"CCACCTGGGCACGCCCTGTC","TAGTCGAAGCAGCAGTCCCC",1,0,"chr8:g.4005105G>A",288]
["G13395","BICC1","sense",10,60556276,"C","A","p.L452L",0.0588,34,2,"unknown","NA",0,"NA",0,"NA","het",0.12835,"GCTTCAGCAGGCCTTGGACT","ACTGGACTAGGTATACAATT",1,0,"chr10:g.0556276C>A",72]
["G13395","KRTAP5-5","sense",11,1651643,"C","T","p.P191P",0.4425,113,50,"known","NA",0,"MU696073",6,"NA","het",0,"CAGTCCAGCTGCTGTAAGCC","TACTGCTGCCAGTCCAGCTG",0,0,"chr11:g.1651643C>T",153]
["G13395","SSH3","sense",11,67075023,"C","A","p.A202A",0.125,16,2,"unknown","NA",0,"NA",0,"NA","het",0.13937,"CTCTCCTCCTGTCTCAGGGC","ACACTCCAGGTATTGCACCA",1,0,"chr11:g.7075023C>A",29]
["G13395","IQSEC3","sense",12,284103,"G","C","p.P1151P",0.0753,146,11,"known","COSM6861140",2,"MU16078234",1,"NA","het",1.47E-3,"CACCAGCCTCCGCTGCCCCC","CCCCCACCCCCCTACAACCA",0,0,"chr12:g.84103G>C",173]
["G13395","GOLGA6A","sense",15,74365090,"A","C","p.P498P",0.0678,236,16,"unknown","NA",0,"NA",0,"NA","het",0.05191,"TGGTCTCCTGTACCTTCTCC","GGGAGAGCCACGAGGCTTAG",1,0,"chr15:g.4365090A>C",462]
["G13395","ZNF286B","sense",17,18565409,"A","G","p.S470S",0.0606,198,12,"known","NA",0,"MU17504738",3,"NA","het",0.20007,"ATGAAGGCTTTTCCACACTC","CTACATTTGTACGGTTTCTT",0,0,"chr17:g.8565409A>G",370]
["G13395","GNA11","sense",19,3120995,"C","A","p.R300R",0.05,40,2,"unknown","NA",0,"NA",0,"NA","het",0.15758,"GCCCTCCCCCAGGTCCCCAG","GGGACGCCCAGGCGGCGCGG",1,1,"chr19:g.3120995C>A",73]
["G13395","DACT3","sense",19,47152879,"G","A","p.D25D",0.0625,32,2,"unknown","NA",0,"NA",0,"NA","het",0.30006,"AGGAGCGCCGAGATGTAGCC","TCCAGGGGCCGCCCTGCGCC",1,0,"chr19:g.7152879G>A",40]
["G13395","KRTAP10-7","sense",21,46020542,"T","C","p.S7S",0.1607,56,9,"unknown","NA",0,"NA",0,"NA","het",0.01179,"ATGGCCGCGTCCACTATGTC","GTCTGCTCCAGCGACCTGAG",1,0,"chr21:g.6020542T>C",111]
["G13396","CRYBG2","sense",1,26671658,"G","A","p.V497V",0.1939,294,57,"known","NA",0,"MU1134035",5,"NA","het",0,"GGAGCACCAGGGCCCTTCAC","ACCTCTTTCCAGGTGGGGGA",0,0,"chr1:g.6671658G>A",275]
["G13396","SPRR3","sense",1,152975739,"T","A","p.G81G",0.1774,248,44,"known","NA",0,"MU97124",10,"NA","het",0,"ACCAAGGTCCCTGAGCCAGG","TGTACCAAGGTCCCTGAGCC",0,0,"chr1:g.152975739T>A",257]
["G13396","IGFN1","sense",1,201179598,"T","G","p.G1859G",0.1591,44,7,"known","NA",0,"MU4562496",2,"NA","het",0.33914,"GGTTATAGGAAGGATTTGGG","GCTCCTAAGGGAATAGGTTC",0,0,"chr1:g.201179598T>G",22]
["G13396","PAK2","sense",3,196509544,"T","C","p.D9D",0.1111,72,8,"known","NA",0,"MU1690599",1,"NA","het",0.02921,"GATAACGGAGAACTGGAAGA","AAGCCTCCAGCACCTCCTGT",1,0,"chr3:g.196509544T>C",47]
["G13396","SNX8","sense",7,2317936,"C","A","p.L33L",0.0571,35,2,"unknown","NA",0,"NA",0,"NA","het",0.44872,"TCGATGGCCTGGGGTGTCGG","AGATCTGCAGGGGAGATGGT",1,0,"chr7:g.2317936C>A",17]
["G13396","FOXD4","sense",9,117367,"G","C","p.P251P",0.102,147,15,"known","COSM4163267",2,"MU4551139",2,"NA","het",0.00071,"AGAGCGTAAGGGCGTCTCCC","GGGCCGGTGTTGGGGTAGGC",0,0,"chr9:g.17367G>C",124]
["G13396","MUC5B","sense",11,1268304,"A","G","p.T3398T",0.023,391,9,"known","NA",0,"MU50863594",1,"NA","het",0.03456,"ACCACGGCCACTACGATCAC","GCCACCGGCTCCACCACCAA",1,0,"chr11:g.1268304A>G",466]
["G13396","PLEKHA7","sense",11,16838533,"C","A","p.V560V",0.05,60,3,"unknown","NA",0,"NA",0,9.673,"het",0.55378,"GGCACAGAGATGGAGCGGGG","ACCTCTAGCATGCTCCTGCT",1,0,"chr11:g.6838533C>A",38]
["G13396","HOMEZ","sense",14,23744829,"C","T","p.E536E",0.1058,104,11,"known","NA",0,"MU83270",3,"NA","het",1.39E-3,"TCATCATCATCATCATCTTC","TCCTCCTCCTCCTCCTCTTC",0,0,"chr14:g.3744829C>T",118]
["G13396","HERC2","sense",15,28419740,"G","A","p.H3286H",0.0673,104,7,"known","NA",0,"MU67683",1,"NA","het",0.3228,"GTGCCATTGCCCTGCTGGCC","TGGTCGTTGTCACCCCAAGC",1,0,"chr15:g.8419740G>A",98]
["G13396","CLEC18A","sense",16,69988473,"G","A","p.T151T",0.1345,119,16,"known","NA",0,"MU797105",3,"NA","het",0.02265,"GCCACCTGCACCCACTACAC","CAGGTGAGTGTGCTGCAGGT",0,0,"chr16:g.9988473G>A",123]
["G13396","ZNF57","sense",19,2917048,"C","T","p.T111T",0.2264,106,24,"unknown","NA",0,"NA",0,"NA","het",0,"GAAAAACCATATGAATGCAC","AAGTGCAGGACAGTCTTCAC",1,0,"chr19:g.2917048C>T",123]
["G13396","ATF5","sense",19,50435869,"A","C","p.P123P",0.1058,104,11,"unknown","NA",0,"NA",0,"NA","het",0.03632,"CTAGATGCCCCGCCCCTCCC","CCACCCTCCCCGCCGCCACT",1,0,"chr19:g.0435869A>C",99]
["G13397","TMEM201","sense",1,9661216,"C","A","p.L220L",0.0741,27,2,"unknown","NA",0,"NA",0,9.338,"het",0.31117,"GTCATCCTGCTCCGTGCCCT","GCCTTCCTGGCCTGCGCCTT",1,0,"chr1:g.9661216C>A",26]
["G13397","TCHH","sense",1,152084313,"G","A","p.R460R",0.2095,253,53,"unknown","NA",0,"NA",0,"NA","het",0,"TGCCTCTCCGTCTCCTCCTC","CGCTTCAGCCAATCGCGCCT",1,0,"chr1:g.152084313G>A",405]
["G13397","KCNH8","sense",3,19436676,"A","G","p.Q350Q",0.2857,63,18,"unknown","NA",0,"NA",0,"NA","het",0,"AAGTTAGACCGCTATTCCCA","CACAGTACTATCGTCCTGAC",1,0,"chr3:g.9436676A>G",106]
["G13397","ATRIP","sense",3,48506448,"C","A","p.L731L",0.0513,39,2,"unknown","NA",0,"NA",0,"NA","het",0.18922,"ATGCCGGGGGTCAGCATGCT","ATCCGAGGGCTTCCTGATGT",1,0,"chr3:g.8506448C>A",61]
["G13397","HCN1","sense",5,45645524,"A","G","p.S204S",0.2332,193,45,"unknown","NA",0,"NA",0,"NA","het",0,"TTGGGGTCCAGGATGATTTC","GAACTGTCTTCATTGACAGT",1,0,"chr5:g.5645524A>G",274]
["G13397","KMT2E","sense",7,104753240,"A","C","p.P1679P",0.1728,81,14,"known","NA",0,"MU674488",3,"NA","het",2e-05,"GCTGGACACCACTTACCCCC","CCCCCACCCCCTCCTGGTCC",0,0,"chr7:g.104753240A>C",120]
["G13397","FOXP2","sense",7,114270018,"G","A","p.Q185Q",0.0164,428,7,"known","NA",0,"MU3898519",2,"NA","het",0.00566,"CAGCAGCAGCAGCAGCAACA","CAGCAGCAGCAGCAACAGCA",0,0,"chr7:g.114270018G>A",747]
["G13397","KRTAP5-4","sense",11,1643246,"A","G","p.S26S",0.1803,61,11,"known","NA",0,"MU66129",2,"NA","het",0.00053,"GAGCCACAGCCCCCACAGCC","GAGCCACAGCCCCCACAGCC",0,0,"chr11:g.1643246A>G",67]
["G13397","NXPE2","sense",11,114568856,"A","C","p.A74A",0.1481,108,16,"unknown","NA",0,"NA",0,"NA","het",4e-05,"GAAACACCACTGTGTCCAGC","GTTTCACCAAAAGAGACTGA",1,0,"chr11:g.114568856A>C",139]
["G13397","FOXJ2","sense",12,8196579,"C","T","p.S170S",0.0769,26,2,"unknown","NA",0,"NA",0,"NA","het",0.20363,"TCACCAGAACAGGAGGCAAG","AAGAGCCCACGGGGAGGCGT",1,0,"chr12:g.8196579C>T",39]
["G13397","RBBP6","sense",16,24583592,"G","A","p.K1701K",0.032,250,8,"known","COSM1263881",1,"NA",0,"NA","het",0.00789,"AAGAAGAAAAAGAAGGAAAA","AAAAAACACAAGAAACATAA",1,0,"chr16:g.4583592G>A",304]
["G13397","ZNF385C","sense",17,40189839,"C","A","p.L26L",0.0556,36,2,"unknown","NA",0,"NA",0,"NA","het",0.38113,"TTGAAGTCCAGCGGGGGCTG","AGAGGCCGGGTGGGCAGGGG",1,0,"chr17:g.0189839C>A",27]
["G13397","HCN2","sense",19,603883,"C","A","p.R324R",0.0303,165,5,"unknown","NA",0,"NA",0,"NA","het",0.04151,"AAGACGGCACGCGCCCTGCG","ATCGTGCGCTTCACCAAGAT",1,0,"chr19:g.03883C>A",213]
["G13397","KRTAP10-4","sense",21,45994781,"T","C","p.A382A",0.0488,123,6,"known","COSM6698345",1,"NA",0,"NA","het",0.00781,"CCCGTCCCTTCCTGCTGTGC","CCCACCTCCTCCTGCCAACC",1,0,"chr21:g.5994781T>C",208]
["G13397","RBMX2","sense","X",129545364,"C","A","p.R116R",0.0588,34,2,"unknown","NA",0,"NA",0,"NA","het",0.20216,"TGGATCATGTGTCTAACTAT","GGGCTCCTAAGGACTCAGAA",1,0,"chrX:g.129545364C>A",56]
["G13398","LEPR","sense",1,66067109,"T","C","p.S343S",0.0177,226,4,"known","NA",0,"MU114613",1,"NA","het",0.03112,"CCACCTAAAATTCTGACAAG","GTTGGGTCTAATGTTTCTTT",1,0,"chr1:g.6067109T>C",515]
["G13398","HSD17B7","sense",1,162773301,"G","A","p.T241T",0.0593,118,7,"unknown","NA",0,"NA",0,"NA","het",0.4054,"CTGCCTCCGTTTATATGGAC","CTGTTGATGCCGGCAATATT",1,0,"chr1:g.162773301G>A",233]
["G13398","SNRNP200","sense",2,96967359,"C","A","p.L159L",0.029,138,4,"unknown","NA",0,"NA",0,"NA","het",0.03882,"TCATCTGTTTGACCCAGCAG","AGGTCAATCTCCTTTCGCCT",1,0,"chr2:g.6967359C>A",246]
["G13398","ITGA6","sense",2,173352103,"C","T","p.D694D",0.0241,291,7,"known","NA",0,"MU109819",2,"NA","het",0.0216,"CCCACAAAAGATGGCGATGA","GCCCATGAGGCTAAACTGAT",0,0,"chr2:g.173352103C>T",527]
["G13398","LNP1","sense",3,100170634,"T","C","p.F76F",0.1297,185,24,"known","NA",0,"MU766609",5,"NA","het",0,"TCTCATGAGGACCAAGAATT","CGATGCCGTAGCCACGTACG",0,0,"chr3:g.100170634T>C",366]
["G13398","PAK2","sense",3,196509544,"T","C","p.D9D",0.1818,44,8,"known","NA",0,"MU1690599",1,"NA","het",0.00497,"GATAACGGAGAACTGGAAGA","AAGCCTCCAGCACCTCCTGT",1,0,"chr3:g.196509544T>C",47]
["G13398","LRBA","sense",4,151793891,"G","A","p.L728L",0.0339,118,4,"unknown","NA",0,"NA",0,"NA","het",0.04255,"TCCTTCACTTTTCGATGCCA","AAGTTTGTAGATAACACTGA",1,0,"chr4:g.151793891G>A",203]
["G13398","KIF3A","sense",5,132046670,"C","T","p.E403E",0.0964,83,8,"unknown","NA",0,"NA",0,"NA","het",0.08069,"CCCCTTCTTTTTTTCCTTTT","TCTCCATCTTCTCCAACCTC",1,0,"chr5:g.132046670C>T",106]
["G13398","F13A1","sense",6,6222382,"T","G","p.P332P",0.0178,338,6,"unknown","NA",0,"NA",0,10.86,"het",0.01147,"TAATTGGTAACAATTCTTGC","GGTATTCCAAGGCATCGTAA",1,0,"chr6:g.6222382T>G",610]
["G13398","BACH2","sense",6,90661576,"T","C","p.T83T",0.0909,22,2,"known","NA",0,"MU4564753",1,"NA","het",0.20479,"AGCGGCCCAAAGCCCCTGGC","GTGACCTGCAAAACAAACAG",1,0,"chr6:g.0661576T>C",28]
["G13398","ROS1","sense",6,117710631,"G","A","p.I547I",0.016,312,5,"unknown","NA",0,"NA",0,"NA","het",0.02448,"AGCTGGGAGGATGAGCCAAA","ATGACCAAGTTACCAAACCC",1,1,"chr6:g.117710631G>A",505]
["G13398","TAF2","sense",8,120790304,"T","C","p.T773T",0.028,214,6,"unknown","NA",0,"NA",0,"NA","het",0.01984,"TTGATTAAGTCTAAAATAAA","GTTAAGACTTCTTTAGGACA",1,0,"chr8:g.120790304T>C",266]
["G13398","C5","sense",9,123783934,"T","C","p.G391G",0.0228,219,5,"known","NA",0,"MU154317",2,"NA","het",0.0282,"GCATTCAGTGTTACTGGGAC","CCTCCTACCAACTGGTCAAG",0,0,"chr9:g.123783934T>C",327]
["G13398","BEND7","sense",10,13534794,"C","T","p.K179K",0.0523,172,9,"known","COSM6278436",1,"NA",0,"NA","het",0.15665,"GTCTTTGGGGGCACTTTTTT","TTTTTATTTCTCTTTCGTGA",1,0,"chr10:g.3534794C>T",272]
["G13398","SEC31B","sense",10,102256183,"C","A","p.L714L",0.0541,37,2,"unknown","NA",0,"NA",0,"NA","het",0.19571,"AGAACCATCACCTTCTCCAT","AGGTCCTGTAAGGGCAAGGA",1,0,"chr10:g.102256183C>A",57]
["G13398","BCL9L","sense",11,118771374,"C","A","p.P1026P",0.0513,39,2,"unknown","NA",0,"NA",0,5.851,"het",0.1559,"GAAGAGTTCATGTTGAGAGG","GGCTGCTTGTTCTGGGAGAC",1,1,"chr11:g.118771374C>A",75]
["G13398","PRB3","sense",12,11420988,"G","T","p.G65G",0.098,204,20,"unknown","NA",0,"NA",0,"NA","het",4e-05,"GGGGGACCTTGGGACTGGTT","CCTCCTTGTGGGGGTCGTCC",1,0,"chr12:g.1420988G>T",325]
["G13398","CHAMP1","sense",13,115091543,"C","A","p.I742I",0.025,160,4,"unknown","NA",0,"NA",0,"NA","het",0.04533,"AGCCCTTACAAATGCACAAT","TGTGGAAAGGCTTTTCTTTT",1,0,"chr13:g.115091543C>A",245]
["G13398","SERPINA9","sense",14,94935569,"C","A","p.V185V",0.05,40,2,"unknown","NA",0,"NA",0,"NA","het",0.18634,"CCTTTAAAGAAAATGTGGTT","ACCAGAACCATGGCCGTCAG",1,0,"chr14:g.4935569C>A",58]
["G13398","MRPL28","sense",16,420179,"G","A","p.L14L",0.0526,38,2,"unknown","NA",0,"NA",0,"NA","het",0.17553,"GATGCCCTCCCGCAGCTGCA","CCGCTTCCAGAGCCACACGG",1,0,"chr16:g.20179G>A",62]
["G13398","WSCD1","sense",17,6014245,"C","A","p.L388L",0.0556,36,2,"unknown","NA",0,"NA",0,"NA","het",0.20448,"TACTACTTTGATGGAACCCT","TACAACAAAGGTAAGTCAAA",1,0,"chr17:g.6014245C>A",59]
["G13398","KRTAP4-11","sense",17,39274205,"T","C","p.R121R",0.0581,241,14,"known","NA",0,"MU119470",6,"NA","het",0.28427,"ACAGACTGGCAGCACTGGGG","CTGCAGCAGCTGGACACACA",0,0,"chr17:g.9274205T>C",413]
["G13398","HGS","sense",17,79668552,"C","T","p.G746G",0.0545,55,3,"known","NA",0,"MU66538",2,"NA","het",0.07165,"GCACAGATGGCACCCTCTGG","GGTCCCCCCCAGCAGCAGCC",0,0,"chr17:g.9668552C>T",118]
["G13398","DOCK6","sense",19,11356338,"C","A","p.L308L",0.0588,34,2,"unknown","NA",0,"NA",0,"NA","het",0.16893,"TGGGTGCCATGAGCCCGAAG","AGCCCCTTCATGGAGTCCGA",1,0,"chr19:g.1356338C>A",62]
["G13398","ZNF419","sense",19,58003488,"A","G","p.A57A",0.0536,56,3,"known","NA",0,"MU148637",1,"NA","het",0.04831,"TCGTTTTCCTTAGGACTTGC","TCTTCCAAGACCCATGAAAT",1,0,"chr19:g.8003488A>G",114]
["G13398","ELFN2","sense",22,37770066,"G","T","p.I503I",0.0396,101,4,"known","NA",0,"MU95541",1,"NA","het",0.03595,"CCGGCGCCTGTGCGCACCTC","ATATAGTTGCCTTTGGTGGC",1,0,"chr22:g.7770066G>T",186]
["G13401","PTPRU","sense",1,29647206,"C","A","p.R1230R",0.069,29,2,"unknown","NA",0,"NA",0,"NA","het",0.16338,"TTTCCCTGCAGAGCTACACA","GGAGTGCGGCCTTCATCGTG",1,0,"chr1:g.9647206C>A",51]
["G13401","MYOG","sense",1,203055000,"G","A","p.F30F",0.0702,57,4,"known","COSM36590",1,"NA",0,"NA","het",0.03946,"CGCTCGTAGCCTGGTGGTTC","AAGCCCTGGAGGTGGACAGG",1,0,"chr1:g.203055000G>A",89]
["G13401","RAPH1","sense",2,204305990,"A","G","p.P641P",0.5909,22,13,"unknown","NA",0,"NA",0,"NA","het",0.00022,"GGGGGAGGAGGGGGTGGTGG","GGGGGTGGTGGAGGAGGAGG",1,0,"chr2:g.204305990A>G",18]
["G13401","ADAMTS9","sense",3,64587881,"C","A","p.V1224V",0.069,29,2,"unknown","NA",0,"NA",0,4.517,"het",0.15884,"GCCCTACCTTGCCCACAGGT","ACAGAGCACTAGGTTGAATG",1,0,"chr3:g.4587881C>A",50]
["G13401","DSPP","sense",4,88537036,"C","T","p.D1074D",0.0922,423,39,"unknown","NA",0,"NA",0,"NA","het",4e-05,"GATAGCAGTGACAGCAGTGA","AGCAGCGACAGCAGTGATAG",1,0,"chr4:g.8537036C>T",599]
["G13401","HCRTR2","sense",6,55039571,"C","A","p.I62I",0.0185,270,5,"unknown","NA",0,"NA",0,"NA","het",0.01393,"GTCCTGATCGCCGGGTACAT","ATCGTGTTCGTCGTGGCTCT",1,0,"chr6:g.5039571C>A",520]
["G13401","TNRC18","sense",7,5352635,"T","G","p.S2629S",0.0833,84,7,"known","NA",0,"MU5455704",1,0.02,"het",6.3E-3,"GAGGAGGAGGAAGAGGAGGA","GAGGAGGAGGAGGAGGAGGA",1,0,"chr7:g.5352635T>G",100]
["G13401","CNTNAP3","sense",9,39103904,"G","A","p.F791F",0.1026,78,8,"unknown","NA",0,"NA",0,"NA","het",0.13048,"TTGAAGGAAGCTGAATTCCA","AATGACTCTGTTTACAATAG",1,0,"chr9:g.9103904G>A",77]
["G13401","KRTAP5-5","sense",11,1651211,"C","A","p.G47G",0.1057,123,13,"known","NA",0,"MU4547277",4,"NA","het",0.00013,"GGCTGTGGAGGCTGTGGGGG","TGTGGCTCCGGCTGTGCGGG",0,0,"chr11:g.1651211C>A",136]
["G13401","WNT11","sense",11,75905857,"C","A","p.L117L",0.0645,31,2,"unknown","NA",0,"NA",0,"NA","het",0.15485,"TGGCTGATGGCGGCGGCCGA","AGCGCATACACGAAGGCCGA",1,0,"chr11:g.5905857C>A",59]
["G13401","POLR3B","sense",12,106751720,"G","A","p.P21P",0.0262,229,6,"unknown","NA",0,"NA",0,"NA","het",0.01083,"CAGCTGGCGGCGCCGATCCC","ACTGTAGAGGTCAGTGCCAG",1,0,"chr12:g.106751720G>A",411]
["G13401","NARFL","sense",16,784867,"C","A","p.V148V",0.0645,31,2,"unknown","NA",0,"NA",0,3.164,"het",0.26271,"GCGGTGTCGAAGACGAAGTG","ACCCCTGGAAGGTGAAGGTG",1,0,"chr16:g.84867C>A",31]
["G13401","IRX3","sense",16,54318791,"G","A","p.C334C",0.0968,62,6,"known","COSM3691049",1,"MU166974",1,0.724,"het",0.00552,"GCGGGGGCTGGTGCGGGAGC","CAGGGGTCCAGGCTCACGGG",0,0,"chr16:g.4318791G>A",94]
["G13401","ONECUT3","sense",19,1754555,"G","A","p.P298P",0.1176,17,2,"unknown","NA",0,"NA",0,"NA","het",0.1314,"GCGGCCGGGGCGCACGGGCC","CACGGGGGAGGCGGCGGCCC",1,0,"chr19:g.1754555G>A",32]
["G13401","KIR2DL3","sense",19,55263126,"G","C","p.L247L",0.061,164,10,"known","NA",0,"MU41345024",1,"NA","het",0.36889,"CCCAGACACCTGCATGTTCT","ATTGGGACCTCAGTGGTCAT",1,0,"chr19:g.5263126G>C",172]
["G13401","PPP1R12C","sense",19,55604010,"A","C","p.A642A",0.0952,21,2,"unknown","NA",0,"NA",0,"NA","het",0.17143,"CTGGACTCCTGGCTGCGGTC","GCCGGCTCCGCCTCCTCCCC",1,0,"chr19:g.5604010A>C",33]
["G13401","STARD8","sense","X",67940190,"G","A","p.V578V",0.0556,36,2,"unknown","NA",0,"NA",0,"NA","het",0.17237,"GTGCCACCCCTCATCCACGT","CAGCGCACGGGCCAGCCACT",1,0,"chrX:g.7940190G>A",79]
["G13402","ADGRB2","sense",1,32208449,"A","G","p.A414A",0.0513,39,2,"unknown","NA",0,"NA",0,"NA","het",0.24675,"TGCTACTGACCCGGGCAGGC","GCCATACTGCAGAGCTTAGT",1,0,"chr1:g.2208449A>G",46]
["G13402","KCNN3","sense",1,154680545,"T","A","p.A701A",0.1525,118,18,"unknown","NA",0,"NA",0,"NA","het",0,"GGGGTGTGGGTGGTGCCCAC","GCCACGCTGACACCCCGGGC",1,0,"chr1:g.154680545T>A",161]
["G13402","CFAP65","sense",2,219892489,"C","A","p.V633V",0.1071,28,3,"unknown","NA",0,"NA",0,"NA","het",0.05732,"ACGTCGCAGCTCTCTGGAGT","ACCCAGAAGGGGCAGTCAGA",1,0,"chr2:g.219892489C>A",50]
["G13402","FAM193A","sense",4,2702228,"G","A","p.K1152K",0.0741,81,6,"unknown","NA",0,"NA",0,"NA","het",0.00951,"CAGCCAAAGGGCAAGAACAA","AAAAATAAGAAGAAGAAAGG",1,0,"chr4:g.2702228G>A",123]
["G13402","DSPP","sense",4,88537045,"C","T","p.D1077D",0.0909,330,30,"known","NA",0,"MU4598793",1,"NA","het",0.00087,"GACAGCAGTGACAGCAGCGA","AGCAGTGATAGCAGTGAAAG",1,0,"chr4:g.8537045C>T",540]
["G13402","PCDH10","sense",4,134084415,"G","A","p.A1027A",0.5,34,17,"unknown","NA",0,"NA",0,"NA","het",0,"CTGCTGACTAATACGCGAGC","CCTTACAAACCACCATATTT",1,0,"chr4:g.134084415G>A",78]
["G13402","TNRC18","sense",7,5352635,"T","G","p.S2629S",0.1399,143,20,"known","NA",0,"MU5455704",1,0.02,"het",5e-05,"GAGGAGGAGGAAGAGGAGGA","GAGGAGGAGGAGGAGGAGGA",1,0,"chr7:g.5352635T>G",100]
["G13402","EPHA1","sense",7,143095510,"C","T","p.V456V",0.5833,120,70,"unknown","NA",0,"NA",0,"NA","het",0,"AGTTGCCTCGGTTCTTTCTT","ACCAGTCTCAGAGACAGGCC",1,0,"chr7:g.143095510C>T",254]
["G13402","CNTNAP3","sense",9,39103904,"G","A","p.F791F",0.1077,65,7,"unknown","NA",0,"NA",0,"NA","het",0.12276,"TTGAAGGAAGCTGAATTCCA","AATGACTCTGTTTACAATAG",1,0,"chr9:g.9103904G>A",77]
["G13402","EGR2","sense",10,64573489,"T","G","p.A303A",0.0536,56,3,"known","NA",0,"MU4859620",1,0,"het",0.08315,"TAGGCGGCGGCGGCGGCGGC","GCTGCTGCTGCTGAGCTGCT",1,0,"chr10:g.4573489T>G",86]
["G13402","RAG1","sense",11,36597944,"C","A","p.G1030G",0.0242,165,4,"unknown","NA",0,"NA",0,"NA","het",0.0292,"AGCTTAGGGGACCCATTAGG","ATAGAGGACTCTCTGGAAAG",1,0,"chr11:g.6597944C>A",321]
["G13402","POLR3B","sense",12,106751720,"G","A","p.P21P",0.3889,288,112,"unknown","NA",0,"NA",0,"NA","het",0,"CAGCTGGCGGCGCCGATCCC","ACTGTAGAGGTCAGTGCCAG",1,0,"chr12:g.106751720G>A",411]
["G13402","SACS","sense",13,23910911,"T","C","p.A2221A",0.4199,231,97,"unknown","NA",0,"NA",0,"NA","het",0,"GGCAACTGATAAAGGTATGG","GCCGCCTCAAAATTTAAATG",1,0,"chr13:g.3910911T>C",383]
["G13402","LOC283710","sense",15,31521513,"G","T","p.P23P",0.1869,107,20,"unknown","NA",0,"NA",0,"NA","het",0,"CTCTGGTGGGGCCGGGGGGG","GGTGGTGTCCCAAATCTGAT",1,0,"chr15:g.1521513G>T",171]
["G13402","TEX2","sense",17,62232324,"G","A","p.C936C",0.0513,39,2,"unknown","NA",0,"NA",0,"NA","het",0.20756,"AGACAGAATGCCCGGGGCCT","CAACTGGACAGAGAGAGAGT",1,0,"chr17:g.2232324G>A",54]
["G13402","CRTC1","sense",19,18879441,"A","C","p.P386P",0.0662,136,9,"known","COSM6233860",1,"NA",0,"NA","het",0.04729,"CCACCACCCCCGCCACCCCC","CAGGCGCCCGTCCGCCTGCC",1,1,"chr19:g.8879441A>C",152]
["G13402","PRR12","sense",19,50098495,"A","C","p.P301P",0.0311,193,6,"known","COSM5963681",2,"NA",0,"NA","het",0.02141,"CCAGCCAGTGCCCAGCCCCC","CCACCCCCGCCACCAGCCCA",0,0,"chr19:g.0098495A>C",229]
["G13402","ATP5E","sense",20,57607277,"G","A","p.L10L",0.3821,246,94,"unknown","NA",0,"NA",0,"NA","het",0,"CTGGAGGCCTGGGCCTACCT","AGTCCAGCCTGTCTCCAGTA",1,0,"chr20:g.7607277G>A",250]
["G13402","NLGN4Y","sense","Y",16952347,"T","C","p.N384N",0.1176,85,10,"known","COSM6309180",2,"NA",0,"NA","het",0.01561,"TTCATTCATACAAAACCCAA","CGCTTTGAAGAAGTGGCCTG",0,0,"chrY:g.6952347T>C",297]
["G13404","CASQ2","sense",1,116243868,"A","G","p.D398D",0.0224,268,6,"unknown","NA",0,"NA",0,"NA","het",0.01179,"TGTTTGGAGTTGGGCTATTC","TCATCATCGTCATCACTGTC",1,0,"chr1:g.116243868A>G",444]
["G13404","BCAN","sense",1,156617469,"C","T","p.T212T",0.4167,24,10,"unknown","NA",0,"NA",0,"NA","het",8e-05,"GGCTGGCTGTCGGATCAGAC","GTGAGGTGGGCAGGGGCTGT",1,0,"chr1:g.156617469C>T",32]
["G13404","SOAT1","sense",1,179310439,"C","T","p.F200F",0.082,61,5,"known","NA",0,"MU75280",1,"NA","het",0.03257,"TCCCGGTTCATCATTATATT","GAGCAGGTAAGGTTTTAAGT",1,0,"chr1:g.179310439C>T",73]
["G13404","COMMD1","sense",2,62362995,"T","C","p.D98D",0.0289,242,7,"unknown","NA",0,"NA",0,10.46,"het",0.00853,"TTTCTGTGTTTGGAATTTGA","GAGGTCAAAGTCAACCAAAT",1,0,"chr2:g.2362995T>C",327]
["G13404","TGFBRAP1","sense",2,105924510,"A","G","p.R83R",0.0382,157,6,"unknown","NA",0,"NA",0,"NA","het",0.01405,"CTGTTGAGTGCTGAGGCCGC","CGCAGCTCGTTCACGGGCTT",1,0,"chr2:g.105924510A>G",203]
["G13404","SMARCAL1","sense",2,217279631,"T","G","p.G68G",0.403,263,106,"unknown","NA",0,"NA",0,"NA","het",0,"TGTAAGCCAGTGAGCCATGG","GTCATTTTCAAGCAACAGAA",1,0,"chr2:g.217279631T>G",427]
["G13404","CAPN10","sense",2,241534451,"C","G","p.L336L",0.22,50,11,"unknown","NA",0,"NA",0,"NA","het",0.00015,"TTCTCACTAGAGAGGCTGCT","TGCCATACGCGGGCGCTGCC",1,0,"chr2:g.241534451C>G",84]
["G13404","HTT","sense",4,3076699,"T","G","p.P49P",0.0542,166,9,"unknown","NA",0,"NA",0,"NA","het",0.2093,"CCGCCGCCGCCGCCGCCTCC","CAGCTTCCTCAGCCGCCGCC",1,0,"chr4:g.3076699T>G",131]
["G13404","BMP2K","sense",4,79792118,"G","A","p.Q471Q",0.0183,218,4,"known","COSM5484721",1,"MU51064502",1,2.853,"het",0.04719,"CAGCAGCAGCAACAGCAACA","CAGCAGCAGCAACAGCAACA",0,0,"chr4:g.9792118G>A",346]
["G13404","DSPP","sense",4,88537357,"T","C","p.S1181S",0.0262,420,11,"unknown","NA",0,"NA",0,"NA","het",0.0206,"AGTGACAGCAGCAATAGCAG","GATAGCAGCGACAGCAGTGA",1,0,"chr4:g.8537357T>C",720]
["G13404","GLRA3","sense",4,175688141,"G","A","p.S80S",0.0392,102,4,"known","NA",0,"MU84243",4,"NA","het",0.02675,"GTCTCTGCGATAGAGCCAAA","CTGTTGATGAATATGTTGCA",0,0,"chr4:g.175688141G>A",197]
["G13404","TRIM26","sense",6,30166521,"C","A","p.L120L",0.0462,65,3,"unknown","NA",0,"NA",0,"NA","het",0.04807,"GACTCCCGGCACATCACGCA","AGCAGCTTCCCGTCGTCCTC",1,0,"chr6:g.0166521C>A",144]
["G13404","UBR2","sense",6,42571346,"A","T","p.S184S",0.0694,72,5,"known","NA",0,"MU146002",1,"NA","het",0.01653,"GATCCTCTTGTTCATTTATC","GAAGATGTGATAGCAAGAAC",1,0,"chr6:g.2571346A>T",124]
["G13404","ECT2L","sense",6,139206940,"C","A","p.I744I",0.0889,45,4,"unknown","NA",0,"NA",0,"NA","het",0.0278,"ACCACTGCAATTGACCAAAT","AAAAAATATAAAGGTTATAT",1,1,"chr6:g.139206940C>A",85]
["G13404","VWC2","sense",7,49815592,"C","T","p.C187C",0.0298,168,5,"unknown","NA",0,"NA",0,"NA","het",0.01746,"ACCGAGGAGGGGCCGCTGTG","GCGCAGCCCGAGTGCCCGAG",1,0,"chr7:g.9815592C>T",304]
["G13404","EFCAB1","sense",8,49642357,"G","A","p.N79N",0.0233,172,4,"known","COSM328230",1,"NA",0,9.426,"het",0.04894,"GATGGCTGTTTGAGAAGGCT","TTCTTCAACATGTGAAACAT",1,0,"chr8:g.9642357G>A",258]
["G13404","ABRA","sense",8,107782335,"G","A","p.S28S",0.04,100,4,"unknown","NA",0,"NA",0,"NA","het",0.0391,"TGCTGCCAACCTCGGGCCAA","CTGATGACCAGGGTGGCTGT",1,0,"chr8:g.107782335G>A",175]
["G13404","DGAT1","sense",8,145550162,"C","A","p.A46A",0.05,40,2,"unknown","NA",0,"NA",0,"NA","het",0.24074,"TTGTTGGGGGCCGGGGCTGG","GCGTCCCCCGCGGCTCCCAC",1,0,"chr8:g.145550162C>A",45]
["G13404","SPTAN1","sense",9,131388146,"C","T","p.S2031S",0.3176,318,101,"unknown","NA",0,"NA",0,"NA","het",0,"GCCGCCAAACACGTTCAGTC","AAGGCCATCGAGGCCCGGCA",1,1,"chr9:g.131388146C>T",357]
["G13404","NKX6-2","sense",10,134599090,"C","A","p.V121V",0.1818,11,2,"unknown","NA",0,"NA",0,"NA","het",0.04148,"CTCCAGGGCGCGCCCTGCAC","ACGCCGGGCCAGAAGATGGG",1,0,"chr10:g.134599090C>A",49]
["G13404","CCDC34","sense",11,27360383,"G","A","p.C369C",0.0219,183,4,"unknown","NA",0,"NA",0,"NA","het",0.03897,"ATACGCTATCTTTGTATTCT","CACAGAGTTCCAAGGCAAAG",1,0,"chr11:g.7360383G>A",323]
["G13404","MAML2","sense",11,95825254,"C","T","p.Q647Q",0.0191,262,5,"known","COSM933634",4,"MU137843",2,"NA","het",0.01478,"TGTTGTTGCTGCTGCTGCTG","TGTTGTTGCTGCTGCTGCTG",0,1,"chr11:g.5825254C>T",491]
["G13404","DIAPH3","sense",13,60240829,"C","T","p.A1111A",0.0144,348,5,"unknown","NA",0,"NA",0,"NA","het",0.03102,"CTGTTGCTTTCTACATTACA","GCTTCCTTCTTCTCAGCTGC",1,0,"chr13:g.0240829C>T",554]
["G13404","SLC12A6","sense",15,34551082,"G","A","p.L144L",0.0169,237,4,"known","NA",0,"MU138517",2,"NA","het",0.04033,"TTCCTTTGCTCCTTGAGTCA","ATTAGTGTAATTGGCCATGC",0,0,"chr15:g.4551082G>A",402]
["G13404","KNL1","sense",15,40915894,"T","C","p.N1144N",0.0372,215,8,"known","NA",0,"MU154948",1,"NA","het",0.03904,"TGTAAAACTCTCCTGCCAAA","GAAATAGCTATTAGGCCCAT",1,0,"chr15:g.0915894T>C",342]
["G13404","MLYCD","sense",16,83941821,"G","A","p.S244S",0.0325,123,4,"known","NA",0,"MU119073",1,"NA","het",0.0401,"TACTTCTTTTCTCACTGTTC","ACCCCTGGGGAGCCCCTGGT",1,0,"chr16:g.3941821G>A",183]
["G13404","ANKRD11","sense",16,89349776,"C","T","p.E1058E",0.0259,270,7,"unknown","NA",0,"NA",0,8.373,"het",0.04623,"TTTTCCTTGGTATCTTTTTT","TCTTTAAAACATTTATCAAA",1,0,"chr16:g.9349776C>T",450]
["G13404","KCNJ2","sense",17,68172326,"C","T","p.L382L",0.0146,343,5,"known","NA",0,"MU110740",2,"NA","het",0.03545,"TATGAAAATGAAGTTGCCCT","ACAAGCAAAGAGGAAGACGA",0,0,"chr17:g.8172326C>T",531]
["G13404","SKOR2","sense",18,44773467,"C","G","p.P696P",0.3,10,3,"unknown","NA",0,"NA",0,"NA","het",0.04099,"GGGGGCGGCGGCGGCGGCGG","GGCGGGGCCGGGTGGTGGCG",1,0,"chr18:g.4773467C>G",47]
["G13404","ZNF407","sense",18,72344238,"C","T","p.L421L",0.031,129,4,"unknown","NA",0,"NA",0,"NA","het",0.01329,"AGACCTGAGCGAAATATTCT","GTGTTGGGTAATAGCTTTCG",1,0,"chr18:g.2344238C>T",353]
["G13404","ZNF676","sense",19,22363844,"G","A","p.Y225Y",0.1615,192,31,"known","NA",0,"MU4585810",2,"NA","het",0,"TTGCCACATTCTTCACATTT","TAGGGTTTCTCTCCAGTATG",0,0,"chr19:g.2363844G>A",313]
["G13404","ZNF480","sense",19,52825235,"A","G","p.S201S",0.0336,149,5,"unknown","NA",0,"NA",0,"NA","het",0.03464,"AAGGTCTTTAGTCGCAATTC","CACCTTGCAGAACATTGTAG",1,0,"chr19:g.2825235A>G",173]
["G13404","KIR2DL3","sense",19,55263126,"G","C","p.L247L",0.0952,105,10,"known","NA",0,"MU41345024",1,"NA","het",0.10196,"CCCAGACACCTGCATGTTCT","ATTGGGACCTCAGTGGTCAT",1,0,"chr19:g.5263126G>C",173]
["G13404","SPECC1L","sense",22,24717518,"G","A","p.T190T",0.0268,224,6,"known","NA",0,"MU140429",3,"NA","het",0.00808,"AAAGTGAAGGATCTTCTCAC","CTGGCAAAAACCAAAGACGT",0,0,"chr22:g.4717518G>A",392]
["G13404","CHIC1","sense","X",72804387,"T","C","p.P162P",0.0571,35,2,"unknown","NA",0,"NA",0,"NA","het",0.38636,"CTGGGTTGCAGCCTATGGCC","GTTATTTGTCTCAACAAAAG",1,0,"chrX:g.2804387T>C",26]
["G13406","CLCNKB","sense",1,16375064,"A","C","p.A214A",0.0394,127,5,"unknown","NA",0,"NA",0,"NA","het",0.02379,"GGCGTGGCCACAGTCTTTGC","GCTCCCTTCAGCGGTGAGAC",1,0,"chr1:g.6375064A>C",185]
["G13406","HS6ST1","sense",2,129025928,"G","A","p.Y348Y",0.0662,151,10,"known","NA",0,"MU94561",3,"NA","het",0.072,"AAGAGGTCCTTGGCGTAGTC","TACAGCTGCATGTCCAGGTC",0,0,"chr2:g.129025928G>A",235]
["G13406","RUBCN","sense",3,197430425,"C","T","p.A128A",0.2051,117,24,"unknown","NA",0,"NA",0,0.217,"het",0,"CTTGTCCCCTGTACCATGGA","GCATCGATCTGAGCCAGGAG",1,0,"chr3:g.197430425C>T",190]
["G13406","PABPC4L","sense",4,135121104,"C","T","p.L415L",0.2242,165,37,"unknown","NA",0,"NA",0,"NA","het",0,"ATGCTAAGAGGTTTGGAGCC","AAGATGCGGCCATTCATCTC",1,0,"chr4:g.135121104C>T",291]
["G13406","PRRC2A","sense",6,31597462,"G","C","p.P698P",0.2121,33,7,"unknown","NA",0,"NA",0,"NA","het",0.04075,"GCTCCACAGGCTCCACCCCC","CCCCCCAAGGCCCTGTACCC",1,0,"chr6:g.1597462G>C",33]
["G13406","SPACA1","sense",6,88757653,"C","T","p.A10A",0.2917,96,28,"unknown","NA",0,"NA",0,"NA","het",0,"AGGGGCACGGGCTGCTCCGC","GGGCTGCTGATGACTGTCGG",1,0,"chr6:g.8757653C>T",145]
["G13406","CACNA1B","sense",9,140918063,"G","A","p.A956A",0.5,22,11,"unknown","NA",0,"NA",0,"NA","het",0.00083,"GCCAAGGGCGAGCGGCGCGC","CGGCACCGCGGCGGCCCCCG",1,0,"chr9:g.140918063G>A",23]
["G13406","NCAM1","sense",11,113092029,"T","C","p.T357T",0.1406,128,18,"unknown","NA",0,"NA",0,"NA","het",4e-05,"TTTCTCCAGGCTTCGTGGAC","CGACCAGAGAAGCAAGAGGT",1,0,"chr11:g.113092029T>C",127]
["G13406","RNASE6","sense",14,21250134,"C","T","p.C92C",0.2443,131,32,"unknown","NA",0,"NA",0,"NA","het",0,"AAAAATCGTCGGCACAACTG","CACCAGAGCTCAAAGCCTGT",1,0,"chr14:g.1250134C>T",155]
["G13406","ERCC4","sense",16,14029250,"G","A","p.K487K",0.0682,88,6,"known","COSM5724228",4,"NA",0,"NA","het",0.19366,"AAAGAAAGAACCCTCAAAAA","AAAAAACGGAAGTTGACCTT",0,1,"chr16:g.4029250G>A",125]
["G13406","ARHGAP17","sense",16,24950690,"G","A","p.D573D",0.2353,51,12,"unknown","NA",0,"NA",0,"NA","het",0.00022,"AGTCAGCCTCCTTACCTGCC","TCGCCTGGGCTCGGCCCCTG",1,0,"chr16:g.4950690G>A",56]
["G13406","SULT1A2","sense",16,28606953,"G","A","p.G64G",0.0619,97,6,"known","COSM3690892",1,"MU98750",1,"NA","het",0.04886,"TGACACTTTTCCAGGTCACC","CCCTGGTAGATCATGTCCAG",0,0,"chr16:g.8606953G>A",132]
["G13406","SEZ6L2","sense",16,29898990,"C","A","p.S282S",0.1,20,2,"unknown","NA",0,"NA",0,"NA","het",0.14902,"CGGTCATTGTCCTCATCCAG","GAGACCCTTTCAAAGTGCAG",1,0,"chr16:g.9898990C>A",33]
["G13406","DNAH9","sense",17,11711067,"C","A","p.I2813I",0.0741,27,2,"unknown","NA",0,"NA",0,"NA","het",0.24528,"AGCTGCCATATCAATCGCAT","TTGGAGTCCCCGCGGGGAAA",1,0,"chr17:g.1711067C>A",30]
["G13406","TNFRSF13B","sense",17,16843080,"G","A","p.S221S",0.0545,55,3,"unknown","NA",0,"NA",0,"NA","het",0.1285,"TCCACTGGCTCGGGGGATGT","CTCACAGGGCTGCCGGCTTC",1,0,"chr17:g.6843080G>A",79]
["G13406","ABHD15","sense",17,27893130,"C","A","p.L285L",0.08,25,2,"unknown","NA",0,"NA",0,"NA","het",0.2449,"AGGGCGATCTTCTGGTGGAG","AGAAAGCCCCGCTCGTAGGG",1,0,"chr17:g.7893130C>A",27]
["G13406","KRTAP4-3","sense",17,39324368,"G","A","p.L19L",0.5183,164,85,"known","COSM3517258",1,"MU4412471",2,"NA","het",0,"CGGCAGCAGCTCTCCTGGCC","AGACCTTGACCACAGCTCTG",0,0,"chr17:g.9324368G>A",203]
["G13406","KRTAP9-7","sense",17,39432066,"G","T","p.V39V",0.0412,170,7,"known","COSM2840318",2,"MU22749264",1,"NA","het",0.00887,"TGCCAGCCCTCCTGCTGTGT","TCCAGCTGCTGCCAGCCTTG",0,0,"chr17:g.9432066G>T",224]
["G13406","CCDC40","sense",17,78063964,"A","G","p.A953A",0.0877,171,15,"known","NA",0,"MU4557416",2,"NA","het",0.00267,"TGCAGAACAACACAGGACGC","CACAGGCACGTGCACGAACA",0,0,"chr17:g.8063964A>G",154]
["G13406","PIEZO2","sense",18,10705735,"C","A","p.T1753T",0.1538,13,2,"unknown","NA",0,"NA",0,"NA","het",0.3083,"GAGTACAGCATGGTACACTG","GTGGGCTCGCTGTTGGGAGA",1,0,"chr18:g.0705735C>A",12]
["G13406","RAX","sense",18,56936518,"G","A","p.G253G",0.0588,34,2,"unknown","NA",0,"NA",0,"NA","het",0.2323,"AGGCTCTGCAGCGCCGTGGC","CCCCCGCCCGGCAGCGGCGG",1,0,"chr18:g.6936518G>A",53]
["G13406","SF3A2","sense",19,2248185,"A","T","p.P345P",0.0851,47,4,"known","NA",0,"MU113563",1,"NA","het",0.19453,"CCAGCCCCCGGGGTTCACCC","CCAGCCCCCGGAGTCCACCC",1,0,"chr19:g.2248185A>T",42]
["G13406","LRRC8E","sense",19,7965747,"G","A","p.T651T",0.0952,21,2,"unknown","NA",0,"NA",0,"NA","het",0.31532,"GGGCTCCTGGTGGAAGACAC","CTTTACCAGGGTCTGCCGGC",1,0,"chr19:g.7965747G>A",18]
["G13406","CCDC105","sense",19,15121682,"C","A","p.R15R",0.069,29,2,"unknown","NA",0,"NA",0,"NA","het",0.20139,"GAGCGCAGCCAGGACACACG","GTTGGGGCCCCAGCATGGCG",1,0,"chr19:g.5121682C>A",43]
["G13406","MAP1S","sense",19,17838933,"C","T","p.L888L",0.1944,36,7,"unknown","NA",0,"NA",0,"NA","het",0.00861,"AGAAGGGAGGCCGGGCACCC","TGTCCAGAAAGTCCTCAACC",1,0,"chr19:g.7838933C>T",38]
["G13406","ZNF676","sense",19,22363460,"A","G","p.T353T",0.0808,99,8,"known","NA",0,"MU122127",2,"NA","het",0.08165,"GTATGAATAATCTTATGTTT","GTAAGGATTGAGGATCGATT",0,0,"chr19:g.2363460A>G",153]
["G13406","ZNF676","sense",19,22363844,"G","A","p.Y225Y",0.0846,130,11,"known","NA",0,"MU4585810",2,"NA","het",0.12572,"TTGCCACATTCTTCACATTT","TAGGGTTTCTCTCCAGTATG",0,0,"chr19:g.2363844G>A",221]
["G13406","UQCRFS1","sense",19,29698824,"G","A","p.I152I",0.128,125,16,"unknown","NA",0,"NA",0,"NA","het",3e-05,"ATATCGGATAACTTGATTTC","ATTTTCGCCAGGGCCAACAC",1,0,"chr19:g.9698824G>A",186]
["G13406","ZNF30","sense",19,35434155,"C","A","p.G96G",0.0833,24,2,"unknown","NA",0,"NA",0,"NA","het",0.17922,"TTGGAAGATGATACAATCGG","TGTAAAGAAATGCCCACCTC",1,0,"chr19:g.5434155C>A",38]
["G13406","CYP2S1","sense",19,41712312,"C","T","p.V478V",0.2098,224,47,"unknown","NA",0,"NA",0,"NA","het",0,"CTGAGCCTCAAGCCCACCGT","AGTGGCCTTTTCAACATTCC",1,0,"chr19:g.1712312C>T",315]
["G13406","GSK3A","sense",19,42740761,"G","A","p.V221V",0.375,72,27,"unknown","NA",0,"NA",0,"NA","het",0,"CCCACCTGCTGGCCTACCTT","ACATAGAGGATAGGGATGGT",1,0,"chr19:g.2740761G>A",109]
["G13406","BICRA","sense",19,48205306,"G","C","p.L1439L",0.1898,137,26,"unknown","NA",0,"NA",0,"NA","het",0,"GCGGCCGTGGAGGACGAGCT","TACCAGCGTATGCTGAAGGG",1,0,"chr19:g.8205306G>C",171]
["G13406","SCAF1","sense",19,50150086,"G","A","p.T159T",0.3962,53,21,"unknown","NA",0,"NA",0,"NA","het",0,"GCCTGGAGGACGGGCAAAAC","GGTATGTGGGGCCAGGGCGG",1,0,"chr19:g.0150086G>A",65]
["G13406","CEACAM18","sense",19,51983894,"C","A","p.G120G",0.0556,36,2,"unknown","NA",0,"NA",0,"NA","het",0.22703,"ACTGTTCGGGTGGTTGCAGG","AATGAGACCCAAAGAGCAAC",1,0,"chr19:g.1983894C>A",48]
["G13406","ZNF814","sense",19,58385762,"C","G","p.S332S",0.1939,98,19,"known","NA",0,"MU69856",13,"NA","het",0.0007,"AAGCTAGCATATTTGCTAAA","GATTTCCCACATTCTCCACA",0,0,"chr19:g.8385762C>G",141]
["G13406","DZANK1","sense",20,18434436,"C","T","p.K138K",0.0286,210,6,"unknown","NA",0,"NA",0,"NA","het",0.0346,"TCAGAGTTCTTATATTTTTT","TTTAGTTTTGATCCAACAAA",1,0,"chr20:g.8434436C>T",214]
["G13406","RBBP9","sense",20,18470519,"G","A","p.A150A",0.1648,261,43,"unknown","NA",0,"NA",0,"NA","het",0,"AATTTGGTTTCCAACCTATC","GCCACTTCTTGTTGTTCCTT",1,0,"chr20:g.8470519G>A",311]
["G13406","OPRL1","sense",20,62729870,"G","A","p.T272T",0.1471,204,30,"unknown","NA",0,"NA",0,"NA","het",0,"GTGTTCGTGGGCTGCTGGAC","CCTGTCCAGGTCTTCGTGCT",1,0,"chr20:g.2729870G>A",218]
["G13406","KRTAP7-1","sense",21,32201951,"A","G","p.H22H",0.0526,38,2,"unknown","NA",0,"NA",0,"NA","het",0.16083,"GGGGTGGCTCTGAAGGTCCC","TGGAAGTTGGTCCCATAGAA",1,0,"chr21:g.2201951A>G",69]
["G13406","TTC3","sense",21,38569985,"G","A","p.Q1588Q",0.0783,115,9,"unknown","NA",0,"NA",0,8.354,"het",0.0248,"GAACACATTCTAGATGAACA","AAAAAGAAAAAGGTATTTTA",1,0,"chr21:g.8569985G>A",197]
["G13406","DYRK1A","sense",21,38878433,"A","G","p.R488R",0.0625,32,2,"unknown","NA",0,"NA",0,"NA","het",0.16951,"GGGACAAGCAACAGTGGGAG","GCCCGGTCGGATCCGACGCA",1,0,"chr21:g.8878433A>G",59]
["G13406","COL6A2","sense",21,47542030,"C","T","p.P510P",0.213,108,23,"known","COSM4673966",2,"NA",0,"NA","het",0,"GTCCTCCTCCAGGGAGACCC","GGCAGGCCTGGATTCAGCTA",0,0,"chr21:g.7542030C>T",241]
["G13406","BCR","sense",22,23523543,"C","A","p.R132R",0.0645,31,2,"unknown","NA",0,"NA",0,"NA","het",0.2541,"GCCAGGCCCGGGACCGCCCG","AGGCCCGGGGCAGCCGCGTC",1,1,"chr22:g.3523543C>A",46]
["G13406","RTCB","sense",22,32792226,"T","C","p.V275V",0.0625,32,2,"unknown","NA",0,"NA",0,"NA","het",0.21142,"TTCATGGCCTTCTCCATAGC","ACCAGCGCATCTGGAACAAG",1,0,"chr22:g.2792226T>C",45]
["G13406","ARSA","sense",22,51063774,"C","A","p.L443L",0.0513,39,2,"unknown","NA",0,"NA",0,"NA","het",0.27434,"GCCCCGGCCACACCCCCCAG","AGGTTGTAGTTCTCACCAGG",1,0,"chr22:g.1063774C>A",38]
["G13406","PNCK","sense","X",152936760,"C","A","p.L281L",0.1053,19,2,"known","COSM1151537",1,"MU1317682",1,"NA","het",0.25676,"AGGATGTAGGAGATGACGCC","AGGGCCCACACATCTACGGC",0,0,"chrX:g.152936760C>A",24]
["G13406","FLNA","sense","X",153581201,"G","A","p.Y2098Y",0.2913,103,30,"unknown","NA",0,"NA",0,"NA","het",0,"TTGCCTGGCTCTGTGGGGCA","TAGGTGACCCTGCACGTCCC",1,1,"chrX:g.153581201G>A",95]
["G13407","NASP","sense",1,46073618,"A","G","p.P281P",0.05,140,7,"known","NA",0,"MU1689845",1,"NA","het",0.01709,"CCACCTGCTGAAGAGTCACC","GAGGTGACAACAGAGGCTGC",1,0,"chr1:g.6073618A>G",147]
["G13407","FCGR3B","sense",1,161596014,"A","G","p.D202D",0.05,180,9,"known","NA",0,"MU2246355",1,2.717,"het",0.01061,"CTGCAGAAGTAGGAGCCGCT","TCTTTGAGTGTGGCTTTTGG",1,0,"chr1:g.161596014A>G",226]
["G13407","CEP350","sense",1,179993692,"G","A","p.K1175K",0.0693,101,7,"unknown","NA",0,"NA",0,"NA","het",0.18451,"TCTACTTCTTCTAAAGGAAA","AAAGGAAAAAAGGAAAAGAC",1,0,"chr1:g.179993692G>A",95]
["G13407","FBXO28","sense",1,224345439,"T","C","p.N366N",0.05,40,2,"unknown","NA",0,"NA",0,"NA","het",0.28878,"AAATCTAAACGTCTTCGGAA","AGAAAGTAAATTGGAATGTG",1,0,"chr1:g.224345439T>C",36]
["G13407","GDF7","sense",2,20870477,"C","T","p.D215D",0.1698,53,9,"unknown","NA",0,"NA",0,"NA","het",0.00417,"GAGGCGTTCGACGTGGCGGA","GCCATGAGGCGCCACCGTCG",1,0,"chr2:g.0870477C>T",52]
["G13407","CGREF1","sense",2,27327211,"C","A","p.V8V",0.0545,55,3,"unknown","NA",0,"NA",0,"NA","het",0.11205,"GGGAGCAGCAGCAGGATTAA","ACTGTCATCGTCAAAGGTAA",1,0,"chr2:g.7327211C>A",66]
["G13407","PKDCC","sense",2,42275702,"A","G","p.P121P",0.0588,34,2,"unknown","NA",0,"NA",0,"NA","het",0.23913,"TGGCCCCCGGCTCCCGGCCC","GGCTCCCCCGGCCCGGGCCC",1,0,"chr2:g.2275702A>G",45]
["G13407","RGPD4","sense",2,108487829,"G","C","p.L1123L",0.0968,93,9,"known","NA",0,"MU759395",1,"NA","het",0.15124,"ACAATGAACCTGAAGCCCCT","TCTGGATCAGATAGAGCATG",1,0,"chr2:g.108487829G>C",158]
["G13407","PASK","sense",2,242065792,"G","A","p.H846H",0.0548,219,12,"unknown","NA",0,"NA",0,"NA","het",0.00078,"GCATCCAACGTGGAAGGAAC","TGTCCTGGGCTTTCTCTGTC",1,0,"chr2:g.242065792G>A",233]
["G13407","ACVR2B","sense",3,38523721,"G","A","p.V369V",0.2752,258,71,"unknown","NA",0,"NA",0,"NA","het",0,"CGGTACATGGCTCCTGAGGT","CTCGAGGGAGCCATCAACTT",1,0,"chr3:g.8523721G>A",322]
["G13407","GHSR","sense",3,172166183,"G","A","p.S7S",0.0278,180,5,"unknown","NA",0,"NA",0,"NA","het",0.02835,"AGGTTGAACCCCGGCTCTTC","CTGGGCGTCGCGTTCCACAT",1,0,"chr3:g.172166183G>A",273]
["G13407","RUBCN","sense",3,197430425,"C","T","p.A128A",0.2047,127,26,"unknown","NA",0,"NA",0,0.217,"het",0,"CTTGTCCCCTGTACCATGGA","GCATCGATCTGAGCCAGGAG",1,0,"chr3:g.197430425C>T",190]
["G13407","GNRHR","sense",4,68619913,"C","A","p.L47L",0.0205,293,6,"unknown","NA",0,"NA",0,"NA","het",0.01418,"GCATTAAAGGTCGCAGAGAG","AGAAAAAGGAAGAAAGTAAC",1,0,"chr4:g.8619913C>A",421]
["G13407","DSPP","sense",4,88536292,"C","T","p.S826S",0.022,409,9,"unknown","NA",0,"NA",0,"NA","het",0.01954,"AGCAGCAATAGCAGTGACAG","AGTAATAGTAGTGACAGCAG",1,0,"chr4:g.8536292C>T",441]
["G13407","DSPP","sense",4,88536883,"T","C","p.N1023N",0.6935,336,233,"known","NA",0,"MU63790996",1,"NA","het",0,"AATAGTAGTGACAGCAGCAA","AGCAGTGACAGCAGCAACAG",1,0,"chr4:g.8536883T>C",413]
["G13407","DSPP","sense",4,88537018,"T","C","p.D1068D",0.0148,406,6,"known","NA",0,"MU4551035",1,"NA","het",0.02494,"GACAGCAGCGACAGCAGTGA","AGCAGTGACAGCAGTGACAG",1,0,"chr4:g.8537018T>C",460]
["G13407","DSPP","sense",4,88537054,"T","C","p.D1080D",0.0625,288,18,"known","NA",0,"MU4549309",2,"NA","het",1e-05,"GACAGCAGCGACAGCAGTGA","AGCAGTGAAAGCAGTGATAG",0,0,"chr4:g.8537054T>C",326]
["G13407","DSPP","sense",4,88537288,"C","T","p.D1158D",0.0538,446,24,"known","NA",0,"MU113662",1,"NA","het",2.48E-3,"GACAGCAGTGACAGCAGCGA","AGCAGTGACAGCAGCGATAG",1,0,"chr4:g.8537288C>T",496]
["G13407","DSPP","sense",4,88537294,"T","C","p.S1160S",0.0546,403,22,"known","NA",0,"MU4579560",1,"NA","het",0.03984,"AGTGACAGCAGCGACAGCAG","GACAGCAGCGATAGCAGCGA",1,0,"chr4:g.8537294T>C",467]
["G13407","BMPR1B","sense",4,96052491,"C","T","p.L302L",0.2412,170,41,"unknown","NA",0,"NA",0,"NA","het",0,"CCCTAGACGCTAAATCAATG","TGAAGTTAGCCTACTCTTCT",1,0,"chr4:g.6052491C>T",218]
["G13407","PABPC4L","sense",4,135121104,"C","T","p.L415L",0.1889,217,41,"unknown","NA",0,"NA",0,"NA","het",0,"ATGCTAAGAGGTTTGGAGCC","AAGATGCGGCCATTCATCTC",1,0,"chr4:g.135121104C>T",291]
["G13407","ZNF622","sense",5,16465766,"C","A","p.T3T",0.0714,28,2,"unknown","NA",0,"NA",0,"NA","het",0.25455,"CGGCAAGTTATGCAGGTGTA","GTCGCCATTGCCAGGCGAGA",1,0,"chr5:g.6465766C>A",32]
["G13407","SLF1","sense",5,94030994,"C","A","p.R1052R",0.0682,44,3,"unknown","NA",0,"NA",0,"NA","het",0.14414,"TAACATTGGAAATGATGTGT","GGTCAGTCATGGAGTTTTCA",1,0,"chr5:g.4030994C>A",55]
["G13407","ZCCHC10","sense",5,132334293,"C","T","p.K97K",0.0986,71,7,"unknown","NA",0,"NA",0,"NA","het",0.10553,"CTCTATTTCTTTTTCTTCTT","TTTGGTGGTTCATCGTCAGA",1,0,"chr5:g.132334293C>T",86]
["G13407","PRRC2A","sense",6,31597462,"G","C","p.P698P",0.1765,34,6,"unknown","NA",0,"NA",0,"NA","het",0.08022,"GCTCCACAGGCTCCACCCCC","CCCCCCAAGGCCCTGTACCC",1,0,"chr6:g.1597462G>C",33]
["G13407","SYNGAP1","sense",6,33419629,"A","C","p.P1326P",0.0833,144,12,"known","NA",0,"MU4551532",1,"NA","het",0.10427,"CCCCCAGCCCCACCACCCCC","CCCCGGCTGCAGATTACGGA",1,0,"chr6:g.3419629A>C",153]
["G13407","COL12A1","sense",6,75828811,"G","A","p.D1270D",0.2097,124,26,"unknown","NA",0,"NA",0,"NA","het",0,"ACCTCATCCTGGGACCGACC","TCCGTGACCACAACCAACAC",1,0,"chr6:g.5828811G>A",164]
["G13407","SPACA1","sense",6,88757653,"C","T","p.A10A",0.2261,115,26,"unknown","NA",0,"NA",0,"NA","het",0,"AGGGGCACGGGCTGCTCCGC","GGGCTGCTGATGACTGTCGG",1,0,"chr6:g.8757653C>T",145]
["G13407","SOGA3","sense",6,127796633,"G","A","p.Y846Y",0.0508,236,12,"unknown","NA",0,"NA",0,"NA","het",0.00051,"AACAGGTCCCCGTTGGCCAC","TAGATGCGCGCCTCGGTGAT",1,0,"chr6:g.127796633G>A",278]
["G13407","SDK1","sense",7,4169638,"C","T","p.F1346F",0.3051,177,54,"known","NA",0,"MU57038613",1,"NA","het",0,"CTGGCAGGCCTGCGCAAGTT","GTGCTCTACGAGCTCCAGGT",1,0,"chr7:g.4169638C>T",181]
["G13407","HOXA2","sense",7,27141823,"C","T","p.K99K",0.1145,131,15,"unknown","NA",0,"NA",0,"NA","het",0.00104,"TTCTTGGCCGCCTTCTTCTC","TTCATCCAGGGGTACTCGGG",1,0,"chr7:g.7141823C>T",89]
["G13407","GHRHR","sense",7,31008538,"C","T","p.P49P",0.1104,317,35,"unknown","NA",0,"NA",0,"NA","het",0,"CAAGCAGCAGAGGAGATGCC","AACACCACCCTGGGTATGGG",1,0,"chr7:g.1008538C>T",278]
["G13407","PCLO","sense",7,82583030,"A","G","p.P2413P",0.0741,108,8,"unknown","NA",0,"NA",0,"NA","het",0.20879,"GGTGGTGGAGGAGGAGGAGG","GGGGGAGGGGGAGGAGGGGG",1,0,"chr7:g.2583030A>G",74]
["G13407","FSCN3","sense",7,127235372,"C","A","p.I52I",0.0882,34,3,"unknown","NA",0,"NA",0,"NA","het",0.18407,"TGCCTCCAGACCTGGGAGAT","TTGGTGAGCAATGAGCATGA",1,0,"chr7:g.127235372C>A",27]
["G13407","AOC1","sense",7,150554320,"A","G","p.A254A",0.0541,37,2,"unknown","NA",0,"NA",0,"NA","het",0.34101,"GAACTGGCTCGGAAGTATGC","GATGGAGAGGTGGACGTGGT",1,0,"chr7:g.150554320A>G",38]
["G13407","WASHC1","sense",9,14810,"C","G","p.S465S",0.0852,176,15,"known","NA",0,"MU13432063",1,"NA","het",0.10488,"AGGTGTCATGGAGCCCCCTA","GATTCCCAGTCGTCCTCGTC",1,0,"chr9:g.14810C>G",240]
["G13407","TOPORS","sense",9,32541871,"C","T","p.K819K",0.03,267,8,"unknown","NA",0,"NA",0,"NA","het",0.04031,"TTCTTATGTTTCTTCTTTTT","TTTTTATGGTGTTTAGTTGT",1,0,"chr9:g.2541871C>T",316]
["G13407","CBWD6","sense",9,69247550,"G","A","p.A154A",0.1795,39,7,"known","COSM4163966",6,"MU4567812",1,"NA","het",0.02044,"TAAATATCACTCCCTAATTC","GCATCAACCCAAAACATAGA",0,0,"chr9:g.9247550G>A",73]
["G13407","PMPCA","sense",9,139313543,"C","T","p.G285G",0.4255,94,40,"known","COSM4716111",1,"NA",0,"NA","het",0,"AAGGAGTTTATTTTAATGGG","GGAACCGTGGACACGGTAAG",1,0,"chr9:g.139313543C>T",137]
["G13407","NOTCH1","sense",9,139390733,"C","T","p.S2486S",0.05,40,2,"known","COSM1106844",1,"MU1935969",1,"NA","het",0.36364,"GGCGAGGAGTAGCTGTGCTG","GAGGGGGGCGTCAGGAACTG",0,1,"chr9:g.139390733C>T",31]
["G13407","BEND7","sense",10,13534794,"C","T","p.K179K",0.0293,205,6,"known","COSM6278436",1,"NA",0,"NA","het",0.03783,"GTCTTTGGGGGCACTTTTTT","TTTTTATTTCTCTTTCGTGA",1,0,"chr10:g.3534794C>T",204]
["G13407","ZSWIM8","sense",10,75552208,"C","T","p.F637F",0.2314,121,28,"unknown","NA",0,"NA",0,4.743,"het",0,"GGCGCAGAGGCCAGCACCTT","GGGGGATTCCCTGAGAGCCC",1,0,"chr10:g.5552208C>T",91]
["G13407","DUSP13","sense",10,76854629,"C","A","p.V184V",0.0513,39,2,"unknown","NA",0,"NA",0,"NA","het",0.24675,"CCCATGGCACAGTGTACCAG","ACGCGGCCTGTAGGGAGAAC",1,0,"chr10:g.6854629C>A",43]
["G13407","CNNM2","sense",10,104835985,"C","T","p.P770P",0.3099,142,44,"known","COSM6339433",1,"NA",0,"NA","het",0,"CTCCTCCAAGTCTACATCCC","GATTACTCGGTGCGAGCCCT",1,0,"chr10:g.104835985C>T",218]
["G13407","KRTAP5-5","sense",11,1651613,"T","C","p.P181P",0.6416,173,111,"known","NA",0,"MU4560150",2,"NA","het",0,"CAGTCCAGCTGCTGTAAGCC","TACTGCTGCCAGTCCAGCTG",0,0,"chr11:g.1651613T>C",209]
["G13407","KRTAP5-5","sense",11,1651622,"C","T","p.C184C",0.4719,178,84,"known","NA",0,"MU33374089",1,"NA","het",0,"TGCTGTAAGCCTTACTGCTG","CAGTCCAGCTGCTGTAAGCC",1,0,"chr11:g.1651622C>T",209]
["G13407","SYT8","sense",11,1857487,"C","T","p.P178P",0.125,32,4,"unknown","NA",0,"NA",0,4.836,"het",0.22036,"CACCGAGGCACGCTCTGCCC","GTGTTTGACGAGACCTGCTG",1,0,"chr11:g.1857487C>T",19]
["G13407","TENM4","sense",11,78380454,"G","A","p.F2312F",0.1571,70,11,"known","NA",0,"MU62074172",1,"NA","het",0.0123,"TTGGTCAGGTCTGCATAGAA","AACTGCAGGTGGTGGCTGTG",1,0,"chr11:g.8380454G>A",71]
["G13407","NCAM1","sense",11,113092029,"T","C","p.T357T",0.1742,155,27,"unknown","NA",0,"NA",0,"NA","het",0,"TTTCTCCAGGCTTCGTGGAC","CGACCAGAGAAGCAAGAGGT",1,0,"chr11:g.113092029T>C",127]
["G13407","SORL1","sense",11,121428100,"C","T","p.L883L",0.578,109,63,"known","COSM3444384",1,"MU4476475",1,"NA","het",0,"CGTCCCAGGGCTCTGGTCCT","GTGCCCCAAGAGGGGTAAGT",0,0,"chr11:g.121428100C>T",120]
["G13407","PRB2","sense",12,11546802,"A","G","p.G70G",0.1111,90,10,"unknown","NA",0,"NA",0,"NA","het",0.07479,"TTTCCTGGAGGAGGTGGGGG","CCTTGAGGCTGGTTGCCTCC",1,0,"chr12:g.1546802A>G",71]
["G13407","ADAMTS20","sense",12,43821126,"G","A","p.Y1364Y",0.2903,31,9,"known","COSM4871333",3,"MU1786162",2,"NA","het",0.00099,"CTTACTTCTCCCCAATTTCC","TAGTTCCACTGTGGACAAGG",0,0,"chr12:g.3821126G>A",41]
["G13407","IL22","sense",12,68647187,"C","T","p.G14G",0.38,50,19,"unknown","NA",0,"NA",0,"NA","het",0,"AGGCAGCTGGTGGCCAGGGT","CCCATAAGGAAAGAGCTCAC",1,0,"chr12:g.8647187C>T",68]
["G13407","MPHOSPH9","sense",12,123707654,"G","A","p.F93F",0.0769,52,4,"unknown","NA",0,"NA",0,37,"het",0.16272,"CATTGTTTTTCCACCAAATT","AATAGCTGTAACCACCTGGT",1,0,"chr12:g.123707654G>A",34]
["G13407","PCDH20","sense",13,61989181,"G","A","p.S37S",0.0541,37,2,"unknown","NA",0,"NA",0,"NA","het",0.22178,"GGCAGGTTCCTGTAGCTGGT","CTGCTCCTGGGACGATGTAG",1,0,"chr13:g.1989181G>A",52]
["G13407","TUBGCP3","sense",13,113208377,"G","A","p.V310V",0.0508,59,3,"known","COSM2263607",4,"MU28758593",1,"NA","het",0.12826,"AACCATGAACGCACCTGCCC","ACGAGTCCGAATGAGCGGTC",0,0,"chr13:g.113208377G>A",68]
["G13407","RNASE6","sense",14,21250134,"C","T","p.C92C",0.2682,179,48,"unknown","NA",0,"NA",0,"NA","het",0,"AAAAATCGTCGGCACAACTG","CACCAGAGCTCAAAGCCTGT",1,0,"chr14:g.1250134C>T",155]
["G13407","CHRFAM7A","sense",15,30664537,"G","A","p.P21P",0.6,65,39,"known","COSM184630",2,"NA",0,"NA","het",0,"AACCTTTCACTCCTCTTGCC","GGGATTCCTCCATAGGGAGG",0,0,"chr15:g.0664537G>A",42]
["G13407","FAM98B","sense",15,38776680,"A","G","p.G374G",0.2778,18,5,"unknown","NA",0,"NA",0,"NA","het",0.02639,"GGTGGTGGGGGAGGGGGAGG","GGGTGGGGGGGAGGAGGAGG",1,0,"chr15:g.8776680A>G",19]
["G13407","ZFYVE19","sense",15,41099910,"A","G","p.A41A",0.186,43,8,"known","NA",0,"MU5030339",1,"NA","het",0.00407,"GTGGGCGTGTGGGGCGGGGC","GGGCAGGGAAGGGAAGGGCG",1,0,"chr15:g.1099910A>G",49]
["G13407","KIAA1024","sense",15,79749161,"C","A","p.S224S",0.3427,143,49,"unknown","NA",0,"NA",0,"NA","het",0,"ATGAACATCGAAAACGAGTC","ATTTCAGACCAGGACTCCCT",1,0,"chr15:g.9749161C>A",145]
["G13407","MARF1","sense",16,15718887,"G","A","p.Y698Y",0.0737,95,7,"unknown","NA",0,"NA",0,"NA","het",0.03572,"ACATACTTCTGACTGGTTTT","TAAACGGGTTCTGCCACCCC",1,0,"chr16:g.5718887G>A",120]
["G13407","HS3ST2","sense",16,22825982,"G","A","p.A17A",0.2286,140,32,"unknown","NA",0,"NA",0,"NA","het",0,"CCACCTCAGCCGCGGAGGGC","CGCAGGCTGCTCTTCGCCTT",1,0,"chr16:g.2825982G>A",202]
["G13407","PRKCB","sense",16,24192240,"C","T","p.I508I",0.2055,73,15,"known","COSM294721",1,"NA",0,"NA","het",7e-05,"TGTGGCACTCCAGACTACAT","GCCCCCGAGGTGAGAGCTGC",1,1,"chr16:g.4192240C>T",71]
["G13407","ARHGAP17","sense",16,24950690,"G","A","p.D573D",0.2429,70,17,"unknown","NA",0,"NA",0,"NA","het",8e-05,"AGTCAGCCTCCTTACCTGCC","TCGCCTGGGCTCGGCCCCTG",1,0,"chr16:g.4950690G>A",56]
["G13407","ADAMTS18","sense",16,77359770,"T","C","p.K503K",0.2078,77,16,"unknown","NA",0,"NA",0,"NA","het",0,"GAGACCAAATTACCTTCCAC","TTTGTATAGGGTTTCCACTG",1,0,"chr16:g.7359770T>C",122]
["G13407","PELP1","sense",17,4575883,"T","G","p.P851P",0.0588,68,4,"known","NA",0,"MU4550087",1,"NA","het",0.03177,"GGTGTGGCACCTGAGGGTGG","GGGGGTGGCAGGGGGGGAAG",1,0,"chr17:g.4575883T>G",103]
["G13407","MYH10","sense",17,8415793,"C","T","p.K945K",0.0556,198,11,"unknown","NA",0,"NA",0,"NA","het",0.20619,"ATATGTGCTTGCATTTTTTT","TTTTCATTTTGGAGGATTTG",1,0,"chr17:g.8415793C>T",230]
["G13407","UNC45B","sense",17,33491168,"C","A","p.I378I",0.0571,35,2,"unknown","NA",0,"NA",0,"NA","het",0.32514,"CGCGATCACTTCCGCAAGAT","TGTGAGGAATATATCACGTA",1,0,"chr17:g.3491168C>A",35]
["G13407","KRTAP3-2","sense",17,39156067,"A","G","p.T13T",0.0575,87,5,"known","NA",0,"MU12921868",1,"NA","het",0.14715,"CAGATGGTGGTGGCAGGCCC","GTGGGGACACTGCAGCTGCG",1,0,"chr17:g.9156067A>G",92]
["G13407","KRTAP4-3","sense",17,39324368,"G","A","p.L19L",0.5484,186,102,"known","COSM3517258",1,"MU4412471",2,"NA","het",0,"CGGCAGCAGCTCTCCTGGCC","AGACCTTGACCACAGCTCTG",0,0,"chr17:g.9324368G>A",203]
["G13407","KRTAP9-7","sense",17,39432066,"G","T","p.V39V",0.0286,210,6,"known","COSM2840318",2,"MU22749264",1,"NA","het",0.03187,"TGCCAGCCCTCCTGCTGTGT","TCCAGCTGCTGCCAGCCTTG",0,0,"chr17:g.9432066G>T",224]
["G13407","MAP1S","sense",19,17838933,"C","T","p.L888L",0.2609,46,12,"unknown","NA",0,"NA",0,"NA","het",0.0009,"AGAAGGGAGGCCGGGCACCC","TGTCCAGAAAGTCCTCAACC",1,0,"chr19:g.7838933C>T",38]
["G13407","ZNF676","sense",19,22363460,"A","G","p.T353T",0.093,129,12,"known","NA",0,"MU122127",2,"NA","het",0.03161,"GTATGAATAATCTTATGTTT","GTAAGGATTGAGGATCGATT",0,0,"chr19:g.2363460A>G",153]
["G13407","UQCRFS1","sense",19,29698824,"G","A","p.I152I",0.2919,161,47,"unknown","NA",0,"NA",0,"NA","het",0,"ATATCGGATAACTTGATTTC","ATTTTCGCCAGGGCCAACAC",1,0,"chr19:g.9698824G>A",186]
["G13407","CYP2S1","sense",19,41712312,"C","T","p.V478V",0.2449,245,60,"unknown","NA",0,"NA",0,"NA","het",0,"CTGAGCCTCAAGCCCACCGT","AGTGGCCTTTTCAACATTCC",1,0,"chr19:g.1712312C>T",315]
["G13407","GSK3A","sense",19,42740761,"G","A","p.V221V",0.3293,82,27,"unknown","NA",0,"NA",0,"NA","het",0,"CCCACCTGCTGGCCTACCTT","ACATAGAGGATAGGGATGGT",1,0,"chr19:g.2740761G>A",109]
["G13407","BICRA","sense",19,48205306,"G","C","p.L1439L",0.1917,120,23,"unknown","NA",0,"NA",0,"NA","het",0,"GCGGCCGTGGAGGACGAGCT","TACCAGCGTATGCTGAAGGG",1,0,"chr19:g.8205306G>C",171]
["G13407","SCAF1","sense",19,50150086,"G","A","p.T159T",0.2264,53,12,"unknown","NA",0,"NA",0,"NA","het",0.00022,"GCCTGGAGGACGGGCAAAAC","GGTATGTGGGGCCAGGGCGG",1,0,"chr19:g.0150086G>A",65]
["G13407","ZNF331","sense",19,54074977,"C","A","p.V43V",0.0526,38,2,"unknown","NA",0,"NA",0,"NA","het",0.38415,"GAGAACTACAGTAACTTGGT","TCACTGGGTGAGTTGCACGC",1,1,"chr19:g.4074977C>A",29]
["G13407","TMC4","sense",19,54675845,"C","A","p.S35S",0.0526,38,2,"unknown","NA",0,"NA",0,"NA","het",0.24667,"TCGTTCAGCACAGAAGACAG","GATGGGCCTGGGGAGGAGCA",1,0,"chr19:g.4675845C>A",50]
["G13407","ZNF814","sense",19,58385762,"C","G","p.S332S",0.1862,145,27,"known","NA",0,"MU69856",13,"NA","het",0.00014,"AAGCTAGCATATTTGCTAAA","GATTTCCCACATTCTCCACA",0,0,"chr19:g.8385762C>G",139]
["G13407","RBBP9","sense",20,18470519,"G","A","p.A150A",0.2025,316,64,"unknown","NA",0,"NA",0,"NA","het",0,"AATTTGGTTTCCAACCTATC","GCCACTTCTTGTTGTTCCTT",1,0,"chr20:g.8470519G>A",311]
["G13407","OPRL1","sense",20,62729870,"G","A","p.T272T",0.1447,235,34,"unknown","NA",0,"NA",0,"NA","het",0,"GTGTTCGTGGGCTGCTGGAC","CCTGTCCAGGTCTTCGTGCT",1,0,"chr20:g.2729870G>A",218]
["G13407","KRTAP10-7","sense",21,46021151,"G","A","p.T205T",0.0503,179,9,"known","NA",0,"MU4405222",1,"NA","het",0.24628,"GGCTGCATCAGCTCCTGCAC","CCCTCGTGCTGCCAGCAGTC",1,0,"chr21:g.6021151G>A",277]
["G13407","KRTAP10-12","sense",21,46117227,"T","C","p.C37C",0.0588,153,9,"unknown","NA",0,"NA",0,"NA","het",0.15921,"GACTGCCCAGAGAGCTGCTG","GAGCCCCCCTGCTGCGCCCC",1,0,"chr21:g.6117227T>C",151]
["G13407","COL6A2","sense",21,47542030,"C","T","p.P510P",0.2174,138,30,"known","COSM4673966",2,"NA",0,"NA","het",0,"GTCCTCCTCCAGGGAGACCC","GGCAGGCCTGGATTCAGCTA",0,0,"chr21:g.7542030C>T",241]
["G13407","LSS","sense",21,47635211,"C","A","p.A218A",0.0513,39,2,"unknown","NA",0,"NA",0,"NA","het",0.27434,"TGCTCATACAGGTTGAGGAG","GCTACAGGGGACAGGGGTCA",1,0,"chr21:g.7635211C>A",47]
["G13407","DGCR2","sense",22,19076999,"C","A","p.L28L",0.0556,36,2,"unknown","NA",0,"NA",0,"NA","het",0.34426,"AACTGCCCAGGGTTGCACCG","AGCTCTGTGGGACCAAAGGG",1,0,"chr22:g.9076999C>A",33]
["G13407","TUBGCP6","sense",22,50657297,"C","A","p.L1552L",0.0769,26,2,"unknown","NA",0,"NA",0,"NA","het",0.23585,"TTCAGCACCAGCGGGTTGAG","AGCTCTCCGGGCGTTTGCCC",1,0,"chr22:g.0657297C>A",31]
["G13407","FLNA","sense","X",153581201,"G","A","p.Y2098Y",0.2083,144,30,"unknown","NA",0,"NA",0,"NA","het",8e-05,"TTGCCTGGCTCTGTGGGGCA","TAGGTGACCCTGCACGTCCC",1,1,"chrX:g.153581201G>A",95]
["G13408","ATAD3B","sense",1,1407372,"T","C","p.G36G",0.3077,13,4,"known","NA",0,"MU4556089",1,"NA","het",0.06729,"GAGGGCGGCGGGGACCGCGG","TTGGGAGACCGGCCGGCGCC",1,0,"chr1:g.1407372T>C",18]
["G13408","ESPN","sense",1,6505827,"A","C","p.P432P",0.1385,130,18,"unknown","NA",0,"NA",0,"NA","het",5e-05,"GGGAAGCCCACACCCCCACC","CCCCCACCCAGCTTCCCCCC",1,0,"chr1:g.6505827A>C",114]
["G13408","TMEM201","sense",1,9649097,"C","A","p.R37R",0.0625,32,2,"unknown","NA",0,"NA",0,"NA","het",0.23846,"TGTTGCTCTACCGGATCGCG","GGAGGTGAGTGCATGGTTCG",1,0,"chr1:g.9649097C>A",38]
["G13408","NTNG1","sense",1,107867537,"C","A","p.R294R",0.0541,37,2,"unknown","NA",0,"NA",0,"NA","het",0.33036,"CGATCTCAGACATAAAGGTG","GAGGAAGGTAAGAGAAAATC",1,0,"chr1:g.107867537C>A",30]
["G13408","CRP","sense",1,159683342,"C","A","p.V216V",0.0682,44,3,"known","COSM335095",1,"NA",0,"NA","het",0.14955,"CACAGCTGGGGTTTGGTGAA","ACTTCGCCTTGCACTTCATA",1,0,"chr1:g.159683342C>A",42]
["G13408","FCGR3B","sense",1,161596014,"A","G","p.D202D",0.0402,174,7,"known","NA",0,"MU2246355",1,2.717,"het",0.03182,"CTGCAGAAGTAGGAGCCGCT","TCTTTGAGTGTGGCTTTTGG",1,0,"chr1:g.161596014A>G",226]
["G13408","TNN","sense",1,175097203,"G","A","p.A1027A",0.0909,143,13,"unknown","NA",0,"NA",0,"NA","het",0.0004,"CGGGAAGACCAGAGGTTTGC","TTGCAAGGCCTTGAGCAAGG",1,0,"chr1:g.175097203G>A",159]
["G13408","FMN2","sense",1,240371436,"T","C","p.P1108P",0.1077,65,7,"known","NA",0,"MU1323935",2,"NA","het",0.15593,"CTACCCGGAGTGGGCATACC","CCTCCGCCCCCTCTACCCGG",0,0,"chr1:g.240371436T>C",96]
["G13408","PSD4","sense",2,113940306,"C","A","p.T91T",0.1111,27,3,"unknown","NA",0,"NA",0,"NA","het",0.12486,"GAGCCTTGCCAGGAGCAAAC","CGGGCCACTGACCCTCCTGA",1,0,"chr2:g.113940306C>A",28]
["G13408","ACVR2B","sense",3,38523721,"G","A","p.V369V",0.0722,263,19,"unknown","NA",0,"NA",0,"NA","het",1e-05,"CGGTACATGGCTCCTGAGGT","CTCGAGGGAGCCATCAACTT",1,0,"chr3:g.8523721G>A",322]
["G13408","FLNB","sense",3,58109233,"C","A","p.V1180V",0.0625,32,2,"unknown","NA",0,"NA",0,"NA","het",0.52459,"TCGGGAACAAAAGCCGAAGT","AGTATTCAGAACAACAAAGA",1,0,"chr3:g.8109233C>A",38]
["G13408","RUBCN","sense",3,197430425,"C","T","p.A128A",0.0391,179,7,"unknown","NA",0,"NA",0,0.217,"het",0.02282,"CTTGTCCCCTGTACCATGGA","GCATCGATCTGAGCCAGGAG",1,0,"chr3:g.197430425C>T",190]
["G13408","DSPP","sense",4,88537045,"C","T","p.D1077D",0.0434,415,18,"known","NA",0,"MU4598793",1,"NA","het",4e-05,"GACAGCAGTGACAGCAGCGA","AGCAGTGATAGCAGTGAAAG",1,0,"chr4:g.8537045C>T",394]
["G13408","DSPP","sense",4,88537054,"T","C","p.D1080D",0.0427,351,15,"known","NA",0,"MU4549309",2,"NA","het",0.00024,"GACAGCAGCGACAGCAGTGA","AGCAGTGAAAGCAGTGATAG",0,0,"chr4:g.8537054T>C",323]
["G13408","NR3C2","sense",4,149075976,"T","G","p.P697P",0.0952,126,12,"known","NA",0,"MU4778230",2,"NA","het",0.14259,"GGGCTTTGCGGGGGTGGGGG","GGGGGTGGGGGCTGCTGCTG",0,0,"chr4:g.149075976T>G",123]
["G13408","PCDHA9","sense",5,140228473,"A","G","p.P131P",0.0853,211,18,"unknown","NA",0,"NA",0,"NA","het",0.05795,"GACATTAACGACAACCCTCC","GTGTTCCCAGCGACACAAAA",1,0,"chr5:g.140228473A>G",225]
["G13408","PCDHB12","sense",5,140590261,"T","C","p.G594G",0.0102,488,5,"unknown","NA",0,"NA",0,"NA","het",0.04801,"AAGGTGGTGGCGGTGGACGG","GACTCGGGCCAGAACGCCTG",1,0,"chr5:g.140590261T>C",628]
["G13408","CPNE5","sense",6,36710054,"C","A","p.T241T",0.0769,26,2,"unknown","NA",0,"NA",0,"NA","het",0.48799,"TGAGACCAGGTTCAGATGTG","GTGTGCAGGGGGGACGCAGG",1,0,"chr6:g.6710054C>A",12]
["G13408","COL12A1","sense",6,75828811,"G","A","p.D1270D",0.0667,135,9,"unknown","NA",0,"NA",0,"NA","het",0.00277,"ACCTCATCCTGGGACCGACC","TCCGTGACCACAACCAACAC",1,0,"chr6:g.5828811G>A",164]
["G13408","POU3F2","sense",6,99283145,"A","G","p.Q132Q",0.2857,175,50,"unknown","NA",0,"NA",0,"NA","het",0,"CAGCAGCATCAGCAGCAGCA","CAGCAACAGCAGCAGCAACA",1,0,"chr6:g.9283145A>G",205]
["G13408","FOXP2","sense",7,114270018,"G","A","p.Q185Q",0.0209,430,9,"known","NA",0,"MU3898519",2,"NA","het",0.02502,"CAGCAGCAGCAGCAGCAACA","CAGCAGCAGCAGCAACAGCA",0,0,"chr7:g.114270018G>A",521]
["G13408","KMT2C","sense",7,151932923,"G","A","p.I916I",0.0826,121,10,"known","NA",0,"MU23603460",2,9.27,"het",0.2259,"CCAGGTAATACAACAGCTCC","ATTCCACTTTTCAGCTTTGA",0,1,"chr7:g.151932923G>A",120]
["G13408","PRAG1","sense",8,8176708,"G","A","p.S1059S",0.0556,36,2,"unknown","NA",0,"NA",0,"NA","het",0.45718,"GCGTCGGGGGAGCTGAGCAT","CTGGACGGCACCGAGGCGAC",1,0,"chr8:g.8176708G>A",20]
["G13408","WASHC1","sense",9,14810,"C","G","p.S465S",0.0807,223,18,"known","NA",0,"MU13432063",1,"NA","het",0.12034,"AGGTGTCATGGAGCCCCCTA","GATTCCCAGTCGTCCTCGTC",1,0,"chr9:g.14810C>G",240]
["G13408","PMPCA","sense",9,139313543,"C","T","p.G285G",0.1102,127,14,"known","COSM4716111",1,"NA",0,"NA","het",3.3E-4,"AAGGAGTTTATTTTAATGGG","GGAACCGTGGACACGGTAAG",1,0,"chr9:g.139313543C>T",137]
["G13408","CNNM2","sense",10,104835985,"C","T","p.P770P",0.1419,148,21,"known","COSM6339433",1,"NA",0,"NA","het",0,"CTCCTCCAAGTCTACATCCC","GATTACTCGGTGCGAGCCCT",1,0,"chr10:g.104835985C>T",218]
["G13408","KRTAP5-1","sense",11,1605919,"G","A","p.C187C",0.0707,99,7,"unknown","NA",0,"NA",0,"NA","het",0.12565,"TTGGATCCCCCACAAGAACC","CAGCCCCCCTTGCAGCCTCC",1,0,"chr11:g.1605919G>A",68]
["G13408","KRTAP5-4","sense",11,1643066,"A","G","p.G86G",0.122,82,10,"known","NA",0,"MU31083",1,"NA","het",0.10737,"GAGACACAGCCCCCCTTGGA","CCCCCACAAGAGCCATAGCC",1,0,"chr11:g.1643066A>G",66]
["G13408","RAG2","sense",11,36615374,"C","T","p.K115K",0.0321,218,7,"unknown","NA",0,"NA",0,"NA","het",0.03505,"AAAGTAACCTTTTTGTTGTT","TTGCAAACAATAGACATGAC",1,0,"chr11:g.6615374C>T",185]
["G13408","OR8U1","sense",11,56143696,"C","T","p.I199I",0.0523,172,9,"known","NA",0,"MU4548541",3,"NA","het",0.15476,"CGCTTCAAACAGCTCTGGAT","TTTGCCTGTGCTGGTATCAT",0,0,"chr11:g.6143696C>T",169]
["G13408","PGA5","sense",11,61017282,"C","T","p.G305G",0.0857,175,15,"unknown","NA",0,"NA",0,"NA","het",0.00032,"GCCAGCGAGAACTCAGATGG","GACGTGAGTCCAGCCCCGAC",1,0,"chr11:g.1017282C>T",148]
["G13408","KRTAP5-8","sense",11,71249605,"C","T","p.C168C",0.1377,305,42,"known","NA",0,"MU52304004",1,"NA","het",0,"TGCTGCCAGTCCAGCTGCTG","AAGCCCTGCTGTTCCCAGTC",1,0,"chr11:g.1249605C>T",278]
["G13408","INPPL1","sense",11,71941173,"A","G","p.L316L",0.0606,33,2,"unknown","NA",0,"NA",0,"NA","het",0.29831,"CCTGGCCTACAGGTGAAGCT","GATGTGACCCTGGGTGACCT",1,1,"chr11:g.1941173A>G",29]
["G13408","NCAM1","sense",11,113092029,"T","C","p.T357T",0.0677,133,9,"unknown","NA",0,"NA",0,"NA","het",0.00853,"TTTCTCCAGGCTTCGTGGAC","CGACCAGAGAAGCAAGAGGT",1,0,"chr11:g.113092029T>C",127]
["G13408","SORL1","sense",11,121428100,"C","T","p.L883L",0.1458,96,14,"known","COSM3444384",1,"MU4476475",1,"NA","het",8e-05,"CGTCCCAGGGCTCTGGTCCT","GTGCCCCAAGAGGGGTAAGT",0,0,"chr11:g.121428100C>T",120]
["G13408","IGSF9B","sense",11,133790035,"C","A","p.V1195V",0.0645,31,2,"unknown","NA",0,"NA",0,"NA","het",0.4697,"GAGAGCCGGGAGGGCTGTAG","ACCACTTGATGTAAACTGGG",1,0,"chr11:g.133790035C>A",15]
["G13408","ADAMTS20","sense",12,43821126,"G","A","p.Y1364Y",0.125,40,5,"known","COSM4871333",3,"MU1786162",2,"NA","het",0.05054,"CTTACTTCTCCCCAATTTCC","TAGTTCCACTGTGGACAAGG",0,0,"chr12:g.3821126G>A",41]
["G13408","KMT2D","sense",12,49427679,"C","T","p.Q3603Q",0.0833,36,3,"known","COSM940017",4,"MU1850555",1,"NA","het",0.17137,"TGTTGTTGCTGCTGCTGCTG","TGTTGTTGCTGCTGCTTGTT",0,1,"chr12:g.9427679C>T",44]
["G13408","STAT6","sense",12,57493078,"C","T","p.K520K",0.1017,118,12,"unknown","NA",0,"NA",0,"NA","het",1.91E-3,"GCTGCCAGTTCCAGCTCACG","TTGTAGTGGCTCCGGAAAGC",1,1,"chr12:g.7493078C>T",86]
["G13408","IL22","sense",12,68647187,"C","T","p.G14G",0.1379,58,8,"unknown","NA",0,"NA",0,"NA","het",0.00468,"AGGCAGCTGGTGGCCAGGGT","CCCATAAGGAAAGAGCTCAC",1,0,"chr12:g.8647187C>T",68]
["G13408","INSM2","sense",14,36003857,"C","A","p.V133V",0.0714,28,2,"unknown","NA",0,"NA",0,"NA","het",0.25455,"CGCTGCCTCAGCTCGCCCGT","TCCGCCGAGTCTTTCCCCGG",1,0,"chr14:g.6003857C>A",33]
["G13408","INF2","sense",14,105173879,"A","C","p.P425P",0.0857,105,9,"unknown","NA",0,"NA",0,"NA","het",0.2165,"TCCACCCCACCCCCACCCCC","CCCCCACCCCTGCTCCCTGG",1,0,"chr14:g.105173879A>C",94]
["G13408","CHRFAM7A","sense",15,30664537,"G","A","p.P21P",0.2462,65,16,"known","COSM184630",2,"NA",0,"NA","het",0.00082,"AACCTTTCACTCCTCTTGCC","GGGATTCCTCCATAGGGAGG",0,0,"chr15:g.0664537G>A",42]
["G13408","FAN1","sense",15,31218006,"C","A","p.G784G",0.0652,46,3,"unknown","NA",0,"NA",0,"NA","het",0.13367,"TTTCAGGTGACCATCACAGG","AGGCTGTGCCCACAGCGTGG",1,0,"chr15:g.1218006C>A",59]
["G13408","KIAA1024","sense",15,79749161,"C","A","p.S224S",0.1761,142,25,"unknown","NA",0,"NA",0,"NA","het",0,"ATGAACATCGAAAACGAGTC","ATTTCAGACCAGGACTCCCT",1,0,"chr15:g.9749161C>A",145]
["G13408","NMRAL1","sense",16,4516395,"C","A","p.L96L",0.0517,58,3,"unknown","NA",0,"NA",0,"NA","het",0.18515,"CGCCTGGCCAGATCAGCGAG","AGCTTCCCCTGGAGGGCAGG",1,0,"chr16:g.4516395C>A",53]
["G13408","HS3ST2","sense",16,22825982,"G","A","p.A17A",0.0485,206,10,"unknown","NA",0,"NA",0,"NA","het",0.02855,"CCACCTCAGCCGCGGAGGGC","CGCAGGCTGCTCTTCGCCTT",1,0,"chr16:g.2825982G>A",202]
["G13408","ARHGAP17","sense",16,24950690,"G","A","p.D573D",0.1125,80,9,"unknown","NA",0,"NA",0,"NA","het",0.01408,"AGTCAGCCTCCTTACCTGCC","TCGCCTGGGCTCGGCCCCTG",1,0,"chr16:g.4950690G>A",56]
["G13408","SEZ6L2","sense",16,29897067,"C","A","p.L290L",0.0789,38,3,"unknown","NA",0,"NA",0,"NA","het",0.19313,"CTGCCCCCTGAGCGCACCAT","AGCCTGGGATGGACAGAAAC",1,0,"chr16:g.9897067C>A",34]
["G13408","KDM6B","sense",17,7751013,"T","C","p.P469P",0.125,136,17,"unknown","NA",0,"NA",0,"NA","het",0.01029,"CCTGGACCTTCCTCACCCCC","CCACCCCCCTGTCCCCGCCT",1,0,"chr17:g.7751013T>C",96]
["G13408","KRTAP4-3","sense",17,39324104,"A","G","p.S107S",0.0627,351,22,"known","NA",0,"MU1044965",2,"NA","het",0.00211,"CAGGAAGGCCTGCAGCAACT","GAAATGCAGCAGCTGGGGCG",0,0,"chr17:g.9324104A>G",316]
["G13408","KRTAP4-3","sense",17,39324368,"G","A","p.L19L",0.1811,254,46,"known","COSM3517258",1,"MU4412471",2,"NA","het",0,"CGGCAGCAGCTCTCCTGGCC","AGACCTTGACCACAGCTCTG",0,0,"chr17:g.9324368G>A",203]
["G13408","KRTAP9-7","sense",17,39432066,"G","T","p.V39V",0.0268,224,6,"known","COSM2840318",2,"MU22749264",1,"NA","het",0.03771,"TGCCAGCCCTCCTGCTGTGT","TCCAGCTGCTGCCAGCCTTG",0,0,"chr17:g.9432066G>T",224]
["G13408","TEX14","sense",17,56636887,"C","T","p.E1398E",0.0549,182,10,"known","COSM5552837",1,"NA",0,"NA","het",0.23915,"CTATCTTCCCTTTTTCTTTT","TCTTCACCAACTTTTTGATC",1,0,"chr17:g.6636887C>T",154]
["G13408","USP36","sense",17,76798554,"C","T","p.K958K",0.0448,134,6,"unknown","NA",0,"NA",0,"NA","het",0.02542,"GTCTCCTGCTTTCTTTTTTT","TTTTTCTTTTTCCTTGGAGA",1,0,"chr17:g.6798554C>T",169]
["G13408","CCDC40","sense",17,78063964,"A","G","p.A953A",0.1474,156,23,"known","NA",0,"MU4557416",2,"NA","het",2e-05,"TGCAGAACAACACAGGACGC","CACAGGCACGTGCACGAACA",0,0,"chr17:g.8063964A>G",154]
["G13408","SLC38A10","sense",17,79234189,"C","A","p.V379V",0.0625,32,2,"unknown","NA",0,"NA",0,"NA","het",0.37406,"ACGCCCAGGCCGACCCACAG","ACCACCTGAGGAGACAAAGA",1,0,"chr17:g.9234189C>A",22]
["G13408","ZNF676","sense",19,22363460,"A","G","p.T353T",0.2222,162,36,"known","NA",0,"MU122127",2,"NA","het",0,"GTATGAATAATCTTATGTTT","GTAAGGATTGAGGATCGATT",0,0,"chr19:g.2363460A>G",153]
["G13408","CYP2S1","sense",19,41712312,"C","T","p.V478V",0.0543,258,14,"unknown","NA",0,"NA",0,"NA","het",3.62E-3,"CTGAGCCTCAAGCCCACCGT","AGTGGCCTTTTCAACATTCC",1,0,"chr19:g.1712312C>T",315]
["G13408","GSK3A","sense",19,42740761,"G","A","p.V221V",0.0761,92,7,"unknown","NA",0,"NA",0,"NA","het",0.01272,"CCCACCTGCTGGCCTACCTT","ACATAGAGGATAGGGATGGT",1,0,"chr19:g.2740761G>A",109]
["G13408","BICRA","sense",19,48205306,"G","C","p.L1439L",0.0585,171,10,"unknown","NA",0,"NA",0,"NA","het",0.00345,"GCGGCCGTGGAGGACGAGCT","TACCAGCGTATGCTGAAGGG",1,0,"chr19:g.8205306G>C",171]
["G13408","GRIN2D","sense",19,48946951,"C","A","p.A1256A",0.1,20,2,"unknown","NA",0,"NA",0,"NA","het",0.27027,"CACCACAGGCACCGGCGCGC","GCTGGGGGCTGGGACCTCCC",1,1,"chr19:g.8946951C>A",26]
["G13408","PRRG2","sense",19,50093226,"A","C","p.P169P",0.0976,123,12,"unknown","NA",0,"NA",0,"NA","het",0.08232,"ACGCCCCTGCCTCCACCCCC","CCCCCACCCCCAGGCCTCCC",1,0,"chr19:g.0093226A>C",106]
["G13408","ZNF814","sense",19,58385762,"C","G","p.S332S",0.1481,162,24,"known","NA",0,"MU69856",13,"NA","het",0.00437,"AAGCTAGCATATTTGCTAAA","GATTTCCCACATTCTCCACA",0,0,"chr19:g.8385762C>G",142]
["G13408","OPRL1","sense",20,62729870,"G","A","p.T272T",0.0458,240,11,"unknown","NA",0,"NA",0,"NA","het",0.00426,"GTGTTCGTGGGCTGCTGGAC","CCTGTCCAGGTCTTCGTGCT",1,0,"chr20:g.2729870G>A",218]
["G13408","KRTAP10-12","sense",21,46117227,"T","C","p.C37C",0.0508,177,9,"unknown","NA",0,"NA",0,"NA","het",0.22901,"GACTGCCCAGAGAGCTGCTG","GAGCCCCCCTGCTGCGCCCC",1,0,"chr21:g.6117227T>C",151]
["G13408","IQSEC2","sense","X",53285147,"G","A","p.S278S",0.069,29,2,"unknown","NA",0,"NA",0,"NA","het",0.52051,"GGGGGGCCCCCCATGTGGCT","CTGGAGGGGGGCAGCTGGCT",1,0,"chrX:g.3285147G>A",12]
["G13408","MSN","sense","X",64956699,"G","A","p.E334E",0.0833,60,5,"known","COSM403463",23,"MU1297720",2,"NA","het",0.13963,"AAGAAGCGTGAAATGGCAGA","AAGGAGAAAGAGAAGATTGA",0,1,"chrX:g.4956699G>A",80]
["G13408","RPS6KA6","sense","X",83351313,"A","G","p.T620T",0.0513,39,2,"unknown","NA",0,"NA",0,"NA","het",0.53774,"TTGGGGCCATTAGCAAATGG","GTGTAGCTATTAATAAAATA",1,0,"chrX:g.3351313A>G",15]
["G13408","FLNA","sense","X",153581201,"G","A","p.Y2098Y",0.1228,114,14,"unknown","NA",0,"NA",0,"NA","het",0.01,"TTGCCTGGCTCTGTGGGGCA","TAGGTGACCCTGCACGTCCC",1,1,"chrX:g.153581201G>A",95]
["G13409","KIRREL","sense",1,158064892,"C","A","p.R652R",0.0526,38,2,"unknown","NA",0,"NA",0,"NA","het",0.31796,"GGCCAGCGATTCCAGCAGCG","ATGCAGACTCACGTGTAGGG",1,0,"chr1:g.158064892C>A",31]
["G13409","FCGR3B","sense",1,161596014,"A","G","p.D202D",0.0402,199,8,"known","NA",0,"MU2246355",1,2.717,"het",0.0279,"CTGCAGAAGTAGGAGCCGCT","TCTTTGAGTGTGGCTTTTGG",1,0,"chr1:g.161596014A>G",226]
["G13409","SDE2","sense",1,226175621,"C","A","p.L370L",0.0508,59,3,"unknown","NA",0,"NA",0,"NA","het",0.38217,"TTTCCTGGCTGGCTTTCCTG","AGTTTGGCAACGGCAACGTT",1,0,"chr1:g.226175621C>A",62]
["G13409","FMNL2","sense",2,153476096,"G","C","p.P567P",0.0567,141,8,"known","NA",0,"MU4546533",1,"NA","het",0.20306,"CCACCTCCTCCTCCCCCACC","CCCCCTCCGCCTCCTCCTCT",1,0,"chr2:g.153476096G>C",97]
["G13409","ZNF804A","sense",2,185801911,"G","A","p.K596K",0.0429,163,7,"known","NA",0,"MU50686061",1,"NA","het",0.01673,"TTCCATAAAAGTAGAAGAAA","AAAAAAAGAAAAAAGTTATG",1,0,"chr2:g.185801911G>A",150]
["G13409","SPON2","sense",4,1161404,"C","A","p.S284S",0.05,60,3,"unknown","NA",0,"NA",0,"NA","het",0.18791,"CCTCCGCACAGTCCCCAGGA","GACCACAGGGAGACCTCGCA",1,0,"chr4:g.1161404C>A",57]
["G13409","SRP72","sense",4,57361544,"G","A","p.K493K",0.0595,84,5,"known","COSM734060",1,"MU1337968",1,"NA","het",0.24207,"CAGGGAGATTTGAAAAAGAA","AAAAAGAAAAAGAAGGGTAA",0,0,"chr4:g.7361544G>A",102]
["G13409","DSPP","sense",4,88537045,"C","T","p.D1077D",0.0609,427,26,"known","NA",0,"MU4598793",1,"NA","het",0,"GACAGCAGTGACAGCAGCGA","AGCAGTGATAGCAGTGAAAG",1,0,"chr4:g.8537045C>T",394]
["G13409","DSPP","sense",4,88537270,"C","T","p.D1152D",0.0696,546,38,"unknown","NA",0,"NA",0,"NA","het",0.09344,"GACAGCAGTGAAAGCAGCGA","AGCAGTGACAGCAGCGACAG",1,0,"chr4:g.8537270C>T",502]
["G13409","DSPP","sense",4,88537288,"C","T","p.D1158D",0.0413,557,23,"known","NA",0,"MU113662",1,"NA","het",0.01816,"GACAGCAGTGACAGCAGCGA","AGCAGTGACAGCAGCGATAG",1,0,"chr4:g.8537288C>T",499]
["G13409","DSPP","sense",4,88537456,"C","T","p.S1214S",0.0156,449,7,"known","NA",0,"MU91659",2,"NA","het",0.02268,"AGTGACAGCAGTGACAGCAG","GACAGCAGTGACAGCAGCGA",0,0,"chr4:g.8537456C>T",411]
["G13409","ADAM29","sense",4,175899076,"A","G","p.T800T",0.0334,299,10,"known","NA",0,"MU621479",3,"NA","het",0.01999,"CAGAGTCAACCTCCTGTGAC","CCCTCCCAGAGGCAACCTCA",0,0,"chr4:g.175899076A>G",192]
["G13409","PCDHA9","sense",5,140228473,"A","G","p.P131P",0.0563,231,13,"unknown","NA",0,"NA",0,"NA","het",0.29808,"GACATTAACGACAACCCTCC","GTGTTCCCAGCGACACAAAA",1,0,"chr5:g.140228473A>G",225]
["G13409","SYNPO","sense",5,150036319,"G","A","p.P794P",0.0588,34,2,"unknown","NA",0,"NA",0,"NA","het",0.22575,"GCGCCACCGCCCCCGCCCCC","CCCCCGCCCCCGCCCCCGCG",1,0,"chr5:g.150036319G>A",42]
["G13409","CDHR2","sense",5,176011424,"C","A","p.G714G",0.0625,48,3,"unknown","NA",0,"NA",0,"NA","het",0.21052,"TCCACAGGAGTGCTAGTGGG","GTGGTGAAGGCCTGGGACGC",1,0,"chr5:g.176011424C>A",36]
["G13409","TSPO2","sense",6,41011687,"G","T","p.L108L",0.055,109,6,"unknown","NA",0,"NA",0,7.15,"het",0.04824,"CTCTATGCCCAGGCCCTGCT","CACCTGCTGCTGCTGTATGG",1,0,"chr6:g.1011687G>T",87]
["G13409","ZNF292","sense",6,87970355,"G","A","p.K2336K",0.0568,176,10,"unknown","NA",0,"NA",0,"NA","het",0.07712,"ATGCCCAAGACCAAACGAAA","AAAAAAAATAATTTAGAAAA",1,0,"chr6:g.7970355G>A",210]
["G13409","HEY2","sense",6,126080264,"C","A","p.G110G",0.1111,18,2,"unknown","NA",0,"NA",0,"NA","het",0.32903,"TGCTCAAACCCACTTTTAGG","TACTTTGACGCACACGCTCT",1,0,"chr6:g.126080264C>A",14]
["G13409","ARID1B","sense",6,157522561,"C","A","p.G1598G",0.05,40,2,"unknown","NA",0,"NA",0,"NA","het",0.48872,"GAGATCACCTTTCCTCCTGG","TCAGTAGAAGCATCACAACC",1,1,"chr6:g.157522561C>A",20]
["G13409","AFDN","sense",6,168272977,"G","A","p.K166K",0.0339,177,6,"unknown","NA",0,"NA",0,"NA","het",0.02015,"ACTCTCTCAAAGAAAGAAAA","AAGGAAAAAAAGAAGAGAGA",1,0,"chr6:g.168272977G>A",221]
["G13409","DLX6","sense",7,96635391,"G","A","p.Q34Q",0.0459,109,5,"unknown","NA",0,"NA",0,"NA","het",0.02542,"CAGCAGCAGCAGCAGCAACA","CAGCAGCAGCAGCAGCAGCA",1,0,"chr7:g.6635391G>A",162]
["G13409","MEPCE","sense",7,100028484,"T","C","p.S281S",0.0645,31,2,"known","NA",0,"MU4555650",1,"NA","het",0.35068,"GCAGCCGGAGGGAGTGAGAG","CACCCCGTGCCGCCCACAGC",1,0,"chr7:g.100028484T>C",23]
["G13409","CTAGE4","sense",7,143964076,"A","G","p.Y756Y",0.0526,171,9,"known","NA",0,"MU707043",2,"NA","het",0.02967,"GGAGGTAAACCCCTCGGTGG","TAGATGTTTCTCATTGCAAA",0,0,"chr7:g.143964076A>G",190]
["G13409","WASHC1","sense",9,14810,"C","G","p.S465S",0.0791,278,22,"known","NA",0,"MU13432063",1,"NA","het",0.11998,"AGGTGTCATGGAGCCCCCTA","GATTCCCAGTCGTCCTCGTC",1,0,"chr9:g.14810C>G",240]
["G13409","CNTNAP3","sense",9,39078814,"C","A","p.A1182A",0.1558,77,12,"unknown","NA",0,"NA",0,"NA","het",0.03234,"GAGGGGCCGCTGGGGCGCAG","GCCGCCTTCAGGGGAGCAGC",1,0,"chr9:g.9078814C>A",48]
["G13409","CBWD6","sense",9,69247550,"G","A","p.A154A",0.1233,73,9,"known","COSM4163966",6,"MU4567812",1,"NA","het",0.05637,"TAAATATCACTCCCTAATTC","GCATCAACCCAAAACATAGA",0,0,"chr9:g.9247550G>A",74]
["G13409","NANS","sense",9,100840626,"C","A","p.I200I",0.0571,35,2,"unknown","NA",0,"NA",0,"NA","het",0.50595,"GACGTCAACCTGCGGGTCAT","TCGGTGAGCAGGAGGGAGGG",1,0,"chr9:g.100840626C>A",14]
["G13409","KRTAP5-8","sense",11,71249605,"C","T","p.C168C",0.1672,293,49,"known","NA",0,"MU52304004",1,"NA","het",0,"TGCTGCCAGTCCAGCTGCTG","AAGCCCTGCTGTTCCCAGTC",1,0,"chr11:g.1249605C>T",278]
["G13409","FAM90A1","sense",12,8374523,"G","C","p.V430V",0.0593,573,34,"known","COSM1251982",1,"NA",0,"NA","het",0.10458,"GGACCCTCAGACTTCTCTGA","ACATGAGGGCTCTGAGCGAG",1,0,"chr12:g.8374523G>C",636]
["G13409","ZNF740","sense",12,53580282,"C","A","p.R161R",0.0536,56,3,"unknown","NA",0,"NA",0,"NA","het",0.24409,"AAAAGCCTTACCAGTGTGAA","GGTGTCATCAGGTAAGGCTC",1,0,"chr12:g.3580282C>A",45]
["G13409","SLC25A47","sense",14,100795844,"G","A","p.V117V",0.044,182,8,"unknown","NA",0,"NA",0,"NA","het",0.01289,"GGTCTCCTGCACTGTATGGT","ACCAGCGTTCGAGAGGAGGG",1,0,"chr14:g.100795844G>A",199]
["G13409","SLC12A6","sense",15,34543194,"A","G","p.S451S",0.025,280,7,"unknown","NA",0,"NA",0,"NA","het",0.0204,"TTTAAGCTGCCTAAGACATC","GAAGATTTGGCTGAAGGCTT",1,0,"chr15:g.4543194A>G",300]
["G13409","PKM","sense",15,72513625,"G","A","p.G31G",0.1,20,2,"unknown","NA",0,"NA",0,"NA","het",0.4086,"AATACGGTGTGCCCTGGAGA","CTGCACAAGGATTAAGGAAA",1,0,"chr15:g.2513625G>A",12]
["G13409","ADAMTS7","sense",15,79051886,"G","A","p.C1646C",0.0941,85,8,"known","COSM471118",3,"MU628817",3,"NA","het",0.06985,"CCCAGTAGGCGCAGCGTCTC","CAGAACCCGAAGGACAGGCG",0,0,"chr15:g.9051886G>A",71]
["G13409","MYH4","sense",17,10356115,"C","T","p.E1082E",0.0699,143,10,"unknown","NA",0,"NA",0,"NA","het",0.00267,"CATACTTACTTTTTGAGTTT","TCATTAAGTTGCTGTTTGTC",1,0,"chr17:g.0356115C>T",156]
["G13409","WIPF2","sense",17,38430094,"T","C","p.P341P",0.0889,90,8,"known","NA",0,"MU21863801",1,"NA","het",0.11694,"GGTGCCAGGGATGCTCCCCC","CCCCCACCACCATACCGAAT",1,0,"chr17:g.8430094T>C",110]
["G13409","KRTAP9-7","sense",17,39432066,"G","T","p.V39V",0.0248,242,6,"known","COSM2840318",2,"MU22749264",1,"NA","het",0.04573,"TGCCAGCCCTCCTGCTGTGT","TCCAGCTGCTGCCAGCCTTG",0,0,"chr17:g.9432066G>T",224]
["G13409","CAVIN1","sense",17,40575101,"C","A","p.T5T",0.0577,52,3,"unknown","NA",0,"NA",0,"NA","het",0.23194,"GGCCGCTCGACAATATAGAG","GTGGGGTCCTCCATGGCTAC",1,0,"chr17:g.0575101C>A",37]
["G13409","CCDC40","sense",17,78063964,"A","G","p.A953A",0.1939,165,32,"known","NA",0,"MU4557416",2,"NA","het",0,"TGCAGAACAACACAGGACGC","CACAGGCACGTGCACGAACA",0,0,"chr17:g.8063964A>G",155]
["G13409","ASPSCR1","sense",17,79954302,"C","A","p.V94V",0.06,50,3,"unknown","NA",0,"NA",0,"NA","het",0.26794,"CTGGCCCCACTCAGGTTTGT","ATGAAGTGCTACGACCCCGT",1,1,"chr17:g.9954302C>A",30]
["G13409","SF3A2","sense",19,2248176,"G","A","p.G342G",0.1695,59,10,"known","NA",0,"MU113532",2,"NA","het",0.04361,"GTCCACCCTCCAGCCCCCGG","GTTCACCCACCAGCCCCCGG",0,0,"chr19:g.2248176G>A",38]
["G13409","ZNF676","sense",19,22363460,"A","G","p.T353T",0.1429,189,27,"known","NA",0,"MU122127",2,"NA","het",0.00043,"GTATGAATAATCTTATGTTT","GTAAGGATTGAGGATCGATT",0,0,"chr19:g.2363460A>G",153]
["G13409","RHPN2","sense",19,33493286,"T","C","p.L324L",0.0506,178,9,"known","COSM4281256",3,"NA",0,"NA","het",0.3772,"GCCTGGCTCATGGCTGCGTG","AGCTGTTGGTAGACCTCTCC",0,0,"chr19:g.3493286T>C",196]
["G13409","IGFLR1","sense",19,36230681,"C","A","p.L217L",0.1111,18,2,"unknown","NA",0,"NA",0,"NA","het",0.25714,"TCCAGGGCGCCTGGGGAGGA","AGATGCGAGGAGGAAGGGGT",1,0,"chr19:g.6230681C>A",19]
["G13409","DMWD","sense",19,46295733,"C","A","p.V94V",0.0638,47,3,"unknown","NA",0,"NA",0,"NA","het",0.25014,"AGGCGCACGAGGCTGAGGCG","ACGGCGGGCAGGGCGGGCCC",1,0,"chr19:g.6295733C>A",31]
["G13409","PRRG2","sense",19,50093220,"A","C","p.P167P",0.087,115,10,"unknown","NA",0,"NA",0,"NA","het",0.00271,"CCACCGACGCCCCTGCCTCC","CCCCCACCCCCACCCCCAGG",1,0,"chr19:g.0093220A>C",118]
["G13409","ZNF814","sense",19,58385762,"C","G","p.S332S",0.1611,149,24,"known","NA",0,"MU69856",13,"NA","het",0.0024,"AAGCTAGCATATTTGCTAAA","GATTTCCCACATTCTCCACA",0,0,"chr19:g.8385762C>G",142]
["G13409","KRTAP10-7","sense",21,46020536,"T","C","p.T5T",0.0973,113,11,"unknown","NA",0,"NA",0,"NA","het",0.00463,"CCCAGCATGGCCGCGTCCAC","ATGTCTGTCTGCTCCAGCGA",1,0,"chr21:g.6020536T>C",88]
["G13409","KRTAP10-7","sense",21,46020542,"T","C","p.S7S",0.0902,122,11,"unknown","NA",0,"NA",0,"NA","het",0.16554,"ATGGCCGCGTCCACTATGTC","GTCTGCTCCAGCGACCTGAG",1,0,"chr21:g.6020542T>C",95]
["G13409","RHBDD3","sense",22,29660158,"C","A","p.L66L",0.0513,39,2,"unknown","NA",0,"NA",0,"NA","het",0.31586,"AGGAGCAGCAGGCTCAGGAG","AGGCCTGGCAGGGCCGTGTG",1,0,"chr22:g.9660158C>A",41]
["G13409","IQSEC2","sense","X",53283877,"C","A","p.S412S",0.0513,39,2,"unknown","NA",0,"NA",0,"NA","het",0.26,"GCCATGGCACCCTCGTCCAG","GAGGCAGGCTTGCCCTCGAA",1,0,"chrX:g.3283877C>A",52]
["G13409","AMOT","sense","X",112058592,"C","A","p.L462L",0.0625,32,2,"unknown","NA",0,"NA",0,"NA","het",0.38902,"AACGGAAGCCTCACCTTCTG","AGTCTTGCCACCTTCTCATA",1,0,"chrX:g.112058592C>A",19]